{"text_format":"3","workbook":"xlsx","n_sheets":5,"sheets":["Chart1","Sheet1","HVAC Estimate","Add Alternate","Duct Takeoff"],"not_rendered":{"charts":2,"defined_names":8},"unopened":[{"sheet":"Chart1","index":0,"reason":"not_a_worksheet"}],"read":"whole","date_system":"1900"}

{"sheet":"Sheet1","index":1,"n_rows":0,"n_cols":0,"rows_kept":0,"hidden":true}

{"sheet":"HVAC Estimate","index":2,"n_rows":1402,"n_cols":12,"rows_kept":1402,"merged":[[1,2,2,2],[1,9,1,10],[2,9,2,10],[3,9,3,10],[5,0,5,1],[6,0,6,1],[7,0,7,1],[15,0,15,1],[159,0,159,1],[167,0,167,1],[170,0,170,1],[174,0,174,1],[177,0,177,1],[185,0,185,1],[190,0,190,1],[193,0,193,1],[198,0,198,1],[202,0,202,1],[207,0,207,1],[211,0,211,1],[216,0,216,1],[223,0,223,1],[226,0,226,1],[305,0,305,1],[317,0,317,1],[321,0,321,1],[333,0,333,1],[345,0,345,1],[352,0,352,1],[359,0,359,1],[481,0,481,1],[488,0,488,1],[496,0,496,1],[503,0,503,1],[520,0,520,1],[527,0,527,1],[533,0,533,1],[749,0,749,1],[757,0,757,1],[761,0,761,1],[768,0,768,1],[776,0,776,1],[811,0,811,1],[826,0,826,1],[861,0,861,1],[870,0,870,1],[890,0,890,1],[899,0,899,1],[902,0,902,1],[905,0,905,1],[936,0,936,1],[945,0,945,1],[952,0,952,1],[955,0,955,1],[959,0,959,1],[960,0,960,1],[966,0,966,1],[973,0,973,1],[974,0,974,1],[978,0,978,1],[987,0,987,1],[988,0,988,1],[1003,0,1003,1],[1027,0,1027,1],[1040,0,1040,1],[1041,0,1041,1],[1047,0,1047,1],[1053,0,1053,1],[1054,0,1054,1],[1058,0,1058,1],[1066,0,1066,1],[1067,0,1067,1],[1081,0,1081,1],[1105,0,1105,1],[1121,0,1121,1],[1122,0,1122,1],[1127,0,1127,1],[1128,0,1128,1],[1131,0,1131,1],[1134,0,1134,1],[1135,0,1135,1],[1141,0,1141,1],[1146,0,1146,1],[1151,0,1151,1],[1152,0,1152,1],[1157,0,1157,1],[1158,0,1158,1],[1161,0,1161,1],[1164,0,1164,1],[1165,0,1165,1],[1170,0,1170,1],[1175,0,1175,1],[1179,0,1179,1],[1180,0,1180,1],[1183,0,1183,1],[1184,0,1184,1],[1187,0,1187,1],[1188,0,1188,1],[1192,0,1192,1],[1193,0,1193,1],[1196,0,1196,1],[1197,0,1197,1],[1200,0,1200,1],[1201,0,1201,1],[1205,0,1205,1],[1206,0,1206,1],[1210,0,1210,1],[1211,0,1211,1],[1215,0,1215,1],[1216,0,1216,1],[1229,0,1229,1],[1230,0,1230,1],[1243,0,1243,1],[1244,0,1244,1],[1256,0,1256,1],[1265,0,1265,1],[1266,0,1266,1],[1270,0,1270,1],[1271,0,1271,1],[1275,0,1275,1],[1276,0,1276,1],[1281,0,1281,1],[1285,0,1285,1],[1288,0,1288,1],[1294,0,1294,1],[1297,0,1297,1],[1301,0,1301,1],[1305,0,1305,1],[1326,0,1326,1],[1330,0,1330,1],[1338,0,1338,9],[1338,10,1338,11],[1339,0,1339,9],[1339,10,1339,11],[1340,0,1340,9],[1340,10,1340,11],[1341,0,1341,9],[1341,10,1341,11],[1342,0,1342,8],[1342,10,1342,11],[1343,0,1343,9],[1343,10,1343,11],[1344,0,1344,11],[1345,1,1345,11],[1346,1,1346,11],[1347,1,1347,11],[1348,1,1348,11],[1349,1,1349,11],[1350,1,1350,11],[1351,1,1351,11],[1352,1,1352,11],[1353,1,1353,11],[1354,1,1354,11],[1355,1,1355,11],[1356,1,1356,11],[1357,1,1357,11],[1358,1,1358,11],[1359,1,1359,11],[1360,1,1360,11],[1361,1,1361,11],[1362,1,1362,11],[1363,1,1363,11],[1364,1,1364,11],[1365,1,1365,11],[1366,1,1366,11],[1367,1,1367,11],[1368,1,1368,11],[1369,1,1369,11],[1370,1,1370,11],[1371,1,1371,11],[1372,1,1372,11],[1373,1,1373,11],[1374,1,1374,11],[1375,1,1375,11],[1376,1,1376,11],[1377,1,1377,11],[1378,1,1378,11],[1379,1,1379,11],[1380,1,1380,11],[1381,1,1381,11],[1382,1,1382,11],[1383,1,1383,11],[1384,1,1384,11],[1385,1,1385,11],[1386,1,1386,11],[1387,1,1387,11],[1388,1,1388,11],[1389,1,1389,11],[1390,1,1390,11],[1391,1,1391,11],[1392,1,1392,11],[1393,1,1393,11],[1394,1,1394,11],[1395,1,1395,11],[1396,1,1396,11],[1397,1,1397,11],[1398,1,1398,11],[1399,1,1399,11],[1400,1,1400,11],[1401,1,1401,11],[1402,1,1402,11]]}
[null,null,"PROJECT:"]
[null,null,"ADDRESS:",{"$nulls":6},"SM LABOR RATE",null,{"v":125.72,"d":"$125.72"}]
[{"$nulls":6}," ",null,null,"INS LABOR RATE",null,{"v":117.68,"d":"$117.68"}]
[null,null,"REV:",0,{"$nulls":5},"PIPE LABOR RATE",null,{"v":123.52,"d":"$123.52"}]
["SR.\nNO.","DESCRIPTION","QUANTITY","WASTAGE","QTY WITH\nWASTAGE","UNIT","UNIT \nCOST","MATERIAL \nCOST","LABOR \nRATE","LABOR HOURS","LABOR\n COST","TOTAL\nCOST"]
["HVAC ESTIMATE"]
["NEW WORK"]
["FLEXIBLE DUCT"]
[1,"6\" Dia Flexible Duct",195,{"v":0.1,"d":"10%"},{"$f":"C9*(1+D9)","v":{"v":214.50000000000003,"d":"215"}},"LFT",{"v":2.46,"d":"$2.46"},{"$f":"G9*E9","v":{"v":527.6700000000001,"d":"$528"}},{"$f":"L$2","v":{"v":125.72,"d":"$126"}},{"$f":"E9*0.06","v":{"v":12.870000000000001,"d":"13"}},{"$f":"J9*I9","v":{"v":1618.0164000000002,"d":"$1,618"}},{"$f":"K9+H9","v":{"v":2145.6864000000005,"d":"$2,146"}}]
[2,"8\" Dia Flexible Duct",496,{"v":0.1,"d":"10%"},{"v":545.6,"d":"546"},"LFT",{"v":2.78,"d":"$2.78"},{"$f":"G10*E10","v":{"v":1516.768,"d":"$1,517"}},{"$f":"L$2","v":{"v":125.72,"d":"$126"}},{"$f":"E10*0.06","v":{"v":32.736,"d":"33"}},{"$f":"J10*I10","v":{"v":4115.56992,"d":"$4,116"}},{"$f":"K10+H10","v":{"v":5632.33792,"d":"$5,632"}}]
[3,"10\" Dia Flexible Duct",914,{"v":0.1,"d":"10%"},{"$f":"C11*(1+D11)","v":{"v":1005.4000000000001,"d":"1005"}},"LFT",{"v":3.22,"d":"$3.22"},{"v":3237.3880000000004,"d":"$3,237"},{"v":125.72,"d":"$126"},{"$f":"E11*0.08","v":{"v":80.432,"d":"80"}},{"v":10111.91104,"d":"$10,112"},{"v":13349.299040000002,"d":"$13,349"}]
[4,"12\" Dia Flexible Duct",75,{"v":0.1,"d":"10%"},{"v":82.5,"d":"83"},"LFT",{"v":4.32,"d":"$4.32"},{"v":356.40000000000003,"d":"$356"},{"v":125.72,"d":"$126"},{"$f":"E12*0.09","v":{"v":7.425,"d":"7"}},{"v":933.471,"d":"$933"},{"v":1289.871,"d":"$1,290"}]
[5,"14\" Dia Flexible Duct",34,{"v":0.1,"d":"10%"},{"v":37.400000000000006,"d":"37"},"LFT",{"v":6.33,"d":"$6.33"},{"v":236.74200000000005,"d":"$237"},{"v":125.72,"d":"$126"},{"$f":"E13*0.1","v":{"v":3.7400000000000007,"d":"4"}},{"v":470.1928000000001,"d":"$470"},{"v":706.9348000000001,"d":"$707"}]
[6,"16\" Dia Flexible Duct",25,{"v":0.1,"d":"10%"},{"v":27.500000000000004,"d":"28"},"LFT",{"v":8.78,"d":"$8.78"},{"v":241.45000000000002,"d":"$241"},{"v":125.72,"d":"$126"},{"$f":"E14*0.12","v":{"v":3.3000000000000003,"d":"3"}},{"v":414.87600000000003,"d":"$415"},{"v":656.326,"d":"$656"}]
[]
["AIR DEVICES"]
[1,"Ceiling Mounted Supply Diffuser, BASIS OF DESIGN \"PRICE\", 6\" Dia Neck Size, 45 CFM",2,{"v":0,"d":"0%"},{"$f":"C17*(1+D17)","v":2},"EA",null,{"$f":"G17*E17","v":0},{"$f":"L$4","v":{"v":123.52,"d":"$124"}},{"$f":"E17*0.8","v":{"v":1.6,"d":"2"}},{"$f":"J17*I17","v":{"v":197.632,"d":"$198"}},{"$f":"K17+H17","v":{"v":197.632,"d":"$198"}}]
[2,"Ceiling Mounted Supply Diffuser, BASIS OF DESIGN \"PRICE\", 6\" Dia Neck Size, 50 CFM",35,{"v":0,"d":"0%"},{"$f":"C18*(1+D18)","v":35},"EA",null,{"$f":"G18*E18","v":0},{"$f":"L$4","v":{"v":123.52,"d":"$124"}},{"$f":"E18*0.8","v":28},{"$f":"J18*I18","v":{"v":3458.56,"d":"$3,459"}},{"$f":"K18+H18","v":{"v":3458.56,"d":"$3,459"}}]
[3,"Ceiling Mounted Supply Diffuser, BASIS OF DESIGN \"PRICE\", 6\" Dia Neck Size, 60 CFM",4,{"v":0,"d":"0%"},4,"EA",null,{"$f":"G19*E19","v":0},{"$f":"L$4","v":{"v":123.52,"d":"$124"}},{"$f":"E19*0.8","v":{"v":3.2,"d":"3"}},{"$f":"J19*I19","v":{"v":395.264,"d":"$395"}},{"$f":"K19+H19","v":{"v":395.264,"d":"$395"}}]
[4,"Ceiling Mounted Supply Diffuser, BASIS OF DESIGN \"PRICE\", 6\" Dia Neck Size, 65 CFM",2,{"v":0,"d":"0%"},{"$f":"C20*(1+D20)","v":2},"EA",null,0,{"v":123.52,"d":"$124"},{"v":1.6,"d":"2"},{"v":197.632,"d":"$198"},{"v":197.632,"d":"$198"}]
[5,"Ceiling Mounted Supply Diffuser, BASIS OF DESIGN \"PRICE\", 6\" Dia Neck Size, 70 CFM",2,{"v":0,"d":"0%"},{"$f":"C21*(1+D21)","v":2},"EA",null,0,{"v":123.52,"d":"$124"},{"v":1.6,"d":"2"},{"v":197.632,"d":"$198"},{"v":197.632,"d":"$198"}]
[6,"Ceiling Mounted Supply Diffuser, BASIS OF DESIGN \"PRICE\", 6\" Dia Neck Size, 75 CFM",3,{"v":0,"d":"0%"},3,"EA",null,0,{"v":123.52,"d":"$124"},{"v":2.4000000000000004,"d":"2"},{"v":296.44800000000004,"d":"$296"},{"v":296.44800000000004,"d":"$296"}]
[7,"Ceiling Mounted Supply Diffuser, BASIS OF DESIGN \"PRICE\", 6\" Dia Neck Size, 80 CFM",2,{"v":0,"d":"0%"},2,"EA",null,0,{"v":123.52,"d":"$124"},{"v":1.6,"d":"2"},{"v":197.632,"d":"$198"},{"v":197.632,"d":"$198"}]
[8,"Ceiling Mounted Supply Diffuser, BASIS OF DESIGN \"PRICE\", 6\" Dia Neck Size, 85 CFM",7,{"v":0,"d":"0%"},7,"EA",null,0,{"v":123.52,"d":"$124"},{"v":5.6000000000000005,"d":"6"},{"v":691.712,"d":"$692"},{"v":691.712,"d":"$692"}]
[9,"Ceiling Mounted Supply Diffuser, BASIS OF DESIGN \"PRICE\", 6\" Dia Neck Size, 90 CFM",1,{"v":0,"d":"0%"},1,"EA",null,0,{"v":123.52,"d":"$124"},{"v":0.8,"d":"1"},{"v":98.816,"d":"$99"},{"v":98.816,"d":"$99"}]
[10,"Ceiling Mounted Supply Diffuser, BASIS OF DESIGN \"PRICE\", 6\" Dia Neck Size, 95 CFM",2,{"v":0,"d":"0%"},2,"EA",null,0,{"v":123.52,"d":"$124"},{"v":1.6,"d":"2"},{"v":197.632,"d":"$198"},{"v":197.632,"d":"$198"}]
[11,"Ceiling Mounted Supply Diffuser, BASIS OF DESIGN \"PRICE\", 6\" Dia Neck Size, 100 CFM",2,{"v":0,"d":"0%"},2,"EA",null,0,{"v":123.52,"d":"$124"},{"v":1.6,"d":"2"},{"v":197.632,"d":"$198"},{"v":197.632,"d":"$198"}]
[12,"Ceiling Mounted Supply Diffuser, BASIS OF DESIGN \"PRICE\", 6\" Dia Neck Size, 115 CFM",5,{"v":0,"d":"0%"},5,"EA",null,0,{"v":123.52,"d":"$124"},4,{"v":494.08,"d":"$494"},{"v":494.08,"d":"$494"}]
[13,"Ceiling Mounted Supply Diffuser, BASIS OF DESIGN \"PRICE\", 8\" Dia Neck Size, 50 CFM",2,{"v":0,"d":"0%"},2,"EA",null,0,{"v":123.52,"d":"$124"},{"v":1.6,"d":"2"},{"v":197.632,"d":"$198"},{"v":197.632,"d":"$198"}]
[14,"Ceiling Mounted Supply Diffuser, BASIS OF DESIGN \"PRICE\", 8\" Dia Neck Size, 55 CFM",2,{"v":0,"d":"0%"},2,"EA",null,0,{"v":123.52,"d":"$124"},{"v":1.6,"d":"2"},{"v":197.632,"d":"$198"},{"v":197.632,"d":"$198"}]
[15,"Ceiling Mounted Supply Diffuser, BASIS OF DESIGN \"PRICE\", 8\" Dia Neck Size, 90 CFM",1,{"v":0,"d":"0%"},1,"EA",null,0,{"v":123.52,"d":"$124"},{"v":0.8,"d":"1"},{"v":98.816,"d":"$99"},{"v":98.816,"d":"$99"}]
[16,"Ceiling Mounted Supply Diffuser, BASIS OF DESIGN \"PRICE\", 8\" Dia Neck Size, 105 CFM",6,{"v":0,"d":"0%"},6,"EA",null,0,{"v":123.52,"d":"$124"},{"v":4.800000000000001,"d":"5"},{"v":592.8960000000001,"d":"$593"},{"v":592.8960000000001,"d":"$593"}]
[17,"Ceiling Mounted Supply Diffuser, BASIS OF DESIGN \"PRICE\", 8\" Dia Neck Size, 110 CFM",4,{"v":0,"d":"0%"},4,"EA",null,0,{"v":123.52,"d":"$124"},{"v":3.2,"d":"3"},{"v":395.264,"d":"$395"},{"v":395.264,"d":"$395"}]
[18,"Ceiling Mounted Supply Diffuser, BASIS OF DESIGN \"PRICE\", 8\" Dia Neck Size, 115 CFM",5,{"v":0,"d":"0%"},5,"EA",null,0,{"v":123.52,"d":"$124"},4,{"v":494.08,"d":"$494"},{"v":494.08,"d":"$494"}]
[19,"Ceiling Mounted Supply Diffuser, BASIS OF DESIGN \"PRICE\", 8\" Dia Neck Size, 120 CFM",10,{"v":0,"d":"0%"},10,"EA",null,0,{"v":123.52,"d":"$124"},8,{"v":988.16,"d":"$988"},{"v":988.16,"d":"$988"}]
[20,"Ceiling Mounted Supply Diffuser, BASIS OF DESIGN \"PRICE\", 8\" Dia Neck Size, 125 CFM",19,{"v":0,"d":"0%"},19,"EA",null,0,{"v":123.52,"d":"$124"},{"v":15.200000000000001,"d":"15"},{"v":1877.5040000000001,"d":"$1,878"},{"v":1877.5040000000001,"d":"$1,878"}]
[21,"Ceiling Mounted Supply Diffuser, BASIS OF DESIGN \"PRICE\", 8\" Dia Neck Size, 130 CFM",11,{"v":0,"d":"0%"},11,"EA",null,0,{"v":123.52,"d":"$124"},{"v":8.8,"d":"9"},{"v":1086.976,"d":"$1,087"},{"v":1086.976,"d":"$1,087"}]
[22,"Ceiling Mounted Supply Diffuser, BASIS OF DESIGN \"PRICE\", 8\" Dia Neck Size, 135 CFM",8,{"v":0,"d":"0%"},8,"EA",null,0,{"v":123.52,"d":"$124"},{"v":6.4,"d":"6"},{"v":790.528,"d":"$791"},{"v":790.528,"d":"$791"}]
[23,"Ceiling Mounted Supply Diffuser, BASIS OF DESIGN \"PRICE\", 8\" Dia Neck Size, 140 CFM",6,{"v":0,"d":"0%"},6,"EA",null,0,{"v":123.52,"d":"$124"},{"v":4.800000000000001,"d":"5"},{"v":592.8960000000001,"d":"$593"},{"v":592.8960000000001,"d":"$593"}]
[24,"Ceiling Mounted Supply Diffuser, BASIS OF DESIGN \"PRICE\", 8\" Dia Neck Size, 145 CFM",5,{"v":0,"d":"0%"},5,"EA",null,0,{"v":123.52,"d":"$124"},4,{"v":494.08,"d":"$494"},{"v":494.08,"d":"$494"}]
[25,"Ceiling Mounted Supply Diffuser, BASIS OF DESIGN \"PRICE\", 8\" Dia Neck Size, 150 CFM",3,{"v":0,"d":"0%"},3,"EA",null,0,{"v":123.52,"d":"$124"},{"v":2.4000000000000004,"d":"2"},{"v":296.44800000000004,"d":"$296"},{"v":296.44800000000004,"d":"$296"}]
[26,"Ceiling Mounted Supply Diffuser, BASIS OF DESIGN \"PRICE\", 8\" Dia Neck Size, 155 CFM",1,{"v":0,"d":"0%"},1,"EA",null,0,{"v":123.52,"d":"$124"},{"v":0.8,"d":"1"},{"v":98.816,"d":"$99"},{"v":98.816,"d":"$99"}]
[27,"Ceiling Mounted Supply Diffuser, BASIS OF DESIGN \"PRICE\", 8\" Dia Neck Size, 160 CFM",4,{"v":0,"d":"0%"},4,"EA",null,0,{"v":123.52,"d":"$124"},{"v":3.2,"d":"3"},{"v":395.264,"d":"$395"},{"v":395.264,"d":"$395"}]
[28,"Ceiling Mounted Supply Diffuser, BASIS OF DESIGN \"PRICE\", 8\" Dia Neck Size, 165 CFM",2,{"v":0,"d":"0%"},2,"EA",null,0,{"v":123.52,"d":"$124"},{"v":1.6,"d":"2"},{"v":197.632,"d":"$198"},{"v":197.632,"d":"$198"}]
[29,"Ceiling Mounted Supply Diffuser, BASIS OF DESIGN \"PRICE\", 8\" Dia Neck Size, 170 CFM",4,{"v":0,"d":"0%"},4,"EA",null,0,{"v":123.52,"d":"$124"},{"v":3.2,"d":"3"},{"v":395.264,"d":"$395"},{"v":395.264,"d":"$395"}]
[30,"Ceiling Mounted Supply Diffuser, BASIS OF DESIGN \"PRICE\", 8\" Dia Neck Size, 175 CFM",3,{"v":0,"d":"0%"},3,"EA",null,0,{"v":123.52,"d":"$124"},{"v":2.4000000000000004,"d":"2"},{"v":296.44800000000004,"d":"$296"},{"v":296.44800000000004,"d":"$296"}]
[31,"Ceiling Mounted Supply Diffuser, BASIS OF DESIGN \"PRICE\", 8\" Dia Neck Size, 180 CFM",2,{"v":0,"d":"0%"},{"$f":"C47*(1+D47)","v":2},"EA",null,0,{"v":123.52,"d":"$124"},{"v":1.6,"d":"2"},{"v":197.632,"d":"$198"},{"v":197.632,"d":"$198"}]
[32,"Ceiling Mounted Supply Diffuser, BASIS OF DESIGN \"PRICE\", 8\" Dia Neck Size, 185 CFM",5,{"v":0,"d":"0%"},5,"EA",null,0,{"v":123.52,"d":"$124"},4,{"v":494.08,"d":"$494"},{"v":494.08,"d":"$494"}]
[33,"Ceiling Mounted Supply Diffuser, BASIS OF DESIGN \"PRICE\", 8\" Dia Neck Size, 190 CFM",8,{"v":0,"d":"0%"},{"$f":"C49*(1+D49)","v":8},"EA",null,0,{"v":123.52,"d":"$124"},{"v":6.4,"d":"6"},{"v":790.528,"d":"$791"},{"v":790.528,"d":"$791"}]
[34,"Ceiling Mounted Supply Diffuser, BASIS OF DESIGN \"PRICE\", 8\" Dia Neck Size, 200 CFM",2,{"v":0,"d":"0%"},2,"EA",null,0,{"v":123.52,"d":"$124"},{"v":1.6,"d":"2"},{"v":197.632,"d":"$198"},{"v":197.632,"d":"$198"}]
[35,"Ceiling Mounted Supply Diffuser, BASIS OF DESIGN \"PRICE\", 8\" Dia Neck Size, 210 CFM",2,{"v":0,"d":"0%"},2,"EA",null,0,{"v":123.52,"d":"$124"},{"v":1.6,"d":"2"},{"v":197.632,"d":"$198"},{"v":197.632,"d":"$198"}]
[36,"Ceiling Mounted Supply Diffuser, BASIS OF DESIGN \"PRICE\", 8\" Dia Neck Size, 270 CFM",2,{"v":0,"d":"0%"},2,"EA",null,0,{"v":123.52,"d":"$124"},{"v":1.6,"d":"2"},{"v":197.632,"d":"$198"},{"v":197.632,"d":"$198"}]
[37,"Ceiling Mounted Supply Diffuser, BASIS OF DESIGN \"PRICE\", 8\" Dia Neck Size, 295 CFM",2,{"v":0,"d":"0%"},2,"EA",null,0,{"v":123.52,"d":"$124"},{"v":1.6,"d":"2"},{"v":197.632,"d":"$198"},{"v":197.632,"d":"$198"}]
[38,"Ceiling Mounted Supply Diffuser, BASIS OF DESIGN \"PRICE\", 8\"x6\" Neck Size, 120 CFM",1,{"v":0,"d":"0%"},1,"EA",null,0,{"v":123.52,"d":"$124"},{"v":0.8,"d":"1"},{"v":98.816,"d":"$99"},{"v":98.816,"d":"$99"}]
[39,"Ceiling Mounted Supply Diffuser, BASIS OF DESIGN \"PRICE\", 10\" Dia Neck Size, 135 CFM",1,{"v":0,"d":"0%"},1,"EA",null,0,{"v":123.52,"d":"$124"},{"v":0.8,"d":"1"},{"v":98.816,"d":"$99"},{"v":98.816,"d":"$99"}]
[40,"Ceiling Mounted Supply Diffuser, BASIS OF DESIGN \"PRICE\", 10\" Dia Neck Size, 205 CFM",9,{"v":0,"d":"0%"},9,"EA",null,0,{"v":123.52,"d":"$124"},{"v":7.2,"d":"7"},{"v":889.3439999999999,"d":"$889"},{"v":889.3439999999999,"d":"$889"}]
[41,"Ceiling Mounted Supply Diffuser, BASIS OF DESIGN \"PRICE\", 10\" Dia Neck Size, 210 CFM",11,{"v":0,"d":"0%"},11,"EA",null,0,{"v":123.52,"d":"$124"},{"v":8.8,"d":"9"},{"v":1086.976,"d":"$1,087"},{"v":1086.976,"d":"$1,087"}]
[42,"Ceiling Mounted Supply Diffuser, BASIS OF DESIGN \"PRICE\", 10\" Dia Neck Size, 215 CFM",1,{"v":0,"d":"0%"},1,"EA",null,0,{"v":123.52,"d":"$124"},{"v":0.8,"d":"1"},{"v":98.816,"d":"$99"},{"v":98.816,"d":"$99"}]
[43,"Ceiling Mounted Supply Diffuser, BASIS OF DESIGN \"PRICE\", 10\" Dia Neck Size, 220 CFM",4,{"v":0,"d":"0%"},4,"EA",null,0,{"v":123.52,"d":"$124"},{"v":3.2,"d":"3"},{"v":395.264,"d":"$395"},{"v":395.264,"d":"$395"}]
[44,"Ceiling Mounted Supply Diffuser, BASIS OF DESIGN \"PRICE\", 10\" Dia Neck Size, 230 CFM",20,{"v":0,"d":"0%"},20,"EA",null,0,{"v":123.52,"d":"$124"},16,{"v":1976.32,"d":"$1,976"},{"v":1976.32,"d":"$1,976"}]
[45,"Ceiling Mounted Supply Diffuser, BASIS OF DESIGN \"PRICE\", 10\" Dia Neck Size, 235 CFM",6,{"v":0,"d":"0%"},6,"EA",null,0,{"v":123.52,"d":"$124"},{"v":4.800000000000001,"d":"5"},{"v":592.8960000000001,"d":"$593"},{"v":592.8960000000001,"d":"$593"}]
[46,"Ceiling Mounted Supply Diffuser, BASIS OF DESIGN \"PRICE\", 10\" Dia Neck Size, 240 CFM",5,{"v":0,"d":"0%"},5,"EA",null,0,{"v":123.52,"d":"$124"},4,{"v":494.08,"d":"$494"},{"v":494.08,"d":"$494"}]
[47,"Ceiling Mounted Supply Diffuser, BASIS OF DESIGN \"PRICE\", 10\" Dia Neck Size, 245 CFM",6,{"v":0,"d":"0%"},6,"EA",null,0,{"v":123.52,"d":"$124"},{"v":4.800000000000001,"d":"5"},{"v":592.8960000000001,"d":"$593"},{"v":592.8960000000001,"d":"$593"}]
[48,"Ceiling Mounted Supply Diffuser, BASIS OF DESIGN \"PRICE\", 10\" Dia Neck Size, 250 CFM",24,{"v":0,"d":"0%"},24,"EA",null,0,{"v":123.52,"d":"$124"},{"v":19.200000000000003,"d":"19"},{"v":2371.5840000000003,"d":"$2,372"},{"v":2371.5840000000003,"d":"$2,372"}]
[49,"Ceiling Mounted Supply Diffuser, BASIS OF DESIGN \"PRICE\", 10\" Dia Neck Size, 255 CFM",9,{"v":0,"d":"0%"},{"$f":"C65*(1+D65)","v":9},"EA",null,0,{"v":123.52,"d":"$124"},{"v":7.2,"d":"7"},{"v":889.3439999999999,"d":"$889"},{"v":889.3439999999999,"d":"$889"}]
[50,"Ceiling Mounted Supply Diffuser, BASIS OF DESIGN \"PRICE\", 10\" Dia Neck Size, 260 CFM",16,{"v":0,"d":"0%"},16,"EA",null,0,{"v":123.52,"d":"$124"},{"v":12.8,"d":"13"},{"v":1581.056,"d":"$1,581"},{"v":1581.056,"d":"$1,581"}]
[51,"Ceiling Mounted Supply Diffuser, BASIS OF DESIGN \"PRICE\", 10\" Dia Neck Size, 265 CFM",42,{"v":0,"d":"0%"},42,"EA",null,0,{"v":123.52,"d":"$124"},{"v":33.6,"d":"34"},{"v":4150.272,"d":"$4,150"},{"v":4150.272,"d":"$4,150"}]
[52,"Ceiling Mounted Supply Diffuser, BASIS OF DESIGN \"PRICE\", 10\" Dia Neck Size, 270 CFM",14,{"v":0,"d":"0%"},14,"EA",null,0,{"v":123.52,"d":"$124"},{"v":11.200000000000001,"d":"11"},{"v":1383.424,"d":"$1,383"},{"v":1383.424,"d":"$1,383"}]
[53,"Ceiling Mounted Supply Diffuser, BASIS OF DESIGN \"PRICE\", 10\" Dia Neck Size, 275 CFM",8,{"v":0,"d":"0%"},8,"EA",null,0,{"v":123.52,"d":"$124"},{"v":6.4,"d":"6"},{"v":790.528,"d":"$791"},{"v":790.528,"d":"$791"}]
[54,"Ceiling Mounted Supply Diffuser, BASIS OF DESIGN \"PRICE\", 10\" Dia Neck Size, 280 CFM",6,{"v":0,"d":"0%"},6,"EA",null,0,{"v":123.52,"d":"$124"},{"v":4.800000000000001,"d":"5"},{"v":592.8960000000001,"d":"$593"},{"v":592.8960000000001,"d":"$593"}]
[55,"Ceiling Mounted Supply Diffuser, BASIS OF DESIGN \"PRICE\", 10\" Dia Neck Size, 285 CFM",14,{"v":0,"d":"0%"},14,"EA",null,0,{"v":123.52,"d":"$124"},{"v":11.200000000000001,"d":"11"},{"v":1383.424,"d":"$1,383"},{"v":1383.424,"d":"$1,383"}]
[56,"Ceiling Mounted Supply Diffuser, BASIS OF DESIGN \"PRICE\", 10\" Dia Neck Size, 290 CFM",33,{"v":0,"d":"0%"},33,"EA",null,0,{"v":123.52,"d":"$124"},{"v":26.400000000000002,"d":"26"},{"v":3260.9280000000003,"d":"$3,261"},{"v":3260.9280000000003,"d":"$3,261"}]
[57,"Ceiling Mounted Supply Diffuser, BASIS OF DESIGN \"PRICE\", 10\" Dia Neck Size, 295 CFM",8,{"v":0,"d":"0%"},8,"EA",null,0,{"v":123.52,"d":"$124"},{"v":6.4,"d":"6"},{"v":790.528,"d":"$791"},{"v":790.528,"d":"$791"}]
[58,"Ceiling Mounted Supply Diffuser, BASIS OF DESIGN \"PRICE\", 10\" Dia Neck Size, 300 CFM",27,{"v":0,"d":"0%"},27,"EA",null,0,{"v":123.52,"d":"$124"},{"v":21.6,"d":"22"},{"v":2668.032,"d":"$2,668"},{"v":2668.032,"d":"$2,668"}]
[59,"Ceiling Mounted Supply Diffuser, BASIS OF DESIGN \"PRICE\", 12\" Dia Neck Size, 270 CFM",1,{"v":0,"d":"0%"},1,"EA",null,0,{"v":123.52,"d":"$124"},{"$f":"E75*0.9","v":{"v":0.9,"d":"1"}},{"v":111.16799999999999,"d":"$111"},{"v":111.16799999999999,"d":"$111"}]
[60,"Ceiling Mounted Supply Diffuser, BASIS OF DESIGN \"PRICE\", 12\" Dia Neck Size, 305 CFM",1,{"v":0,"d":"0%"},1,"EA",null,0,{"v":123.52,"d":"$124"},{"$f":"E76*0.9","v":{"v":0.9,"d":"1"}},{"v":111.16799999999999,"d":"$111"},{"v":111.16799999999999,"d":"$111"}]
[61,"Ceiling Mounted Supply Diffuser, BASIS OF DESIGN \"PRICE\", 12\" Dia Neck Size, 310 CFM",9,{"v":0,"d":"0%"},9,"EA",null,0,{"v":123.52,"d":"$124"},{"v":8.1,"d":"8"},{"v":1000.512,"d":"$1,001"},{"v":1000.512,"d":"$1,001"}]
[62,"Ceiling Mounted Supply Diffuser, BASIS OF DESIGN \"PRICE\", 12\" Dia Neck Size, 320 CFM",2,{"v":0,"d":"0%"},2,"EA",null,0,{"v":123.52,"d":"$124"},{"v":1.8,"d":"2"},{"v":222.33599999999998,"d":"$222"},{"v":222.33599999999998,"d":"$222"}]
[63,"Ceiling Mounted Supply Diffuser, BASIS OF DESIGN \"PRICE\", 12\" Dia Neck Size, 325 CFM",4,{"v":0,"d":"0%"},4,"EA",null,0,{"v":123.52,"d":"$124"},{"v":3.6,"d":"4"},{"v":444.67199999999997,"d":"$445"},{"v":444.67199999999997,"d":"$445"}]
[64,"Ceiling Mounted Supply Diffuser, BASIS OF DESIGN \"PRICE\", 12\" Dia Neck Size, 350 CFM",4,{"v":0,"d":"0%"},4,"EA",null,0,{"v":123.52,"d":"$124"},{"v":3.6,"d":"4"},{"v":444.67199999999997,"d":"$445"},{"v":444.67199999999997,"d":"$445"}]
[65,"Ceiling Mounted Supply Diffuser, BASIS OF DESIGN \"PRICE\", 12\" Dia Neck Size, 365 CFM",1,{"v":0,"d":"0%"},1,"EA",null,0,{"v":123.52,"d":"$124"},{"v":0.9,"d":"1"},{"v":111.16799999999999,"d":"$111"},{"v":111.16799999999999,"d":"$111"}]
[66,"Ceiling Mounted Supply Diffuser, BASIS OF DESIGN \"PRICE\", 12\" Dia Neck Size, 385 CFM",1,{"v":0,"d":"0%"},1,"EA",null,0,{"v":123.52,"d":"$124"},{"v":0.9,"d":"1"},{"v":111.16799999999999,"d":"$111"},{"v":111.16799999999999,"d":"$111"}]
[67,"Ceiling Mounted Supply Diffuser, BASIS OF DESIGN \"PRICE\", 12\" Dia Neck Size, 395 CFM",1,{"v":0,"d":"0%"},1,"EA",null,{"$f":"G83*E83","v":0},{"$f":"L$4","v":{"v":123.52,"d":"$124"}},{"v":0.9,"d":"1"},{"$f":"J83*I83","v":{"v":111.16799999999999,"d":"$111"}},{"$f":"K83+H83","v":{"v":111.16799999999999,"d":"$111"}}]
[68,"Ceiling Mounted Supply Diffuser, BASIS OF DESIGN \"PRICE\", 14\" Dia Neck Size, 500 CFM",6,{"v":0,"d":"0%"},6,"EA",null,0,{"v":123.52,"d":"$124"},{"v":5.4,"d":"5"},{"v":667.008,"d":"$667"},{"v":667.008,"d":"$667"}]
[69,"Ceiling Mounted Supply Diffuser, BASIS OF DESIGN \"PRICE\", 16\" Dia Neck Size, 1250 CFM",6,{"v":0,"d":"0%"},6,"EA",null,0,{"v":123.52,"d":"$124"},{"v":5.4,"d":"5"},{"v":667.008,"d":"$667"},{"v":667.008,"d":"$667"}]
[70,"Ceiling Mounted Supply Diffuser, BASIS OF DESIGN \"PRICE\", 16\" Dia Neck Size, 675 CFM",2,{"v":0,"d":"0%"},2,"EA",null,0,{"v":123.52,"d":"$124"},{"v":1.8,"d":"2"},{"v":222.33599999999998,"d":"$222"},{"v":222.33599999999998,"d":"$222"}]
[71,"Wall Mounted Supply Grille, BASIS OF DESIGN \"PRICE\", 6\"x6\" Neck Size, 25 CFM",1,{"v":0,"d":"0%"},1,"EA",null,0,{"v":123.52,"d":"$124"},{"$f":"E87*0.8","v":{"v":0.8,"d":"1"}},{"v":98.816,"d":"$99"},{"v":98.816,"d":"$99"}]
[72,"Wall Mounted Supply Grille, BASIS OF DESIGN \"PRICE\", 6\"x6\" Neck Size, 60 CFM",1,{"v":0,"d":"0%"},1,"EA",null,0,{"v":123.52,"d":"$124"},{"v":0.8,"d":"1"},{"v":98.816,"d":"$99"},{"v":98.816,"d":"$99"}]
[73,"Wall Mounted Supply Register, BASIS OF DESIGN \"PRICE\", 6\"x6\" Neck Size, 50 CFM",1,{"v":0,"d":"0%"},1,"EA",null,0,{"v":123.52,"d":"$124"},{"v":0.8,"d":"1"},{"v":98.816,"d":"$99"},{"v":98.816,"d":"$99"}]
[74,"Wall Mounted Supply Register, BASIS OF DESIGN \"PRICE\", 8\"x6\" Neck Size, 145 CFM",6,{"v":0,"d":"0%"},6,"EA",null,0,{"v":123.52,"d":"$124"},{"v":4.800000000000001,"d":"5"},{"v":592.8960000000001,"d":"$593"},{"v":592.8960000000001,"d":"$593"}]
[75,"Ceiling Mounted Return Grille, BASIS OF DESIGN \"PRICE\", 8\"x8\" Neck Size",4,{"v":0,"d":"0%"},4,"EA",null,0,{"v":123.52,"d":"$124"},{"v":3.2,"d":"3"},{"v":395.264,"d":"$395"},{"v":395.264,"d":"$395"}]
[76,"Ceiling Mounted Return Grille, BASIS OF DESIGN \"PRICE\", 24\"x24\" Neck Size",163,{"v":0,"d":"0%"},163,"EA",null,0,{"v":123.52,"d":"$124"},{"$f":"E92*1.3","v":{"v":211.9,"d":"212"}},{"v":26173.888,"d":"$26,174"},{"v":26173.888,"d":"$26,174"}]
[77,"Ceiling Mounted Return Grille, BASIS OF DESIGN \"PRICE\", 24\"x24\" Neck Size, 1070 CFM",6,{"v":0,"d":"0%"},6,"EA",null,0,{"v":123.52,"d":"$124"},{"$f":"E93*1.3","v":{"v":7.800000000000001,"d":"8"}},{"v":963.456,"d":"$963"},{"v":963.456,"d":"$963"}]
[78,"Ceiling Mounted Return Grille, BASIS OF DESIGN \"PRICE\", 24\"x24\" Neck Size, 175 CFM",1,{"v":0,"d":"0%"},1,"EA",null,0,{"v":123.52,"d":"$124"},{"v":1.3,"d":"1"},{"v":160.576,"d":"$161"},{"v":160.576,"d":"$161"}]
[79,"Ceiling Mounted Return Grille, BASIS OF DESIGN \"PRICE\", 24\"x24\" Neck Size, 210 CFM",1,{"v":0,"d":"0%"},1,"EA",null,0,{"v":123.52,"d":"$124"},{"v":1.3,"d":"1"},{"v":160.576,"d":"$161"},{"v":160.576,"d":"$161"}]
[80,"Ceiling Mounted Return Grille, BASIS OF DESIGN \"PRICE\", 24\"x24\" Neck Size, 225 CFM",1,{"v":0,"d":"0%"},1,"EA",null,0,{"v":123.52,"d":"$124"},{"v":1.3,"d":"1"},{"v":160.576,"d":"$161"},{"v":160.576,"d":"$161"}]
[81,"Ceiling Mounted Return Grille, BASIS OF DESIGN \"PRICE\", 24\"x24\" Neck Size, 330 CFM",1,{"v":0,"d":"0%"},1,"EA",null,0,{"v":123.52,"d":"$124"},{"v":1.3,"d":"1"},{"v":160.576,"d":"$161"},{"v":160.576,"d":"$161"}]
[82,"Ceiling Mounted Return Grille, BASIS OF DESIGN \"PRICE\", 24\"x24\" Neck Size, 700 CFM",1,{"v":0,"d":"0%"},1,"EA",null,0,{"v":123.52,"d":"$124"},{"v":1.3,"d":"1"},{"v":160.576,"d":"$161"},{"v":160.576,"d":"$161"}]
[83,"Ceiling Mounted Return Grille, BASIS OF DESIGN \"PRICE\", 24\"x24\" Neck Size, 75 CFM",1,{"v":0,"d":"0%"},1,"EA",null,0,{"v":123.52,"d":"$124"},{"v":1.3,"d":"1"},{"v":160.576,"d":"$161"},{"v":160.576,"d":"$161"}]
[84,"Ceiling Mounted Return Register, BASIS OF DESIGN \"PRICE\", 16\"x16\" Neck Size, 500 CFM",3,{"v":0,"d":"0%"},3,"EA",null,0,{"v":123.52,"d":"$124"},{"$f":"E100*0.9","v":{"v":2.7,"d":"3"}},{"v":333.504,"d":"$334"},{"v":333.504,"d":"$334"}]
[85,"Ceiling Mounted Return Register, BASIS OF DESIGN \"PRICE\", 16\"x16\" Neck Size, 675 CFM",2,{"v":0,"d":"0%"},2,"EA",null,0,{"v":123.52,"d":"$124"},{"$f":"E101*0.9","v":{"v":1.8,"d":"2"}},{"v":222.33599999999998,"d":"$222"},{"v":222.33599999999998,"d":"$222"}]
[86,"Ceiling Mounted Return Register, BASIS OF DESIGN \"PRICE\", 18\"x10\" Neck Size, 500 CFM",2,{"v":0,"d":"0%"},2,"EA",null,0,{"v":123.52,"d":"$124"},{"$f":"E102*1.1","v":{"v":2.2,"d":"2"}},{"v":271.744,"d":"$272"},{"v":271.744,"d":"$272"}]
[87,"Ceiling Mounted Return Register, BASIS OF DESIGN \"PRICE\", 6\"x6\" Neck Size, 100 CFM",2,{"v":0,"d":"0%"},2,"EA",null,0,{"v":123.52,"d":"$124"},{"v":1.6,"d":"2"},{"v":197.632,"d":"$198"},{"v":197.632,"d":"$198"}]
[88,"Ceiling Mounted Return Register, BASIS OF DESIGN \"PRICE\", 6\"x6\" Neck Size, 120 CFM",1,{"v":0,"d":"0%"},1,"EA",null,0,{"v":123.52,"d":"$124"},{"v":0.8,"d":"1"},{"v":98.816,"d":"$99"},{"v":98.816,"d":"$99"}]
[89,"Ceiling Mounted Return Register, BASIS OF DESIGN \"PRICE\", 8\"x6\" Neck Size, 145 CFM",6,{"v":0,"d":"0%"},6,"EA",null,0,{"v":123.52,"d":"$124"},{"v":4.800000000000001,"d":"5"},{"v":592.8960000000001,"d":"$593"},{"v":592.8960000000001,"d":"$593"}]
[90,"Wall Mounted Return Grille, BASIS OF DESIGN \"PRICE\", 6\"x6\" Neck Size, 50 CFM",1,{"v":0,"d":"0%"},1,"EA",null,0,{"v":123.52,"d":"$124"},{"v":0.8,"d":"1"},{"v":98.816,"d":"$99"},{"v":98.816,"d":"$99"}]
[91,"Wall Mounted Return Grille, BASIS OF DESIGN \"PRICE\", 100\"x40\" Neck Size",1,{"v":0,"d":"0%"},1,"EA",null,0,{"v":123.52,"d":"$124"},{"$f":"E107*5","v":5},{"v":617.6,"d":"$618"},{"v":617.6,"d":"$618"}]
[92,"Wall Mounted Return Grille, BASIS OF DESIGN \"PRICE\", 100\"x50\" Neck Size",1,{"v":0,"d":"0%"},1,"EA",null,0,{"v":123.52,"d":"$124"},{"$f":"E108*5","v":5},{"v":617.6,"d":"$618"},{"v":617.6,"d":"$618"}]
[93,"Wall Mounted Return Grille, BASIS OF DESIGN \"PRICE\", 78\"x34\" Neck Size",1,{"v":0,"d":"0%"},1,"EA",null,0,{"v":123.52,"d":"$124"},{"$f":"E109*4","v":4},{"v":494.08,"d":"$494"},{"v":494.08,"d":"$494"}]
[94,"Wall Mounted Return Grille, BASIS OF DESIGN \"PRICE\", 120\"x40\" Neck Size, 12885 CFM, W/ WMS",1,{"v":0,"d":"0%"},1,"EA",null,0,{"v":123.52,"d":"$124"},{"$f":"E110*5.5","v":{"v":5.5,"d":"6"}},{"v":679.36,"d":"$679"},{"v":679.36,"d":"$679"}]
[95,"Wall Mounted Return Grille, BASIS OF DESIGN \"PRICE\", 42\"x22\" Neck Size, 2500 CFM, W/ WMS",1,{"v":0,"d":"0%"},1,"EA",null,0,{"v":123.52,"d":"$124"},{"$f":"E111*1.6","v":{"v":1.6,"d":"2"}},{"v":197.632,"d":"$198"},{"v":197.632,"d":"$198"}]
[96,"Wall Mounted Return Grille, BASIS OF DESIGN \"PRICE\", 64\"x38\" Neck Size, 6645 CFM, W/ WMS",1,{"v":0,"d":"0%"},1,"EA",null,0,{"v":123.52,"d":"$124"},{"$f":"E112*2.3","v":{"v":2.3,"d":"2"}},{"v":284.09599999999995,"d":"$284"},{"v":284.09599999999995,"d":"$284"}]
[97,"Wall Mounted Return Grille, BASIS OF DESIGN \"PRICE\", 72\"x28\" Neck Size, 5000 CFM, W/ WMS",1,{"v":0,"d":"0%"},1,"EA",null,0,{"v":123.52,"d":"$124"},{"$f":"E113*2.8","v":{"v":2.8,"d":"3"}},{"v":345.856,"d":"$346"},{"v":345.856,"d":"$346"}]
[98,"Wall Mounted Return Grille, BASIS OF DESIGN \"PRICE\", 76\"x26\" Neck Size, 4515 CFM, W/ WMS",2,{"v":0,"d":"0%"},2,"EA",null,0,{"v":123.52,"d":"$124"},{"$f":"E114*2.8","v":{"v":5.6,"d":"6"}},{"v":691.712,"d":"$692"},{"v":691.712,"d":"$692"}]
[99,"Wall Mounted Return Grille, BASIS OF DESIGN \"PRICE\", 80\"x34\" Neck Size, 7200 CFM, W/ WMS",4,{"v":0,"d":"0%"},4,"EA",null,0,{"v":123.52,"d":"$124"},{"$f":"E115*3","v":12},{"v":1482.24,"d":"$1,482"},{"v":1482.24,"d":"$1,482"}]
[100,"Ceiling Mounted Transfer Register, BASIS OF DESIGN \"PRICE\", 8\"x8\" Neck Size, 100 CFM",1,{"v":0,"d":"0%"},1,"EA",null,0,{"v":123.52,"d":"$124"},{"v":0.8,"d":"1"},{"v":98.816,"d":"$99"},{"v":98.816,"d":"$99"}]
[101,"Ceiling Mounted Transfer Register, BASIS OF DESIGN \"PRICE\", 8\"x8\" Neck Size, 105 CFM",3,{"v":0,"d":"0%"},3,"EA",null,0,{"v":123.52,"d":"$124"},{"v":2.4000000000000004,"d":"2"},{"v":296.44800000000004,"d":"$296"},{"v":296.44800000000004,"d":"$296"}]
[102,"Ceiling Mounted Transfer Register, BASIS OF DESIGN \"PRICE\", 8\"x8\" Neck Size, 215 CFM",1,{"v":0,"d":"0%"},1,"EA",null,0,{"v":123.52,"d":"$124"},{"v":0.8,"d":"1"},{"v":98.816,"d":"$99"},{"v":98.816,"d":"$99"}]
[103,"Ceiling Mounted Transfer Register, BASIS OF DESIGN \"PRICE\", 8\"x8\" Neck Size, 50 CFM",3,{"v":0,"d":"0%"},3,"EA",null,0,{"v":123.52,"d":"$124"},{"v":2.4000000000000004,"d":"2"},{"v":296.44800000000004,"d":"$296"},{"v":296.44800000000004,"d":"$296"}]
[104,"Ceiling Mounted Transfer Grille, 8\"x8\" Neck Size, 150 CFM",8,{"v":0,"d":"0%"},8,"EA",null,0,{"v":123.52,"d":"$124"},{"v":6.4,"d":"6"},{"v":790.528,"d":"$791"},{"v":790.528,"d":"$791"}]
[105,"Ceiling Mounted Transfer Register, BASIS OF DESIGN \"PRICE\", 10\"x10\" Neck Size, 130 CFM",4,{"v":0,"d":"0%"},4,"EA",null,0,{"v":123.52,"d":"$124"},{"v":3.2,"d":"3"},{"v":395.264,"d":"$395"},{"v":395.264,"d":"$395"}]
[106,"Ceiling Mounted Transfer Register, BASIS OF DESIGN \"PRICE\", 10\"x10\" Neck Size, 135 CFM",4,{"v":0,"d":"0%"},4,"EA",null,0,{"v":123.52,"d":"$124"},{"v":3.2,"d":"3"},{"v":395.264,"d":"$395"},{"v":395.264,"d":"$395"}]
[107,"Ceiling Mounted Transfer Register, BASIS OF DESIGN \"PRICE\", 10\"x10\" Neck Size, 170 CFM",1,{"v":0,"d":"0%"},1,"EA",null,0,{"v":123.52,"d":"$124"},{"v":0.8,"d":"1"},{"v":98.816,"d":"$99"},{"v":98.816,"d":"$99"}]
[108,"Ceiling Mounted Transfer Register, BASIS OF DESIGN \"PRICE\", 10\"x10\" Neck Size, 185 CFM",1,{"v":0,"d":"0%"},1,"EA",null,0,{"v":123.52,"d":"$124"},{"v":0.8,"d":"1"},{"v":98.816,"d":"$99"},{"v":98.816,"d":"$99"}]
[109,"Ceiling Mounted Transfer Register, BASIS OF DESIGN \"PRICE\", 12\"x12\" Neck Size, 215 CFM",1,{"v":0,"d":"0%"},1,"EA",null,0,{"v":123.52,"d":"$124"},{"$f":"E125*0.9","v":{"v":0.9,"d":"1"}},{"v":111.16799999999999,"d":"$111"},{"v":111.16799999999999,"d":"$111"}]
[110,"Ceiling Mounted Transfer Register, BASIS OF DESIGN \"PRICE\", 12\"x12\" Neck Size, 230 CFM",2,{"v":0,"d":"0%"},2,"EA",null,0,{"v":123.52,"d":"$124"},{"$f":"E126*0.9","v":{"v":1.8,"d":"2"}},{"v":222.33599999999998,"d":"$222"},{"v":222.33599999999998,"d":"$222"}]
[111,"Ceiling Mounted Transfer Register, BASIS OF DESIGN \"PRICE\", 12\"x12\" Neck Size, 250 CFM",2,{"v":0,"d":"0%"},2,"EA",null,0,{"v":123.52,"d":"$124"},{"v":1.8,"d":"2"},{"v":222.33599999999998,"d":"$222"},{"v":222.33599999999998,"d":"$222"}]
[112,"Ceiling Mounted Transfer Register, BASIS OF DESIGN \"PRICE\", 12\"x12\" Neck Size, 260 CFM",1,{"v":0,"d":"0%"},1,"EA",null,0,{"v":123.52,"d":"$124"},{"v":0.9,"d":"1"},{"v":111.16799999999999,"d":"$111"},{"v":111.16799999999999,"d":"$111"}]
[113,"Ceiling Mounted Transfer Register, BASIS OF DESIGN \"PRICE\", 12\"x12\" Neck Size, 255 CFM",1,{"v":0,"d":"0%"},{"$f":"C129*(1+D129)","v":1},"EA",null,0,{"v":123.52,"d":"$124"},{"v":0.9,"d":"1"},{"v":111.16799999999999,"d":"$111"},{"v":111.16799999999999,"d":"$111"}]
[114,"Ceiling Mounted Transfer Register, BASIS OF DESIGN \"PRICE\", 14\" Dia Neck Size, 570 CFM",1,{"v":0,"d":"0%"},1,"EA",null,0,{"v":123.52,"d":"$124"},{"v":0.9,"d":"1"},{"v":111.16799999999999,"d":"$111"},{"v":111.16799999999999,"d":"$111"}]
[115,"Ceiling Mounted Transfer Register, BASIS OF DESIGN \"PRICE\", 16\" Dia Neck Size, 780 CFM",1,{"v":0,"d":"0%"},1,"EA",null,0,{"v":123.52,"d":"$124"},{"v":0.9,"d":"1"},{"v":111.16799999999999,"d":"$111"},{"v":111.16799999999999,"d":"$111"}]
[116,"Ceiling Mounted Transfer Register, BASIS OF DESIGN \"PRICE\", 16\"x16\" Neck Size, 465 CFM",3,{"v":0,"d":"0%"},3,"EA",null,0,{"v":123.52,"d":"$124"},{"v":2.7,"d":"3"},{"v":333.504,"d":"$334"},{"v":333.504,"d":"$334"}]
[117,"Ceiling Mounted Transfer Register, BASIS OF DESIGN \"PRICE\", 16\"x16\" Neck Size, 470 CFM",2,{"v":0,"d":"0%"},2,"EA",null,0,{"v":123.52,"d":"$124"},{"v":1.8,"d":"2"},{"v":222.33599999999998,"d":"$222"},{"v":222.33599999999998,"d":"$222"}]
[118,"Ceiling Mounted Transfer Register, BASIS OF DESIGN \"PRICE\", 16\"x16\" Neck Size, 500 CFM",3,{"v":0,"d":"0%"},3,"EA",null,0,{"v":123.52,"d":"$124"},{"v":2.7,"d":"3"},{"v":333.504,"d":"$334"},{"v":333.504,"d":"$334"}]
[119,"Ceiling Mounted Transfer Register, BASIS OF DESIGN \"PRICE\", 16\"x16\" Neck Size, 510 CFM",1,{"v":0,"d":"0%"},1,"EA",null,0,{"v":123.52,"d":"$124"},{"v":0.9,"d":"1"},{"v":111.16799999999999,"d":"$111"},{"v":111.16799999999999,"d":"$111"}]
[120,"Ceiling Mounted Transfer Register, BASIS OF DESIGN \"PRICE\", 18\"x18\" Neck Size, 690 CFM",4,{"v":0,"d":"0%"},4,"EA",null,0,{"v":123.52,"d":"$124"},{"$f":"E136*1.1","v":{"v":4.4,"d":"4"}},{"v":543.488,"d":"$543"},{"v":543.488,"d":"$543"}]
[121,"Ceiling Mounted Transfer Register, BASIS OF DESIGN \"PRICE\", 20\"x20\" Neck Size, 735 CFM",2,{"v":0,"d":"0%"},2,"EA",null,0,{"v":123.52,"d":"$124"},{"$f":"E137*1.1","v":{"v":2.2,"d":"2"}},{"v":271.744,"d":"$272"},{"v":271.744,"d":"$272"}]
[122,"Ceiling Mounted Transfer Register, BASIS OF DESIGN \"PRICE\", 14\"x14\" Neck Size, 285 CFM",1,{"v":0,"d":"0%"},1,"EA",null,0,{"v":123.52,"d":"$124"},{"$f":"E138*0.9","v":{"v":0.9,"d":"1"}},{"v":111.16799999999999,"d":"$111"},{"v":111.16799999999999,"d":"$111"}]
[123,"Ceiling Mounted Transfer Register, BASIS OF DESIGN \"PRICE\", 14\"x14\" Neck Size, 305 CFM",1,{"v":0,"d":"0%"},1,"EA",null,0,{"v":123.52,"d":"$124"},{"v":0.9,"d":"1"},{"v":111.16799999999999,"d":"$111"},{"v":111.16799999999999,"d":"$111"}]
[124,"Ceiling Mounted Transfer Register, BASIS OF DESIGN \"PRICE\", 14\"x14\" Neck Size, 385 CFM",1,{"v":0,"d":"0%"},1,"EA",null,0,{"v":123.52,"d":"$124"},{"v":0.9,"d":"1"},{"v":111.16799999999999,"d":"$111"},{"v":111.16799999999999,"d":"$111"}]
[125,"Wall Mounted Transfer Grille, BASIS OF DESIGN \"PRICE\", 6\"x6\" Neck Size, 50 CFM",1,{"v":0,"d":"0%"},1,"EA",null,0,{"v":123.52,"d":"$124"},{"v":0.8,"d":"1"},{"v":98.816,"d":"$99"},{"v":98.816,"d":"$99"}]
[126,"Wall Mounted Transfer Grille, BASIS OF DESIGN \"PRICE\", 16\"x16\" Neck Size, 500 CFM",2,{"v":0,"d":"0%"},2,"EA",null,0,{"v":123.52,"d":"$124"},{"$f":"E142*0.9","v":{"v":1.8,"d":"2"}},{"v":222.33599999999998,"d":"$222"},{"v":222.33599999999998,"d":"$222"}]
[127,"Wall Mounted Transfer Grille, BASIS OF DESIGN \"PRICE\", 10\"x10\" Neck Size, 150 CFM",1,{"v":0,"d":"0%"},1,"EA",null,0,{"v":123.52,"d":"$124"},{"v":0.8,"d":"1"},{"v":98.816,"d":"$99"},{"v":98.816,"d":"$99"}]
[128,"Wall Mounted Transfer Grille, BASIS OF DESIGN \"PRICE\", 50\"x12\" Neck Size, 1300 CFM",1,{"v":0,"d":"0%"},1,"EA",null,0,{"v":123.52,"d":"$124"},{"$f":"E144*2","v":2},{"v":247.04,"d":"$247"},{"v":247.04,"d":"$247"}]
[129,"Ceiling Mounted Linear Supply Diffuser, 6\"x6\" Neck Size, 50 CFM",1,{"v":0,"d":"0%"},1,"EA",null,0,{"v":123.52,"d":"$124"},{"v":0.8,"d":"1"},{"v":98.816,"d":"$99"},{"v":98.816,"d":"$99"}]
[130,"Ceiling Mounted Exhaust Grille, BASIS OF DESIGN \"PRICE\", 14\"x10\" Neck Size, 570 CFM",1,{"v":0,"d":"0%"},1,"EA",null,0,{"v":123.52,"d":"$124"},{"$f":"E146*0.9","v":{"v":0.9,"d":"1"}},{"v":111.16799999999999,"d":"$111"},{"v":111.16799999999999,"d":"$111"}]
[131,"Ceiling Mounted Exhaust Grille, BASIS OF DESIGN \"PRICE\", 6\"x6\" Neck Size, 100 CFM",12,{"v":0,"d":"0%"},12,"EA",null,{"$f":"G147*E147","v":0},{"$f":"L$4","v":{"v":123.52,"d":"$124"}},{"$f":"E147*0.8","v":{"v":9.600000000000001,"d":"10"}},{"$f":"J147*I147","v":{"v":1185.7920000000001,"d":"$1,186"}},{"$f":"K147+H147","v":{"v":1185.7920000000001,"d":"$1,186"}}]
[132,"Ceiling Mounted Exhaust Grille, BASIS OF DESIGN \"PRICE\", 6\"x6\" Neck Size, 105 CFM",1,{"v":0,"d":"0%"},1,"EA",null,0,{"v":123.52,"d":"$124"},{"v":0.8,"d":"1"},{"v":98.816,"d":"$99"},{"v":98.816,"d":"$99"}]
[133,"Ceiling Mounted Exhaust Grille, BASIS OF DESIGN \"PRICE\", 6\"x6\" Neck Size, 50 CFM",5,{"v":0,"d":"0%"},5,"EA",null,0,{"v":123.52,"d":"$124"},4,{"v":494.08,"d":"$494"},{"v":494.08,"d":"$494"}]
[134,"Ceiling Mounted Exhaust Grille, BASIS OF DESIGN \"PRICE\", 8\"x18\" Neck Size, 780 CFM",1,{"v":0,"d":"0%"},1,"EA",null,0,{"v":123.52,"d":"$124"},{"$f":"E150*1","v":1},{"v":123.52,"d":"$124"},{"v":123.52,"d":"$124"}]
[135,"Ceiling Mounted Exhaust Grille, BASIS OF DESIGN \"PRICE\", 8\"x8\" Neck Size, 215 CFM",2,{"v":0,"d":"0%"},2,"EA",null,0,{"v":123.52,"d":"$124"},{"v":1.6,"d":"2"},{"v":197.632,"d":"$198"},{"v":197.632,"d":"$198"}]
[136,"Return Air Opening, 54\"x24\" Terminate W/ WMS, 3500 CFM",1,{"v":0,"d":"0%"},1,"EA",null,0,{"v":123.52,"d":"$124"},{"$f":"E152*2","v":2},{"v":247.04,"d":"$247"},{"v":247.04,"d":"$247"}]
[137,"Return Air Opening, 64\"x20\" Terminate W/ WMS, 3500 CFM",1,{"v":0,"d":"0%"},1,"EA",null,0,{"v":123.52,"d":"$124"},{"$f":"E153*2.3","v":{"v":2.3,"d":"2"}},{"v":284.09599999999995,"d":"$284"},{"v":284.09599999999995,"d":"$284"}]
[138,"LD-1, Linear Diffuser, PRICE SDS100, 10\" Dia Neck Size, 325 Air Flow CFM.\n1. Provide Pattern Controllers.\n2. Provide Continuous Linear Bar Diffuser.",4,{"v":0,"d":"0%"},4,"EA",null,0,{"v":123.52,"d":"$124"},{"v":3.2,"d":"3"},{"v":395.264,"d":"$395"},{"v":395.264,"d":"$395"}]
[139,"LD-2, Linear Diffuser, PRICE SDS100, 10\" Dia Neck Size, 375 Air Flow CFM.\n1. Provide Pattern Controllers.\n2. Provide Continuous Linear Bar Diffuser.",3,{"v":0,"d":"0%"},3,"EA",null,0,{"v":123.52,"d":"$124"},{"v":2.4000000000000004,"d":"2"},{"v":296.44800000000004,"d":"$296"},{"v":296.44800000000004,"d":"$296"}]
[140,"LD-3, Linear Diffuser, PRICE SDS100, 10\" Dia Neck Size, 330 Air Flow CFM.\n1. Provide Pattern Controllers.\n2. Provide Continuous Linear Bar Diffuser.",3,{"v":0,"d":"0%"},3,"EA",null,0,{"v":123.52,"d":"$124"},{"v":2.4000000000000004,"d":"2"},{"v":296.44800000000004,"d":"$296"},{"v":296.44800000000004,"d":"$296"}]
[141,"LD-4, Linear Diffuser, PRICE SDS100, 8\" Dia Neck Size, 205 Air Flow CFM.\n1. Provide Pattern Controllers.\n2. Provide Continuous Linear Bar Diffuser.",3,{"v":0,"d":"0%"},3,"EA",null,0,{"v":123.52,"d":"$124"},{"v":2.4000000000000004,"d":"2"},{"v":296.44800000000004,"d":"$296"},{"v":296.44800000000004,"d":"$296"}]
[142,"LD-5, Linear Diffuser, PRICE SDS100, 8\" Dia Neck Size, 210 Air Flow CFM.\n1. Provide Pattern Controllers.\n2. Provide Continuous Linear Bar Diffuser.",3,{"v":0,"d":"0%"},3,"EA",null,0,{"v":123.52,"d":"$124"},{"v":2.4000000000000004,"d":"2"},{"v":296.44800000000004,"d":"$296"},{"v":296.44800000000004,"d":"$296"}]
[]
["OUTDOOR AIR HANDLING UNIT"]
[1,"AHU-1N, Air Handling Unit, TRANE CSAA035, 14400 Max Air Flow CFM, 60.6 FLA AMPS, 65.8 MCA AMPS, 460 V, 3 PH, 60 HZ.\n1. 100% Modulating Enthalpy Based Economizers.\n2. Stainless Steel Condensate Drain Pans.\n3. Convenience Outlets (115V) In NEMA 3R Enclosures.\n4. All Filters W/Min MERV 13 Efficiency.",1,{"v":0,"d":"0%"},{"$f":"C161*(1+D161)","v":1},"EA",null,{"$f":"G161*E161","v":0},{"$f":"L$4","v":{"v":123.52,"d":"$124"}},{"$f":"E161*32","v":32},{"$f":"J161*I161","v":{"v":3952.64,"d":"$3,953"}},{"$f":"K161+H161","v":{"v":3952.64,"d":"$3,953"}}]
[2,"AHU-1S, Air Handling Unit, TRANE CSAA040, 16800 Max Air Flow CFM, 66.2 FLA AMPS, 71.4 MCA AMPS, 460 V, 3 PH, 60 HZ.\n1. 100% Modulating Enthalpy Based Economizers.\n2. Stainless Steel Condensate Drain Pans.\n3. Convenience Outlets (115V) In NEMA 3R Enclosures.\n4. All Filters W/Min MERV 13 Efficiency.",1,{"v":0,"d":"0%"},{"$f":"C162*(1+D162)","v":1},"EA",null,{"$f":"G162*E162","v":0},{"$f":"L$4","v":{"v":123.52,"d":"$124"}},{"$f":"E162*32","v":32},{"$f":"J162*I162","v":{"v":3952.64,"d":"$3,953"}},{"$f":"K162+H162","v":{"v":3952.64,"d":"$3,953"}}]
[3,"AHU-2N, Air Handling Unit, TRANE CSAA040, 17800 Max Air Flow CFM, 78.2 FLA AMPS, 84,9 MCA AMPS, 460 V, 3 PH, 60 HZ.\n1. 100% Modulating Enthalpy Based Economizers.\n2. Stainless Steel Condensate Drain Pans.\n3. Convenience Outlets (115V) In NEMA 3R Enclosures.\n4. All Filters W/Min MERV 13 Efficiency.",1,{"v":0,"d":"0%"},1,"EA",null,0,{"v":123.52,"d":"$124"},{"$f":"E163*32","v":32},{"v":3952.64,"d":"$3,953"},{"v":3952.64,"d":"$3,953"}]
[4,"AHU-2S, Air Handling Unit, TRANE CSAA040, 22100 Max Air Flow CFM, 97.4 FLA AMPS, 105.9 MCA AMPS, 460 V, 3 PH, 60 HZ.\n1. 100% Modulating Enthalpy Based Economizers.\n2. Stainless Steel Condensate Drain Pans.\n3. Convenience Outlets (115V) In NEMA 3R Enclosures.\n4. All Filters W/Min MERV 13 Efficiency.",1,{"v":0,"d":"0%"},{"$f":"C164*(1+D164)","v":1},"EA",null,0,{"v":123.52,"d":"$124"},{"$f":"E164*36","v":36},{"v":4446.72,"d":"$4,447"},{"v":4446.72,"d":"$4,447"}]
[5,"AHU-3N, Air Handling Unit, TRANE CSAA040, 20000 Max Air Flow CFM, 78.4 FLA AMPS, 81.1 MCA AMPS, 460 V, 3 PH, 60 HZ.\n1. 100% Modulating Enthalpy Based Economizers.\n2. Stainless Steel Condensate Drain Pans.\n3. Convenience Outlets (115V) In NEMA 3R Enclosures.\n4. All Filters W/Min MERV 13 Efficiency.",1,{"v":0,"d":"0%"},1,"EA",null,0,{"v":123.52,"d":"$124"},{"$f":"E165*36","v":36},{"v":4446.72,"d":"$4,447"},{"v":4446.72,"d":"$4,447"}]
[6,"AHU-3S, Air Handling Unit, TRANE CSAA040, 20700 Max Air Flow CFM, 84.4 FLA AMPS, 91.1 MCA AMPS, 460 V, 3 PH, 60 HZ.\n1. 100% Modulating Enthalpy Based Economizers.\n2. Stainless Steel Condensate Drain Pans.\n3. Convenience Outlets (115V) In NEMA 3R Enclosures.\n4. All Filters W/Min MERV 13 Efficiency.",1,{"v":0,"d":"0%"},{"$f":"C166*(1+D166)","v":1},"EA",null,0,{"v":123.52,"d":"$124"},36,{"v":4446.72,"d":"$4,447"},{"v":4446.72,"d":"$4,447"}]
[]
["CHILLER"]
[1,"CH-1, Chiller, \"TRANE TURBOCOR ARCTIC CHILLER\" TACW450CT4022 ECO, 460 V, 3 PH, 60 HZ, 419.7 MCA AMPS, 387.4 FLA AMPS, 500 MOCP AMPS.\n1. HFC-R513A Refrigerant.\n2. Refrigerant Relief Piping With Flexible Connections And Cleanable Vertical Leg Drip Traps.",1,{"v":0,"d":"0%"},{"$f":"C169*(1+D169)","v":1},"EA",null,{"$f":"G169*E169","v":0},{"$f":"L$4","v":{"v":123.52,"d":"$124"}},{"$f":"E169*96","v":96},{"$f":"J169*I169","v":{"v":11857.92,"d":"$11,858"}},{"$f":"K169+H169","v":{"v":11857.92,"d":"$11,858"}}]
[]
["GAS FIRED HOT WATER BOILER"]
[1,"B-1, Gas- Fired Hot Water Boiler, \"AERCO\" BMK PLATINUM 2500 W/EDGE [ii], 3.2 Burner Motor HP, 5 FLA AMPS, 460 V, 3 PH, 60 HZ.\n1. Category IV Double Wall AL29-4C Stainless Steel Flues W/1\" Thermal Insulation.\n2. Modulating Sequencing Motor Operated Valves (By Boiler Manufacturer).",1,{"v":0,"d":"0%"},{"$f":"C172*(1+D172)","v":1},"EA",null,{"$f":"G172*E172","v":0},{"$f":"L$4","v":{"v":123.52,"d":"$124"}},{"$f":"E172*48","v":48},{"$f":"J172*I172","v":{"v":5928.96,"d":"$5,929"}},{"$f":"K172+H172","v":{"v":5928.96,"d":"$5,929"}}]
[2,"B-2, Gas- Fired Hot Water Boiler, \"AERCO\" BMK PLATINUM 2500 W/EDGE [ii], 3.2 Burner Motor HP, 5 FLA AMPS, 460 V, 3 PH, 60 HZ.\n1. Category IV Double Wall AL29-4C Stainless Steel Flues W/1\" Thermal Insulation.\n2. Modulating Sequencing Motor Operated Valves (By Boiler Manufacturer).",1,{"v":0,"d":"0%"},1,"EA",null,{"$f":"G173*E173","v":0},{"$f":"L$4","v":{"v":123.52,"d":"$124"}},{"$f":"E173*48","v":48},{"$f":"J173*I173","v":{"v":5928.96,"d":"$5,929"}},{"$f":"K173+H173","v":{"v":5928.96,"d":"$5,929"}}]
[]
["COOLING TOWER"]
[1,"CT-1, Cooling Tower, \"EVAPCO\" ESW4 12-46018-LF, 50 Fan Motor H.P, 155600 Air Flow CFM, 460 V, 3 PH, 60 HZ.\n1. VFD For Fan Motor In NEMA 3R Enclosure (Mounted On Cooling Tower).",1,{"v":0,"d":"0%"},{"$f":"C176*(1+D176)","v":1},"EA",null,{"$f":"G176*E176","v":0},{"$f":"L$4","v":{"v":123.52,"d":"$124"}},{"$f":"E176*120","v":120},{"$f":"J176*I176","v":{"v":14822.4,"d":"$14,822"}},{"$f":"K176+H176","v":{"v":14822.4,"d":"$14,822"}}]
[]
["PUMP"]
[1,"CHWP-1, Pump, \"BELL & GOSSETT\" SERIES e-1510, MODEL 5GB, 1800 RPM, 460 V, 3 PH, 60 HZ, 50.0 HP.\n1. Premium Efficiency Motors.",1,{"v":0,"d":"0%"},1,"EA",null,{"$f":"G179*E179","v":0},{"$f":"L$4","v":{"v":123.52,"d":"$124"}},{"$f":"E179*24","v":24},{"$f":"J179*I179","v":{"v":2964.48,"d":"$2,964"}},{"$f":"K179+H179","v":{"v":2964.48,"d":"$2,964"}}]
[2,"CHWP-2, Pump, \"BELL & GOSSETT\" SERIES e-1510, MODEL 5GB, 1800 RPM, 460 V, 3 PH, 60 HZ, 50.0 HP.\n1. Premium Efficiency Motors.",1,{"v":0,"d":"0%"},1,"EA",null,{"$f":"G180*E180","v":0},{"$f":"L$4","v":{"v":123.52,"d":"$124"}},{"$f":"E180*24","v":24},{"$f":"J180*I180","v":{"v":2964.48,"d":"$2,964"}},{"$f":"K180+H180","v":{"v":2964.48,"d":"$2,964"}}]
[3,"CWP-1, Pump, \"BELL & GOSSETT\" SERIES e-1510, MODEL 5GB, 1800 RPM, 460 V, 3 PH, 60 HZ, 60.0 HP.\n1. Premium Efficiency Motors.",1,{"v":0,"d":"0%"},{"$f":"C181*(1+D181)","v":1},"EA",null,0,{"v":123.52,"d":"$124"},24,{"v":2964.48,"d":"$2,964"},{"v":2964.48,"d":"$2,964"}]
[4,"CWP-2, Pump, \"BELL & GOSSETT\" SERIES e-1510, MODEL 5GB, 1800 RPM, 460 V, 3 PH, 60 HZ, 60.0 HP.\n1. Premium Efficiency Motors.",1,{"v":0,"d":"0%"},1,"EA",null,0,{"v":123.52,"d":"$124"},24,{"v":2964.48,"d":"$2,964"},{"v":2964.48,"d":"$2,964"}]
[5,"HWP-1, Pump, \"BELL & GOSSETT\" SERIES e-1510, MODEL 4GC, 1800 RPM, 460 V, 3 PH, 60 HZ, 30.0 HP.\n1. Premium Efficiency Motors.",1,{"v":0,"d":"0%"},1,"EA",null,0,{"v":123.52,"d":"$124"},{"$f":"E183*16","v":16},{"v":1976.32,"d":"$1,976"},{"v":1976.32,"d":"$1,976"}]
[6,"HWP-1, Pump, \"BELL & GOSSETT\" SERIES e-1510, MODEL 4GC, 1800 RPM, 460 V, 3 PH, 60 HZ, 30.0 HP.\n1. Premium Efficiency Motors.",1,{"v":0,"d":"0%"},1,"EA",null,0,{"v":123.52,"d":"$124"},16,{"v":1976.32,"d":"$1,976"},{"v":1976.32,"d":"$1,976"}]
[]
["AIR SEPARATOR"]
[1,"AS-1, Air Separator, \"BELL & GOSSETT\" R-8F, 1100 Max Air Flow.",1,{"v":0,"d":"0%"},{"$f":"C187*(1+D187)","v":1},"EA",null,{"$f":"G187*E187","v":0},{"$f":"L$4","v":{"v":123.52,"d":"$124"}},{"$f":"E187*8","v":8},{"$f":"J187*I187","v":{"v":988.16,"d":"$988"}},{"$f":"K187+H187","v":{"v":988.16,"d":"$988"}}]
[2,"AS-2, Air Separator, \"BELL & GOSSETT\" R-10F, 1300 Max Air Flow.",1,{"v":0,"d":"0%"},{"$f":"C188*(1+D188)","v":1},"EA",null,{"$f":"G188*E188","v":0},{"$f":"L$4","v":{"v":123.52,"d":"$124"}},{"$f":"E188*8","v":8},{"$f":"J188*I188","v":{"v":988.16,"d":"$988"}},{"$f":"K188+H188","v":{"v":988.16,"d":"$988"}}]
[3,"AS-3, Air Separator, \"BELL & GOSSETT\" R-8F, 630 Max Air Flow.",1,{"v":0,"d":"0%"},{"$f":"C189*(1+D189)","v":1},"EA",null,0,{"v":123.52,"d":"$124"},{"$f":"E189*6","v":6},{"v":741.12,"d":"$741"},{"v":741.12,"d":"$741"}]
[]
["MAKE-UP AIR UNIT"]
[1,"MAU-P-1, Makeup Air Unit, \"TRANE\" GRAA60PFJF0, 5700 Outdoor Air Flow GPM, 7.1 MCA AMPS, 460 V, 3 PH, 60 HZ.\n1. NEMA 3R Disconnect Switch.",1,{"v":0,"d":"0%"},1,"EA",null,{"$f":"G192*E192","v":0},{"$f":"L$4","v":{"v":123.52,"d":"$124"}},{"$f":"E192*42","v":42},{"$f":"J192*I192","v":{"v":5187.84,"d":"$5,188"}},{"$f":"K192+H192","v":{"v":5187.84,"d":"$5,188"}}]
[]
["EXPANSION TANK"]
[1,"ET-1, Expansion Tank, \"BELL AND GOSSETT\" B-600, 12 / 75 Full Working Pressure PSI.",1,{"v":0,"d":"0%"},{"$f":"C195*(1+D195)","v":1},"EA",null,{"$f":"G195*E195","v":0},{"$f":"L$4","v":{"v":123.52,"d":"$124"}},{"$f":"E195*6","v":6},{"$f":"J195*I195","v":{"v":741.12,"d":"$741"}},{"$f":"K195+H195","v":{"v":741.12,"d":"$741"}}]
[2,"ET-2, Expansion Tank, \"BELL AND GOSSETT\" B-300, 12 / 75 Full Working Pressure PSI.",1,{"v":0,"d":"0%"},{"$f":"C196*(1+D196)","v":1},"EA",null,{"$f":"G196*E196","v":0},{"$f":"L$4","v":{"v":123.52,"d":"$124"}},{"$f":"E196*6","v":6},{"$f":"J196*I196","v":{"v":741.12,"d":"$741"}},{"$f":"K196+H196","v":{"v":741.12,"d":"$741"}}]
[3,"ET-3, Expansion Tank, \"BELL AND GOSSETT\" B-3000, 12 / 75 Full Working Pressure PSI.",1,{"v":0,"d":"0%"},{"$f":"C197*(1+D197)","v":1},"EA",null,0,{"v":123.52,"d":"$124"},6,{"v":741.12,"d":"$741"},{"v":741.12,"d":"$741"}]
[]
["GLYCOL MAKE-UP PACKAGE"]
[1,"GP-1, Glycol Make-up Package, \"ADVANCE CONTROLS\" GF-2A3B3H-3-C12, 100 Solution Container Gallons, 1/3 Pump HP, 115 V, 1 PH, 60 HZ.\n1. DDC Controls With Pre-Configured ETL Listed XS Series Controllers And Bacnet Cards.",1,{"v":0,"d":"0%"},{"$f":"C200*(1+D200)","v":1},"EA",null,{"$f":"G200*E200","v":0},{"$f":"L$4","v":{"v":123.52,"d":"$124"}},{"$f":"E200*24","v":24},{"$f":"J200*I200","v":{"v":2964.48,"d":"$2,964"}},{"$f":"K200+H200","v":{"v":2964.48,"d":"$2,964"}}]
[2,"GP-2, Glycol Make-up Package, \"ADVANCE CONTROLS\" GF-2A3B3H-3-C12, 100 Solution Container Gallons, 1/3 Pump HP, 115 V, 1 PH, 60 HZ.\n1. DDC Controls With Pre-Configured ETL Listed XS Series Controllers And Bacnet Cards.",1,{"v":0,"d":"0%"},1,"EA",null,0,{"v":123.52,"d":"$124"},{"$f":"E201*24","v":24},{"v":2964.48,"d":"$2,964"},{"v":2964.48,"d":"$2,964"}]
[]
["GLYCOL MAKE-UP PACKAGE DETAIL"]
[1,"3/4\" Dia Ball Valve",4,{"v":0,"d":"0%"},{"$f":"C204*(1+D204)","v":4},"EA",{"v":8.32,"d":"$8.32"},{"$f":"G204*E204","v":{"v":33.28,"d":"$33"}},{"$f":"L$4","v":{"v":123.52,"d":"$124"}},{"$f":"E204*0.44","v":{"v":1.76,"d":"2"}},{"$f":"J204*I204","v":{"v":217.3952,"d":"$217"}},{"$f":"K204+H204","v":{"v":250.6752,"d":"$251"}}]
[2,"3/4\" Dia Check Valve",4,{"v":0,"d":"0%"},4,"EA",{"v":12.48,"d":"$12.48"},{"v":49.92,"d":"$50"},{"v":123.52,"d":"$124"},{"$f":"E205*0.44","v":{"v":1.76,"d":"2"}},{"v":217.3952,"d":"$217"},{"v":267.3152,"d":"$267"}]
[3,"SP, Static Pressure Sensor",4,{"v":0,"d":"0%"},4,"EA",{"v":134.46,"d":"$134.46"},{"$f":"G206*E206","v":{"v":537.84,"d":"$538"}},{"$f":"L$4","v":{"v":123.52,"d":"$124"}},{"$f":"E206*0.5","v":2},{"$f":"J206*I206","v":{"v":247.04,"d":"$247"}},{"$f":"K206+H206","v":{"v":784.88,"d":"$785"}}]
[]
["CONDENSATE TREATMENT TANK"]
[1,"CTT-1, Condensate Treatment Tank, \"JJM BOILER WORKS, INC\" NB-4, 4 Tank Capacity Gallons.",1,{"v":0,"d":"0%"},{"$f":"C209*(1+D209)","v":1},"EA",null,{"$f":"G209*E209","v":0},{"$f":"L$4","v":{"v":123.52,"d":"$124"}},{"$f":"E209*2","v":2},{"$f":"J209*I209","v":{"v":247.04,"d":"$247"}},{"$f":"K209+H209","v":{"v":247.04,"d":"$247"}}]
[2,"CTT-2, Condensate Treatment Tank, \"JJM BOILER WORKS, INC\" NB-4, 4 Tank Capacity Gallons.",1,{"v":0,"d":"0%"},{"$f":"C210*(1+D210)","v":1},"EA",null,{"$f":"G210*E210","v":0},{"$f":"L$4","v":{"v":123.52,"d":"$124"}},{"$f":"E210*2","v":2},{"$f":"J210*I210","v":{"v":247.04,"d":"$247"}},{"$f":"K210+H210","v":{"v":247.04,"d":"$247"}}]
[]
["CHEMICAL POD FEEDER"]
[1,"CPF-1, Chemical Pod Feeder, VECTOR INDUSTRIES, INC. FA-1000AL-TC, 5 Tank Capacity Gallons, 200 PSI.",1,{"v":0,"d":"0%"},{"$f":"C213*(1+D213)","v":1},"EA",null,{"$f":"G213*E213","v":0},{"$f":"L$4","v":{"v":123.52,"d":"$124"}},{"$f":"E213*2","v":2},{"$f":"J213*I213","v":{"v":247.04,"d":"$247"}},{"$f":"K213+H213","v":{"v":247.04,"d":"$247"}}]
[2,"CPF-2, Chemical Pod Feeder, VECTOR INDUSTRIES, INC. FA-1000AL-TC, 5 Tank Capacity Gallons, 200 PSI.",1,{"v":0,"d":"0%"},1,"EA",null,0,{"v":123.52,"d":"$124"},2,{"v":247.04,"d":"$247"},{"v":247.04,"d":"$247"}]
[3,"CPF-3, Chemical Pod Feeder, VECTOR INDUSTRIES, INC. FA-1000AL-TC, 5 Tank Capacity Gallons, 200 PSI.",1,{"v":0,"d":"0%"},1,"EA",null,0,{"v":123.52,"d":"$124"},2,{"v":247.04,"d":"$247"},{"v":247.04,"d":"$247"}]
[]
["CHEMICAL POD FEEDER DETAIL"]
[1,"3/4\" Dia Ball Valve",6,{"v":0,"d":"0%"},{"$f":"C218*(1+D218)","v":6},"EA",{"v":8.32,"d":"$8.32"},{"$f":"G218*E218","v":{"v":49.92,"d":"$50"}},{"$f":"L$4","v":{"v":123.52,"d":"$124"}},{"$f":"E218*0.44","v":{"v":2.64,"d":"3"}},{"$f":"J218*I218","v":{"v":326.0928,"d":"$326"}},{"$f":"K218+H218","v":{"v":376.0128,"d":"$376"}}]
[2,"3/4\" Dia Check Valve",3,{"v":0,"d":"0%"},3,"EA",{"v":12.48,"d":"$12.48"},{"$f":"G219*E219","v":{"v":37.44,"d":"$37"}},{"$f":"L$4","v":{"v":123.52,"d":"$124"}},{"$f":"E219*0.44","v":{"v":1.32,"d":"1"}},{"$f":"J219*I219","v":{"v":163.0464,"d":"$163"}},{"$f":"K219+H219","v":{"v":200.4864,"d":"$200"}}]
[3,"3/4\" Dia Drain Valve",3,{"v":0,"d":"0%"},{"$f":"C220*(1+D220)","v":3},"EA",{"v":8.22,"d":"$8.22"},{"v":24.660000000000004,"d":"$25"},{"v":123.52,"d":"$124"},{"v":1.32,"d":"1"},{"v":163.0464,"d":"$163"},{"v":187.7064,"d":"$188"}]
[4,"3/4\" Dia Drain Connection",3,{"v":0,"d":"0%"},3,"EA",{"v":9.99,"d":"$9.99"},{"v":29.97,"d":"$30"},{"v":123.52,"d":"$124"},{"v":1.32,"d":"1"},{"v":163.0464,"d":"$163"},{"v":193.0164,"d":"$193"}]
[5,"3/4\" Dia Union",3,{"v":0,"d":"0%"},3,"EA",{"v":9.3,"d":"$9.30"},{"v":27.900000000000002,"d":"$28"},{"v":123.52,"d":"$124"},{"$f":"E222*0.63","v":{"v":1.8900000000000001,"d":"2"}},{"v":233.4528,"d":"$233"},{"v":261.3528,"d":"$261"}]
[]
["BUFFER TANK"]
[1,"BT-1, Buffer Tank, \"ELBI\" CWT-500, 125 Max Pressure, 500 Tank Volume Gallons.\n1. ASME Complied Tank Construction.\n2. Thermal Insulation.",1,{"v":0,"d":"0%"},1,"EA",null,{"$f":"G225*E225","v":0},{"$f":"L$4","v":{"v":123.52,"d":"$124"}},{"$f":"E225*12","v":12},{"$f":"J225*I225","v":{"v":1482.24,"d":"$1,482"}},{"$f":"K225+H225","v":{"v":1482.24,"d":"$1,482"}}]
[]
["EXPANSION LOOPS"]
[1,"EL-0-1A, Expansion Loop, 3/4\" Steel Pipe Dia.",1,{"v":0,"d":"0%"},{"$f":"C228*(1+D228)","v":1},"EA",null,{"$f":"G228*E228","v":0},{"$f":"L$4","v":{"v":123.52,"d":"$124"}},{"$f":"E228*0.75","v":{"v":0.75,"d":"1"}},{"$f":"J228*I228","v":{"v":92.64,"d":"$93"}},{"$f":"K228+H228","v":{"v":92.64,"d":"$93"}}]
[2,"EL-1-1A, Expansion Loop, 2\" Steel Pipe Dia.",1,{"v":0,"d":"0%"},1,"EA",null,0,{"v":123.52,"d":"$124"},{"$f":"E229*1.44","v":{"v":1.44,"d":"1"}},{"v":177.8688,"d":"$178"},{"v":177.8688,"d":"$178"}]
[3,"EL-1-2A,Expansion Loop, 1-1/4\" Steel Pipe Dia.",1,{"v":0,"d":"0%"},1,"EA",null,{"$f":"G230*E230","v":0},{"$f":"L$4","v":{"v":123.52,"d":"$124"}},{"$f":"E230*1.15","v":{"v":1.15,"d":"1"}},{"$f":"J230*I230","v":{"v":142.04799999999997,"d":"$142"}},{"$f":"K230+H230","v":{"v":142.04799999999997,"d":"$142"}}]
[4,"EL-1-3A, Expansion Loop, 1-1/4\" Steel Pipe Dia.",1,{"v":0,"d":"0%"},1,"EA",null,{"$f":"G231*E231","v":0},{"$f":"L$4","v":{"v":123.52,"d":"$124"}},{"$f":"E231*1.15","v":{"v":1.15,"d":"1"}},{"$f":"J231*I231","v":{"v":142.04799999999997,"d":"$142"}},{"$f":"K231+H231","v":{"v":142.04799999999997,"d":"$142"}}]
[5,"EL-1-3A, Expansion Loop, 1-1/2\" Steel Pipe Dia.",1,{"v":0,"d":"0%"},1,"EA",null,0,{"v":123.52,"d":"$124"},{"$f":"E232*1.25","v":{"v":1.25,"d":"1"}},{"v":154.4,"d":"$154"},{"v":154.4,"d":"$154"}]
[6,"EL-1-4A, Expansion Loop, 1-1/4\" Steel Pipe Dia.",1,{"v":0,"d":"0%"},1,"EA",null,0,{"v":123.52,"d":"$124"},{"v":1.15,"d":"1"},{"v":142.04799999999997,"d":"$142"},{"v":142.04799999999997,"d":"$142"}]
[7,"EL-1-5A, Expansion Loop, 1-1/2\" Steel Pipe Dia.",1,{"v":0,"d":"0%"},1,"EA",null,{"$f":"G234*E234","v":0},{"$f":"L$4","v":{"v":123.52,"d":"$124"}},{"$f":"E234*1.25","v":{"v":1.25,"d":"1"}},{"$f":"J234*I234","v":{"v":154.4,"d":"$154"}},{"$f":"K234+H234","v":{"v":154.4,"d":"$154"}}]
[8,"EL-1-6A, Expansion Loop, 1\" Steel Pipe Dia.",1,{"v":0,"d":"0%"},1,"EA",null,{"$f":"G235*E235","v":0},{"$f":"L$4","v":{"v":123.52,"d":"$124"}},{"$f":"E235*1","v":1},{"$f":"J235*I235","v":{"v":123.52,"d":"$124"}},{"$f":"K235+H235","v":{"v":123.52,"d":"$124"}}]
[9,"EL-1-7A, Expansion Loop, 1\" Steel Pipe Dia.",1,{"v":0,"d":"0%"},1,"EA",null,{"$f":"G236*E236","v":0},{"$f":"L$4","v":{"v":123.52,"d":"$124"}},{"$f":"E236*1","v":1},{"$f":"J236*I236","v":{"v":123.52,"d":"$124"}},{"$f":"K236+H236","v":{"v":123.52,"d":"$124"}}]
[10,"EL-1-8A, Expansion Loop, 2\" Steel Pipe Dia.",1,{"v":0,"d":"0%"},1,"EA",null,0,{"v":123.52,"d":"$124"},{"$f":"E237*1.44","v":{"v":1.44,"d":"1"}},{"v":177.8688,"d":"$178"},{"v":177.8688,"d":"$178"}]
[11,"EL-1-9A, Expansion Loop, 3/4\" Steel Pipe Dia.",1,{"v":0,"d":"0%"},1,"EA",null,0,{"v":123.52,"d":"$124"},{"$f":"E238*0.75","v":{"v":0.75,"d":"1"}},{"v":92.64,"d":"$93"},{"v":92.64,"d":"$93"}]
[12,"EL-1-9A, Expansion Loop, 3/4\" Steel Pipe Dia.",1,{"v":0,"d":"0%"},1,"EA",null,0,{"v":123.52,"d":"$124"},{"v":0.75,"d":"1"},{"v":92.64,"d":"$93"},{"v":92.64,"d":"$93"}]
[13,"EL-1-10A, Expansion Loop, 2\" Steel Pipe Dia.",1,{"v":0,"d":"0%"},1,"EA",null,0,{"v":123.52,"d":"$124"},{"$f":"E240*1.44","v":{"v":1.44,"d":"1"}},{"v":177.8688,"d":"$178"},{"v":177.8688,"d":"$178"}]
[14,"EL-1-11A, Expansion Loop, 1-1/2\" Steel Pipe Dia.",1,{"v":0,"d":"0%"},1,"EA",null,0,{"v":123.52,"d":"$124"},{"$f":"E241*1.25","v":{"v":1.25,"d":"1"}},{"v":154.4,"d":"$154"},{"v":154.4,"d":"$154"}]
[15,"EL-1-12A, Expansion Loop, 1-1/2\" Steel Pipe Dia.",1,{"v":0,"d":"0%"},1,"EA",null,0,{"v":123.52,"d":"$124"},{"$f":"E242*1.25","v":{"v":1.25,"d":"1"}},{"v":154.4,"d":"$154"},{"v":154.4,"d":"$154"}]
[16,"EL-1-13A, Expansion Loop, 1\" Steel Pipe Dia.",1,{"v":0,"d":"0%"},1,"EA",null,{"$f":"G243*E243","v":0},{"$f":"L$4","v":{"v":123.52,"d":"$124"}},{"$f":"E243*1","v":1},{"$f":"J243*I243","v":{"v":123.52,"d":"$124"}},{"$f":"K243+H243","v":{"v":123.52,"d":"$124"}}]
[17,"EL-1-14A, Expansion Loop, 3/4\" Steel Pipe Dia.",1,{"v":0,"d":"0%"},1,"EA",null,0,{"v":123.52,"d":"$124"},{"$f":"E244*0.75","v":{"v":0.75,"d":"1"}},{"v":92.64,"d":"$93"},{"v":92.64,"d":"$93"}]
[18,"EF-0-1B, Expansion Loop, 3/4\" Steel Pipe Dia.",1,{"v":0,"d":"0%"},1,"EA",null,0,{"v":123.52,"d":"$124"},{"v":0.75,"d":"1"},{"v":92.64,"d":"$93"},{"v":92.64,"d":"$93"}]
[19,"EL-1-2B, Expansion Loop, 1-1/4\" Steel Pipe Dia.",1,{"v":0,"d":"0%"},1,"EA",null,0,{"v":123.52,"d":"$124"},{"$f":"E246*1.15","v":{"v":1.15,"d":"1"}},{"v":142.04799999999997,"d":"$142"},{"v":142.04799999999997,"d":"$142"}]
[20,"EL-1-3B, Expansion Loop, 1-1/2\" Steel Pipe Dia.",1,{"v":0,"d":"0%"},1,"EA",null,0,{"v":123.52,"d":"$124"},{"$f":"E247*1.25","v":{"v":1.25,"d":"1"}},{"v":154.4,"d":"$154"},{"v":154.4,"d":"$154"}]
[21,"EL-1-4B, Expansion Loop, 1-1/4\" Steel Pipe Dia.",1,{"v":0,"d":"0%"},1,"EA",null,0,{"v":123.52,"d":"$124"},{"$f":"E248*1.15","v":{"v":1.15,"d":"1"}},{"v":142.04799999999997,"d":"$142"},{"v":142.04799999999997,"d":"$142"}]
[22,"EL-1-5B, Expansion Loop, 1-1/4\" Steel Pipe Dia.",1,{"v":0,"d":"0%"},1,"EA",null,0,{"v":123.52,"d":"$124"},{"v":1.15,"d":"1"},{"v":142.04799999999997,"d":"$142"},{"v":142.04799999999997,"d":"$142"}]
[23,"EL-1-6B, Expansion Loop, 1-1/2\" Steel Pipe Dia.",1,{"v":0,"d":"0%"},1,"EA",null,0,{"v":123.52,"d":"$124"},{"$f":"E250*1.25","v":{"v":1.25,"d":"1"}},{"v":154.4,"d":"$154"},{"v":154.4,"d":"$154"}]
[24,"EL-1-7B, Expansion Loop, 1-1/4\" Steel Pipe Dia.",1,{"v":0,"d":"0%"},1,"EA",null,0,{"v":123.52,"d":"$124"},{"$f":"E251*1.15","v":{"v":1.15,"d":"1"}},{"v":142.04799999999997,"d":"$142"},{"v":142.04799999999997,"d":"$142"}]
[25,"EL-1-9B, Expansion Loop, 3/4\" Steel Pipe Dia.",1,{"v":0,"d":"0%"},1,"EA",null,0,{"v":123.52,"d":"$124"},{"$f":"E252*0.75","v":{"v":0.75,"d":"1"}},{"v":92.64,"d":"$93"},{"v":92.64,"d":"$93"}]
[26,"EL-1-10B, Expansion Loop, 3/4\" Steel Pipe Dia.",1,{"v":0,"d":"0%"},1,"EA",null,0,{"v":123.52,"d":"$124"},{"v":0.75,"d":"1"},{"v":92.64,"d":"$93"},{"v":92.64,"d":"$93"}]
[27,"EL-1-11B, Expansion Loop, 1-1/2\" Steel Pipe Dia.",1,{"v":0,"d":"0%"},1,"EA",null,0,{"v":123.52,"d":"$124"},{"$f":"E254*1.25","v":{"v":1.25,"d":"1"}},{"v":154.4,"d":"$154"},{"v":154.4,"d":"$154"}]
[28,"EL-1-12B, Expansion Loop, 2\" Steel Pipe Dia.",1,{"v":0,"d":"0%"},1,"EA",null,0,{"v":123.52,"d":"$124"},{"$f":"E255*1.44","v":{"v":1.44,"d":"1"}},{"v":177.8688,"d":"$178"},{"v":177.8688,"d":"$178"}]
[29,"EL-1-13B, Expansion Loop, 2\" Steel Pipe Dia.",1,{"v":0,"d":"0%"},1,"EA",null,0,{"v":123.52,"d":"$124"},{"v":1.44,"d":"1"},{"v":177.8688,"d":"$178"},{"v":177.8688,"d":"$178"}]
[30,"EL-1-14B, Expansion Loop, 2\" Steel Pipe Dia.",1,{"v":0,"d":"0%"},1,"EA",null,0,{"v":123.52,"d":"$124"},{"v":1.44,"d":"1"},{"v":177.8688,"d":"$178"},{"v":177.8688,"d":"$178"}]
[31,"EL-1-15B, Expansion Loop, 2\" Steel Pipe Dia.",1,{"v":0,"d":"0%"},1,"EA",null,0,{"v":123.52,"d":"$124"},{"v":1.44,"d":"1"},{"v":177.8688,"d":"$178"},{"v":177.8688,"d":"$178"}]
[32,"EL-2-1A, Expansion Loop, 2\" Steel Pipe Dia.",1,{"v":0,"d":"0%"},1,"EA",null,0,{"v":123.52,"d":"$124"},{"v":1.44,"d":"1"},{"v":177.8688,"d":"$178"},{"v":177.8688,"d":"$178"}]
[33,"EL-2-2A, Expansion Loop, 1-1/2\" Steel Pipe Dia.",1,{"v":0,"d":"0%"},1,"EA",null,0,{"v":123.52,"d":"$124"},{"$f":"E260*1.25","v":{"v":1.25,"d":"1"}},{"v":154.4,"d":"$154"},{"v":154.4,"d":"$154"}]
[34,"EL-2-3A, Expansion Loop, 3/4\" Steel Pipe Dia.",1,{"v":0,"d":"0%"},1,"EA",null,0,{"v":123.52,"d":"$124"},{"$f":"E261*0.75","v":{"v":0.75,"d":"1"}},{"v":92.64,"d":"$93"},{"v":92.64,"d":"$93"}]
[35,"EL-2-4A, Expansion Loop, 1-1/4\" Steel Pipe Dia.",1,{"v":0,"d":"0%"},1,"EA",null,0,{"v":123.52,"d":"$124"},{"$f":"E262*1.15","v":{"v":1.15,"d":"1"}},{"v":142.04799999999997,"d":"$142"},{"v":142.04799999999997,"d":"$142"}]
[36,"EL-2-5A, Expansion Loop, 1-1/2\" Steel Pipe Dia.",1,{"v":0,"d":"0%"},1,"EA",null,0,{"v":123.52,"d":"$124"},{"$f":"E263*1.25","v":{"v":1.25,"d":"1"}},{"v":154.4,"d":"$154"},{"v":154.4,"d":"$154"}]
[37,"EL-2-6A, Expansion Loop, 1-1/2\" Steel Pipe Dia.",1,{"v":0,"d":"0%"},1,"EA",null,0,{"v":123.52,"d":"$124"},{"$f":"E264*1.25","v":{"v":1.25,"d":"1"}},{"v":154.4,"d":"$154"},{"v":154.4,"d":"$154"}]
[38,"EL-2-8A, Expansion Loop, 3/4\" Steel Pipe Dia.",1,{"v":0,"d":"0%"},1,"EA",null,0,{"v":123.52,"d":"$124"},{"$f":"E265*0.75","v":{"v":0.75,"d":"1"}},{"v":92.64,"d":"$93"},{"v":92.64,"d":"$93"}]
[39,"EL-2-9A, Expansion Loop, 3/4\" Steel Pipe Dia.",1,{"v":0,"d":"0%"},1,"EA",null,0,{"v":123.52,"d":"$124"},{"v":0.75,"d":"1"},{"v":92.64,"d":"$93"},{"v":92.64,"d":"$93"}]
[40,"EL-2-10A, Expansion Loop, 1-1/4\" Steel Pipe Dia.",1,{"v":0,"d":"0%"},1,"EA",null,0,{"v":123.52,"d":"$124"},{"$f":"E267*1.15","v":{"v":1.15,"d":"1"}},{"v":142.04799999999997,"d":"$142"},{"v":142.04799999999997,"d":"$142"}]
[41,"EL-2-11A, Expansion Loop, 1-1/2\" Steel Pipe Dia.",1,{"v":0,"d":"0%"},1,"EA",null,0,{"v":123.52,"d":"$124"},{"$f":"E268*1.25","v":{"v":1.25,"d":"1"}},{"v":154.4,"d":"$154"},{"v":154.4,"d":"$154"}]
[42,"EL-2-12A, Expansion Loop, 2\" Steel Pipe Dia.",1,{"v":0,"d":"0%"},1,"EA",null,0,{"v":123.52,"d":"$124"},{"$f":"E269*1.44","v":{"v":1.44,"d":"1"}},{"v":177.8688,"d":"$178"},{"v":177.8688,"d":"$178"}]
[43,"EL-2-1B, Expansion Loop, 1\" Steel Pipe Dia.",1,{"v":0,"d":"0%"},1,"EA",null,{"$f":"G270*E270","v":0},{"$f":"L$4","v":{"v":123.52,"d":"$124"}},{"$f":"E270*1","v":1},{"$f":"J270*I270","v":{"v":123.52,"d":"$124"}},{"$f":"K270+H270","v":{"v":123.52,"d":"$124"}}]
[44,"EL-2-2B, Expansion Loop, 1-1/2\" Steel Pipe Dia.",1,{"v":0,"d":"0%"},1,"EA",null,0,{"v":123.52,"d":"$124"},{"$f":"E271*1.25","v":{"v":1.25,"d":"1"}},{"v":154.4,"d":"$154"},{"v":154.4,"d":"$154"}]
[45,"EL-2-3B, Expansion Loop, 1-1/2\" Steel Pipe Dia.",1,{"v":0,"d":"0%"},1,"EA",null,0,{"v":123.52,"d":"$124"},{"v":1.25,"d":"1"},{"v":154.4,"d":"$154"},{"v":154.4,"d":"$154"}]
[46,"EL-2-4B, Expansion Loop, 1-1/4\" Steel Pipe Dia.",1,{"v":0,"d":"0%"},1,"EA",null,0,{"v":123.52,"d":"$124"},{"$f":"E273*1.15","v":{"v":1.15,"d":"1"}},{"v":142.04799999999997,"d":"$142"},{"v":142.04799999999997,"d":"$142"}]
[47,"EL-2-5B, Expansion Loop, 1\" Steel Pipe Dia.",1,{"v":0,"d":"0%"},1,"EA",null,0,{"v":123.52,"d":"$124"},{"$f":"E274*1.15","v":{"v":1.15,"d":"1"}},{"v":142.04799999999997,"d":"$142"},{"v":142.04799999999997,"d":"$142"}]
[48,"EL-2-6B, Expansion Loop, 1-1/4\" Steel Pipe Dia.",1,{"v":0,"d":"0%"},1,"EA",null,0,{"v":123.52,"d":"$124"},{"$f":"E275*1.15","v":{"v":1.15,"d":"1"}},{"v":142.04799999999997,"d":"$142"},{"v":142.04799999999997,"d":"$142"}]
[49,"EL-2-7B, Expansion Loop, 2\" Steel Pipe Dia.",1,{"v":0,"d":"0%"},1,"EA",null,0,{"v":123.52,"d":"$124"},{"$f":"E276*1.44","v":{"v":1.44,"d":"1"}},{"v":177.8688,"d":"$178"},{"v":177.8688,"d":"$178"}]
[50,"EL-2-8B, Expansion Loop, 2\" Steel Pipe Dia.",1,{"v":0,"d":"0%"},1,"EA",null,0,{"v":123.52,"d":"$124"},{"v":1.44,"d":"1"},{"v":177.8688,"d":"$178"},{"v":177.8688,"d":"$178"}]
[51,"EL-2-9B, Expansion Loop, 3/4\" Steel Pipe Dia.",1,{"v":0,"d":"0%"},1,"EA",null,0,{"v":123.52,"d":"$124"},{"$f":"E278*0.75","v":{"v":0.75,"d":"1"}},{"v":92.64,"d":"$93"},{"v":92.64,"d":"$93"}]
[52,"EL-2-10B, Expansion Loop, 1-1/4\" Steel Pipe Dia.",1,{"v":0,"d":"0%"},1,"EA",null,0,{"v":123.52,"d":"$124"},{"$f":"E279*1.15","v":{"v":1.15,"d":"1"}},{"v":142.04799999999997,"d":"$142"},{"v":142.04799999999997,"d":"$142"}]
[53,"EL-2-11B, Expansion Loop, 1-1/4\" Steel Pipe Dia.",1,{"v":0,"d":"0%"},1,"EA",null,0,{"v":123.52,"d":"$124"},{"v":1.15,"d":"1"},{"v":142.04799999999997,"d":"$142"},{"v":142.04799999999997,"d":"$142"}]
[54,"EL-2-12B, Expansion Loop, 1\" Steel Pipe Dia.",1,{"v":0,"d":"0%"},1,"EA",null,{"$f":"G281*E281","v":0},{"$f":"L$4","v":{"v":123.52,"d":"$124"}},{"$f":"E281*1","v":1},{"$f":"J281*I281","v":{"v":123.52,"d":"$124"}},{"$f":"K281+H281","v":{"v":123.52,"d":"$124"}}]
[55,"EF-2-N1, Expansion Loop, 2-1/2\" Steel Pipe Dia.",1,{"v":0,"d":"0%"},1,"EA",null,{"$f":"G282*E282","v":0},{"$f":"L$4","v":{"v":123.52,"d":"$124"}},{"$f":"E282*1.7","v":{"v":1.7,"d":"2"}},{"$f":"J282*I282","v":{"v":209.98399999999998,"d":"$210"}},{"$f":"K282+H282","v":{"v":209.98399999999998,"d":"$210"}}]
[56,"EF-2-N2, Expansion Loop, 2-1/2\" Steel Pipe Dia.",1,{"v":0,"d":"0%"},1,"EA",null,{"$f":"G283*E283","v":0},{"$f":"L$4","v":{"v":123.52,"d":"$124"}},{"$f":"E283*1.7","v":{"v":1.7,"d":"2"}},{"$f":"J283*I283","v":{"v":209.98399999999998,"d":"$210"}},{"$f":"K283+H283","v":{"v":209.98399999999998,"d":"$210"}}]
[57,"EF-2-S1, Expansion Loop, 2-1/2\" Steel Pipe Dia.",1,{"v":0,"d":"0%"},1,"EA",null,0,{"v":123.52,"d":"$124"},{"v":1.7,"d":"2"},{"v":209.98399999999998,"d":"$210"},{"v":209.98399999999998,"d":"$210"}]
[58,"EF-2-S2, Expansion Loop, 2-1/2\" Steel Pipe Dia.",1,{"v":0,"d":"0%"},1,"EA",null,0,{"v":123.52,"d":"$124"},{"v":1.7,"d":"2"},{"v":209.98399999999998,"d":"$210"},{"v":209.98399999999998,"d":"$210"}]
[59,"EL-3-1A, Expansion Loop, 2\" Steel Pipe Dia.",1,{"v":0,"d":"0%"},1,"EA",null,0,{"v":123.52,"d":"$124"},{"$f":"E286*1.44","v":{"v":1.44,"d":"1"}},{"v":177.8688,"d":"$178"},{"v":177.8688,"d":"$178"}]
[60,"EL-3-1A, Expansion Loop, 2\" Steel Pipe Dia.",1,{"v":0,"d":"0%"},1,"EA",null,0,{"v":123.52,"d":"$124"},{"v":1.44,"d":"1"},{"v":177.8688,"d":"$178"},{"v":177.8688,"d":"$178"}]
[61,"EL-3-2A, Expansion Loop, 1-1/2\" Steel Pipe Dia.",1,{"v":0,"d":"0%"},1,"EA",null,0,{"v":123.52,"d":"$124"},{"$f":"E288*1.25","v":{"v":1.25,"d":"1"}},{"v":154.4,"d":"$154"},{"v":154.4,"d":"$154"}]
[62,"EL-3-3A, Expansion Loop, 1\" Steel Pipe Dia.",1,{"v":0,"d":"0%"},1,"EA",null,{"$f":"G289*E289","v":0},{"$f":"L$4","v":{"v":123.52,"d":"$124"}},{"$f":"E289*1","v":1},{"$f":"J289*I289","v":{"v":123.52,"d":"$124"}},{"$f":"K289+H289","v":{"v":123.52,"d":"$124"}}]
[63,"EL-3-4A, Expansion Loop, 1-1/4\" Steel Pipe Dia.",1,{"v":0,"d":"0%"},1,"EA",null,0,{"v":123.52,"d":"$124"},{"$f":"E290*1.15","v":{"v":1.15,"d":"1"}},{"v":142.04799999999997,"d":"$142"},{"v":142.04799999999997,"d":"$142"}]
[64,"EL-3-5A, Expansion Loop, 2\" Steel Pipe Dia.",1,{"v":0,"d":"0%"},1,"EA",null,0,{"v":123.52,"d":"$124"},{"$f":"E291*1.44","v":{"v":1.44,"d":"1"}},{"v":177.8688,"d":"$178"},{"v":177.8688,"d":"$178"}]
[65,"EL-3-6A, Expansion Loop, 1-1/2\" Steel Pipe Dia.",1,{"v":0,"d":"0%"},{"$f":"C292*(1+D292)","v":1},"EA",null,{"$f":"G292*E292","v":0},{"$f":"L$4","v":{"v":123.52,"d":"$124"}},{"$f":"E292*1.25","v":{"v":1.25,"d":"1"}},{"$f":"J292*I292","v":{"v":154.4,"d":"$154"}},{"$f":"K292+H292","v":{"v":154.4,"d":"$154"}}]
[66,"EL-3-9A, Expansion Loop, 1\" Steel Pipe Dia.",1,{"v":0,"d":"0%"},1,"EA",null,0,{"v":123.52,"d":"$124"},{"$f":"E293*1","v":1},{"v":123.52,"d":"$124"},{"v":123.52,"d":"$124"}]
[67,"EL-3-10A, Expansion Loop, 1-1/2\" Steel Pipe Dia.",1,{"v":0,"d":"0%"},1,"EA",null,0,{"v":123.52,"d":"$124"},{"$f":"E294*1.25","v":{"v":1.25,"d":"1"}},{"v":154.4,"d":"$154"},{"v":154.4,"d":"$154"}]
[68,"EF-3-11A, Expansion Loop, 2\" Steel Pipe Dia.",1,{"v":0,"d":"0%"},1,"EA",null,{"$f":"G295*E295","v":0},{"$f":"L$4","v":{"v":123.52,"d":"$124"}},{"$f":"E295*1.44","v":{"v":1.44,"d":"1"}},{"$f":"J295*I295","v":{"v":177.8688,"d":"$178"}},{"$f":"K295+H295","v":{"v":177.8688,"d":"$178"}}]
[69,"EL-3-1B, Expansion Loop, 3/4\" Steel Pipe Dia.",1,{"v":0,"d":"0%"},1,"EA",null,0,{"v":123.52,"d":"$124"},{"$f":"E296*0.75","v":{"v":0.75,"d":"1"}},{"v":92.64,"d":"$93"},{"v":92.64,"d":"$93"}]
[70,"EL-3-2B, Expansion Loop, 1-1/4\" Steel Pipe Dia.",1,{"v":0,"d":"0%"},1,"EA",null,0,{"v":123.52,"d":"$124"},{"$f":"E297*1.15","v":{"v":1.15,"d":"1"}},{"v":142.04799999999997,"d":"$142"},{"v":142.04799999999997,"d":"$142"}]
[71,"EL-3-3B, Expansion Loop, 2\" Steel Pipe Dia.",1,{"v":0,"d":"0%"},1,"EA",null,0,{"v":123.52,"d":"$124"},{"$f":"E298*1.44","v":{"v":1.44,"d":"1"}},{"v":177.8688,"d":"$178"},{"v":177.8688,"d":"$178"}]
[72,"EL-3-4B, Expansion Loop, 1-1/4\" Steel Pipe Dia.",1,{"v":0,"d":"0%"},1,"EA",null,0,{"v":123.52,"d":"$124"},{"$f":"E299*1.15","v":{"v":1.15,"d":"1"}},{"v":142.04799999999997,"d":"$142"},{"v":142.04799999999997,"d":"$142"}]
[73,"EL-3-5B, Expansion Loop, 3/4\" Steel Pipe Dia.",1,{"v":0,"d":"0%"},1,"EA",null,0,{"v":123.52,"d":"$124"},{"$f":"E300*0.75","v":{"v":0.75,"d":"1"}},{"v":92.64,"d":"$93"},{"v":92.64,"d":"$93"}]
[74,"EL-3-6B, Expansion Loop, 1-1/4\" Steel Pipe Dia.",1,{"v":0,"d":"0%"},1,"EA",null,0,{"v":123.52,"d":"$124"},{"$f":"E301*1.15","v":{"v":1.15,"d":"1"}},{"v":142.04799999999997,"d":"$142"},{"v":142.04799999999997,"d":"$142"}]
[75,"EL-3-8B, Expansion Loop, 2\" Steel Pipe Dia.",1,{"v":0,"d":"0%"},1,"EA",null,0,{"v":123.52,"d":"$124"},{"$f":"E302*1.44","v":{"v":1.44,"d":"1"}},{"v":177.8688,"d":"$178"},{"v":177.8688,"d":"$178"}]
[76,"EL-3-9B, Expansion Loop, 1-1/2\" Steel Pipe Dia.",1,{"v":0,"d":"0%"},1,"EA",null,0,{"v":123.52,"d":"$124"},{"$f":"E303*1.25","v":{"v":1.25,"d":"1"}},{"v":154.4,"d":"$154"},{"v":154.4,"d":"$154"}]
[77,"EL-3-10B, Expansion Loop, 1-1/2\" Steel Pipe Dia.",1,{"v":0,"d":"0%"},1,"EA",null,{"$f":"G304*E304","v":0},{"$f":"L$4","v":{"v":123.52,"d":"$124"}},{"$f":"E304*1.25","v":{"v":1.25,"d":"1"}},{"$f":"J304*I304","v":{"v":154.4,"d":"$154"}},{"$f":"K304+H304","v":{"v":154.4,"d":"$154"}}]
[]
["EXHAUST FAN"]
[1,"EF-1, Fan, GREENHECK CUE 101HP--VG, 300 Air Flow CFM, 1/2 HP, 115 V, 1 PH, 60 HZ.\n1. Minimum 14 In. Roof Curb With 1-1/2 In. Thermal Insulation & Damper Tray.\n2. Motor Operated Damper (MOD) W/ End Switch, 115V, Aluminum Construction, Curb Mounted.\n3. VARI-Green EC Motor W/Wiring Package.",1,{"v":0,"d":"0%"},1,"EA",null,{"$f":"G307*E307","v":0},{"$f":"L$4","v":{"v":123.52,"d":"$124"}},{"$f":"E307*2","v":2},{"$f":"J307*I307","v":{"v":247.04,"d":"$247"}},{"$f":"K307+H307","v":{"v":247.04,"d":"$247"}}]
[2,"EF-2, Fan, GREENHECK CUE 101HP--VG, 550 Air Flow CFM, 1/2 HP, 115 V, 1 PH, 60 HZ.\n1. Minimum 14 In. Roof Curb With 1-1/2 In. Thermal Insulation & Damper Tray.\n2. Motor Operated Damper (MOD) W/ End Switch, 115V, Aluminum Construction, Curb Mounted.\n3. VARI-Green EC Motor W/Wiring Package.",1,{"v":0,"d":"0%"},1,"EA",null,{"$f":"G308*E308","v":0},{"$f":"L$4","v":{"v":123.52,"d":"$124"}},{"$f":"E308*2","v":2},{"$f":"J308*I308","v":{"v":247.04,"d":"$247"}},{"$f":"K308+H308","v":{"v":247.04,"d":"$247"}}]
[3,"EF-3, Fan, GREENHECK CUBE 141, 1400 Air Flow CFM, 1 HP, 460 V, 3 PH, 60HZ.\n1. Minimum 14 In. Roof Curb With 1-1/2 In. Thermal Insulation & Damper Tray.\n2. Motor Operated Damper (MOD) W/ End Switch, 115V, Aluminum Construction, Curb Mounted.\n3. VARI-Green EC Motor W/Wiring Package.",1,{"v":0,"d":"0%"},1,"EA",null,0,{"v":123.52,"d":"$124"},{"$f":"E309*3","v":3},{"v":370.56,"d":"$371"},{"v":370.56,"d":"$371"}]
[4,"EF-4, Fan, GREENHECK CUBE 141HP-7, 950 Air Flow CFM, 3/4 HP, 460 V, 3 PH, 60 HZ.\n1. Minimum 14 In. Roof Curb With 1-1/2 In. Thermal Insulation & Damper Tray.\n2. Motor Operated Damper (MOD) W/ End Switch, 115V, Aluminum Construction, Curb Mounted.\n3. VARI-Green EC Motor W/Wiring Package.",1,{"v":0,"d":"0%"},1,"EA",null,{"$f":"G310*E310","v":0},{"$f":"L$4","v":{"v":123.52,"d":"$124"}},{"$f":"E310*3","v":3},{"$f":"J310*I310","v":{"v":370.56,"d":"$371"}},{"$f":"K310+H310","v":{"v":370.56,"d":"$371"}}]
[5,"EF-5, Fan, GREENHECK SQ-140HP-VG, 1600 Air Flow CFM, 1 HP, 460 V, 3 PH, 60 HZ.\n1. Minimum 14 In. Roof Curb With 1-1/2 In. Thermal Insulation & Damper Tray.\n2. Motor Operated Damper (MOD) W/ End Switch, 115V, Aluminum Construction, Curb Mounted.\n3. VARI-Green EC Motor W/Wiring Package.",1,{"v":0,"d":"0%"},1,"EA",null,0,{"v":123.52,"d":"$124"},{"$f":"E311*3","v":3},{"v":370.56,"d":"$371"},{"v":370.56,"d":"$371"}]
[6,"EF-6, Fan, GREENHECK SQ-140HP-VG, 1350 Air Flow CFM, 1 HP, 460 V, 3 PH, 60 HZ.\n1. Minimum 14 In. Roof Curb With 1-1/2 In. Thermal Insulation & Damper Tray.\n2. Motor Operated Damper (MOD) W/ End Switch, 115V, Aluminum Construction, Curb Mounted.\n3. VARI-Green EC Motor W/Wiring Package.",1,{"v":0,"d":"0%"},{"$f":"C312*(1+D312)","v":1},"EA",null,0,{"v":123.52,"d":"$124"},{"$f":"E312*3","v":3},{"v":370.56,"d":"$371"},{"v":370.56,"d":"$371"}]
[7,"EF-7, Fan, GREENHECK CUBE-101 HP-5, 500 Air Flow CFM, 1/2 HP, 460 V, 3 PH, 60 HZ.\n1. Minimum 14 In. Roof Curb With 1-1/2 In. Thermal Insulation & Damper Tray.\n2. Motor Operated Damper (MOD) W/ End Switch, 115V, Aluminum Construction, Curb Mounted.\n3. VARI-Green EC Motor W/Wiring Package.",1,{"v":0,"d":"0%"},1,"EA",null,0,{"v":123.52,"d":"$124"},{"$f":"E313*2","v":2},{"v":247.04,"d":"$247"},{"v":247.04,"d":"$247"}]
[8,"EF-P-1, Fan, GREENHECK CUE-200-B-VGD, 5700 Air Flow CFM, 3 HP, 460 V, 3 PH, 60 HZ.\n1. Minimum 14 In. Roof Curb With 1-1/2 In. Thermal Insulation & Damper Tray.\n2. Motor Operated Damper (MOD) W/ End Switch, 115V, Aluminum Construction, Curb Mounted.\n3. VARI-Green EC Motor W/Wiring Package.",1,{"v":0,"d":"0%"},1,"EA",null,{"$f":"G314*E314","v":0},{"$f":"L$4","v":{"v":123.52,"d":"$124"}},{"$f":"E314*4","v":4},{"$f":"J314*I314","v":{"v":494.08,"d":"$494"}},{"$f":"K314+H314","v":{"v":494.08,"d":"$494"}}]
[9,"EF-P-2, Fan, GREENHECK CUBE-180-VGD-7, 3000 Air Flow CFM, 3/4 PH, 460 V, 3 PH, 60HZ.\n1. Minimum 14 In. Roof Curb With 1-1/2 In. Thermal Insulation & Damper Tray.\n2. Motor Operated Damper (MOD) W/ End Switch, 115V, Aluminum Construction, Curb Mounted.\n3. VARI-Green EC Motor W/Wiring Package.",1,{"v":0,"d":"0%"},1,"EA",null,0,{"v":123.52,"d":"$124"},{"$f":"E315*4","v":4},{"v":494.08,"d":"$494"},{"v":494.08,"d":"$494"}]
[10,"EF-P-3, GREENHECK CUBE-300-30, 10600 Air Flow CFM, 3 PH, 460 V, 3 PH, 60HZ.\n1. Minimum 14 In. Roof Curb With 1-1/2 In. Thermal Insulation & Damper Tray.\n2. Motor Operated Damper (MOD) W/ End Switch, 115V, Aluminum Construction, Curb Mounted.\n3. VARI-Green EC Motor W/Wiring Package.",1,{"v":0,"d":"0%"},1,"EA",null,{"$f":"G316*E316","v":0},{"$f":"L$4","v":{"v":123.52,"d":"$124"}},{"$f":"E316*6","v":6},{"$f":"J316*I316","v":{"v":741.12,"d":"$741"}},{"$f":"K316+H316","v":{"v":741.12,"d":"$741"}}]
[]
["COMPUTER ROOM AIR CONDITIONING UNIT"]
[1,"CRAC-1, Computer Room Air Conditioning Unit, \"LIEBERT\" MMD96E, 3750 Total Air Flow CFM, 36.6 FLA AMPS, 45.0 MOCP AMPS, 460 V, 3 PH, 60 HZ.\nCRACC-1, Computer Room Remote Condensing Unit, \"LIEBERT\" PFH096A, 460 V, 3 PH, 60 HZ, 30 MOCP AMPS, 18.1 FLA AMPS.",1,{"v":0,"d":"0%"},{"$f":"C319*(1+D319)","v":1},"EA",null,{"$f":"G319*E319","v":0},{"$f":"L$4","v":{"v":123.52,"d":"$124"}},{"$f":"E319*60","v":60},{"$f":"J319*I319","v":{"v":7411.2,"d":"$7,411"}},{"$f":"K319+H319","v":{"v":7411.2,"d":"$7,411"}}]
[2,"CRAC-2, Computer Room Air Conditioning Unit, \"LIEBERT\" MMD96E, 3750 Total Air Flow CFM, 36.6 FLA AMPS, 45.0 MOCP AMPS, 460 V, 3 PH, 60 HZ.\nCRACC-2, Computer Room Remote Condensing Unit, \"LIEBERT\" PFH096A, 460 V, 3 PH, 60 HZ, 30 MOCP AMPS, 18.1 FLA AMPS.",1,{"v":0,"d":"0%"},{"$f":"C320*(1+D320)","v":1},"EA",null,{"$f":"G320*E320","v":0},{"$f":"L$4","v":{"v":123.52,"d":"$124"}},{"$f":"E320*60","v":60},{"$f":"J320*I320","v":{"v":7411.2,"d":"$7,411"}},{"$f":"K320+H320","v":{"v":7411.2,"d":"$7,411"}}]
[]
["SPLIT SYSTEM AIR CONDITIONING UNIT"]
[1,"AC-1-1, Split System Air Conditioning Unit, TRANE / MITSUBISHI PKA-A24KA6, 775 Air Flow CFM, 208 V, 1 PH, 60 HZ, 1 MCA AMPS, 0.36 Fan FLA AMPS.",1,{"v":0,"d":"0%"},{"$f":"C323*(1+D323)","v":1},"EA",null,{"$f":"G323*E323","v":0},{"$f":"L$4","v":{"v":123.52,"d":"$124"}},{"$f":"E323*4","v":4},{"$f":"J323*I323","v":{"v":494.08,"d":"$494"}},{"$f":"K323+H323","v":{"v":494.08,"d":"$494"}}]
[2,"AC-1-2, Split System Air Conditioning Unit, TRANE / MITSUBISHI PKA-A24KA6, 775 Air Flow CFM, 208 V, 1 PH, 60 HZ, 1 MCA AMPS, 0.36 Fan FLA AMPS.",1,{"v":0,"d":"0%"},{"$f":"C324*(1+D324)","v":1},"EA",null,{"$f":"G324*E324","v":0},{"$f":"L$4","v":{"v":123.52,"d":"$124"}},{"$f":"E324*4","v":4},{"$f":"J324*I324","v":{"v":494.08,"d":"$494"}},{"$f":"K324+H324","v":{"v":494.08,"d":"$494"}}]
[3,"AC-1-3, Split System Air Conditioning Unit, TRANE / MITSUBISHI PKA-A24KA6, 775 Air Flow CFM, 208 V, 1 PH, 60 HZ, 1 MCA AMPS, 0.36 Fan FLA AMPS.",1,{"v":0,"d":"0%"},{"$f":"C325*(1+D325)","v":1},"EA",null,0,{"v":123.52,"d":"$124"},4,{"v":494.08,"d":"$494"},{"v":494.08,"d":"$494"}]
[4,"AC-1-4, Split System Air Conditioning Unit, TRANE / MITSUBISHI PKA-A24KA6, 775 Air Flow CFM, 208 V, 1 PH, 60 HZ, 1 MCA AMPS, 0.36 Fan FLA AMPS.",1,{"v":0,"d":"0%"},1,"EA",null,0,{"v":123.52,"d":"$124"},4,{"v":494.08,"d":"$494"},{"v":494.08,"d":"$494"}]
[5,"AC-2-1, Split System Air Conditioning Unit, TRANE / MITSUBISHI PKA-A12KA6, 425 Air Flow CFM, 208 V, 1 PH, 60 HZ, 1 MCA AMPS, 0.33 Fan FLA AMPS.",1,{"v":0,"d":"0%"},1,"EA",null,0,{"v":123.52,"d":"$124"},{"$f":"E327*3","v":3},{"v":370.56,"d":"$371"},{"v":370.56,"d":"$371"}]
[6,"AC-2-2, Split System Air Conditioning Unit, TRANE / MITSUBISHI PKA-A24KA6, 775 Air Flow CFM, 208 V, 1 PH, 60 HZ, 1 MCA AMPS, 0.36 Fan FLA AMPS.",1,{"v":0,"d":"0%"},1,"EA",null,0,{"v":123.52,"d":"$124"},4,{"v":494.08,"d":"$494"},{"v":494.08,"d":"$494"}]
[7,"AC-2-3, Split System Air Conditioning Unit, TRANE / MITSUBISHI PKA-A12KA6, 425 Air Flow CFM, 208 V, 1 PH, 60 HZ, 1 MCA AMPS, 0.33 Fan FLA AMPS.",1,{"v":0,"d":"0%"},1,"EA",null,0,{"v":123.52,"d":"$124"},{"$f":"E329*3","v":3},{"v":370.56,"d":"$371"},{"v":370.56,"d":"$371"}]
[8,"AC-2-4, Split System Air Conditioning Unit, TRANE / MITSUBISHI PKA-A24KA6, 775 Air Flow CFM, 208 V, 1 PH, 60 HZ, 1 MCA AMPS, 0.36 Fan FLA AMPS.",1,{"v":0,"d":"0%"},1,"EA",null,0,{"v":123.52,"d":"$124"},4,{"v":494.08,"d":"$494"},{"v":494.08,"d":"$494"}]
[9,"AC-3-1, Split System Air Conditioning Unit, TRANE / MITSUBISHI PKA-A36KA6, 920 Air Flow CFM, 208 V, 1 PH, 60 HZ, 1 MCA AMPS, 0.57 Fan FLA AMPS.",1,{"v":0,"d":"0%"},1,"EA",null,0,{"v":123.52,"d":"$124"},4,{"v":494.08,"d":"$494"},{"v":494.08,"d":"$494"}]
[10,"AC-3-2, Split System Air Conditioning Unit, TRANE / MITSUBISHI PKA-A36KA6, 920 Air Flow CFM, 208 V, 1 PH, 60 HZ, 1 MCA AMPS, 0.57 Fan FLA AMPS.",1,{"v":0,"d":"0%"},1,"EA",null,0,{"v":123.52,"d":"$124"},4,{"v":494.08,"d":"$494"},{"v":494.08,"d":"$494"}]
[]
["SPLIT SYSTEM CONDENSING UNIT"]
[1,"ACCU-1-1, TRANE/MITSUBISHI PUY-A24NHA6, 208 V, 1 PH, 60 HZ, 18 MCA AMPS.",1,{"v":0,"d":"0%"},{"$f":"C335*(1+D335)","v":1},"EA",null,{"$f":"G335*E335","v":0},{"$f":"L$4","v":{"v":123.52,"d":"$124"}},{"$f":"E335*6","v":6},{"$f":"J335*I335","v":{"v":741.12,"d":"$741"}},{"$f":"K335+H335","v":{"v":741.12,"d":"$741"}}]
[2,"ACCU-1-2, TRANE/MITSUBISHI PUY-A24NHA6, 208 V, 1 PH, 60 HZ, 18 MCA AMPS.",1,{"v":0,"d":"0%"},{"$f":"C336*(1+D336)","v":1},"EA",null,{"$f":"G336*E336","v":0},{"$f":"L$4","v":{"v":123.52,"d":"$124"}},{"$f":"E336*6","v":6},{"$f":"J336*I336","v":{"v":741.12,"d":"$741"}},{"$f":"K336+H336","v":{"v":741.12,"d":"$741"}}]
[3,"ACCU-1-3, TRANE/MITSUBISHI PUY-A24NHA6, 208 V, 1 PH, 60 HZ, 18 MCA AMPS.",1,{"v":0,"d":"0%"},{"$f":"C337*(1+D337)","v":1},"EA",null,0,{"v":123.52,"d":"$124"},6,{"v":741.12,"d":"$741"},{"v":741.12,"d":"$741"}]
[4,"ACCU-1-4, TRANE/MITSUBISHI PUY-A24NHA6, 208 V, 1 PH, 60 HZ, 18 MCA AMPS.",1,{"v":0,"d":"0%"},1,"EA",null,0,{"v":123.52,"d":"$124"},6,{"v":741.12,"d":"$741"},{"v":741.12,"d":"$741"}]
[5,"ACCU-2-1, TRANE/MITSUBISHI PUY-A12NHA6, 208 V, 1 PH, 60 HZ, 13 MCA AMPS.",1,{"v":0,"d":"0%"},1,"EA",null,0,{"v":123.52,"d":"$124"},{"$f":"E339*5","v":5},{"v":617.6,"d":"$618"},{"v":617.6,"d":"$618"}]
[6,"ACCU-2-2, TRANE/MITSUBISHI PUY-A24NHA6, 208 V, 1 PH, 60 HZ, 18 MCA AMPS.",1,{"v":0,"d":"0%"},1,"EA",null,0,{"v":123.52,"d":"$124"},6,{"v":741.12,"d":"$741"},{"v":741.12,"d":"$741"}]
[7,"ACCU-2-3, TRANE/MITSUBISHI PUY-A12NHA6, 208 V, 1 PH, 60 HZ, 13 MCA AMPS.",1,{"v":0,"d":"0%"},1,"EA",null,0,{"v":123.52,"d":"$124"},{"$f":"E341*5","v":5},{"v":617.6,"d":"$618"},{"v":617.6,"d":"$618"}]
[8,"ACCU-2-4, TRANE/MITSUBISHI PUY-A24NHA6, 208 V, 1 PH, 60 HZ, 18 MCA AMPS.",1,{"v":0,"d":"0%"},1,"EA",null,0,{"v":123.52,"d":"$124"},6,{"v":741.12,"d":"$741"},{"v":741.12,"d":"$741"}]
[9,"ACCU-3-1, TRANE/MITSUBISHI PUY-A36NHA6, 208 V, 1 PH, 60 HZ, 25 MCA AMPS.",1,{"v":0,"d":"0%"},1,"EA",null,0,{"v":123.52,"d":"$124"},6,{"v":741.12,"d":"$741"},{"v":741.12,"d":"$741"}]
[10,"ACCU-3-2, TRANE/MITSUBISHI PUY-A36NHA6, 208 V, 1 PH, 60 HZ, 25 MCA AMPS.",1,{"v":0,"d":"0%"},1,"EA",null,0,{"v":123.52,"d":"$124"},6,{"v":741.12,"d":"$741"},{"v":741.12,"d":"$741"}]
[]
["SPLIT SYSTEM HEAT PUMP UNIT"]
[1,"HP-1-1, Split System Heat Pump Unit, TRANE /MITSUBISHI PEFY-P24NMAU-E, 670 Air Flow CFM, 208 V, 1 PH, 60 HZ, 2.25 MCA AMPS, 2.18 Fan FLA AMPS.",1,{"v":0,"d":"0%"},{"$f":"C347*(1+D347)","v":1},"EA",null,{"$f":"G347*E347","v":0},{"$f":"L$4","v":{"v":123.52,"d":"$124"}},{"$f":"E347*4","v":4},{"$f":"J347*I347","v":{"v":494.08,"d":"$494"}},{"$f":"K347+H347","v":{"v":494.08,"d":"$494"}}]
[2,"HP-1-2, Split System Heat Pump Unit, TRANE /MITSUBISHI PEFY-P24NMAU-E, 670 Air Flow CFM, 208 V, 1 PH, 60 HZ, 2.25 MCA AMPS, 2.18 Fan FLA AMPS.",1,{"v":0,"d":"0%"},1,"EA",null,{"$f":"G348*E348","v":0},{"$f":"L$4","v":{"v":123.52,"d":"$124"}},{"$f":"E348*4","v":4},{"$f":"J348*I348","v":{"v":494.08,"d":"$494"}},{"$f":"K348+H348","v":{"v":494.08,"d":"$494"}}]
[3,"HP-3-1, Split System Heat Pump Unit, TRANE /MITSUBISHI PKA-A12KA7, 425 Air Flow CFM, 208 V, 1 PH, 60 HZ, 1 MCA AMPS, 0.33 Fan FLA AMPS.",1,{"v":0,"d":"0%"},1,"EA",null,0,{"v":123.52,"d":"$124"},{"$f":"E349*3","v":3},{"v":370.56,"d":"$371"},{"v":370.56,"d":"$371"}]
[4,"HP-3-2, Split System Heat Pump Unit, TRANE /MITSUBISHI PKA-A12KA7, 425 Air Flow CFM, 208 V, 1 PH, 61 HZ, 1 MCA AMPS, 0.33 Fan FLA AMPS.",1,{"v":0,"d":"0%"},1,"EA",null,0,{"v":123.52,"d":"$124"},{"$f":"E350*3","v":3},{"v":370.56,"d":"$371"},{"v":370.56,"d":"$371"}]
[5,"HP-4-1, Split System Heat Pump Unit, TRANE /MITSUBISHI PKA-A24KA7, 425 Air Flow CFM, 208 V, 1 PH, 60 HZ, 1 MCA AMPS, 0.36 Fan FLA AMPS.",1,{"v":0,"d":"0%"},1,"EA",null,0,{"v":123.52,"d":"$124"},4,{"v":494.08,"d":"$494"},{"v":494.08,"d":"$494"}]
[]
["SPLIT SYSTEM HEAT PUMP CONDENSING UNIT"]
[1,"HPCU-1-1, Heat Pump Condensing Unit, TRANE / MITSUBISHI PUMY-P36NKMU2, 208 V, 1 PH, 60 HZ, 29 MCA AMPS.",1,{"v":0,"d":"0%"},{"$f":"C354*(1+D354)","v":1},"EA",null,{"$f":"G354*E354","v":0},{"$f":"L$4","v":{"v":123.52,"d":"$124"}},{"$f":"E354*6","v":6},{"$f":"J354*I354","v":{"v":741.12,"d":"$741"}},{"$f":"K354+H354","v":{"v":741.12,"d":"$741"}}]
[2,"HPCU-1-2, Heat Pump Condensing Unit, TRANE / MITSUBISHI PUMY-P36NKMU2, 208 V, 1 PH, 60 HZ, 29 MCA AMPS.",1,{"v":0,"d":"0%"},1,"EA",null,{"$f":"G355*E355","v":0},{"$f":"L$4","v":{"v":123.52,"d":"$124"}},{"$f":"E355*6","v":6},{"$f":"J355*I355","v":{"v":741.12,"d":"$741"}},{"$f":"K355+H355","v":{"v":741.12,"d":"$741"}}]
[3,"HPCU-3-1, Heat Pump Condensing Unit, TRANE / MITSUBISHI PUZ-A12NHA7, 208 V, 1 PH, 60 HZ, 11 MCA AMPS.",1,{"v":0,"d":"0%"},1,"EA",null,0,{"v":123.52,"d":"$124"},{"$f":"E356*5","v":5},{"v":617.6,"d":"$618"},{"v":617.6,"d":"$618"}]
[4,"HPCU-3-2, Heat Pump Condensing Unit, TRANE / MITSUBISHI PUZ-A12NHA7, 208 V, 1 PH, 60 HZ, 11 MCA AMPS.",1,{"v":0,"d":"0%"},1,"EA",null,0,{"v":123.52,"d":"$124"},{"$f":"E357*5","v":5},{"v":617.6,"d":"$618"},{"v":617.6,"d":"$618"}]
[5,"HPCU-4-1, Heat Pump Condensing Unit, TRANE / MITSUBISHI PUZ-A24NHA7, 208 V, 1 PH, 60 HZ, 19 MCA AMPS.",1,{"v":0,"d":"0%"},1,"EA",null,0,{"v":123.52,"d":"$124"},6,{"v":741.12,"d":"$741"},{"v":741.12,"d":"$741"}]
[]
["VARIABLE AIR VOLUME UNIT"]
[1,"VAV-1-1, Variable Air Volume Unit, \"TRANE\" VCWF, 470 Air Flow CFM, 115 V, 1 PH, 60 HZ.\n1. VAV Unit Manufacturer To Provide Disconnect Switch NEMA 12, 120/24V Transformer, And Control Panel.",1,{"v":0,"d":"0%"},{"$f":"C361*(1+D361)","v":1},"EA",null,{"$f":"G361*E361","v":0},{"$f":"L$4","v":{"v":123.52,"d":"$124"}},{"$f":"E361*2.9","v":{"v":2.9,"d":"3"}},{"$f":"J361*I361","v":{"v":358.20799999999997,"d":"$358"}},{"$f":"K361+H361","v":{"v":358.20799999999997,"d":"$358"}}]
[2,"VAV-1-1, Variable Air Volume Unit, \"TRANE\" VCWF, 470 Air Flow CFM, 115 V, 1 PH, 60 HZ.\n1. VAV Unit Manufacturer To Provide Disconnect Switch NEMA 12, 120/24V Transformer, And Control Panel.",1,{"v":0,"d":"0%"},1,"EA",null,0,{"v":123.52,"d":"$124"},{"$f":"E362*4","v":4},{"v":494.08,"d":"$494"},{"v":494.08,"d":"$494"}]
[3,"VAV-1-3, Variable Air Volume Unit, \"TRANE\" VCWF, 930 Air Flow CFM, 115 V, 1 PH, 60 HZ.\n1. VAV Unit Manufacturer To Provide Disconnect Switch NEMA 12, 120/24V Transformer, And Control Panel.",1,{"v":0,"d":"0%"},1,"EA",null,0,{"v":123.52,"d":"$124"},4,{"v":494.08,"d":"$494"},{"v":494.08,"d":"$494"}]
[4,"VAV-1-4, Variable Air Volume Unit, \"TRANE\" VCWF, 480 Air Flow CFM, 115 V, 1 PH, 60 HZ.\n1. VAV Unit Manufacturer To Provide Disconnect Switch NEMA 12, 120/24V Transformer, And Control Panel.",1,{"v":0,"d":"0%"},1,"EA",null,{"$f":"G364*E364","v":0},{"$f":"L$4","v":{"v":123.52,"d":"$124"}},{"$f":"E364*2.9","v":{"v":2.9,"d":"3"}},{"$f":"J364*I364","v":{"v":358.20799999999997,"d":"$358"}},{"$f":"K364+H364","v":{"v":358.20799999999997,"d":"$358"}}]
[5,"VAV-1-5, Variable Air Volume Unit, \"TRANE\" VCWF, 640 Air Flow CFM, 115 V, 1 PH, 60 HZ.\n1. VAV Unit Manufacturer To Provide Disconnect Switch NEMA 12, 120/24V Transformer, And Control Panel.",1,{"v":0,"d":"0%"},1,"EA",null,0,{"v":123.52,"d":"$124"},{"$f":"E365*3.3","v":{"v":3.3,"d":"3"}},{"v":407.616,"d":"$408"},{"v":407.616,"d":"$408"}]
[6,"VAV-1-6, Variable Air Volume Unit, \"TRANE\" VCWF, 825 Air Flow CFM, 115 V, 1 PH, 60 HZ.\n1. VAV Unit Manufacturer To Provide Disconnect Switch NEMA 12, 120/24V Transformer, And Control Panel.",1,{"v":0,"d":"0%"},1,"EA",null,0,{"v":123.52,"d":"$124"},{"$f":"E366*4","v":4},{"v":494.08,"d":"$494"},{"v":494.08,"d":"$494"}]
[7,"VAV-1-7, Variable Air Volume Unit, \"TRANE\" VCWF, 750 Air Flow CFM, 115 V, 1 PH, 60 HZ.\n1. VAV Unit Manufacturer To Provide Disconnect Switch NEMA 12, 120/24V Transformer, And Control Panel.",1,{"v":0,"d":"0%"},1,"EA",null,{"$f":"G367*E367","v":0},{"$f":"L$4","v":{"v":123.52,"d":"$124"}},{"$f":"E367*3.3","v":{"v":3.3,"d":"3"}},{"$f":"J367*I367","v":{"v":407.616,"d":"$408"}},{"$f":"K367+H367","v":{"v":407.616,"d":"$408"}}]
[8,"VAV-1-8, Variable Air Volume Unit, \"TRANE\" VCWF, 320 Air Flow CFM, 115 V, 1 PH, 60 HZ.\n1. VAV Unit Manufacturer To Provide Disconnect Switch NEMA 12, 120/24V Transformer, And Control Panel.",1,{"v":0,"d":"0%"},1,"EA",null,0,{"v":123.52,"d":"$124"},{"$f":"E368*2","v":2},{"v":247.04,"d":"$247"},{"v":247.04,"d":"$247"}]
[9,"VAV-1-9, Variable Air Volume Unit, \"TRANE\" VCWF, 220 Air Flow CFM, 115 V, 1 PH, 60 HZ.\n1. VAV Unit Manufacturer To Provide Disconnect Switch NEMA 12, 120/24V Transformer, And Control Panel.",1,{"v":0,"d":"0%"},1,"EA",null,0,{"v":123.52,"d":"$124"},{"$f":"E369*2","v":2},{"v":247.04,"d":"$247"},{"v":247.04,"d":"$247"}]
[10,"VAV-1-10, Variable Air Volume Unit, \"TRANE\" VCWF, 370 Air Flow CFM, 115 V, 1 PH, 60 HZ.\n1. VAV Unit Manufacturer To Provide Disconnect Switch NEMA 12, 120/24V Transformer, And Control Panel.",1,{"v":0,"d":"0%"},1,"EA",null,0,{"v":123.52,"d":"$124"},{"$f":"E370*2","v":2},{"v":247.04,"d":"$247"},{"v":247.04,"d":"$247"}]
[11,"VAV-1-11, Variable Air Volume Unit, \"TRANE\" VCWF, 370 Air Flow CFM, 115 V, 1 PH, 60 HZ.\n1. VAV Unit Manufacturer To Provide Disconnect Switch NEMA 12, 120/24V Transformer, And Control Panel.",1,{"v":0,"d":"0%"},1,"EA",null,0,{"v":123.52,"d":"$124"},{"$f":"E371*2","v":2},{"v":247.04,"d":"$247"},{"v":247.04,"d":"$247"}]
[12,"VAV-1-12, Variable Air Volume Unit, \"TRANE\" VCWF, 425 Air Flow CFM, 115 V, 1 PH, 60 HZ.\n1. VAV Unit Manufacturer To Provide Disconnect Switch NEMA 12, 120/24V Transformer, And Control Panel.",1,{"v":0,"d":"0%"},1,"EA",null,0,{"v":123.52,"d":"$124"},{"$f":"E372*2.9","v":{"v":2.9,"d":"3"}},{"v":358.20799999999997,"d":"$358"},{"v":358.20799999999997,"d":"$358"}]
[13,"VAV-1-13, Variable Air Volume Unit, \"TRANE\" VCWF, 1300 Air Flow CFM, 115 V, 1 PH, 60 HZ.\n1. VAV Unit Manufacturer To Provide Disconnect Switch NEMA 12, 120/24V Transformer, And Control Panel.",1,{"v":0,"d":"0%"},1,"EA",null,0,{"v":123.52,"d":"$124"},{"$f":"E373*4.5","v":{"v":4.5,"d":"5"}},{"v":555.84,"d":"$556"},{"v":555.84,"d":"$556"}]
[14,"VAV-1-14, Variable Air Volume Unit, \"TRANE\" VCWF, 580 Air Flow CFM, 115 V, 1 PH, 60 HZ.\n1. VAV Unit Manufacturer To Provide Disconnect Switch NEMA 12, 120/24V Transformer, And Control Panel.",1,{"v":0,"d":"0%"},1,"EA",null,0,{"v":123.52,"d":"$124"},{"$f":"E374*2.9","v":{"v":2.9,"d":"3"}},{"v":358.20799999999997,"d":"$358"},{"v":358.20799999999997,"d":"$358"}]
[15,"VAV-1-15, Variable Air Volume Unit, \"TRANE\" VCWF, 535 Air Flow CFM, 115 V, 1 PH, 60 HZ.\n1. VAV Unit Manufacturer To Provide Disconnect Switch NEMA 12, 120/24V Transformer, And Control Panel.",1,{"v":0,"d":"0%"},1,"EA",null,0,{"v":123.52,"d":"$124"},{"$f":"E375*2.9","v":{"v":2.9,"d":"3"}},{"v":358.20799999999997,"d":"$358"},{"v":358.20799999999997,"d":"$358"}]
[16,"VAV-1-16, Variable Air Volume Unit, \"TRANE\" VCWF, 1050 Air Flow CFM, 115 V, 1 PH, 60 HZ.\n1. VAV Unit Manufacturer To Provide Disconnect Switch NEMA 12, 120/24V Transformer, And Control Panel.",1,{"v":0,"d":"0%"},1,"EA",null,{"$f":"G376*E376","v":0},{"$f":"L$4","v":{"v":123.52,"d":"$124"}},{"$f":"E376*4.5","v":{"v":4.5,"d":"5"}},{"$f":"J376*I376","v":{"v":555.84,"d":"$556"}},{"$f":"K376+H376","v":{"v":555.84,"d":"$556"}}]
[17,"VAV-1-17, Variable Air Volume Unit, \"TRANE\" VCWF, 1000 Air Flow CFM, 115 V, 1 PH, 60 HZ.\n1. VAV Unit Manufacturer To Provide Disconnect Switch NEMA 12, 120/24V Transformer, And Control Panel.",1,{"v":0,"d":"0%"},1,"EA",null,0,{"v":123.52,"d":"$124"},{"$f":"E377*4","v":4},{"v":494.08,"d":"$494"},{"v":494.08,"d":"$494"}]
[18,"VAV-1-18, Variable Air Volume Unit, \"TRANE\" VCWF, 980 Air Flow CFM, 115 V, 1 PH, 60 HZ.\n1. VAV Unit Manufacturer To Provide Disconnect Switch NEMA 12, 120/24V Transformer, And Control Panel.",1,{"v":0,"d":"0%"},1,"EA",null,{"$f":"G378*E378","v":0},{"$f":"L$4","v":{"v":123.52,"d":"$124"}},{"$f":"E378*4","v":4},{"$f":"J378*I378","v":{"v":494.08,"d":"$494"}},{"$f":"K378+H378","v":{"v":494.08,"d":"$494"}}]
[19,"VAV-1-19, Variable Air Volume Unit, \"TRANE\" VCWF, 1520 Air Flow CFM, 115 V, 1 PH, 60 HZ.\n1. VAV Unit Manufacturer To Provide Disconnect Switch NEMA 12, 120/24V Transformer, And Control Panel.",1,{"v":0,"d":"0%"},1,"EA",null,{"$f":"G379*E379","v":0},{"$f":"L$4","v":{"v":123.52,"d":"$124"}},{"$f":"E379*4.5","v":{"v":4.5,"d":"5"}},{"$f":"J379*I379","v":{"v":555.84,"d":"$556"}},{"$f":"K379+H379","v":{"v":555.84,"d":"$556"}}]
[20,"VAV-1-20, Variable Air Volume Unit, \"TRANE\" VCWF, 365 Air Flow CFM, 115 V, 1 PH, 60 HZ.\n1. VAV Unit Manufacturer To Provide Disconnect Switch NEMA 12, 120/24V Transformer, And Control Panel.",1,{"v":0,"d":"0%"},1,"EA",null,0,{"v":123.52,"d":"$124"},{"$f":"E380*2","v":2},{"v":247.04,"d":"$247"},{"v":247.04,"d":"$247"}]
[21,"VAV-1-21, Variable Air Volume Unit, \"TRANE\" VCWF, 1225 Air Flow CFM, 115 V, 1 PH, 60 HZ.\n1. VAV Unit Manufacturer To Provide Disconnect Switch NEMA 12, 120/24V Transformer, And Control Panel.",1,{"v":0,"d":"0%"},1,"EA",null,{"$f":"G381*E381","v":0},{"$f":"L$4","v":{"v":123.52,"d":"$124"}},{"$f":"E381*3.3","v":{"v":3.3,"d":"3"}},{"$f":"J381*I381","v":{"v":407.616,"d":"$408"}},{"$f":"K381+H381","v":{"v":407.616,"d":"$408"}}]
[22,"VAV-1-22, Variable Air Volume Unit, \"TRANE\" VCWF, 670 Air Flow CFM, 115 V, 1 PH, 60 HZ.\n1. VAV Unit Manufacturer To Provide Disconnect Switch NEMA 12, 120/24V Transformer, And Control Panel.",1,{"v":0,"d":"0%"},1,"EA",null,0,{"v":123.52,"d":"$124"},{"$f":"E382*3.3","v":{"v":3.3,"d":"3"}},{"v":407.616,"d":"$408"},{"v":407.616,"d":"$408"}]
[23,"VAV-1-23, Variable Air Volume Unit, \"TRANE\" VCWF, 960 Air Flow CFM, 115 V, 1 PH, 60 HZ.\n1. VAV Unit Manufacturer To Provide Disconnect Switch NEMA 12, 120/24V Transformer, And Control Panel.",1,{"v":0,"d":"0%"},1,"EA",null,0,{"v":123.52,"d":"$124"},{"$f":"E383*4","v":4},{"v":494.08,"d":"$494"},{"v":494.08,"d":"$494"}]
[24,"VAV-1-24, Variable Air Volume Unit, \"TRANE\" VCWF, 720 Air Flow CFM, 115 V, 1 PH, 60 HZ.\n1. VAV Unit Manufacturer To Provide Disconnect Switch NEMA 12, 120/24V Transformer, And Control Panel.",1,{"v":0,"d":"0%"},1,"EA",null,{"$f":"G384*E384","v":0},{"$f":"L$4","v":{"v":123.52,"d":"$124"}},{"$f":"E384*3.3","v":{"v":3.3,"d":"3"}},{"$f":"J384*I384","v":{"v":407.616,"d":"$408"}},{"$f":"K384+H384","v":{"v":407.616,"d":"$408"}}]
[25,"VAV-1-25, Variable Air Volume Unit, \"TRANE\" VCWF, 630 Air Flow CFM, 115 V, 1 PH, 60 HZ.\n1. VAV Unit Manufacturer To Provide Disconnect Switch NEMA 12, 120/24V Transformer, And Control Panel.",1,{"v":0,"d":"0%"},1,"EA",null,0,{"v":123.52,"d":"$124"},{"$f":"E385*3.3","v":{"v":3.3,"d":"3"}},{"v":407.616,"d":"$408"},{"v":407.616,"d":"$408"}]
[26,"VAV-1-26, Variable Air Volume Unit, \"TRANE\" VCWF, 630 Air Flow CFM, 115 V, 1 PH, 60 HZ.\n1. VAV Unit Manufacturer To Provide Disconnect Switch NEMA 12, 120/24V Transformer, And Control Panel.",1,{"v":0,"d":"0%"},1,"EA",null,0,{"v":123.52,"d":"$124"},{"$f":"E386*3.3","v":{"v":3.3,"d":"3"}},{"v":407.616,"d":"$408"},{"v":407.616,"d":"$408"}]
[27,"VAV-1-27, Variable Air Volume Unit, \"TRANE\" VCWF, 470 Air Flow CFM, 115 V, 1 PH, 60 HZ.\n1. VAV Unit Manufacturer To Provide Disconnect Switch NEMA 12, 120/24V Transformer, And Control Panel.",1,{"v":0,"d":"0%"},1,"EA",null,0,{"v":123.52,"d":"$124"},{"$f":"E387*2.9","v":{"v":2.9,"d":"3"}},{"v":358.20799999999997,"d":"$358"},{"v":358.20799999999997,"d":"$358"}]
[28,"VAV-1-28, Variable Air Volume Unit, \"TRANE\" VCWF, 625 Air Flow CFM, 115 V, 1 PH, 60 HZ.\n1. VAV Unit Manufacturer To Provide Disconnect Switch NEMA 12, 120/24V Transformer, And Control Panel.",1,{"v":0,"d":"0%"},1,"EA",null,{"$f":"G388*E388","v":0},{"$f":"L$4","v":{"v":123.52,"d":"$124"}},{"$f":"E388*3.3","v":{"v":3.3,"d":"3"}},{"$f":"J388*I388","v":{"v":407.616,"d":"$408"}},{"$f":"K388+H388","v":{"v":407.616,"d":"$408"}}]
[29,"VAV-1-29, Variable Air Volume Unit, \"TRANE\" VCWF, 1250 Air Flow CFM, 115 V, 1 PH, 60 HZ.\n1. VAV Unit Manufacturer To Provide Disconnect Switch NEMA 12, 120/24V Transformer, And Control Panel.",1,{"v":0,"d":"0%"},1,"EA",null,0,{"v":123.52,"d":"$124"},{"$f":"E389*4.5","v":{"v":4.5,"d":"5"}},{"v":555.84,"d":"$556"},{"v":555.84,"d":"$556"}]
[30,"VAV-1-30, Variable Air Volume Unit, \"TRANE\" VCWF, 835 Air Flow CFM, 115 V, 1 PH, 60 HZ.\n1. VAV Unit Manufacturer To Provide Disconnect Switch NEMA 12, 120/24V Transformer, And Control Panel.",1,{"v":0,"d":"0%"},1,"EA",null,0,{"v":123.52,"d":"$124"},{"$f":"E390*4","v":4},{"v":494.08,"d":"$494"},{"v":494.08,"d":"$494"}]
[31,"VAV-1-31, Variable Air Volume Unit, \"TRANE\" VCWF, 1525 Air Flow CFM, 115 V, 1 PH, 60 HZ.\n1. VAV Unit Manufacturer To Provide Disconnect Switch NEMA 12, 120/24V Transformer, And Control Panel.",1,{"v":0,"d":"0%"},1,"EA",null,0,{"v":123.52,"d":"$124"},{"$f":"E391*4.5","v":{"v":4.5,"d":"5"}},{"v":555.84,"d":"$556"},{"v":555.84,"d":"$556"}]
[32,"VAV-1-32, Variable Air Volume Unit, \"TRANE\" VCWF, 1740 Air Flow CFM, 115 V, 1 PH, 60 HZ.\n1. VAV Unit Manufacturer To Provide Disconnect Switch NEMA 12, 120/24V Transformer, And Control Panel.",1,{"v":0,"d":"0%"},1,"EA",null,0,{"v":123.52,"d":"$124"},{"$f":"E392*5","v":5},{"v":617.6,"d":"$618"},{"v":617.6,"d":"$618"}]
[33,"VAV-1-33, Variable Air Volume Unit, \"TRANE\" VCWF, 1000 Air Flow CFM, 115 V, 1 PH, 60 HZ.\n1. VAV Unit Manufacturer To Provide Disconnect Switch NEMA 12, 120/24V Transformer, And Control Panel.",1,{"v":0,"d":"0%"},1,"EA",null,0,{"v":123.52,"d":"$124"},{"$f":"E393*4.5","v":{"v":4.5,"d":"5"}},{"v":555.84,"d":"$556"},{"v":555.84,"d":"$556"}]
[34,"VAV-1-34, Variable Air Volume Unit, \"TRANE\" VCWF, 1045 Air Flow CFM, 115 V, 1 PH, 60 HZ.\n1. VAV Unit Manufacturer To Provide Disconnect Switch NEMA 12, 120/24V Transformer, And Control Panel.",1,{"v":0,"d":"0%"},1,"EA",null,0,{"v":123.52,"d":"$124"},{"v":4.5,"d":"5"},{"v":555.84,"d":"$556"},{"v":555.84,"d":"$556"}]
[35,"VAV-1-35, Variable Air Volume Unit, \"TRANE\" VCWF, 1600 Air Flow CFM, 115 V, 1 PH, 60 HZ.\n1. VAV Unit Manufacturer To Provide Disconnect Switch NEMA 12, 120/24V Transformer, And Control Panel.",1,{"v":0,"d":"0%"},1,"EA",null,0,{"v":123.52,"d":"$124"},{"$f":"E395*5","v":5},{"v":617.6,"d":"$618"},{"v":617.6,"d":"$618"}]
[36,"VAV-1-36, Variable Air Volume Unit, \"TRANE\" VCWF, 985 Air Flow CFM, 115 V, 1 PH, 60 HZ.\n1. VAV Unit Manufacturer To Provide Disconnect Switch NEMA 12, 120/24V Transformer, And Control Panel.",1,{"v":0,"d":"0%"},1,"EA",null,0,{"v":123.52,"d":"$124"},{"$f":"E396*4","v":4},{"v":494.08,"d":"$494"},{"v":494.08,"d":"$494"}]
[37,"VAV-1-37, Variable Air Volume Unit, \"TRANE\" VCWF, 195 Air Flow CFM, 115 V, 1 PH, 60 HZ.\n1. VAV Unit Manufacturer To Provide Disconnect Switch NEMA 12, 120/24V Transformer, And Control Panel.",1,{"v":0,"d":"0%"},1,"EA",null,0,{"v":123.52,"d":"$124"},{"$f":"E397*2","v":2},{"v":247.04,"d":"$247"},{"v":247.04,"d":"$247"}]
[38,"VAV-1-38, Variable Air Volume Unit, \"TRANE\" VCWF, 250 Air Flow CFM, 115 V, 1 PH, 60 HZ.\n1. VAV Unit Manufacturer To Provide Disconnect Switch NEMA 12, 120/24V Transformer, And Control Panel.",1,{"v":0,"d":"0%"},1,"EA",null,0,{"v":123.52,"d":"$124"},2,{"v":247.04,"d":"$247"},{"v":247.04,"d":"$247"}]
[39,"VAV-2-1, Variable Air Volume Unit, \"TRANE\" VCWF, 580 Air Flow CFM, 115 V, 1 PH, 60 HZ.\n1. VAV Unit Manufacturer To Provide Disconnect Switch NEMA 12, 120/24V Transformer, And Control Panel.",1,{"v":0,"d":"0%"},1,"EA",null,0,{"v":123.52,"d":"$124"},{"$f":"E399*3.3","v":{"v":3.3,"d":"3"}},{"v":407.616,"d":"$408"},{"v":407.616,"d":"$408"}]
[40,"VAV-2-2, Variable Air Volume Unit, \"TRANE\" VCWF, 1000 Air Flow CFM, 115 V, 1 PH, 60 HZ.\n1. VAV Unit Manufacturer To Provide Disconnect Switch NEMA 12, 120/24V Transformer, And Control Panel.",1,{"v":0,"d":"0%"},1,"EA",null,0,{"v":123.52,"d":"$124"},{"$f":"E400*4","v":4},{"v":494.08,"d":"$494"},{"v":494.08,"d":"$494"}]
[41,"VAV-2-3, Variable Air Volume Unit, \"TRANE\" VCWF, 1000 Air Flow CFM, 115 V, 1 PH, 60 HZ.\n1. VAV Unit Manufacturer To Provide Disconnect Switch NEMA 12, 120/24V Transformer, And Control Panel.",1,{"v":0,"d":"0%"},1,"EA",null,0,{"v":123.52,"d":"$124"},4,{"v":494.08,"d":"$494"},{"v":494.08,"d":"$494"}]
[42,"VAV-2-4, Variable Air Volume Unit, \"TRANE\" VCWF, 1025 Air Flow CFM, 115 V, 1 PH, 60 HZ.\n1. VAV Unit Manufacturer To Provide Disconnect Switch NEMA 12, 120/24V Transformer, And Control Panel.",1,{"v":0,"d":"0%"},1,"EA",null,0,{"v":123.52,"d":"$124"},{"$f":"E402*4.5","v":{"v":4.5,"d":"5"}},{"v":555.84,"d":"$556"},{"v":555.84,"d":"$556"}]
[43,"VAV-2-5, Variable Air Volume Unit, \"TRANE\" VCWF, 1200 Air Flow CFM, 115 V, 1 PH, 60 HZ.\n1. VAV Unit Manufacturer To Provide Disconnect Switch NEMA 12, 120/24V Transformer, And Control Panel.",1,{"v":0,"d":"0%"},1,"EA",null,0,{"v":123.52,"d":"$124"},{"v":4.5,"d":"5"},{"v":555.84,"d":"$556"},{"v":555.84,"d":"$556"}]
[44,"VAV-2-6, Variable Air Volume Unit, \"TRANE\" VCWF, 1200 Air Flow CFM, 115 V, 1 PH, 60 HZ.\n1. VAV Unit Manufacturer To Provide Disconnect Switch NEMA 12, 120/24V Transformer, And Control Panel.",1,{"v":0,"d":"0%"},1,"EA",null,0,{"v":123.52,"d":"$124"},{"v":4.5,"d":"5"},{"v":555.84,"d":"$556"},{"v":555.84,"d":"$556"}]
[45,"VAV-2-7, Variable Air Volume Unit, \"TRANE\" VCWF, 1110 Air Flow CFM, 115 V, 1 PH, 60 HZ.\n1. VAV Unit Manufacturer To Provide Disconnect Switch NEMA 12, 120/24V Transformer, And Control Panel.",1,{"v":0,"d":"0%"},1,"EA",null,0,{"v":123.52,"d":"$124"},{"v":4.5,"d":"5"},{"v":555.84,"d":"$556"},{"v":555.84,"d":"$556"}]
[46,"VAV-2-8, Variable Air Volume Unit, \"TRANE\" VCWF, 870 Air Flow CFM, 115 V, 1 PH, 60 HZ.\n1. VAV Unit Manufacturer To Provide Disconnect Switch NEMA 12, 120/24V Transformer, And Control Panel.",1,{"v":0,"d":"0%"},1,"EA",null,0,{"v":123.52,"d":"$124"},{"$f":"E406*4","v":4},{"v":494.08,"d":"$494"},{"v":494.08,"d":"$494"}]
[47,"VAV-2-9, Variable Air Volume Unit, \"TRANE\" VCWF, 780 Air Flow CFM, 115 V, 1 PH, 60 HZ.\n1. VAV Unit Manufacturer To Provide Disconnect Switch NEMA 12, 120/24V Transformer, And Control Panel.",1,{"v":0,"d":"0%"},1,"EA",null,{"$f":"G407*E407","v":0},{"$f":"L$4","v":{"v":123.52,"d":"$124"}},{"$f":"E407*3.3","v":{"v":3.3,"d":"3"}},{"$f":"J407*I407","v":{"v":407.616,"d":"$408"}},{"$f":"K407+H407","v":{"v":407.616,"d":"$408"}}]
[48,"VAV-2-10, Variable Air Volume Unit, \"TRANE\" VCWF, 780 Air Flow CFM, 115 V, 1 PH, 60 HZ.\n1. VAV Unit Manufacturer To Provide Disconnect Switch NEMA 12, 120/24V Transformer, And Control Panel.",1,{"v":0,"d":"0%"},1,"EA",null,0,{"v":123.52,"d":"$124"},{"$f":"E408*3.3","v":{"v":3.3,"d":"3"}},{"v":407.616,"d":"$408"},{"v":407.616,"d":"$408"}]
[49,"VAV-2-11, Variable Air Volume Unit, \"TRANE\" VCWF, 1450 Air Flow CFM, 115 V, 1 PH, 60 HZ.\n1. VAV Unit Manufacturer To Provide Disconnect Switch NEMA 12, 120/24V Transformer, And Control Panel.",1,{"v":0,"d":"0%"},1,"EA",null,0,{"v":123.52,"d":"$124"},{"$f":"E409*4.5","v":{"v":4.5,"d":"5"}},{"v":555.84,"d":"$556"},{"v":555.84,"d":"$556"}]
[50,"VAV-2-12, Variable Air Volume Unit, \"TRANE\" VCWF, 1450 Air Flow CFM, 115 V, 1 PH, 60 HZ.\n1. VAV Unit Manufacturer To Provide Disconnect Switch NEMA 12, 120/24V Transformer, And Control Panel.",1,{"v":0,"d":"0%"},1,"EA",null,0,{"v":123.52,"d":"$124"},{"v":4.5,"d":"5"},{"v":555.84,"d":"$556"},{"v":555.84,"d":"$556"}]
[51,"VAV-2-13, Variable Air Volume Unit, \"TRANE\" VCWF, 1380 Air Flow CFM, 115 V, 1 PH, 60 HZ.\n1. VAV Unit Manufacturer To Provide Disconnect Switch NEMA 12, 120/24V Transformer, And Control Panel.",1,{"v":0,"d":"0%"},1,"EA",null,0,{"v":123.52,"d":"$124"},{"v":4.5,"d":"5"},{"v":555.84,"d":"$556"},{"v":555.84,"d":"$556"}]
[52,"VAV-2-14, Variable Air Volume Unit, \"TRANE\" VCWF, 570 Air Flow CFM, 115 V, 1 PH, 60 HZ.\n1. VAV Unit Manufacturer To Provide Disconnect Switch NEMA 12, 120/24V Transformer, And Control Panel.",1,{"v":0,"d":"0%"},1,"EA",null,{"$f":"G412*E412","v":0},{"$f":"L$4","v":{"v":123.52,"d":"$124"}},{"$f":"E412*2.9","v":{"v":2.9,"d":"3"}},{"$f":"J412*I412","v":{"v":358.20799999999997,"d":"$358"}},{"$f":"K412+H412","v":{"v":358.20799999999997,"d":"$358"}}]
[53,"VAV-2-15, Variable Air Volume Unit, \"TRANE\" VCWF, 620 Air Flow CFM, 115 V, 1 PH, 60 HZ.\n1. VAV Unit Manufacturer To Provide Disconnect Switch NEMA 12, 120/24V Transformer, And Control Panel.",1,{"v":0,"d":"0%"},1,"EA",null,{"$f":"G413*E413","v":0},{"$f":"L$4","v":{"v":123.52,"d":"$124"}},{"$f":"E413*3.3","v":{"v":3.3,"d":"3"}},{"$f":"J413*I413","v":{"v":407.616,"d":"$408"}},{"$f":"K413+H413","v":{"v":407.616,"d":"$408"}}]
[54,"VAV-2-16, Variable Air Volume Unit, \"TRANE\" VCWF, 520 Air Flow CFM, 115 V, 1 PH, 60 HZ.\n1. VAV Unit Manufacturer To Provide Disconnect Switch NEMA 12, 120/24V Transformer, And Control Panel.",1,{"v":0,"d":"0%"},1,"EA",null,0,{"v":123.52,"d":"$124"},{"$f":"E414*2.9","v":{"v":2.9,"d":"3"}},{"v":358.20799999999997,"d":"$358"},{"v":358.20799999999997,"d":"$358"}]
[55,"VAV-2-17, Variable Air Volume Unit, \"TRANE\" VCWF, 340 Air Flow CFM, 115 V, 1 PH, 60 HZ.\n1. VAV Unit Manufacturer To Provide Disconnect Switch NEMA 12, 120/24V Transformer, And Control Panel.",1,{"v":0,"d":"0%"},1,"EA",null,0,{"v":123.52,"d":"$124"},{"$f":"E415*2","v":2},{"v":247.04,"d":"$247"},{"v":247.04,"d":"$247"}]
[56,"VAV-2-18, Variable Air Volume Unit, \"TRANE\" VCWF, 260 Air Flow CFM, 115 V, 1 PH, 60 HZ.\n1. VAV Unit Manufacturer To Provide Disconnect Switch NEMA 12, 120/24V Transformer, And Control Panel.",1,{"v":0,"d":"0%"},1,"EA",null,0,{"v":123.52,"d":"$124"},{"$f":"E416*2","v":2},{"v":247.04,"d":"$247"},{"v":247.04,"d":"$247"}]
[57,"VAV-2-19, Variable Air Volume Unit, \"TRANE\" VCWF, 625 Air Flow CFM, 115 V, 1 PH, 60 HZ.\n1. VAV Unit Manufacturer To Provide Disconnect Switch NEMA 12, 120/24V Transformer, And Control Panel.",1,{"v":0,"d":"0%"},1,"EA",null,0,{"v":123.52,"d":"$124"},{"$f":"E417*3.3","v":{"v":3.3,"d":"3"}},{"v":407.616,"d":"$408"},{"v":407.616,"d":"$408"}]
[58,"VAV-2-20, Variable Air Volume Unit, \"TRANE\" VCWF, 620 Air Flow CFM, 115 V, 1 PH, 60 HZ.\n1. VAV Unit Manufacturer To Provide Disconnect Switch NEMA 12, 120/24V Transformer, And Control Panel.",1,{"v":0,"d":"0%"},1,"EA",null,0,{"v":123.52,"d":"$124"},{"$f":"E418*3.3","v":{"v":3.3,"d":"3"}},{"v":407.616,"d":"$408"},{"v":407.616,"d":"$408"}]
[59,"VAV-2-21, Variable Air Volume Unit, \"TRANE\" VCWF, 930 Air Flow CFM, 115 V, 1 PH, 60 HZ.\n1. VAV Unit Manufacturer To Provide Disconnect Switch NEMA 12, 120/24V Transformer, And Control Panel.",1,{"v":0,"d":"0%"},1,"EA",null,0,{"v":123.52,"d":"$124"},{"$f":"E419*4","v":4},{"v":494.08,"d":"$494"},{"v":494.08,"d":"$494"}]
[60,"VAV-2-22, Variable Air Volume Unit, \"TRANE\" VCWF, 1060 Air Flow CFM, 115 V, 1 PH, 60 HZ.\n1. VAV Unit Manufacturer To Provide Disconnect Switch NEMA 12, 120/24V Transformer, And Control Panel.",1,{"v":0,"d":"0%"},1,"EA",null,0,{"v":123.52,"d":"$124"},{"$f":"E420*4.5","v":{"v":4.5,"d":"5"}},{"v":555.84,"d":"$556"},{"v":555.84,"d":"$556"}]
[61,"VAV-2-23, Variable Air Volume Unit, \"TRANE\" VCWF, 1060 Air Flow CFM, 115 V, 1 PH, 60 HZ.\n1. VAV Unit Manufacturer To Provide Disconnect Switch NEMA 12, 120/24V Transformer, And Control Panel.",1,{"v":0,"d":"0%"},1,"EA",null,0,{"v":123.52,"d":"$124"},{"v":4.5,"d":"5"},{"v":555.84,"d":"$556"},{"v":555.84,"d":"$556"}]
[62,"VAV-2-24, Variable Air Volume Unit, \"TRANE\" VCWF, 1710 Air Flow CFM, 115 V, 1 PH, 60 HZ.\n1. VAV Unit Manufacturer To Provide Disconnect Switch NEMA 12, 120/24V Transformer, And Control Panel.",1,{"v":0,"d":"0%"},1,"EA",null,0,{"v":123.52,"d":"$124"},{"$f":"E422*5","v":5},{"v":617.6,"d":"$618"},{"v":617.6,"d":"$618"}]
[63,"VAV-2-25, Variable Air Volume Unit, \"TRANE\" VCWF, 1950 Air Flow CFM, 115 V, 1 PH, 60 HZ.\n1. VAV Unit Manufacturer To Provide Disconnect Switch NEMA 12, 120/24V Transformer, And Control Panel.",1,{"v":0,"d":"0%"},1,"EA",null,0,{"v":123.52,"d":"$124"},5,{"v":617.6,"d":"$618"},{"v":617.6,"d":"$618"}]
[64,"VAV-2-26, Variable Air Volume Unit, \"TRANE\" VCWF, 1705 Air Flow CFM, 115 V, 1 PH, 60 HZ.\n1. VAV Unit Manufacturer To Provide Disconnect Switch NEMA 12, 120/24V Transformer, And Control Panel.",1,{"v":0,"d":"0%"},1,"EA",null,0,{"v":123.52,"d":"$124"},5,{"v":617.6,"d":"$618"},{"v":617.6,"d":"$618"}]
[65,"VAV-2-27, Variable Air Volume Unit, \"TRANE\" VCWF, 1765 Air Flow CFM, 115 V, 1 PH, 60 HZ.\n1. VAV Unit Manufacturer To Provide Disconnect Switch NEMA 12, 120/24V Transformer, And Control Panel.",1,{"v":0,"d":"0%"},{"$f":"C425*(1+D425)","v":1},"EA",null,{"$f":"G425*E425","v":0},{"$f":"L$4","v":{"v":123.52,"d":"$124"}},5,{"$f":"J425*I425","v":{"v":617.6,"d":"$618"}},{"$f":"K425+H425","v":{"v":617.6,"d":"$618"}}]
[66,"VAV-2-28, Variable Air Volume Unit, \"TRANE\" VCWF, 2055 Air Flow CFM, 115 V, 1 PH, 60 HZ.\n1. VAV Unit Manufacturer To Provide Disconnect Switch NEMA 12, 120/24V Transformer, And Control Panel.",1,{"v":0,"d":"0%"},1,"EA",null,0,{"v":123.52,"d":"$124"},5,{"v":617.6,"d":"$618"},{"v":617.6,"d":"$618"}]
[67,"VAV-2-29, Variable Air Volume Unit, \"TRANE\" VCWF, 1400 Air Flow CFM, 115 V, 1 PH, 60 HZ.\n1. VAV Unit Manufacturer To Provide Disconnect Switch NEMA 12, 120/24V Transformer, And Control Panel.",1,{"v":0,"d":"0%"},1,"EA",null,{"$f":"G427*E427","v":0},{"$f":"L$4","v":{"v":123.52,"d":"$124"}},{"$f":"E427*4.5","v":{"v":4.5,"d":"5"}},{"$f":"J427*I427","v":{"v":555.84,"d":"$556"}},{"$f":"K427+H427","v":{"v":555.84,"d":"$556"}}]
[68,"VAV-2-30, Variable Air Volume Unit, \"TRANE\" VCWF, 1315 Air Flow CFM, 115 V, 1 PH, 60 HZ.\n1. VAV Unit Manufacturer To Provide Disconnect Switch NEMA 12, 120/24V Transformer, And Control Panel.",1,{"v":0,"d":"0%"},1,"EA",null,0,{"v":123.52,"d":"$124"},{"v":4.5,"d":"5"},{"v":555.84,"d":"$556"},{"v":555.84,"d":"$556"}]
[69,"VAV-2-31, Variable Air Volume Unit, \"TRANE\" VCWF, 300 Air Flow CFM, 115 V, 1 PH, 60 HZ.\n1. VAV Unit Manufacturer To Provide Disconnect Switch NEMA 12, 120/24V Transformer, And Control Panel.",1,{"v":0,"d":"0%"},1,"EA",null,0,{"v":123.52,"d":"$124"},{"$f":"E429*2","v":2},{"v":247.04,"d":"$247"},{"v":247.04,"d":"$247"}]
[70,"VAV-2-32, Variable Air Volume Unit, \"TRANE\" VCWF, 1460 Air Flow CFM, 115 V, 1 PH, 60 HZ.\n1. VAV Unit Manufacturer To Provide Disconnect Switch NEMA 12, 120/24V Transformer, And Control Panel.",1,{"v":0,"d":"0%"},1,"EA",null,0,{"v":123.52,"d":"$124"},{"$f":"E430*4.5","v":{"v":4.5,"d":"5"}},{"v":555.84,"d":"$556"},{"v":555.84,"d":"$556"}]
[71,"VAV-2-33, Variable Air Volume Unit, \"TRANE\" VCWF, 285 Air Flow CFM, 115 V, 1 PH, 60 HZ.\n1. VAV Unit Manufacturer To Provide Disconnect Switch NEMA 12, 120/24V Transformer, And Control Panel.",1,{"v":0,"d":"0%"},1,"EA",null,0,{"v":123.52,"d":"$124"},{"$f":"E431*2","v":2},{"v":247.04,"d":"$247"},{"v":247.04,"d":"$247"}]
[72,"VAV-2-34, Variable Air Volume Unit, \"TRANE\" VCWF, 260 Air Flow CFM, 115 V, 1 PH, 60 HZ.\n1. VAV Unit Manufacturer To Provide Disconnect Switch NEMA 12, 120/24V Transformer, And Control Panel.",1,{"v":0,"d":"0%"},1,"EA",null,0,{"v":123.52,"d":"$124"},2,{"v":247.04,"d":"$247"},{"v":247.04,"d":"$247"}]
[73,"VAV-2-35, Variable Air Volume Unit, \"TRANE\" VCWF, 320 Air Flow CFM, 115 V, 1 PH, 60 HZ.\n1. VAV Unit Manufacturer To Provide Disconnect Switch NEMA 12, 120/24V Transformer, And Control Panel.",1,{"v":0,"d":"0%"},1,"EA",null,0,{"v":123.52,"d":"$124"},2,{"v":247.04,"d":"$247"},{"v":247.04,"d":"$247"}]
[74,"VAV-2-36, Variable Air Volume Unit, \"TRANE\" VCWF, 260 Air Flow CFM, 115 V, 1 PH, 60 HZ.\n1. VAV Unit Manufacturer To Provide Disconnect Switch NEMA 12, 120/24V Transformer, And Control Panel.",1,{"v":0,"d":"0%"},1,"EA",null,0,{"v":123.52,"d":"$124"},2,{"v":247.04,"d":"$247"},{"v":247.04,"d":"$247"}]
[75,"VAV-2-37, Variable Air Volume Unit, \"TRANE\" VCWF, 1200 Air Flow CFM, 115 V, 1 PH, 60 HZ.\n1. VAV Unit Manufacturer To Provide Disconnect Switch NEMA 12, 120/24V Transformer, And Control Panel.",1,{"v":0,"d":"0%"},1,"EA",null,0,{"v":123.52,"d":"$124"},{"$f":"E435*4.5","v":{"v":4.5,"d":"5"}},{"v":555.84,"d":"$556"},{"v":555.84,"d":"$556"}]
[76,"VAV-2-38, Variable Air Volume Unit, \"TRANE\" VCWF, 885 Air Flow CFM, 115 V, 1 PH, 60 HZ.\n1. VAV Unit Manufacturer To Provide Disconnect Switch NEMA 12, 120/24V Transformer, And Control Panel.",1,{"v":0,"d":"0%"},1,"EA",null,0,{"v":123.52,"d":"$124"},{"$f":"E436*4","v":4},{"v":494.08,"d":"$494"},{"v":494.08,"d":"$494"}]
[77,"VAV-2-39, Variable Air Volume Unit, \"TRANE\" VCWF, 885 Air Flow CFM, 115 V, 1 PH, 60 HZ.\n1. VAV Unit Manufacturer To Provide Disconnect Switch NEMA 12, 120/24V Transformer, And Control Panel.",1,{"v":0,"d":"0%"},1,"EA",null,0,{"v":123.52,"d":"$124"},{"$f":"E437*4","v":4},{"v":494.08,"d":"$494"},{"v":494.08,"d":"$494"}]
[78,"VAV-2-40, Variable Air Volume Unit, \"TRANE\" VCWF, 630 Air Flow CFM, 115 V, 1 PH, 60 HZ.\n1. VAV Unit Manufacturer To Provide Disconnect Switch NEMA 12, 120/24V Transformer, And Control Panel.",1,{"v":0,"d":"0%"},1,"EA",null,0,{"v":123.52,"d":"$124"},{"$f":"E438*3.3","v":{"v":3.3,"d":"3"}},{"v":407.616,"d":"$408"},{"v":407.616,"d":"$408"}]
[79,"VAV-3-1, Variable Air Volume Unit, \"TRANE\" VCWF, 1180 Air Flow CFM, 115 V, 1 PH, 60 HZ.\n1. VAV Unit Manufacturer To Provide Disconnect Switch NEMA 12, 120/24V Transformer, And Control Panel.",1,{"v":0,"d":"0%"},1,"EA",null,0,{"v":123.52,"d":"$124"},{"$f":"E439*4.5","v":{"v":4.5,"d":"5"}},{"v":555.84,"d":"$556"},{"v":555.84,"d":"$556"}]
[80,"VAV-3-2, Variable Air Volume Unit, \"TRANE\" VCWF, 1200 Air Flow CFM, 115 V, 1 PH, 60 HZ.\n1. VAV Unit Manufacturer To Provide Disconnect Switch NEMA 12, 120/24V Transformer, And Control Panel.",1,{"v":0,"d":"0%"},1,"EA",null,0,{"v":123.52,"d":"$124"},{"v":4.5,"d":"5"},{"v":555.84,"d":"$556"},{"v":555.84,"d":"$556"}]
[81,"VAV-3-3, Variable Air Volume Unit, \"TRANE\" VCWF, 1300 Air Flow CFM, 115 V, 1 PH, 60 HZ.\n1. VAV Unit Manufacturer To Provide Disconnect Switch NEMA 12, 120/24V Transformer, And Control Panel.",1,{"v":0,"d":"0%"},1,"EA",null,0,{"v":123.52,"d":"$124"},{"v":4.5,"d":"5"},{"v":555.84,"d":"$556"},{"v":555.84,"d":"$556"}]
[82,"VAV-3-4, Variable Air Volume Unit, \"TRANE\" VCWF, 1260 Air Flow CFM, 115 V, 1 PH, 60 HZ.\n1. VAV Unit Manufacturer To Provide Disconnect Switch NEMA 12, 120/24V Transformer, And Control Panel.",1,{"v":0,"d":"0%"},1,"EA",null,0,{"v":123.52,"d":"$124"},{"v":4.5,"d":"5"},{"v":555.84,"d":"$556"},{"v":555.84,"d":"$556"}]
[83,"VAV-3-5, Variable Air Volume Unit, \"TRANE\" VCWF, 760 Air Flow CFM, 115 V, 1 PH, 60 HZ.\n1. VAV Unit Manufacturer To Provide Disconnect Switch NEMA 12, 120/24V Transformer, And Control Panel.",1,{"v":0,"d":"0%"},1,"EA",null,0,{"v":123.52,"d":"$124"},{"$f":"E443*3.3","v":{"v":3.3,"d":"3"}},{"v":407.616,"d":"$408"},{"v":407.616,"d":"$408"}]
[84,"VAV-3-6, Variable Air Volume Unit, \"TRANE\" VCWF, 1100 Air Flow CFM, 115 V, 1 PH, 60 HZ.\n1. VAV Unit Manufacturer To Provide Disconnect Switch NEMA 12, 120/24V Transformer, And Control Panel.",1,{"v":0,"d":"0%"},1,"EA",null,0,{"v":123.52,"d":"$124"},{"$f":"E444*4.5","v":{"v":4.5,"d":"5"}},{"v":555.84,"d":"$556"},{"v":555.84,"d":"$556"}]
[85,"VAV-3-7, Variable Air Volume Unit, \"TRANE\" VCWF, 1380 Air Flow CFM, 115 V, 1 PH, 60 HZ.\n1. VAV Unit Manufacturer To Provide Disconnect Switch NEMA 12, 120/24V Transformer, And Control Panel.",1,{"v":0,"d":"0%"},1,"EA",null,0,{"v":123.52,"d":"$124"},{"v":4.5,"d":"5"},{"v":555.84,"d":"$556"},{"v":555.84,"d":"$556"}]
[86,"VAV-3-8, Variable Air Volume Unit, \"TRANE\" VCWF, 305 Air Flow CFM, 115 V, 1 PH, 60 HZ.\n1. VAV Unit Manufacturer To Provide Disconnect Switch NEMA 12, 120/24V Transformer, And Control Panel.",1,{"v":0,"d":"0%"},1,"EA",null,0,{"v":123.52,"d":"$124"},{"$f":"E446*2","v":2},{"v":247.04,"d":"$247"},{"v":247.04,"d":"$247"}]
[87,"VAV-3-9, Variable Air Volume Unit, \"TRANE\" VCWF, 460 Air Flow CFM, 115 V, 1 PH, 60 HZ.\n1. VAV Unit Manufacturer To Provide Disconnect Switch NEMA 12, 120/24V Transformer, And Control Panel.",1,{"v":0,"d":"0%"},1,"EA",null,0,{"v":123.52,"d":"$124"},{"$f":"E447*2.9","v":{"v":2.9,"d":"3"}},{"v":358.20799999999997,"d":"$358"},{"v":358.20799999999997,"d":"$358"}]
[88,"VAV-3-10, Variable Air Volume Unit, \"TRANE\" VCWF, 925 Air Flow CFM, 115 V, 1 PH, 60 HZ.\n1. VAV Unit Manufacturer To Provide Disconnect Switch NEMA 12, 120/24V Transformer, And Control Panel.",1,{"v":0,"d":"0%"},1,"EA",null,0,{"v":123.52,"d":"$124"},{"$f":"E448*4","v":4},{"v":494.08,"d":"$494"},{"v":494.08,"d":"$494"}]
[89,"VAV-3-11, Variable Air Volume Unit, \"TRANE\" VCWF, 420 Air Flow CFM, 115 V, 1 PH, 60 HZ.\n1. VAV Unit Manufacturer To Provide Disconnect Switch NEMA 12, 120/24V Transformer, And Control Panel.",1,{"v":0,"d":"0%"},1,"EA",null,0,{"v":123.52,"d":"$124"},{"$f":"E449*2.9","v":{"v":2.9,"d":"3"}},{"v":358.20799999999997,"d":"$358"},{"v":358.20799999999997,"d":"$358"}]
[90,"VAV-3-12, Variable Air Volume Unit, \"TRANE\" VCWF, 1415 Air Flow CFM, 115 V, 1 PH, 60 HZ.\n1. VAV Unit Manufacturer To Provide Disconnect Switch NEMA 12, 120/24V Transformer, And Control Panel.",1,{"v":0,"d":"0%"},1,"EA",null,0,{"v":123.52,"d":"$124"},{"$f":"E450*4.5","v":{"v":4.5,"d":"5"}},{"v":555.84,"d":"$556"},{"v":555.84,"d":"$556"}]
[91,"VAV-3-13, Variable Air Volume Unit, \"TRANE\" VCWF, 1160 Air Flow CFM, 115 V, 1 PH, 60 HZ.\n1. VAV Unit Manufacturer To Provide Disconnect Switch NEMA 12, 120/24V Transformer, And Control Panel.",1,{"v":0,"d":"0%"},1,"EA",null,0,{"v":123.52,"d":"$124"},{"v":4.5,"d":"5"},{"v":555.84,"d":"$556"},{"v":555.84,"d":"$556"}]
[92,"VAV-3-14, Variable Air Volume Unit, \"TRANE\" VCWF, 795 Air Flow CFM, 115 V, 1 PH, 60 HZ.\n1. VAV Unit Manufacturer To Provide Disconnect Switch NEMA 12, 120/24V Transformer, And Control Panel.",1,{"v":0,"d":"0%"},1,"EA",null,0,{"v":123.52,"d":"$124"},{"$f":"E452*3.3","v":{"v":3.3,"d":"3"}},{"v":407.616,"d":"$408"},{"v":407.616,"d":"$408"}]
[93,"VAV-3-15, Variable Air Volume Unit, \"TRANE\" VCWF, 795 Air Flow CFM, 115 V, 1 PH, 60 HZ.\n1. VAV Unit Manufacturer To Provide Disconnect Switch NEMA 12, 120/24V Transformer, And Control Panel.",1,{"v":0,"d":"0%"},1,"EA",null,0,{"v":123.52,"d":"$124"},{"v":3.3,"d":"3"},{"v":407.616,"d":"$408"},{"v":407.616,"d":"$408"}]
[94,"VAV-3-16, Variable Air Volume Unit, \"TRANE\" VCWF, 1590 Air Flow CFM, 115 V, 1 PH, 60 HZ.\n1. VAV Unit Manufacturer To Provide Disconnect Switch NEMA 12, 120/24V Transformer, And Control Panel.",1,{"v":0,"d":"0%"},1,"EA",null,0,{"v":123.52,"d":"$124"},{"$f":"E454*4.5","v":{"v":4.5,"d":"5"}},{"v":555.84,"d":"$556"},{"v":555.84,"d":"$556"}]
[95,"VAV-3-17, Variable Air Volume Unit, \"TRANE\" VCWF, 1530 Air Flow CFM, 115 V, 1 PH, 60 HZ.\n1. VAV Unit Manufacturer To Provide Disconnect Switch NEMA 12, 120/24V Transformer, And Control Panel.",1,{"v":0,"d":"0%"},1,"EA",null,0,{"v":123.52,"d":"$124"},{"v":4.5,"d":"5"},{"v":555.84,"d":"$556"},{"v":555.84,"d":"$556"}]
[96,"VAV-3-18, Variable Air Volume Unit, \"TRANE\" VCWF, 765 Air Flow CFM, 115 V, 1 PH, 60 HZ.\n1. VAV Unit Manufacturer To Provide Disconnect Switch NEMA 12, 120/24V Transformer, And Control Panel.",1,{"v":0,"d":"0%"},1,"EA",null,0,{"v":123.52,"d":"$124"},{"$f":"E456*3.3","v":{"v":3.3,"d":"3"}},{"v":407.616,"d":"$408"},{"v":407.616,"d":"$408"}]
[97,"VAV-3-19, Variable Air Volume Unit, \"TRANE\" VCWF, 540 Air Flow CFM, 115 V, 1 PH, 60 HZ.\n1. VAV Unit Manufacturer To Provide Disconnect Switch NEMA 12, 120/24V Transformer, And Control Panel.",1,{"v":0,"d":"0%"},1,"EA",null,0,{"v":123.52,"d":"$124"},{"$f":"E457*2.9","v":{"v":2.9,"d":"3"}},{"v":358.20799999999997,"d":"$358"},{"v":358.20799999999997,"d":"$358"}]
[98,"VAV-3-20, Variable Air Volume Unit, \"TRANE\" VCWF, 595 Air Flow CFM, 115 V, 1 PH, 60 HZ.\n1. VAV Unit Manufacturer To Provide Disconnect Switch NEMA 12, 120/24V Transformer, And Control Panel.",1,{"v":0,"d":"0%"},1,"EA",null,0,{"v":123.52,"d":"$124"},{"v":2.9,"d":"3"},{"v":358.20799999999997,"d":"$358"},{"v":358.20799999999997,"d":"$358"}]
[99,"VAV-3-21, Variable Air Volume Unit, \"TRANE\" VCWF, 490 Air Flow CFM, 115 V, 1 PH, 60 HZ.\n1. VAV Unit Manufacturer To Provide Disconnect Switch NEMA 12, 120/24V Transformer, And Control Panel.",1,{"v":0,"d":"0%"},1,"EA",null,{"$f":"G459*E459","v":0},{"$f":"L$4","v":{"v":123.52,"d":"$124"}},{"$f":"E459*2.9","v":{"v":2.9,"d":"3"}},{"$f":"J459*I459","v":{"v":358.20799999999997,"d":"$358"}},{"$f":"K459+H459","v":{"v":358.20799999999997,"d":"$358"}}]
[100,"VAV-3-22, Variable Air Volume Unit, \"TRANE\" VCWF, 940 Air Flow CFM, 115 V, 1 PH, 60 HZ.\n1. VAV Unit Manufacturer To Provide Disconnect Switch NEMA 12, 120/24V Transformer, And Control Panel.",1,{"v":0,"d":"0%"},1,"EA",null,{"$f":"G460*E460","v":0},{"$f":"L$4","v":{"v":123.52,"d":"$124"}},{"$f":"E460*4","v":4},{"$f":"J460*I460","v":{"v":494.08,"d":"$494"}},{"$f":"K460+H460","v":{"v":494.08,"d":"$494"}}]
[101,"VAV-3-23, Variable Air Volume Unit, \"TRANE\" VCWF, 1040 Air Flow CFM, 115 V, 1 PH, 60 HZ.\n1. VAV Unit Manufacturer To Provide Disconnect Switch NEMA 12, 120/24V Transformer, And Control Panel.",1,{"v":0,"d":"0%"},1,"EA",null,0,{"v":123.52,"d":"$124"},{"$f":"E461*4.5","v":{"v":4.5,"d":"5"}},{"v":555.84,"d":"$556"},{"v":555.84,"d":"$556"}]
[102,"VAV-3-24, Variable Air Volume Unit, \"TRANE\" VCWF, 1040 Air Flow CFM, 115 V, 1 PH, 60 HZ.\n1. VAV Unit Manufacturer To Provide Disconnect Switch NEMA 12, 120/24V Transformer, And Control Panel.",1,{"v":0,"d":"0%"},1,"EA",null,0,{"v":123.52,"d":"$124"},{"v":4.5,"d":"5"},{"v":555.84,"d":"$556"},{"v":555.84,"d":"$556"}]
[103,"VAV-3-25, Variable Air Volume Unit, \"TRANE\" VCWF, 1450 Air Flow CFM, 115 V, 1 PH, 60 HZ.\n1. VAV Unit Manufacturer To Provide Disconnect Switch NEMA 12, 120/24V Transformer, And Control Panel.",1,{"v":0,"d":"0%"},1,"EA",null,0,{"v":123.52,"d":"$124"},{"v":4.5,"d":"5"},{"v":555.84,"d":"$556"},{"v":555.84,"d":"$556"}]
[104,"VAV-3-26, Variable Air Volume Unit, \"TRANE\" VCWF, 1450 Air Flow CFM, 115 V, 1 PH, 60 HZ.\n1. VAV Unit Manufacturer To Provide Disconnect Switch NEMA 12, 120/24V Transformer, And Control Panel.",1,{"v":0,"d":"0%"},1,"EA",null,0,{"v":123.52,"d":"$124"},{"v":4.5,"d":"5"},{"v":555.84,"d":"$556"},{"v":555.84,"d":"$556"}]
[105,"VAV-3-27, Variable Air Volume Unit, \"TRANE\" VCWF, 515 Air Flow CFM, 115 V, 1 PH, 60 HZ.\n1. VAV Unit Manufacturer To Provide Disconnect Switch NEMA 12, 120/24V Transformer, And Control Panel.",1,{"v":0,"d":"0%"},1,"EA",null,0,{"v":123.52,"d":"$124"},{"$f":"E465*2.9","v":{"v":2.9,"d":"3"}},{"v":358.20799999999997,"d":"$358"},{"v":358.20799999999997,"d":"$358"}]
[106,"VAV-3-28, Variable Air Volume Unit, \"TRANE\" VCWF, 1740 Air Flow CFM, 115 V, 1 PH, 60 HZ.\n1. VAV Unit Manufacturer To Provide Disconnect Switch NEMA 12, 120/24V Transformer, And Control Panel.",1,{"v":0,"d":"0%"},1,"EA",null,{"$f":"G466*E466","v":0},{"$f":"L$4","v":{"v":123.52,"d":"$124"}},{"$f":"E466*5","v":5},{"$f":"J466*I466","v":{"v":617.6,"d":"$618"}},{"$f":"K466+H466","v":{"v":617.6,"d":"$618"}}]
[107,"VAV-3-29, Variable Air Volume Unit, \"TRANE\" VCWF, 1555 Air Flow CFM, 115 V, 1 PH, 60 HZ.\n1. VAV Unit Manufacturer To Provide Disconnect Switch NEMA 12, 120/24V Transformer, And Control Panel.",1,{"v":0,"d":"0%"},1,"EA",null,0,{"v":123.52,"d":"$124"},{"$f":"E467*4.5","v":{"v":4.5,"d":"5"}},{"v":555.84,"d":"$556"},{"v":555.84,"d":"$556"}]
[108,"VAV-3-30, Variable Air Volume Unit, \"TRANE\" VCWF, 1895 Air Flow CFM, 115 V, 1 PH, 60 HZ.\n1. VAV Unit Manufacturer To Provide Disconnect Switch NEMA 12, 120/24V Transformer, And Control Panel.",1,{"v":0,"d":"0%"},1,"EA",null,0,{"v":123.52,"d":"$124"},{"$f":"E468*5","v":5},{"v":617.6,"d":"$618"},{"v":617.6,"d":"$618"}]
[109,"VAV-3-31, Variable Air Volume Unit, \"TRANE\" VCWF, 1000 Air Flow CFM, 115 V, 1 PH, 60 HZ.\n1. VAV Unit Manufacturer To Provide Disconnect Switch NEMA 12, 120/24V Transformer, And Control Panel.",1,{"v":0,"d":"0%"},1,"EA",null,{"$f":"G469*E469","v":0},{"$f":"L$4","v":{"v":123.52,"d":"$124"}},{"$f":"E469*4","v":4},{"$f":"J469*I469","v":{"v":494.08,"d":"$494"}},{"$f":"K469+H469","v":{"v":494.08,"d":"$494"}}]
[110,"VAV-3-32, Variable Air Volume Unit, \"TRANE\" VCWF, 840 Air Flow CFM, 115 V, 1 PH, 60 HZ.\n1. VAV Unit Manufacturer To Provide Disconnect Switch NEMA 12, 120/24V Transformer, And Control Panel.",1,{"v":0,"d":"0%"},1,"EA",null,{"$f":"G470*E470","v":0},{"$f":"L$4","v":{"v":123.52,"d":"$124"}},{"$f":"E470*4","v":4},{"$f":"J470*I470","v":{"v":494.08,"d":"$494"}},{"$f":"K470+H470","v":{"v":494.08,"d":"$494"}}]
[111,"VAV-3-33, Variable Air Volume Unit, \"TRANE\" VCWF, 990 Air Flow CFM, 115 V, 1 PH, 60 HZ.\n1. VAV Unit Manufacturer To Provide Disconnect Switch NEMA 12, 120/24V Transformer, And Control Panel.",1,{"v":0,"d":"0%"},1,"EA",null,0,{"v":123.52,"d":"$124"},{"$f":"E471*4","v":4},{"v":494.08,"d":"$494"},{"v":494.08,"d":"$494"}]
[112,"VAV-3-34, Variable Air Volume Unit, \"TRANE\" VCWF, 1265 Air Flow CFM, 115 V, 1 PH, 60 HZ.\n1. VAV Unit Manufacturer To Provide Disconnect Switch NEMA 12, 120/24V Transformer, And Control Panel.",1,{"v":0,"d":"0%"},1,"EA",null,0,{"v":123.52,"d":"$124"},{"$f":"E472*4.5","v":{"v":4.5,"d":"5"}},{"v":555.84,"d":"$556"},{"v":555.84,"d":"$556"}]
[113,"VAV-3-35, Variable Air Volume Unit, \"TRANE\" VCWF, 605 Air Flow CFM, 115 V, 1 PH, 60 HZ.\n1. VAV Unit Manufacturer To Provide Disconnect Switch NEMA 12, 120/24V Transformer, And Control Panel.",1,{"v":0,"d":"0%"},1,"EA",null,0,{"v":123.52,"d":"$124"},{"$f":"E473*3.3","v":{"v":3.3,"d":"3"}},{"v":407.616,"d":"$408"},{"v":407.616,"d":"$408"}]
[114,"VAV-3-36, Variable Air Volume Unit, \"TRANE\" VCWF, 445 Air Flow CFM, 115 V, 1 PH, 60 HZ.\n1. VAV Unit Manufacturer To Provide Disconnect Switch NEMA 12, 120/24V Transformer, And Control Panel.",1,{"v":0,"d":"0%"},1,"EA",null,0,{"v":123.52,"d":"$124"},{"$f":"E474*2.9","v":{"v":2.9,"d":"3"}},{"v":358.20799999999997,"d":"$358"},{"v":358.20799999999997,"d":"$358"}]
[115,"VAV-3-37, Variable Air Volume Unit, \"TRANE\" VCWF, 330 Air Flow CFM, 115 V, 1 PH, 60 HZ.\n1. VAV Unit Manufacturer To Provide Disconnect Switch NEMA 12, 120/24V Transformer, And Control Panel.",1,{"v":0,"d":"0%"},1,"EA",null,{"$f":"G475*E475","v":0},{"$f":"L$4","v":{"v":123.52,"d":"$124"}},{"$f":"E475*2","v":2},{"$f":"J475*I475","v":{"v":247.04,"d":"$247"}},{"$f":"K475+H475","v":{"v":247.04,"d":"$247"}}]
[116,"VAV-3-38, Variable Air Volume Unit, \"TRANE\" VCWF, 490 Air Flow CFM, 115 V, 1 PH, 60 HZ.\n1. VAV Unit Manufacturer To Provide Disconnect Switch NEMA 12, 120/24V Transformer, And Control Panel.",1,{"v":0,"d":"0%"},1,"EA",null,0,{"v":123.52,"d":"$124"},{"$f":"E476*2.9","v":{"v":2.9,"d":"3"}},{"v":358.20799999999997,"d":"$358"},{"v":358.20799999999997,"d":"$358"}]
[117,"VAV-3-39, Variable Air Volume Unit, \"TRANE\" VCWF, 350 Air Flow CFM, 115 V, 1 PH, 60 HZ.\n1. VAV Unit Manufacturer To Provide Disconnect Switch NEMA 12, 120/24V Transformer, And Control Panel.",1,{"v":0,"d":"0%"},1,"EA",null,0,{"v":123.52,"d":"$124"},{"$f":"E477*2","v":2},{"v":247.04,"d":"$247"},{"v":247.04,"d":"$247"}]
[118,"VAV-3-40, Variable Air Volume Unit, \"TRANE\" VCWF, 350 Air Flow CFM, 115 V, 1 PH, 60 HZ.\n1. VAV Unit Manufacturer To Provide Disconnect Switch NEMA 12, 120/24V Transformer, And Control Panel.",1,{"v":0,"d":"0%"},1,"EA",null,0,{"v":123.52,"d":"$124"},2,{"v":247.04,"d":"$247"},{"v":247.04,"d":"$247"}]
[119,"VAV-3-41, Variable Air Volume Unit, \"TRANE\" VCWF, 1445 Air Flow CFM, 115 V, 1 PH, 60 HZ.\n1. VAV Unit Manufacturer To Provide Disconnect Switch NEMA 12, 120/24V Transformer, And Control Panel.",1,{"v":0,"d":"0%"},1,"EA",null,0,{"v":123.52,"d":"$124"},{"$f":"E479*4.5","v":{"v":4.5,"d":"5"}},{"v":555.84,"d":"$556"},{"v":555.84,"d":"$556"}]
[120,"VAV-3-42, Variable Air Volume Unit, \"TRANE\" VCWF, 270 Air Flow CFM, 115 V, 1 PH, 60 HZ.\n1. VAV Unit Manufacturer To Provide Disconnect Switch NEMA 12, 120/24V Transformer, And Control Panel.",1,{"v":0,"d":"0%"},1,"EA",null,0,{"v":123.52,"d":"$124"},{"$f":"E480*2","v":2},{"v":247.04,"d":"$247"},{"v":247.04,"d":"$247"}]
[]
["VARIABLE AIR VOLUME UNIT PIPING DETAIL"]
[1,"3/4\" Dia Ball Valve",240,{"v":0,"d":"0%"},{"$f":"C483*(1+D483)","v":240},"EA",{"v":8.32,"d":"$8.32"},{"$f":"G483*E483","v":{"v":1996.8000000000002,"d":"$1,997"}},{"$f":"L$4","v":{"v":123.52,"d":"$124"}},{"$f":"E483*0.44","v":{"v":105.6,"d":"106"}},{"$f":"J483*I483","v":{"v":13043.712,"d":"$13,044"}},{"$f":"K483+H483","v":{"v":15040.511999999999,"d":"$15,041"}}]
[2,"3/4\" Dia Combination Balancing Valve / Flow Measuring Station",120,{"v":0,"d":"0%"},120,"EA",{"v":148.98,"d":"$148.98"},{"v":17877.6,"d":"$17,878"},{"v":123.52,"d":"$124"},{"$f":"E484*0.55","v":66},{"v":8152.32,"d":"$8,152"},{"v":26029.92,"d":"$26,030"}]
[3,"3/4\" Dia Drain Valve",120,{"v":0,"d":"0%"},120,"EA",{"v":8.12,"d":"$8.12"},{"$f":"G485*E485","v":{"v":974.3999999999999,"d":"$974"}},{"$f":"L$4","v":{"v":123.52,"d":"$124"}},{"$f":"E485*0.44","v":{"v":52.8,"d":"53"}},{"$f":"J485*I485","v":{"v":6521.856,"d":"$6,522"}},{"$f":"K485+H485","v":{"v":7496.255999999999,"d":"$7,496"}}]
[4,"3/4\" Dia Manual Air Vent",240,{"v":0,"d":"0%"},240,"EA",{"v":6.44,"d":"$6.44"},{"$f":"G486*E486","v":{"v":1545.6000000000001,"d":"$1,546"}},{"$f":"L$4","v":{"v":123.52,"d":"$124"}},{"$f":"E486*0.44","v":{"v":105.6,"d":"106"}},{"$f":"J486*I486","v":{"v":13043.712,"d":"$13,044"}},{"$f":"K486+H486","v":{"v":14589.312,"d":"$14,589"}}]
[5,"3/4\" Dia Union",240,{"v":0,"d":"0%"},240,"EA",{"v":3.53,"d":"$3.53"},{"v":847.1999999999999,"d":"$847"},{"v":123.52,"d":"$124"},{"$f":"E487*0.724","v":{"v":173.76,"d":"174"}},{"v":21462.835199999998,"d":"$21,463"},{"v":22310.0352,"d":"$22,310"}]
[]
["BLOWER COIL AIR HANDLER"]
[1,"BC-1-1, TRANE BCHD012, 500 CFM, 115 V, 1 PH, 60 HZ, 9.3 MAX AMP, 15 MAX FUSE AMP.\n1. Bas Contractor To Provide Distech Controls Controller (BACNET/IP), 2-Way Valve, And Space Temperature Sensor (No Display).\n2. Spring Vibration Isolation.\n3. MERV 13 Filter.",1,{"v":0,"d":"0%"},{"$f":"C490*(1+D490)","v":1},"EA",null,{"$f":"G490*E490","v":0},{"$f":"L$4","v":{"v":123.52,"d":"$124"}},{"$f":"E490*6","v":6},{"$f":"J490*I490","v":{"v":741.12,"d":"$741"}},{"$f":"K490+H490","v":{"v":741.12,"d":"$741"}}]
[2,"BC-1-2, TRANE BCHD012, 500 CFM, 115 V, 1 PH, 60 HZ, 9.3 MAX AMP, 15 MAX FUSE AMP.\n1. Bas Contractor To Provide Distech Controls Controller (BACNET/IP), 2-Way Valve, And Space Temperature Sensor (No Display).\n2. Spring Vibration Isolation.\n3. MERV 13 Filter.",1,{"v":0,"d":"0%"},1,"EA",null,{"$f":"G491*E491","v":0},{"$f":"L$4","v":{"v":123.52,"d":"$124"}},{"$f":"E491*6","v":6},{"$f":"J491*I491","v":{"v":741.12,"d":"$741"}},{"$f":"K491+H491","v":{"v":741.12,"d":"$741"}}]
[3,"BC-1-3, TRANE BCHD012, 500 CFM, 115 V, 1 PH, 60 HZ, 9.3 MAX AMP, 15 MAX FUSE AMP.\n1. Bas Contractor To Provide Distech Controls Controller (BACNET/IP), 2-Way Valve, And Space Temperature Sensor (No Display).\n2. Spring Vibration Isolation.\n3. MERV 13 Filter.",1,{"v":0,"d":"0%"},1,"EA",null,0,{"v":123.52,"d":"$124"},6,{"v":741.12,"d":"$741"},{"v":741.12,"d":"$741"}]
[4,"BC-1-4, TRANE BCHD012, 500 CFM, 115 V, 1 PH, 60 HZ, 9.3 MAX AMP, 15 MAX FUSE AMP.\n1. Bas Contractor To Provide Distech Controls Controller (BACNET/IP), 2-Way Valve, And Space Temperature Sensor (No Display).\n2. Spring Vibration Isolation.\n3. MERV 13 Filter.",1,{"v":0,"d":"0%"},1,"EA",null,0,{"v":123.52,"d":"$124"},6,{"v":741.12,"d":"$741"},{"v":741.12,"d":"$741"}]
[5,"BC-2-1, TRANE BCHD012, 500 CFM, 115 V, 1 PH, 60 HZ, 9.3 MAX AMP, 15 MAX FUSE AMP.\n1. Bas Contractor To Provide Distech Controls Controller (BACNET/IP), 2-Way Valve, And Space Temperature Sensor (No Display).\n2. Spring Vibration Isolation.\n3. MERV 13 Filter.",1,{"v":0,"d":"0%"},1,"EA",null,0,{"v":123.52,"d":"$124"},{"$f":"E494*6","v":6},{"v":741.12,"d":"$741"},{"v":741.12,"d":"$741"}]
[6,"BC-3-1, TRANE BCHD012, 500 CFM, 115 V, 1 PH, 60 HZ, 9.3 MAX AMP, 15 MAX FUSE AMP.\n1. Bas Contractor To Provide Distech Controls Controller (BACNET/IP), 2-Way Valve, And Space Temperature Sensor (No Display).\n2. Spring Vibration Isolation.\n3. MERV 13 Filter.",1,{"v":0,"d":"0%"},1,"EA",null,0,{"v":123.52,"d":"$124"},{"$f":"E495*6","v":6},{"v":741.12,"d":"$741"},{"v":741.12,"d":"$741"}]
[]
["BLOWER COIL AIR HANDLER PIPING DETAIL"]
[1,"3/4\" Dia Ball Valve",12,{"v":0,"d":"0%"},{"$f":"C498*(1+D498)","v":12},"EA",{"v":8.32,"d":"$8.32"},{"$f":"G498*E498","v":{"v":99.84,"d":"$100"}},{"$f":"L$4","v":{"v":123.52,"d":"$124"}},{"$f":"E498*0.44","v":{"v":5.28,"d":"5"}},{"$f":"J498*I498","v":{"v":652.1856,"d":"$652"}},{"$f":"K498+H498","v":{"v":752.0256,"d":"$752"}}]
[2,"3/4\" Dia Combination Balancing Valve / Flow Measuring Station",6,{"v":0,"d":"0%"},6,"EA",{"v":148.98,"d":"$148.98"},{"v":893.8799999999999,"d":"$894"},{"v":123.52,"d":"$124"},{"$f":"E499*0.55","v":{"v":3.3000000000000003,"d":"3"}},{"v":407.61600000000004,"d":"$408"},{"v":1301.4959999999999,"d":"$1,301"}]
[3,"3/4\" Dia Drain Valve",6,{"v":0,"d":"0%"},6,"EA",{"v":8.12,"d":"$8.12"},{"v":48.72,"d":"$49"},{"v":123.52,"d":"$124"},{"$f":"E500*0.44","v":{"v":2.64,"d":"3"}},{"v":326.0928,"d":"$326"},{"v":374.81280000000004,"d":"$375"}]
[4,"3/4\" Dia Manual Air Vent",12,{"v":0,"d":"0%"},12,"EA",{"v":6.44,"d":"$6.44"},{"v":77.28,"d":"$77"},{"v":123.52,"d":"$124"},{"$f":"E501*0.44","v":{"v":5.28,"d":"5"}},{"v":652.1856,"d":"$652"},{"v":729.4656,"d":"$729"}]
[5,"3/4\" Dia Union",12,{"v":0,"d":"0%"},12,"EA",{"v":3.53,"d":"$3.53"},{"v":42.36,"d":"$42"},{"v":123.52,"d":"$124"},{"$f":"E502*0.724","v":{"v":8.687999999999999,"d":"9"}},{"v":1073.1417599999997,"d":"$1,073"},{"v":1115.5017599999996,"d":"$1,116"}]
[]
["FAN COIL UNIT"]
[1,"FC-0-1, Fan Coil Unit Heater, \"TRANE\" FFDB020, 290 Air Flow CFM, .13 Motor HP, 2,75 MCA, 115 V, 1 PH, 60 HZ.\n1. Spring Vibration Isolation.\n2. MERV 13 Filter.\n3. Bas Contractor To Provide Distech Controls Controller (BACNET/IP), 2-Way Valve, And Space Temperature Sensor (No Display).",1,{"v":0,"d":"0%"},{"$f":"C505*(1+D505)","v":1},"EA",null,{"$f":"G505*E505","v":0},{"$f":"L$4","v":{"v":123.52,"d":"$124"}},{"$f":"E505*4","v":4},{"$f":"J505*I505","v":{"v":494.08,"d":"$494"}},{"$f":"K505+H505","v":{"v":494.08,"d":"$494"}}]
[2,"FC-0-2, Fan Coil Unit Heater, \"TRANE\" FFDB020, 290 Air Flow CFM, .13 Motor HP, 2,75 MCA, 115 V, 1 PH, 60 HZ.\n1. Spring Vibration Isolation.\n2. MERV 13 Filter.\n3. Bas Contractor To Provide Distech Controls Controller (BACNET/IP), 2-Way Valve, And Space Temperature Sensor (No Display).",1,{"v":0,"d":"0%"},1,"EA",null,{"$f":"G506*E506","v":0},{"$f":"L$4","v":{"v":123.52,"d":"$124"}},{"$f":"E506*4","v":4},{"$f":"J506*I506","v":{"v":494.08,"d":"$494"}},{"$f":"K506+H506","v":{"v":494.08,"d":"$494"}}]
[3,"FC-0-3, Fan Coil Unit Heater, \"TRANE\" FFDB020, 290 Air Flow CFM, .13 Motor HP, 2,75 MCA, 115 V, 1 PH, 60 HZ.\n1. Spring Vibration Isolation.\n2. MERV 13 Filter.\n3. Bas Contractor To Provide Distech Controls Controller (BACNET/IP), 2-Way Valve, And Space Temperature Sensor (No Display).",1,{"v":0,"d":"0%"},1,"EA",null,0,{"v":123.52,"d":"$124"},4,{"v":494.08,"d":"$494"},{"v":494.08,"d":"$494"}]
[4,"FC-1-1, Fan Coil Unit Heater, \"TRANE\" FFDB020, 290 Air Flow CFM, .13 Motor HP, 2,75 MCA, 115 V, 1 PH, 60 HZ.\n1. Spring Vibration Isolation.\n2. MERV 13 Filter.\n3. Bas Contractor To Provide Distech Controls Controller (BACNET/IP), 2-Way Valve, And Space Temperature Sensor (No Display).",1,{"v":0,"d":"0%"},1,"EA",null,0,{"v":123.52,"d":"$124"},4,{"v":494.08,"d":"$494"},{"v":494.08,"d":"$494"}]
[5,"FC-1-2, Fan Coil Unit Heater, \"TRANE\" FFDB020, 290 Air Flow CFM, .13 Motor HP, 2,75 MCA, 115 V, 1 PH, 60 HZ.\n1. Spring Vibration Isolation.\n2. MERV 13 Filter.\n3. Bas Contractor To Provide Distech Controls Controller (BACNET/IP), 2-Way Valve, And Space Temperature Sensor (No Display).",1,{"v":0,"d":"0%"},1,"EA",null,0,{"v":123.52,"d":"$124"},4,{"v":494.08,"d":"$494"},{"v":494.08,"d":"$494"}]
[6,"FC-1-3, Fan Coil Unit Heater, \"TRANE\" FFDB020, 290 Air Flow CFM, .13 Motor HP, 2,75 MCA, 115 V, 1 PH, 60 HZ.\n1. Spring Vibration Isolation.\n2. MERV 13 Filter.\n3. Bas Contractor To Provide Distech Controls Controller (BACNET/IP), 2-Way Valve, And Space Temperature Sensor (No Display).",1,{"v":0,"d":"0%"},1,"EA",null,0,{"v":123.52,"d":"$124"},4,{"v":494.08,"d":"$494"},{"v":494.08,"d":"$494"}]
[7,"FC-1-4, Fan Coil Unit Heater, \"TRANE\" FFDB020, 290 Air Flow CFM, .13 Motor HP, 2,75 MCA, 115 V, 1 PH, 60 HZ.\n1. Spring Vibration Isolation.\n2. MERV 13 Filter.\n3. Bas Contractor To Provide Distech Controls Controller (BACNET/IP), 2-Way Valve, And Space Temperature Sensor (No Display).",1,{"v":0,"d":"0%"},1,"EA",null,0,{"v":123.52,"d":"$124"},4,{"v":494.08,"d":"$494"},{"v":494.08,"d":"$494"}]
[8,"FC-1-5, Fan Coil Unit Heater, \"TRANE\" FFDB020, 290 Air Flow CFM, .13 Motor HP, 2,75 MCA, 115 V, 1 PH, 60 HZ.\n1. Spring Vibration Isolation.\n2. MERV 13 Filter.\n3. Bas Contractor To Provide Distech Controls Controller (BACNET/IP), 2-Way Valve, And Space Temperature Sensor (No Display).",1,{"v":0,"d":"0%"},1,"EA",null,0,{"v":123.52,"d":"$124"},4,{"v":494.08,"d":"$494"},{"v":494.08,"d":"$494"}]
[9,"FC-2-1, Fan Coil Unit Heater, \"TRANE\" FFDB020, 290 Air Flow CFM, .13 Motor HP, 2,75 MCA, 115 V, 1 PH, 60 HZ.\n1. Spring Vibration Isolation.\n2. MERV 13 Filter.\n3. Bas Contractor To Provide Distech Controls Controller (BACNET/IP), 2-Way Valve, And Space Temperature Sensor (No Display).",1,{"v":0,"d":"0%"},1,"EA",null,0,{"v":123.52,"d":"$124"},4,{"v":494.08,"d":"$494"},{"v":494.08,"d":"$494"}]
[10,"FC-2-2, Fan Coil Unit Heater, \"TRANE\" FFDB020, 290 Air Flow CFM, .13 Motor HP, 2,75 MCA, 115 V, 1 PH, 60 HZ.\n1. Spring Vibration Isolation.\n2. MERV 13 Filter.\n3. Bas Contractor To Provide Distech Controls Controller (BACNET/IP), 2-Way Valve, And Space Temperature Sensor (No Display).",1,{"v":0,"d":"0%"},1,"EA",null,0,{"v":123.52,"d":"$124"},4,{"v":494.08,"d":"$494"},{"v":494.08,"d":"$494"}]
[11,"FC-3-1, Fan Coil Unit Heater, \"TRANE\" FFDB020, 290 Air Flow CFM, .13 Motor HP, 2,75 MCA, 115 V, 1 PH, 60 HZ.\n1. Spring Vibration Isolation.\n2. MERV 13 Filter.\n3. Bas Contractor To Provide Distech Controls Controller (BACNET/IP), 2-Way Valve, And Space Temperature Sensor (No Display).",1,{"v":0,"d":"0%"},1,"EA",null,0,{"v":123.52,"d":"$124"},4,{"v":494.08,"d":"$494"},{"v":494.08,"d":"$494"}]
[12,"FC-3-2, Fan Coil Unit Heater, \"TRANE\" FFDB020, 290 Air Flow CFM, .13 Motor HP, 2,75 MCA, 115 V, 1 PH, 60 HZ.\n1. Spring Vibration Isolation.\n2. MERV 13 Filter.\n3. Bas Contractor To Provide Distech Controls Controller (BACNET/IP), 2-Way Valve, And Space Temperature Sensor (No Display).",1,{"v":0,"d":"0%"},1,"EA",null,0,{"v":123.52,"d":"$124"},4,{"v":494.08,"d":"$494"},{"v":494.08,"d":"$494"}]
[13,"FC-3-3, Fan Coil Unit Heater, \"TRANE\" FFDB020, 290 Air Flow CFM, .13 Motor HP, 2,75 MCA, 115 V, 1 PH, 60 HZ.\n1. Spring Vibration Isolation.\n2. MERV 13 Filter.\n3. Bas Contractor To Provide Distech Controls Controller (BACNET/IP), 2-Way Valve, And Space Temperature Sensor (No Display).",1,{"v":0,"d":"0%"},1,"EA",null,0,{"v":123.52,"d":"$124"},4,{"v":494.08,"d":"$494"},{"v":494.08,"d":"$494"}]
[14,"FC-4-1, Fan Coil Unit Heater, \"TRANE\" FFDB020, 290 Air Flow CFM, .13 Motor HP, 2,75 MCA, 115 V, 1 PH, 60 HZ.\n1. Spring Vibration Isolation.\n2. MERV 13 Filter.\n3. Mechanical Contractor To Provide (2) Ball Valves, (1) Circuit Setter, (2) Union Connections, (1) Strainer, (1) Drain Ball Valve.\n4. Bas Contractor To Provide Distech Controls Controller (BACNET/IP), 2-Way Valve, And Space Temperature Sensor (No Display).",1,{"v":0,"d":"0%"},1,"EA",null,0,{"v":123.52,"d":"$124"},4,{"v":494.08,"d":"$494"},{"v":494.08,"d":"$494"}]
[15,"FC-4-2, Fan Coil Unit Heater, \"TRANE\" FFDB020, 290 Air Flow CFM, .13 Motor HP, 2,75 MCA, 115 V, 1 PH, 60 HZ.\n1. Spring Vibration Isolation.\n2. MERV 13 Filter.\n3. Bas Contractor To Provide Distech Controls Controller (BACNET/IP), 2-Way Valve, And Space Temperature Sensor (No Display).",1,{"v":0,"d":"0%"},1,"EA",null,0,{"v":123.52,"d":"$124"},4,{"v":494.08,"d":"$494"},{"v":494.08,"d":"$494"}]
[]
["FAN COIL UNIT PIPING DETAIL"]
[1,"3/4\" Dia Ball Valve",30,{"v":0,"d":"0%"},{"$f":"C522*(1+D522)","v":30},"EA",{"v":8.32,"d":"$8.32"},{"$f":"G522*E522","v":{"v":249.60000000000002,"d":"$250"}},{"$f":"L$4","v":{"v":123.52,"d":"$124"}},{"$f":"E522*0.44","v":{"v":13.2,"d":"13"}},{"$f":"J522*I522","v":{"v":1630.464,"d":"$1,630"}},{"$f":"K522+H522","v":{"v":1880.0639999999999,"d":"$1,880"}}]
[2,"3/4\" Dia Combination Balancing Valve / Flow Measuring Station",15,{"v":0,"d":"0%"},15,"EA",{"v":148.98,"d":"$148.98"},{"v":2234.7,"d":"$2,235"},{"v":123.52,"d":"$124"},{"$f":"E523*0.55","v":{"v":8.25,"d":"8"}},{"v":1019.04,"d":"$1,019"},{"v":3253.74,"d":"$3,254"}]
[3,"3/4\" Dia Drain Valve",15,{"v":0,"d":"0%"},15,"EA",{"v":8.12,"d":"$8.12"},{"v":121.79999999999998,"d":"$122"},{"v":123.52,"d":"$124"},{"$f":"E524*0.44","v":{"v":6.6,"d":"7"}},{"v":815.232,"d":"$815"},{"v":937.0319999999999,"d":"$937"}]
[4,"3/4\" Dia Manual Air Vent",30,{"v":0,"d":"0%"},30,"EA",{"v":6.44,"d":"$6.44"},{"v":193.20000000000002,"d":"$193"},{"v":123.52,"d":"$124"},{"$f":"E525*0.44","v":{"v":13.2,"d":"13"}},{"v":1630.464,"d":"$1,630"},{"v":1823.664,"d":"$1,824"}]
[5,"3/4\" Dia Union",30,{"v":0,"d":"0%"},30,"EA",{"v":3.53,"d":"$3.53"},{"v":105.89999999999999,"d":"$106"},{"v":123.52,"d":"$124"},{"$f":"E526*0.724","v":{"v":21.72,"d":"22"}},{"v":2682.8543999999997,"d":"$2,683"},{"v":2788.7544,"d":"$2,789"}]
[]
["CONVECTOR"]
[1,"C-1-1, Convector, \"STERLING \" FSG-A.\n1. Knob Dampers.\n2. 4\" End Pockets (Field Verify Side Location).\n3. Bas Contractor To Provide Distech 2-Way Control Valve",1,{"v":0,"d":"0%"},{"$f":"C529*(1+D529)","v":1},"EA",null,{"$f":"G529*E529","v":0},{"$f":"L$4","v":{"v":123.52,"d":"$124"}},{"$f":"E529*4","v":4},{"$f":"J529*I529","v":{"v":494.08,"d":"$494"}},{"$f":"K529+H529","v":{"v":494.08,"d":"$494"}}]
[2,"C-1-2, Convector, \"STERLING \" RFG-A.\n1. Knob Dampers.\n2. 4\" End Pockets (Field Verify Side Location).\n3. Bas Contractor To Provide Distech 2-Way Control Valve",1,{"v":0,"d":"0%"},1,"EA",null,{"$f":"G530*E530","v":0},{"$f":"L$4","v":{"v":123.52,"d":"$124"}},{"$f":"E530*4","v":4},{"$f":"J530*I530","v":{"v":494.08,"d":"$494"}},{"$f":"K530+H530","v":{"v":494.08,"d":"$494"}}]
[3,"C-2-1, Convector, \"STERLING \" FSG-A.\n1. Knob Dampers.\n2. 4\" End Pockets (Field Verify Side Location).\n3. Bas Contractor To Provide Distech 2-Way Control Valve",1,{"v":0,"d":"0%"},1,"EA",null,0,{"v":123.52,"d":"$124"},4,{"v":494.08,"d":"$494"},{"v":494.08,"d":"$494"}]
[4,"C-3-1, Convector, \"STERLING \" FSG-A.\n1. Knob Dampers.\n2. 4\" End Pockets (Field Verify Side Location).\n3. Bas Contractor To Provide Distech 2-Way Control Valve",1,{"v":0,"d":"0%"},1,"EA",null,0,{"v":123.52,"d":"$124"},4,{"v":494.08,"d":"$494"},{"v":494.08,"d":"$494"}]
[]
["BASEBOARD"]
[1,"BB-1-1, Baseboard, \"SLANT FIN\" RL-10.",1,{"v":0,"d":"0%"},{"$f":"C535*(1+D535)","v":1},"EA",null,{"$f":"G535*E535","v":0},{"$f":"L$4","v":{"v":123.52,"d":"$124"}},{"$f":"E535*4","v":4},{"$f":"J535*I535","v":{"v":494.08,"d":"$494"}},{"$f":"K535+H535","v":{"v":494.08,"d":"$494"}}]
[2,"BB-1-2, Baseboard, \"SLANT FIN\" RL-10.",1,{"v":0,"d":"0%"},1,"EA",null,{"$f":"G536*E536","v":0},{"$f":"L$4","v":{"v":123.52,"d":"$124"}},{"$f":"E536*4","v":4},{"$f":"J536*I536","v":{"v":494.08,"d":"$494"}},{"$f":"K536+H536","v":{"v":494.08,"d":"$494"}}]
[3,"BB-1-3, Baseboard, \"SLANT FIN\" RL-10.",1,{"v":0,"d":"0%"},1,"EA",null,0,{"v":123.52,"d":"$124"},4,{"v":494.08,"d":"$494"},{"v":494.08,"d":"$494"}]
[4,"BB-1-4, Baseboard, \"SLANT FIN\" RL-10.",1,{"v":0,"d":"0%"},1,"EA",null,0,{"v":123.52,"d":"$124"},4,{"v":494.08,"d":"$494"},{"v":494.08,"d":"$494"}]
[5,"BB-1-5, Baseboard, \"SLANT FIN\" RL-10.",1,{"v":0,"d":"0%"},1,"EA",null,0,{"v":123.52,"d":"$124"},4,{"v":494.08,"d":"$494"},{"v":494.08,"d":"$494"}]
[6,"BB-1-6, Baseboard, \"SLANT FIN\" RL-10.",1,{"v":0,"d":"0%"},1,"EA",null,0,{"v":123.52,"d":"$124"},4,{"v":494.08,"d":"$494"},{"v":494.08,"d":"$494"}]
[7,"BB-1-7, Baseboard, \"SLANT FIN\" RL-10.",1,{"v":0,"d":"0%"},1,"EA",null,0,{"v":123.52,"d":"$124"},4,{"v":494.08,"d":"$494"},{"v":494.08,"d":"$494"}]
[8,"BB-1-8, Baseboard, \"SLANT FIN\" RL-10.",1,{"v":0,"d":"0%"},1,"EA",null,0,{"v":123.52,"d":"$124"},4,{"v":494.08,"d":"$494"},{"v":494.08,"d":"$494"}]
[9,"BB-1-9, Baseboard, \"SLANT FIN\" RL-10.",1,{"v":0,"d":"0%"},1,"EA",null,0,{"v":123.52,"d":"$124"},4,{"v":494.08,"d":"$494"},{"v":494.08,"d":"$494"}]
[10,"BB-1-10, Baseboard, \"SLANT FIN\" RL-10.",1,{"v":0,"d":"0%"},1,"EA",null,0,{"v":123.52,"d":"$124"},4,{"v":494.08,"d":"$494"},{"v":494.08,"d":"$494"}]
[11,"BB-1-11, Baseboard, \"SLANT FIN\" RL-10.",1,{"v":0,"d":"0%"},1,"EA",null,0,{"v":123.52,"d":"$124"},4,{"v":494.08,"d":"$494"},{"v":494.08,"d":"$494"}]
[12,"BB-1-12, Baseboard, \"SLANT FIN\" RL-10.",1,{"v":0,"d":"0%"},1,"EA",null,0,{"v":123.52,"d":"$124"},4,{"v":494.08,"d":"$494"},{"v":494.08,"d":"$494"}]
[13,"BB-1-13, Baseboard, \"SLANT FIN\" RL-10.",1,{"v":0,"d":"0%"},1,"EA",null,0,{"v":123.52,"d":"$124"},4,{"v":494.08,"d":"$494"},{"v":494.08,"d":"$494"}]
[14,"BB-1-14, Baseboard, \"SLANT FIN\" RL-10.",1,{"v":0,"d":"0%"},1,"EA",null,0,{"v":123.52,"d":"$124"},4,{"v":494.08,"d":"$494"},{"v":494.08,"d":"$494"}]
[15,"BB-1-15, Baseboard, \"SLANT FIN\" RL-10.",1,{"v":0,"d":"0%"},1,"EA",null,0,{"v":123.52,"d":"$124"},4,{"v":494.08,"d":"$494"},{"v":494.08,"d":"$494"}]
[16,"BB-1-16, Baseboard, \"SLANT FIN\" RL-10.",1,{"v":0,"d":"0%"},1,"EA",null,0,{"v":123.52,"d":"$124"},4,{"v":494.08,"d":"$494"},{"v":494.08,"d":"$494"}]
[17,"BB-1-17, Baseboard, \"SLANT FIN\" RL-10.",1,{"v":0,"d":"0%"},1,"EA",null,0,{"v":123.52,"d":"$124"},4,{"v":494.08,"d":"$494"},{"v":494.08,"d":"$494"}]
[18,"BB-1-18, Baseboard, \"SLANT FIN\" RL-10.",1,{"v":0,"d":"0%"},1,"EA",null,0,{"v":123.52,"d":"$124"},4,{"v":494.08,"d":"$494"},{"v":494.08,"d":"$494"}]
[19,"BB-1-19, Baseboard, \"SLANT FIN\" RL-10.",1,{"v":0,"d":"0%"},1,"EA",null,0,{"v":123.52,"d":"$124"},4,{"v":494.08,"d":"$494"},{"v":494.08,"d":"$494"}]
[20,"BB-1-20, Baseboard, \"SLANT FIN\" RL-10.",1,{"v":0,"d":"0%"},1,"EA",null,0,{"v":123.52,"d":"$124"},4,{"v":494.08,"d":"$494"},{"v":494.08,"d":"$494"}]
[21,"BB-1-21, Baseboard, \"SLANT FIN\" RL-10.",1,{"v":0,"d":"0%"},1,"EA",null,0,{"v":123.52,"d":"$124"},4,{"v":494.08,"d":"$494"},{"v":494.08,"d":"$494"}]
[22,"BB-1-22, Baseboard, \"SLANT FIN\" RL-10.",1,{"v":0,"d":"0%"},1,"EA",null,0,{"v":123.52,"d":"$124"},4,{"v":494.08,"d":"$494"},{"v":494.08,"d":"$494"}]
[23,"BB-1-23, Baseboard, \"SLANT FIN\" RL-10.",1,{"v":0,"d":"0%"},1,"EA",null,0,{"v":123.52,"d":"$124"},4,{"v":494.08,"d":"$494"},{"v":494.08,"d":"$494"}]
[24,"BB-1-24, Baseboard, \"SLANT FIN\" RL-10.",1,{"v":0,"d":"0%"},1,"EA",null,0,{"v":123.52,"d":"$124"},4,{"v":494.08,"d":"$494"},{"v":494.08,"d":"$494"}]
[25,"BB-1-25, Baseboard, \"SLANT FIN\" RL-10.",1,{"v":0,"d":"0%"},1,"EA",null,0,{"v":123.52,"d":"$124"},4,{"v":494.08,"d":"$494"},{"v":494.08,"d":"$494"}]
[26,"BB-1-26, Baseboard, \"SLANT FIN\" RL-10.",1,{"v":0,"d":"0%"},1,"EA",null,0,{"v":123.52,"d":"$124"},4,{"v":494.08,"d":"$494"},{"v":494.08,"d":"$494"}]
[27,"BB-1-27, Baseboard, \"SLANT FIN\" RL-10.",1,{"v":0,"d":"0%"},1,"EA",null,0,{"v":123.52,"d":"$124"},4,{"v":494.08,"d":"$494"},{"v":494.08,"d":"$494"}]
[28,"BB-1-28, Baseboard, \"SLANT FIN\" RL-10.",1,{"v":0,"d":"0%"},1,"EA",null,0,{"v":123.52,"d":"$124"},4,{"v":494.08,"d":"$494"},{"v":494.08,"d":"$494"}]
[29,"BB-1-29, Baseboard, \"SLANT FIN\" RL-10.",1,{"v":0,"d":"0%"},1,"EA",null,0,{"v":123.52,"d":"$124"},4,{"v":494.08,"d":"$494"},{"v":494.08,"d":"$494"}]
[30,"BB-1-30, Baseboard, \"SLANT FIN\" RL-10.",1,{"v":0,"d":"0%"},1,"EA",null,0,{"v":123.52,"d":"$124"},4,{"v":494.08,"d":"$494"},{"v":494.08,"d":"$494"}]
[31,"BB-1-31, Baseboard, \"SLANT FIN\" RL-10.",1,{"v":0,"d":"0%"},1,"EA",null,0,{"v":123.52,"d":"$124"},4,{"v":494.08,"d":"$494"},{"v":494.08,"d":"$494"}]
[32,"BB-1-32, Baseboard, \"SLANT FIN\" RL-10.",1,{"v":0,"d":"0%"},1,"EA",null,0,{"v":123.52,"d":"$124"},4,{"v":494.08,"d":"$494"},{"v":494.08,"d":"$494"}]
[33,"BB-1-33, Baseboard, \"SLANT FIN\" RL-10.",1,{"v":0,"d":"0%"},1,"EA",null,0,{"v":123.52,"d":"$124"},4,{"v":494.08,"d":"$494"},{"v":494.08,"d":"$494"}]
[34,"BB-1-34, Baseboard, \"SLANT FIN\" RL-10.",1,{"v":0,"d":"0%"},1,"EA",null,0,{"v":123.52,"d":"$124"},4,{"v":494.08,"d":"$494"},{"v":494.08,"d":"$494"}]
[35,"BB-1-35, Baseboard, \"SLANT FIN\" RL-10.",1,{"v":0,"d":"0%"},1,"EA",null,0,{"v":123.52,"d":"$124"},4,{"v":494.08,"d":"$494"},{"v":494.08,"d":"$494"}]
[36,"BB-1-36, Baseboard, \"SLANT FIN\" RL-10.",1,{"v":0,"d":"0%"},1,"EA",null,0,{"v":123.52,"d":"$124"},4,{"v":494.08,"d":"$494"},{"v":494.08,"d":"$494"}]
[37,"BB-1-37, Baseboard, \"SLANT FIN\" RL-10.",1,{"v":0,"d":"0%"},1,"EA",null,0,{"v":123.52,"d":"$124"},4,{"v":494.08,"d":"$494"},{"v":494.08,"d":"$494"}]
[38,"BB-1-38, Baseboard, \"SLANT FIN\" RL-10.",1,{"v":0,"d":"0%"},1,"EA",null,0,{"v":123.52,"d":"$124"},4,{"v":494.08,"d":"$494"},{"v":494.08,"d":"$494"}]
[39,"BB-1-39, Baseboard, \"SLANT FIN\" RL-10.",1,{"v":0,"d":"0%"},1,"EA",null,0,{"v":123.52,"d":"$124"},4,{"v":494.08,"d":"$494"},{"v":494.08,"d":"$494"}]
[40,"BB-1-40, Baseboard, \"SLANT FIN\" RL-10.",1,{"v":0,"d":"0%"},1,"EA",null,0,{"v":123.52,"d":"$124"},4,{"v":494.08,"d":"$494"},{"v":494.08,"d":"$494"}]
[41,"BB-1-41, Baseboard, \"SLANT FIN\" RL-10.",1,{"v":0,"d":"0%"},1,"EA",null,0,{"v":123.52,"d":"$124"},4,{"v":494.08,"d":"$494"},{"v":494.08,"d":"$494"}]
[42,"BB-1-42, Baseboard, \"SLANT FIN\" RL-10.",1,{"v":0,"d":"0%"},1,"EA",null,0,{"v":123.52,"d":"$124"},4,{"v":494.08,"d":"$494"},{"v":494.08,"d":"$494"}]
[43,"BB-1-43, Baseboard, \"SLANT FIN\" RL-10.",1,{"v":0,"d":"0%"},1,"EA",null,0,{"v":123.52,"d":"$124"},4,{"v":494.08,"d":"$494"},{"v":494.08,"d":"$494"}]
[44,"BB-1-44, Baseboard, \"SLANT FIN\" RL-10.",1,{"v":0,"d":"0%"},1,"EA",null,0,{"v":123.52,"d":"$124"},4,{"v":494.08,"d":"$494"},{"v":494.08,"d":"$494"}]
[45,"BB-1-45, Baseboard, \"SLANT FIN\" RL-10.",1,{"v":0,"d":"0%"},1,"EA",null,0,{"v":123.52,"d":"$124"},4,{"v":494.08,"d":"$494"},{"v":494.08,"d":"$494"}]
[46,"BB-1-46, Baseboard, \"SLANT FIN\" RL-10.",1,{"v":0,"d":"0%"},1,"EA",null,0,{"v":123.52,"d":"$124"},4,{"v":494.08,"d":"$494"},{"v":494.08,"d":"$494"}]
[47,"BB-1-47, Baseboard, \"SLANT FIN\" RL-10.",1,{"v":0,"d":"0%"},1,"EA",null,0,{"v":123.52,"d":"$124"},4,{"v":494.08,"d":"$494"},{"v":494.08,"d":"$494"}]
[48,"BB-1-48, Baseboard, \"SLANT FIN\" RL-10.",1,{"v":0,"d":"0%"},1,"EA",null,0,{"v":123.52,"d":"$124"},4,{"v":494.08,"d":"$494"},{"v":494.08,"d":"$494"}]
[49,"BB-1-49, Baseboard, \"SLANT FIN\" RL-10.",1,{"v":0,"d":"0%"},1,"EA",null,0,{"v":123.52,"d":"$124"},4,{"v":494.08,"d":"$494"},{"v":494.08,"d":"$494"}]
[50,"BB-1-50, Baseboard, \"SLANT FIN\" RL-10.",1,{"v":0,"d":"0%"},1,"EA",null,0,{"v":123.52,"d":"$124"},4,{"v":494.08,"d":"$494"},{"v":494.08,"d":"$494"}]
[51,"BB-1-51, Baseboard, \"SLANT FIN\" RL-10.",1,{"v":0,"d":"0%"},1,"EA",null,0,{"v":123.52,"d":"$124"},4,{"v":494.08,"d":"$494"},{"v":494.08,"d":"$494"}]
[52,"BB-1-52, Baseboard, \"SLANT FIN\" RL-10.",1,{"v":0,"d":"0%"},1,"EA",null,0,{"v":123.52,"d":"$124"},4,{"v":494.08,"d":"$494"},{"v":494.08,"d":"$494"}]
[53,"BB-1-53, Baseboard, \"SLANT FIN\" RL-10.",1,{"v":0,"d":"0%"},1,"EA",null,0,{"v":123.52,"d":"$124"},4,{"v":494.08,"d":"$494"},{"v":494.08,"d":"$494"}]
[54,"BB-1-54, Baseboard, \"SLANT FIN\" RL-10.",1,{"v":0,"d":"0%"},1,"EA",null,0,{"v":123.52,"d":"$124"},4,{"v":494.08,"d":"$494"},{"v":494.08,"d":"$494"}]
[55,"BB-1-55, Baseboard, \"SLANT FIN\" RL-10.",1,{"v":0,"d":"0%"},1,"EA",null,0,{"v":123.52,"d":"$124"},4,{"v":494.08,"d":"$494"},{"v":494.08,"d":"$494"}]
[56,"BB-1-56, Baseboard, \"SLANT FIN\" RL-10.",1,{"v":0,"d":"0%"},1,"EA",null,0,{"v":123.52,"d":"$124"},4,{"v":494.08,"d":"$494"},{"v":494.08,"d":"$494"}]
[57,"BB-1-57, Baseboard, \"SLANT FIN\" RL-10.",1,{"v":0,"d":"0%"},1,"EA",null,0,{"v":123.52,"d":"$124"},4,{"v":494.08,"d":"$494"},{"v":494.08,"d":"$494"}]
[58,"BB-1-58, Baseboard, \"SLANT FIN\" RL-10.",1,{"v":0,"d":"0%"},1,"EA",null,0,{"v":123.52,"d":"$124"},4,{"v":494.08,"d":"$494"},{"v":494.08,"d":"$494"}]
[59,"BB-1-59, Baseboard, \"SLANT FIN\" RL-10.",1,{"v":0,"d":"0%"},1,"EA",null,0,{"v":123.52,"d":"$124"},4,{"v":494.08,"d":"$494"},{"v":494.08,"d":"$494"}]
[60,"BB-1-60, Baseboard, \"SLANT FIN\" RL-10.",1,{"v":0,"d":"0%"},1,"EA",null,0,{"v":123.52,"d":"$124"},4,{"v":494.08,"d":"$494"},{"v":494.08,"d":"$494"}]
[61,"BB-1-61, Baseboard, \"SLANT FIN\" RL-10.",1,{"v":0,"d":"0%"},1,"EA",null,0,{"v":123.52,"d":"$124"},4,{"v":494.08,"d":"$494"},{"v":494.08,"d":"$494"}]
[62,"BB-1-62, Baseboard, \"SLANT FIN\" RL-10.",1,{"v":0,"d":"0%"},1,"EA",null,0,{"v":123.52,"d":"$124"},4,{"v":494.08,"d":"$494"},{"v":494.08,"d":"$494"}]
[63,"BB-1-63, Baseboard, \"SLANT FIN\" RL-10.",1,{"v":0,"d":"0%"},1,"EA",null,0,{"v":123.52,"d":"$124"},4,{"v":494.08,"d":"$494"},{"v":494.08,"d":"$494"}]
[64,"BB-1-64, Baseboard, \"SLANT FIN\" RL-10.",1,{"v":0,"d":"0%"},1,"EA",null,0,{"v":123.52,"d":"$124"},4,{"v":494.08,"d":"$494"},{"v":494.08,"d":"$494"}]
[65,"BB-1-65, Baseboard, \"SLANT FIN\" RL-10.",1,{"v":0,"d":"0%"},{"$f":"C599*(1+D599)","v":1},"EA",null,0,{"v":123.52,"d":"$124"},4,{"v":494.08,"d":"$494"},{"v":494.08,"d":"$494"}]
[66,"BB-2-1, Baseboard, \"SLANT FIN\" RL-10.",1,{"v":0,"d":"0%"},1,"EA",null,{"$f":"G600*E600","v":0},{"$f":"L$4","v":{"v":123.52,"d":"$124"}},{"$f":"E600*4","v":4},{"$f":"J600*I600","v":{"v":494.08,"d":"$494"}},{"$f":"K600+H600","v":{"v":494.08,"d":"$494"}}]
[67,"BB-2-2, Baseboard, \"SLANT FIN\" RL-10.",1,{"v":0,"d":"0%"},1,"EA",null,0,{"v":123.52,"d":"$124"},4,{"v":494.08,"d":"$494"},{"v":494.08,"d":"$494"}]
[68,"BB-2-3, Baseboard, \"SLANT FIN\" RL-10.",1,{"v":0,"d":"0%"},1,"EA",null,0,{"v":123.52,"d":"$124"},4,{"v":494.08,"d":"$494"},{"v":494.08,"d":"$494"}]
[69,"BB-2-4, Baseboard, \"SLANT FIN\" RL-10.",1,{"v":0,"d":"0%"},1,"EA",null,0,{"v":123.52,"d":"$124"},4,{"v":494.08,"d":"$494"},{"v":494.08,"d":"$494"}]
[70,"BB-2-5, Baseboard, \"SLANT FIN\" RL-10.",1,{"v":0,"d":"0%"},1,"EA",null,0,{"v":123.52,"d":"$124"},4,{"v":494.08,"d":"$494"},{"v":494.08,"d":"$494"}]
[71,"BB-2-6, Baseboard, \"SLANT FIN\" RL-10.",1,{"v":0,"d":"0%"},1,"EA",null,0,{"v":123.52,"d":"$124"},4,{"v":494.08,"d":"$494"},{"v":494.08,"d":"$494"}]
[72,"BB-2-7, Baseboard, \"SLANT FIN\" RL-10.",1,{"v":0,"d":"0%"},1,"EA",null,0,{"v":123.52,"d":"$124"},4,{"v":494.08,"d":"$494"},{"v":494.08,"d":"$494"}]
[73,"BB-2-8, Baseboard, \"SLANT FIN\" RL-10.",1,{"v":0,"d":"0%"},1,"EA",null,0,{"v":123.52,"d":"$124"},4,{"v":494.08,"d":"$494"},{"v":494.08,"d":"$494"}]
[74,"BB-2-9, Baseboard, \"SLANT FIN\" RL-10.",1,{"v":0,"d":"0%"},1,"EA",null,0,{"v":123.52,"d":"$124"},4,{"v":494.08,"d":"$494"},{"v":494.08,"d":"$494"}]
[75,"BB-2-10, Baseboard, \"SLANT FIN\" RL-10.",1,{"v":0,"d":"0%"},1,"EA",null,0,{"v":123.52,"d":"$124"},4,{"v":494.08,"d":"$494"},{"v":494.08,"d":"$494"}]
[76,"BB-2-11, Baseboard, \"SLANT FIN\" RL-10.",1,{"v":0,"d":"0%"},1,"EA",null,0,{"v":123.52,"d":"$124"},4,{"v":494.08,"d":"$494"},{"v":494.08,"d":"$494"}]
[77,"BB-2-12, Baseboard, \"SLANT FIN\" RL-10.",1,{"v":0,"d":"0%"},1,"EA",null,0,{"v":123.52,"d":"$124"},4,{"v":494.08,"d":"$494"},{"v":494.08,"d":"$494"}]
[78,"BB-2-13, Baseboard, \"SLANT FIN\" RL-10.",1,{"v":0,"d":"0%"},1,"EA",null,0,{"v":123.52,"d":"$124"},4,{"v":494.08,"d":"$494"},{"v":494.08,"d":"$494"}]
[79,"BB-2-14, Baseboard, \"SLANT FIN\" RL-10.",1,{"v":0,"d":"0%"},1,"EA",null,0,{"v":123.52,"d":"$124"},4,{"v":494.08,"d":"$494"},{"v":494.08,"d":"$494"}]
[80,"BB-2-15, Baseboard, \"SLANT FIN\" RL-10.",1,{"v":0,"d":"0%"},1,"EA",null,0,{"v":123.52,"d":"$124"},4,{"v":494.08,"d":"$494"},{"v":494.08,"d":"$494"}]
[81,"BB-2-16, Baseboard, \"SLANT FIN\" RL-10.",1,{"v":0,"d":"0%"},1,"EA",null,0,{"v":123.52,"d":"$124"},4,{"v":494.08,"d":"$494"},{"v":494.08,"d":"$494"}]
[82,"BB-2-17, Baseboard, \"SLANT FIN\" RL-10.",1,{"v":0,"d":"0%"},1,"EA",null,0,{"v":123.52,"d":"$124"},4,{"v":494.08,"d":"$494"},{"v":494.08,"d":"$494"}]
[83,"BB-2-18, Baseboard, \"SLANT FIN\" RL-10.",1,{"v":0,"d":"0%"},1,"EA",null,0,{"v":123.52,"d":"$124"},4,{"v":494.08,"d":"$494"},{"v":494.08,"d":"$494"}]
[84,"BB-2-19, Baseboard, \"SLANT FIN\" RL-10.",1,{"v":0,"d":"0%"},1,"EA",null,0,{"v":123.52,"d":"$124"},4,{"v":494.08,"d":"$494"},{"v":494.08,"d":"$494"}]
[85,"BB-2-20, Baseboard, \"SLANT FIN\" RL-10.",1,{"v":0,"d":"0%"},1,"EA",null,0,{"v":123.52,"d":"$124"},4,{"v":494.08,"d":"$494"},{"v":494.08,"d":"$494"}]
[86,"BB-2-21, Baseboard, \"SLANT FIN\" RL-10.",1,{"v":0,"d":"0%"},1,"EA",null,0,{"v":123.52,"d":"$124"},4,{"v":494.08,"d":"$494"},{"v":494.08,"d":"$494"}]
[87,"BB-2-22, Baseboard, \"SLANT FIN\" RL-10.",1,{"v":0,"d":"0%"},1,"EA",null,0,{"v":123.52,"d":"$124"},4,{"v":494.08,"d":"$494"},{"v":494.08,"d":"$494"}]
[88,"BB-2-23, Baseboard, \"SLANT FIN\" RL-10.",1,{"v":0,"d":"0%"},1,"EA",null,0,{"v":123.52,"d":"$124"},4,{"v":494.08,"d":"$494"},{"v":494.08,"d":"$494"}]
[89,"BB-2-24, Baseboard, \"SLANT FIN\" RL-10.",1,{"v":0,"d":"0%"},1,"EA",null,0,{"v":123.52,"d":"$124"},4,{"v":494.08,"d":"$494"},{"v":494.08,"d":"$494"}]
[90,"BB-2-25, Baseboard, \"SLANT FIN\" RL-10.",1,{"v":0,"d":"0%"},1,"EA",null,0,{"v":123.52,"d":"$124"},4,{"v":494.08,"d":"$494"},{"v":494.08,"d":"$494"}]
[91,"BB-2-26, Baseboard, \"SLANT FIN\" RL-10.",1,{"v":0,"d":"0%"},1,"EA",null,0,{"v":123.52,"d":"$124"},4,{"v":494.08,"d":"$494"},{"v":494.08,"d":"$494"}]
[92,"BB-2-27, Baseboard, \"SLANT FIN\" RL-10.",1,{"v":0,"d":"0%"},1,"EA",null,0,{"v":123.52,"d":"$124"},4,{"v":494.08,"d":"$494"},{"v":494.08,"d":"$494"}]
[93,"BB-2-28, Baseboard, \"SLANT FIN\" RL-10.",1,{"v":0,"d":"0%"},1,"EA",null,0,{"v":123.52,"d":"$124"},4,{"v":494.08,"d":"$494"},{"v":494.08,"d":"$494"}]
[94,"BB-2-29, Baseboard, \"SLANT FIN\" RL-10.",1,{"v":0,"d":"0%"},1,"EA",null,0,{"v":123.52,"d":"$124"},4,{"v":494.08,"d":"$494"},{"v":494.08,"d":"$494"}]
[95,"BB-2-30, Baseboard, \"SLANT FIN\" RL-10.",1,{"v":0,"d":"0%"},1,"EA",null,0,{"v":123.52,"d":"$124"},4,{"v":494.08,"d":"$494"},{"v":494.08,"d":"$494"}]
[96,"BB-2-31, Baseboard, \"SLANT FIN\" RL-10.",1,{"v":0,"d":"0%"},1,"EA",null,0,{"v":123.52,"d":"$124"},4,{"v":494.08,"d":"$494"},{"v":494.08,"d":"$494"}]
[97,"BB-2-32, Baseboard, \"SLANT FIN\" RL-10.",1,{"v":0,"d":"0%"},1,"EA",null,0,{"v":123.52,"d":"$124"},4,{"v":494.08,"d":"$494"},{"v":494.08,"d":"$494"}]
[98,"BB-2-33, Baseboard, \"SLANT FIN\" RL-10.",1,{"v":0,"d":"0%"},1,"EA",null,0,{"v":123.52,"d":"$124"},4,{"v":494.08,"d":"$494"},{"v":494.08,"d":"$494"}]
[99,"BB-2-34, Baseboard, \"SLANT FIN\" RL-10.",1,{"v":0,"d":"0%"},1,"EA",null,0,{"v":123.52,"d":"$124"},4,{"v":494.08,"d":"$494"},{"v":494.08,"d":"$494"}]
[100,"BB-2-35, Baseboard, \"SLANT FIN\" RL-10.",1,{"v":0,"d":"0%"},1,"EA",null,0,{"v":123.52,"d":"$124"},4,{"v":494.08,"d":"$494"},{"v":494.08,"d":"$494"}]
[101,"BB-2-36, Baseboard, \"SLANT FIN\" RL-10.",1,{"v":0,"d":"0%"},1,"EA",null,0,{"v":123.52,"d":"$124"},4,{"v":494.08,"d":"$494"},{"v":494.08,"d":"$494"}]
[102,"BB-2-37, Baseboard, \"SLANT FIN\" RL-10.",1,{"v":0,"d":"0%"},1,"EA",null,0,{"v":123.52,"d":"$124"},4,{"v":494.08,"d":"$494"},{"v":494.08,"d":"$494"}]
[103,"BB-2-38, Baseboard, \"SLANT FIN\" RL-10.",1,{"v":0,"d":"0%"},1,"EA",null,0,{"v":123.52,"d":"$124"},4,{"v":494.08,"d":"$494"},{"v":494.08,"d":"$494"}]
[104,"BB-2-39, Baseboard, \"SLANT FIN\" RL-10.",1,{"v":0,"d":"0%"},1,"EA",null,0,{"v":123.52,"d":"$124"},4,{"v":494.08,"d":"$494"},{"v":494.08,"d":"$494"}]
[105,"BB-2-40, Baseboard, \"SLANT FIN\" RL-10.",1,{"v":0,"d":"0%"},1,"EA",null,0,{"v":123.52,"d":"$124"},4,{"v":494.08,"d":"$494"},{"v":494.08,"d":"$494"}]
[106,"BB-2-41, Baseboard, \"SLANT FIN\" RL-10.",1,{"v":0,"d":"0%"},1,"EA",null,0,{"v":123.52,"d":"$124"},4,{"v":494.08,"d":"$494"},{"v":494.08,"d":"$494"}]
[107,"BB-2-42, Baseboard, \"SLANT FIN\" RL-10.",1,{"v":0,"d":"0%"},1,"EA",null,0,{"v":123.52,"d":"$124"},4,{"v":494.08,"d":"$494"},{"v":494.08,"d":"$494"}]
[108,"BB-2-43, Baseboard, \"SLANT FIN\" RL-10.",1,{"v":0,"d":"0%"},1,"EA",null,0,{"v":123.52,"d":"$124"},4,{"v":494.08,"d":"$494"},{"v":494.08,"d":"$494"}]
[109,"BB-2-44, Baseboard, \"SLANT FIN\" RL-10.",1,{"v":0,"d":"0%"},1,"EA",null,0,{"v":123.52,"d":"$124"},4,{"v":494.08,"d":"$494"},{"v":494.08,"d":"$494"}]
[110,"BB-2-45, Baseboard, \"SLANT FIN\" RL-10.",1,{"v":0,"d":"0%"},1,"EA",null,0,{"v":123.52,"d":"$124"},4,{"v":494.08,"d":"$494"},{"v":494.08,"d":"$494"}]
[111,"BB-2-46, Baseboard, \"SLANT FIN\" RL-10.",1,{"v":0,"d":"0%"},1,"EA",null,0,{"v":123.52,"d":"$124"},4,{"v":494.08,"d":"$494"},{"v":494.08,"d":"$494"}]
[112,"BB-2-47, Baseboard, \"SLANT FIN\" RL-10.",1,{"v":0,"d":"0%"},1,"EA",null,0,{"v":123.52,"d":"$124"},4,{"v":494.08,"d":"$494"},{"v":494.08,"d":"$494"}]
[113,"BB-2-48, Baseboard, \"SLANT FIN\" RL-10.",1,{"v":0,"d":"0%"},1,"EA",null,0,{"v":123.52,"d":"$124"},4,{"v":494.08,"d":"$494"},{"v":494.08,"d":"$494"}]
[114,"BB-2-49, Baseboard, \"SLANT FIN\" RL-10.",1,{"v":0,"d":"0%"},1,"EA",null,0,{"v":123.52,"d":"$124"},4,{"v":494.08,"d":"$494"},{"v":494.08,"d":"$494"}]
[115,"BB-2-50, Baseboard, \"SLANT FIN\" RL-10.",1,{"v":0,"d":"0%"},1,"EA",null,0,{"v":123.52,"d":"$124"},4,{"v":494.08,"d":"$494"},{"v":494.08,"d":"$494"}]
[116,"BB-2-51, Baseboard, \"SLANT FIN\" RL-10.",1,{"v":0,"d":"0%"},1,"EA",null,0,{"v":123.52,"d":"$124"},4,{"v":494.08,"d":"$494"},{"v":494.08,"d":"$494"}]
[117,"BB-2-52, Baseboard, \"SLANT FIN\" RL-10.",1,{"v":0,"d":"0%"},1,"EA",null,0,{"v":123.52,"d":"$124"},4,{"v":494.08,"d":"$494"},{"v":494.08,"d":"$494"}]
[118,"BB-2-53, Baseboard, \"SLANT FIN\" RL-10.",1,{"v":0,"d":"0%"},1,"EA",null,0,{"v":123.52,"d":"$124"},4,{"v":494.08,"d":"$494"},{"v":494.08,"d":"$494"}]
[119,"BB-2-54, Baseboard, \"SLANT FIN\" RL-10.",1,{"v":0,"d":"0%"},1,"EA",null,0,{"v":123.52,"d":"$124"},4,{"v":494.08,"d":"$494"},{"v":494.08,"d":"$494"}]
[120,"BB-2-55, Baseboard, \"SLANT FIN\" RL-10.",1,{"v":0,"d":"0%"},1,"EA",null,0,{"v":123.52,"d":"$124"},4,{"v":494.08,"d":"$494"},{"v":494.08,"d":"$494"}]
[121,"BB-2-56, Baseboard, \"SLANT FIN\" RL-10.",1,{"v":0,"d":"0%"},1,"EA",null,0,{"v":123.52,"d":"$124"},4,{"v":494.08,"d":"$494"},{"v":494.08,"d":"$494"}]
[122,"BB-2-57, Baseboard, \"SLANT FIN\" RL-10.",1,{"v":0,"d":"0%"},1,"EA",null,0,{"v":123.52,"d":"$124"},4,{"v":494.08,"d":"$494"},{"v":494.08,"d":"$494"}]
[123,"BB-2-58, Baseboard, \"SLANT FIN\" RL-10.",1,{"v":0,"d":"0%"},1,"EA",null,0,{"v":123.52,"d":"$124"},4,{"v":494.08,"d":"$494"},{"v":494.08,"d":"$494"}]
[124,"BB-2-59, Baseboard, \"SLANT FIN\" RL-10.",1,{"v":0,"d":"0%"},1,"EA",null,0,{"v":123.52,"d":"$124"},4,{"v":494.08,"d":"$494"},{"v":494.08,"d":"$494"}]
[125,"BB-2-60, Baseboard, \"SLANT FIN\" RL-10.",1,{"v":0,"d":"0%"},1,"EA",null,0,{"v":123.52,"d":"$124"},4,{"v":494.08,"d":"$494"},{"v":494.08,"d":"$494"}]
[126,"BB-2-61, Baseboard, \"SLANT FIN\" RL-10.",1,{"v":0,"d":"0%"},1,"EA",null,0,{"v":123.52,"d":"$124"},4,{"v":494.08,"d":"$494"},{"v":494.08,"d":"$494"}]
[127,"BB-2-62, Baseboard, \"SLANT FIN\" RL-10.",1,{"v":0,"d":"0%"},1,"EA",null,0,{"v":123.52,"d":"$124"},4,{"v":494.08,"d":"$494"},{"v":494.08,"d":"$494"}]
[128,"BB-2-63, Baseboard, \"SLANT FIN\" RL-10.",1,{"v":0,"d":"0%"},1,"EA",null,0,{"v":123.52,"d":"$124"},4,{"v":494.08,"d":"$494"},{"v":494.08,"d":"$494"}]
[129,"BB-2-64, Baseboard, \"SLANT FIN\" RL-10.",1,{"v":0,"d":"0%"},{"$f":"C663*(1+D663)","v":1},"EA",null,0,{"v":123.52,"d":"$124"},4,{"v":494.08,"d":"$494"},{"v":494.08,"d":"$494"}]
[130,"BB-2-65, Baseboard, \"SLANT FIN\" RL-10.",1,{"v":0,"d":"0%"},1,"EA",null,{"$f":"G664*E664","v":0},{"$f":"L$4","v":{"v":123.52,"d":"$124"}},{"$f":"E664*4","v":4},{"$f":"J664*I664","v":{"v":494.08,"d":"$494"}},{"$f":"K664+H664","v":{"v":494.08,"d":"$494"}}]
[131,"BB-2-66, Baseboard, \"SLANT FIN\" RL-10.",1,{"v":0,"d":"0%"},1,"EA",null,0,{"v":123.52,"d":"$124"},4,{"v":494.08,"d":"$494"},{"v":494.08,"d":"$494"}]
[132,"BB-2-67, Baseboard, \"SLANT FIN\" RL-10.",1,{"v":0,"d":"0%"},1,"EA",null,0,{"v":123.52,"d":"$124"},4,{"v":494.08,"d":"$494"},{"v":494.08,"d":"$494"}]
[133,"BB-2-68, Baseboard, \"SLANT FIN\" RL-10.",1,{"v":0,"d":"0%"},1,"EA",null,0,{"v":123.52,"d":"$124"},4,{"v":494.08,"d":"$494"},{"v":494.08,"d":"$494"}]
[134,"BB-2-69, Baseboard, \"SLANT FIN\" RL-10.",1,{"v":0,"d":"0%"},1,"EA",null,0,{"v":123.52,"d":"$124"},4,{"v":494.08,"d":"$494"},{"v":494.08,"d":"$494"}]
[135,"BB-2-70, Baseboard, \"SLANT FIN\" RL-10.",1,{"v":0,"d":"0%"},1,"EA",null,0,{"v":123.52,"d":"$124"},4,{"v":494.08,"d":"$494"},{"v":494.08,"d":"$494"}]
[136,"BB-3-1, Baseboard, \"SLANT FIN\" RL-10.",1,{"v":0,"d":"0%"},1,"EA",null,0,{"v":123.52,"d":"$124"},4,{"v":494.08,"d":"$494"},{"v":494.08,"d":"$494"}]
[137,"BB-3-2, Baseboard, \"SLANT FIN\" RL-10.",1,{"v":0,"d":"0%"},1,"EA",null,0,{"v":123.52,"d":"$124"},4,{"v":494.08,"d":"$494"},{"v":494.08,"d":"$494"}]
[138,"BB-3-3, Baseboard, \"SLANT FIN\" RL-10.",1,{"v":0,"d":"0%"},1,"EA",null,0,{"v":123.52,"d":"$124"},4,{"v":494.08,"d":"$494"},{"v":494.08,"d":"$494"}]
[139,"BB-3-4, Baseboard, \"SLANT FIN\" RL-10.",1,{"v":0,"d":"0%"},1,"EA",null,0,{"v":123.52,"d":"$124"},4,{"v":494.08,"d":"$494"},{"v":494.08,"d":"$494"}]
[140,"BB-3-5, Baseboard, \"SLANT FIN\" RL-10.",1,{"v":0,"d":"0%"},1,"EA",null,0,{"v":123.52,"d":"$124"},4,{"v":494.08,"d":"$494"},{"v":494.08,"d":"$494"}]
[141,"BB-3-6, Baseboard, \"SLANT FIN\" RL-10.",1,{"v":0,"d":"0%"},1,"EA",null,0,{"v":123.52,"d":"$124"},4,{"v":494.08,"d":"$494"},{"v":494.08,"d":"$494"}]
[142,"BB-3-7, Baseboard, \"SLANT FIN\" RL-10.",1,{"v":0,"d":"0%"},1,"EA",null,0,{"v":123.52,"d":"$124"},4,{"v":494.08,"d":"$494"},{"v":494.08,"d":"$494"}]
[143,"BB-3-8, Baseboard, \"SLANT FIN\" RL-10.",1,{"v":0,"d":"0%"},1,"EA",null,0,{"v":123.52,"d":"$124"},4,{"v":494.08,"d":"$494"},{"v":494.08,"d":"$494"}]
[144,"BB-3-9, Baseboard, \"SLANT FIN\" RL-10.",1,{"v":0,"d":"0%"},1,"EA",null,0,{"v":123.52,"d":"$124"},4,{"v":494.08,"d":"$494"},{"v":494.08,"d":"$494"}]
[145,"BB-3-10, Baseboard, \"SLANT FIN\" RL-10.",1,{"v":0,"d":"0%"},1,"EA",null,0,{"v":123.52,"d":"$124"},4,{"v":494.08,"d":"$494"},{"v":494.08,"d":"$494"}]
[146,"BB-3-11, Baseboard, \"SLANT FIN\" RL-10.",1,{"v":0,"d":"0%"},1,"EA",null,0,{"v":123.52,"d":"$124"},4,{"v":494.08,"d":"$494"},{"v":494.08,"d":"$494"}]
[147,"BB-3-12, Baseboard, \"SLANT FIN\" RL-10.",1,{"v":0,"d":"0%"},1,"EA",null,0,{"v":123.52,"d":"$124"},4,{"v":494.08,"d":"$494"},{"v":494.08,"d":"$494"}]
[148,"BB-3-13, Baseboard, \"SLANT FIN\" RL-10.",1,{"v":0,"d":"0%"},1,"EA",null,0,{"v":123.52,"d":"$124"},4,{"v":494.08,"d":"$494"},{"v":494.08,"d":"$494"}]
[149,"BB-3-14, Baseboard, \"SLANT FIN\" RL-10.",1,{"v":0,"d":"0%"},1,"EA",null,0,{"v":123.52,"d":"$124"},4,{"v":494.08,"d":"$494"},{"v":494.08,"d":"$494"}]
[150,"BB-3-15, Baseboard, \"SLANT FIN\" RL-10.",1,{"v":0,"d":"0%"},1,"EA",null,0,{"v":123.52,"d":"$124"},4,{"v":494.08,"d":"$494"},{"v":494.08,"d":"$494"}]
[151,"BB-3-16, Baseboard, \"SLANT FIN\" RL-10.",1,{"v":0,"d":"0%"},1,"EA",null,0,{"v":123.52,"d":"$124"},4,{"v":494.08,"d":"$494"},{"v":494.08,"d":"$494"}]
[152,"BB-3-17, Baseboard, \"SLANT FIN\" RL-10.",1,{"v":0,"d":"0%"},1,"EA",null,0,{"v":123.52,"d":"$124"},4,{"v":494.08,"d":"$494"},{"v":494.08,"d":"$494"}]
[153,"BB-3-18, Baseboard, \"SLANT FIN\" RL-10.",1,{"v":0,"d":"0%"},1,"EA",null,0,{"v":123.52,"d":"$124"},4,{"v":494.08,"d":"$494"},{"v":494.08,"d":"$494"}]
[154,"BB-3-19, Baseboard, \"SLANT FIN\" RL-10.",1,{"v":0,"d":"0%"},1,"EA",null,0,{"v":123.52,"d":"$124"},4,{"v":494.08,"d":"$494"},{"v":494.08,"d":"$494"}]
[155,"BB-3-20, Baseboard, \"SLANT FIN\" RL-10.",1,{"v":0,"d":"0%"},1,"EA",null,0,{"v":123.52,"d":"$124"},4,{"v":494.08,"d":"$494"},{"v":494.08,"d":"$494"}]
[156,"BB-3-21, Baseboard, \"SLANT FIN\" RL-10.",1,{"v":0,"d":"0%"},1,"EA",null,0,{"v":123.52,"d":"$124"},4,{"v":494.08,"d":"$494"},{"v":494.08,"d":"$494"}]
[157,"BB-3-22, Baseboard, \"SLANT FIN\" RL-10.",1,{"v":0,"d":"0%"},1,"EA",null,0,{"v":123.52,"d":"$124"},4,{"v":494.08,"d":"$494"},{"v":494.08,"d":"$494"}]
[158,"BB-3-23, Baseboard, \"SLANT FIN\" RL-10.",1,{"v":0,"d":"0%"},1,"EA",null,0,{"v":123.52,"d":"$124"},4,{"v":494.08,"d":"$494"},{"v":494.08,"d":"$494"}]
[159,"BB-3-24, Baseboard, \"SLANT FIN\" RL-10.",1,{"v":0,"d":"0%"},1,"EA",null,0,{"v":123.52,"d":"$124"},4,{"v":494.08,"d":"$494"},{"v":494.08,"d":"$494"}]
[160,"BB-3-25, Baseboard, \"SLANT FIN\" RL-10.",1,{"v":0,"d":"0%"},1,"EA",null,0,{"v":123.52,"d":"$124"},4,{"v":494.08,"d":"$494"},{"v":494.08,"d":"$494"}]
[161,"BB-3-26, Baseboard, \"SLANT FIN\" RL-10.",1,{"v":0,"d":"0%"},1,"EA",null,0,{"v":123.52,"d":"$124"},4,{"v":494.08,"d":"$494"},{"v":494.08,"d":"$494"}]
[162,"BB-3-27, Baseboard, \"SLANT FIN\" RL-10.",1,{"v":0,"d":"0%"},1,"EA",null,0,{"v":123.52,"d":"$124"},4,{"v":494.08,"d":"$494"},{"v":494.08,"d":"$494"}]
[163,"BB-3-28, Baseboard, \"SLANT FIN\" RL-10.",1,{"v":0,"d":"0%"},1,"EA",null,0,{"v":123.52,"d":"$124"},4,{"v":494.08,"d":"$494"},{"v":494.08,"d":"$494"}]
[164,"BB-3-29, Baseboard, \"SLANT FIN\" RL-10.",1,{"v":0,"d":"0%"},1,"EA",null,0,{"v":123.52,"d":"$124"},4,{"v":494.08,"d":"$494"},{"v":494.08,"d":"$494"}]
[165,"BB-3-30, Baseboard, \"SLANT FIN\" RL-10.",1,{"v":0,"d":"0%"},1,"EA",null,0,{"v":123.52,"d":"$124"},4,{"v":494.08,"d":"$494"},{"v":494.08,"d":"$494"}]
[166,"BB-3-31, Baseboard, \"SLANT FIN\" RL-10.",1,{"v":0,"d":"0%"},1,"EA",null,0,{"v":123.52,"d":"$124"},4,{"v":494.08,"d":"$494"},{"v":494.08,"d":"$494"}]
[167,"BB-3-32, Baseboard, \"SLANT FIN\" RL-10.",1,{"v":0,"d":"0%"},1,"EA",null,0,{"v":123.52,"d":"$124"},4,{"v":494.08,"d":"$494"},{"v":494.08,"d":"$494"}]
[168,"BB-3-33, Baseboard, \"SLANT FIN\" RL-10.",1,{"v":0,"d":"0%"},1,"EA",null,0,{"v":123.52,"d":"$124"},4,{"v":494.08,"d":"$494"},{"v":494.08,"d":"$494"}]
[169,"BB-3-34, Baseboard, \"SLANT FIN\" RL-10.",1,{"v":0,"d":"0%"},1,"EA",null,0,{"v":123.52,"d":"$124"},4,{"v":494.08,"d":"$494"},{"v":494.08,"d":"$494"}]
[170,"BB-3-35, Baseboard, \"SLANT FIN\" RL-10.",1,{"v":0,"d":"0%"},1,"EA",null,0,{"v":123.52,"d":"$124"},4,{"v":494.08,"d":"$494"},{"v":494.08,"d":"$494"}]
[171,"BB-3-36, Baseboard, \"SLANT FIN\" RL-10.",1,{"v":0,"d":"0%"},1,"EA",null,0,{"v":123.52,"d":"$124"},4,{"v":494.08,"d":"$494"},{"v":494.08,"d":"$494"}]
[172,"BB-3-37, Baseboard, \"SLANT FIN\" RL-10.",1,{"v":0,"d":"0%"},1,"EA",null,0,{"v":123.52,"d":"$124"},4,{"v":494.08,"d":"$494"},{"v":494.08,"d":"$494"}]
[173,"BB-3-38, Baseboard, \"SLANT FIN\" RL-10.",1,{"v":0,"d":"0%"},1,"EA",null,0,{"v":123.52,"d":"$124"},4,{"v":494.08,"d":"$494"},{"v":494.08,"d":"$494"}]
[174,"BB-3-39, Baseboard, \"SLANT FIN\" RL-10.",1,{"v":0,"d":"0%"},1,"EA",null,0,{"v":123.52,"d":"$124"},4,{"v":494.08,"d":"$494"},{"v":494.08,"d":"$494"}]
[175,"BB-3-40, Baseboard, \"SLANT FIN\" RL-10.",1,{"v":0,"d":"0%"},1,"EA",null,0,{"v":123.52,"d":"$124"},4,{"v":494.08,"d":"$494"},{"v":494.08,"d":"$494"}]
[176,"BB-3-41, Baseboard, \"SLANT FIN\" RL-10.",1,{"v":0,"d":"0%"},1,"EA",null,0,{"v":123.52,"d":"$124"},4,{"v":494.08,"d":"$494"},{"v":494.08,"d":"$494"}]
[177,"BB-3-42, Baseboard, \"SLANT FIN\" RL-10.",1,{"v":0,"d":"0%"},1,"EA",null,0,{"v":123.52,"d":"$124"},4,{"v":494.08,"d":"$494"},{"v":494.08,"d":"$494"}]
[178,"BB-3-43, Baseboard, \"SLANT FIN\" RL-10.",1,{"v":0,"d":"0%"},1,"EA",null,0,{"v":123.52,"d":"$124"},4,{"v":494.08,"d":"$494"},{"v":494.08,"d":"$494"}]
[179,"BB-3-44, Baseboard, \"SLANT FIN\" RL-10.",1,{"v":0,"d":"0%"},1,"EA",null,0,{"v":123.52,"d":"$124"},4,{"v":494.08,"d":"$494"},{"v":494.08,"d":"$494"}]
[180,"BB-3-45, Baseboard, \"SLANT FIN\" RL-10.",1,{"v":0,"d":"0%"},1,"EA",null,0,{"v":123.52,"d":"$124"},4,{"v":494.08,"d":"$494"},{"v":494.08,"d":"$494"}]
[181,"BB-3-46, Baseboard, \"SLANT FIN\" RL-10.",1,{"v":0,"d":"0%"},1,"EA",null,0,{"v":123.52,"d":"$124"},4,{"v":494.08,"d":"$494"},{"v":494.08,"d":"$494"}]
[182,"BB-3-47, Baseboard, \"SLANT FIN\" RL-10.",1,{"v":0,"d":"0%"},1,"EA",null,0,{"v":123.52,"d":"$124"},4,{"v":494.08,"d":"$494"},{"v":494.08,"d":"$494"}]
[183,"BB-3-48, Baseboard, \"SLANT FIN\" RL-10.",1,{"v":0,"d":"0%"},1,"EA",null,0,{"v":123.52,"d":"$124"},4,{"v":494.08,"d":"$494"},{"v":494.08,"d":"$494"}]
[184,"BB-3-49, Baseboard, \"SLANT FIN\" RL-10.",1,{"v":0,"d":"0%"},1,"EA",null,0,{"v":123.52,"d":"$124"},4,{"v":494.08,"d":"$494"},{"v":494.08,"d":"$494"}]
[185,"BB-3-50, Baseboard, \"SLANT FIN\" RL-10.",1,{"v":0,"d":"0%"},1,"EA",null,0,{"v":123.52,"d":"$124"},4,{"v":494.08,"d":"$494"},{"v":494.08,"d":"$494"}]
[186,"BB-3-51, Baseboard, \"SLANT FIN\" RL-10.",1,{"v":0,"d":"0%"},1,"EA",null,0,{"v":123.52,"d":"$124"},4,{"v":494.08,"d":"$494"},{"v":494.08,"d":"$494"}]
[187,"BB-3-52, Baseboard, \"SLANT FIN\" RL-10.",1,{"v":0,"d":"0%"},1,"EA",null,0,{"v":123.52,"d":"$124"},4,{"v":494.08,"d":"$494"},{"v":494.08,"d":"$494"}]
[188,"BB-3-53, Baseboard, \"SLANT FIN\" RL-10.",1,{"v":0,"d":"0%"},1,"EA",null,0,{"v":123.52,"d":"$124"},4,{"v":494.08,"d":"$494"},{"v":494.08,"d":"$494"}]
[189,"BB-3-54, Baseboard, \"SLANT FIN\" RL-10.",1,{"v":0,"d":"0%"},1,"EA",null,0,{"v":123.52,"d":"$124"},4,{"v":494.08,"d":"$494"},{"v":494.08,"d":"$494"}]
[190,"BB-3-55, Baseboard, \"SLANT FIN\" RL-10.",1,{"v":0,"d":"0%"},1,"EA",null,0,{"v":123.52,"d":"$124"},4,{"v":494.08,"d":"$494"},{"v":494.08,"d":"$494"}]
[191,"BB-3-56, Baseboard, \"SLANT FIN\" RL-10.",1,{"v":0,"d":"0%"},1,"EA",null,0,{"v":123.52,"d":"$124"},4,{"v":494.08,"d":"$494"},{"v":494.08,"d":"$494"}]
[192,"BB-3-57, Baseboard, \"SLANT FIN\" RL-10.",1,{"v":0,"d":"0%"},1,"EA",null,0,{"v":123.52,"d":"$124"},4,{"v":494.08,"d":"$494"},{"v":494.08,"d":"$494"}]
[193,"BB-3-58, Baseboard, \"SLANT FIN\" RL-10.",1,{"v":0,"d":"0%"},{"$f":"C727*(1+D727)","v":1},"EA",null,0,{"v":123.52,"d":"$124"},4,{"v":494.08,"d":"$494"},{"v":494.08,"d":"$494"}]
[194,"BB-3-59, Baseboard, \"SLANT FIN\" RL-10.",1,{"v":0,"d":"0%"},1,"EA",null,{"$f":"G728*E728","v":0},{"$f":"L$4","v":{"v":123.52,"d":"$124"}},{"$f":"E728*4","v":4},{"$f":"J728*I728","v":{"v":494.08,"d":"$494"}},{"$f":"K728+H728","v":{"v":494.08,"d":"$494"}}]
[195,"BB-3-60, Baseboard, \"SLANT FIN\" RL-10.",1,{"v":0,"d":"0%"},1,"EA",null,0,{"v":123.52,"d":"$124"},4,{"v":494.08,"d":"$494"},{"v":494.08,"d":"$494"}]
[196,"BB-3-61, Baseboard, \"SLANT FIN\" RL-10.",1,{"v":0,"d":"0%"},1,"EA",null,0,{"v":123.52,"d":"$124"},4,{"v":494.08,"d":"$494"},{"v":494.08,"d":"$494"}]
[197,"BB-3-62, Baseboard, \"SLANT FIN\" RL-10.",1,{"v":0,"d":"0%"},1,"EA",null,0,{"v":123.52,"d":"$124"},4,{"v":494.08,"d":"$494"},{"v":494.08,"d":"$494"}]
[198,"BB-3-63, Baseboard, \"SLANT FIN\" RL-10.",1,{"v":0,"d":"0%"},1,"EA",null,0,{"v":123.52,"d":"$124"},4,{"v":494.08,"d":"$494"},{"v":494.08,"d":"$494"}]
[199,"BB-3-64, Baseboard, \"SLANT FIN\" RL-10.",1,{"v":0,"d":"0%"},1,"EA",null,0,{"v":123.52,"d":"$124"},4,{"v":494.08,"d":"$494"},{"v":494.08,"d":"$494"}]
[200,"BB-3-65, Baseboard, \"SLANT FIN\" RL-10.",1,{"v":0,"d":"0%"},1,"EA",null,0,{"v":123.52,"d":"$124"},4,{"v":494.08,"d":"$494"},{"v":494.08,"d":"$494"}]
[201,"BB-3-66, Baseboard, \"SLANT FIN\" RL-10.",1,{"v":0,"d":"0%"},1,"EA",null,0,{"v":123.52,"d":"$124"},4,{"v":494.08,"d":"$494"},{"v":494.08,"d":"$494"}]
[202,"BB-3-67, Baseboard, \"SLANT FIN\" RL-10.",1,{"v":0,"d":"0%"},1,"EA",null,0,{"v":123.52,"d":"$124"},4,{"v":494.08,"d":"$494"},{"v":494.08,"d":"$494"}]
[203,"BB-3-68, Baseboard, \"SLANT FIN\" RL-10.",1,{"v":0,"d":"0%"},1,"EA",null,0,{"v":123.52,"d":"$124"},4,{"v":494.08,"d":"$494"},{"v":494.08,"d":"$494"}]
[204,"BB-3-69, Baseboard, \"SLANT FIN\" RL-10.",1,{"v":0,"d":"0%"},1,"EA",null,0,{"v":123.52,"d":"$124"},4,{"v":494.08,"d":"$494"},{"v":494.08,"d":"$494"}]
[205,"BB-3-70, Baseboard, \"SLANT FIN\" RL-10.",1,{"v":0,"d":"0%"},1,"EA",null,0,{"v":123.52,"d":"$124"},4,{"v":494.08,"d":"$494"},{"v":494.08,"d":"$494"}]
[206,"BB-3-71, Baseboard, \"SLANT FIN\" RL-10.",1,{"v":0,"d":"0%"},1,"EA",null,0,{"v":123.52,"d":"$124"},4,{"v":494.08,"d":"$494"},{"v":494.08,"d":"$494"}]
[207,"BB-3-72, Baseboard, \"SLANT FIN\" RL-10.",1,{"v":0,"d":"0%"},1,"EA",null,0,{"v":123.52,"d":"$124"},4,{"v":494.08,"d":"$494"},{"v":494.08,"d":"$494"}]
[208,"BB-3-73, Baseboard, \"SLANT FIN\" RL-10.",1,{"v":0,"d":"0%"},1,"EA",null,0,{"v":123.52,"d":"$124"},4,{"v":494.08,"d":"$494"},{"v":494.08,"d":"$494"}]
[209,"BB-3-74, Baseboard, \"SLANT FIN\" RL-10.",1,{"v":0,"d":"0%"},1,"EA",null,0,{"v":123.52,"d":"$124"},4,{"v":494.08,"d":"$494"},{"v":494.08,"d":"$494"}]
[210,"BB-3-75, Baseboard, \"SLANT FIN\" RL-10.",1,{"v":0,"d":"0%"},1,"EA",null,0,{"v":123.52,"d":"$124"},4,{"v":494.08,"d":"$494"},{"v":494.08,"d":"$494"}]
[211,"BB-3-76, Baseboard, \"SLANT FIN\" RL-10.",1,{"v":0,"d":"0%"},1,"EA",null,0,{"v":123.52,"d":"$124"},4,{"v":494.08,"d":"$494"},{"v":494.08,"d":"$494"}]
[212,"BB-3-77, Baseboard, \"SLANT FIN\" RL-10.",1,{"v":0,"d":"0%"},1,"EA",null,0,{"v":123.52,"d":"$124"},4,{"v":494.08,"d":"$494"},{"v":494.08,"d":"$494"}]
[213,"BB-3-78, Baseboard, \"SLANT FIN\" RL-10.",1,{"v":0,"d":"0%"},1,"EA",null,0,{"v":123.52,"d":"$124"},4,{"v":494.08,"d":"$494"},{"v":494.08,"d":"$494"}]
[214,"BB-4-1, Baseboard, \"SLANT FIN\" RL-10.",1,{"v":0,"d":"0%"},1,"EA",null,0,{"v":123.52,"d":"$124"},4,{"v":494.08,"d":"$494"},{"v":494.08,"d":"$494"}]
[]
["CONTROL VALVE"]
[1,"6\"Dia CV-1, Chilled Water, \"BRAY, BELIMO, OR APPROVED EQUAL\" MKL2-C060/70-0121SVH, Valve Type: Bray High Performance Butterfly Valve, 2-Way, 120 VAC POWER V / PH / HZ.",1,{"v":0,"d":"0%"},{"$f":"C751*(1+D751)","v":1},"EA",null,{"$f":"G751*E751","v":0},{"$f":"L$4","v":{"v":123.52,"d":"$124"}},{"$f":"E751*2.2","v":{"v":2.2,"d":"2"}},{"$f":"J751*I751","v":{"v":271.744,"d":"$272"}},{"$f":"K751+H751","v":{"v":271.744,"d":"$272"}}]
[2,"4\"Dia CV-2, Chilled Water, \"BRAY, BELIMO, OR APPROVED EQUAL\" Belimo CCV Valve, 2-Way, Electronic Fail-Safe, Belimo CCV Valve, 24 VAC POWER V / PH / HZ.",1,{"v":0,"d":"0%"},1,"EA",null,{"$f":"G752*E752","v":0},{"$f":"L$4","v":{"v":123.52,"d":"$124"}},{"$f":"E752*2","v":2},{"$f":"J752*I752","v":{"v":247.04,"d":"$247"}},{"$f":"K752+H752","v":{"v":247.04,"d":"$247"}}]
[3,"4\"Dia CV-3, Chilled Water, \"BRAY, BELIMO, OR APPROVED EQUAL\" Belimo CCV Valve, 2-Way, Electronic Fail-Safe, Belimo CCV Valve, 24 VAC POWER V / PH / HZ.",1,{"v":0,"d":"0%"},1,"EA",null,0,{"v":123.52,"d":"$124"},{"$f":"E753*2","v":2},{"v":247.04,"d":"$247"},{"v":247.04,"d":"$247"}]
[4,"4\"Dia CV-4, Chilled Water, \"BRAY, BELIMO, OR APPROVED EQUAL\" Belimo CCV Valve, 2-Way, Electronic Fail-Safe, Belimo CCV Valve, 24 VAC POWER V / PH / HZ.",1,{"v":0,"d":"0%"},1,"EA",null,0,{"v":123.52,"d":"$124"},2,{"v":247.04,"d":"$247"},{"v":247.04,"d":"$247"}]
[5,"4\"Dia CV-5, Chilled Water, \"BRAY, BELIMO, OR APPROVED EQUAL\" PROVIDED BY AERCO BOILER MANUFACTURER, 24 VAC POWER V / PH / HZ.",1,{"v":0,"d":"0%"},1,"EA",null,0,{"v":123.52,"d":"$124"},2,{"v":247.04,"d":"$247"},{"v":247.04,"d":"$247"}]
[6,"4\"Dia CV-6, Chilled Water, \"BRAY, BELIMO, OR APPROVED EQUAL\" PROVIDED BY AERCO BOILER MANUFACTURER, 24 VAC POWER V / PH / HZ.",1,{"v":0,"d":"0%"},1,"EA",null,0,{"v":123.52,"d":"$124"},2,{"v":247.04,"d":"$247"},{"v":247.04,"d":"$247"}]
[]
["HOT WATER UNIT HEATER"]
[1,"UH-1-1, Hot Water Unit Heater, \"TRANE\" S-A18, 16 Motor W, 1 MCA, 1.8 MOP, 115 V, 1 PH, 60 HZ.\n1. Osha Fan Guard.\n2. Bas Contractor To Provide Distech Controls Controller (BACNET/IP), 2-Way Valve, And Space Temperature Sensor (No Display).",1,{"v":0,"d":"0%"},{"$f":"C759*(1+D759)","v":1},"EA",null,{"$f":"G759*E759","v":0},{"$f":"L$4","v":{"v":123.52,"d":"$124"}},{"$f":"E759*2","v":2},{"$f":"J759*I759","v":{"v":247.04,"d":"$247"}},{"$f":"K759+H759","v":{"v":247.04,"d":"$247"}}]
[2,"UH-1-2, Hot Water Unit Heater, \"TRANE\" S-A18, 16 Motor W, 1 MCA, 1.8 MOP, 115 V, 1 PH, 60 HZ.\n1. Osha Fan Guard.\n2. Bas Contractor To Provide Distech Controls Controller (BACNET/IP), 2-Way Valve, And Space Temperature Sensor (No Display).",1,{"v":0,"d":"0%"},1,"EA",null,0,{"v":123.52,"d":"$124"},2,{"v":247.04,"d":"$247"},{"v":247.04,"d":"$247"}]
[]
["HOT WATER UNIT PIPING DETAIL"]
[1,"3/4\" Dia Ball Valve",4,{"v":0,"d":"0%"},{"$f":"C763*(1+D763)","v":4},"EA",{"v":8.32,"d":"$8.32"},{"$f":"G763*E763","v":{"v":33.28,"d":"$33"}},{"$f":"L$4","v":{"v":123.52,"d":"$124"}},{"$f":"E763*0.44","v":{"v":1.76,"d":"2"}},{"$f":"J763*I763","v":{"v":217.3952,"d":"$217"}},{"$f":"K763+H763","v":{"v":250.6752,"d":"$251"}}]
[2,"3/4\" Dia Combination Balancing Valve / Flow Measuring Station",2,{"v":0,"d":"0%"},2,"EA",{"v":148.98,"d":"$148.98"},{"v":297.96,"d":"$298"},{"v":123.52,"d":"$124"},{"$f":"E764*0.55","v":{"v":1.1,"d":"1"}},{"v":135.872,"d":"$136"},{"v":433.832,"d":"$434"}]
[3,"3/4\" Dia Drain Valve",2,{"v":0,"d":"0%"},2,"EA",{"v":8.12,"d":"$8.12"},{"v":16.24,"d":"$16"},{"v":123.52,"d":"$124"},{"$f":"E765*0.44","v":{"v":0.88,"d":"1"}},{"v":108.6976,"d":"$109"},{"v":124.93759999999999,"d":"$125"}]
[4,"3/4\" Dia Manual Air Vent",4,{"v":0,"d":"0%"},4,"EA",{"v":6.44,"d":"$6.44"},{"v":25.76,"d":"$26"},{"v":123.52,"d":"$124"},{"$f":"E766*0.44","v":{"v":1.76,"d":"2"}},{"v":217.3952,"d":"$217"},{"v":243.15519999999998,"d":"$243"}]
[5,"3/4\" Dia Union",4,{"v":0,"d":"0%"},4,"EA",{"v":3.53,"d":"$3.53"},{"v":14.12,"d":"$14"},{"v":123.52,"d":"$124"},{"$f":"E767*0.724","v":{"v":2.896,"d":"3"}},{"v":357.71392,"d":"$358"},{"v":371.83392,"d":"$372"}]
[]
["LOUVERS"]
[1,"PL-1, Penthouse Louver, \"GREENHECK\" WRH.\n1. Aluminum Housing & Bird Screen.\n2. Aluminum Curb Cap W/ Mounting Holes.\n3. 18\" Aluminum Insulated Roof Curb W/Curb With Seal.",1,{"v":0,"d":"0%"},{"$f":"C770*(1+D770)","v":1},"EA",null,{"$f":"G770*E770","v":0},{"$f":"L$4","v":{"v":123.52,"d":"$124"}},{"$f":"E770*5","v":5},{"$f":"J770*I770","v":{"v":617.6,"d":"$618"}},{"$f":"K770+H770","v":{"v":617.6,"d":"$618"}}]
[2,"36\"x16\" Exhaust Louver, 1620 CFM",1,{"v":0,"d":"0%"},{"$f":"C771*(1+D771)","v":1},"EA",null,0,{"v":123.52,"d":"$124"},{"$f":"E771*2.3","v":{"v":2.3,"d":"2"}},{"v":284.09599999999995,"d":"$284"},{"v":284.09599999999995,"d":"$284"}]
[3,"48\"x26\" Intake Louver, 1620 CFM",1,{"v":0,"d":"0%"},1,"EA",null,0,{"v":123.52,"d":"$124"},{"$f":"E772*2.8","v":{"v":2.8,"d":"3"}},{"v":345.856,"d":"$346"},{"v":345.856,"d":"$346"}]
[4,"48\"x36\" Intake Louver, 3000 CFM",1,{"v":0,"d":"0%"},1,"EA",null,0,{"v":123.52,"d":"$124"},{"$f":"E773*4","v":4},{"v":494.08,"d":"$494"},{"v":494.08,"d":"$494"}]
[5,"68\"x68\" Intake Louver, 10600 CFM",1,{"v":0,"d":"0%"},1,"EA",null,0,{"v":123.52,"d":"$124"},{"$f":"E774*5","v":5},{"v":617.6,"d":"$618"},{"v":617.6,"d":"$618"}]
[6,"36\"x26\" Louver",1,{"v":0,"d":"0%"},1,"EA",null,0,{"v":123.52,"d":"$124"},{"$f":"E775*2.3","v":{"v":2.3,"d":"2"}},{"v":284.09599999999995,"d":"$284"},{"v":284.09599999999995,"d":"$284"}]
[]
["FIRE SMOKE DAMPER"]
[1,"64\"x18\" FSD-1-1, Fire Smoke Damper, \"RUSKIN\" FSD60, 120 V, 1 PH, 60 HZ.",1,{"v":0,"d":"0%"},{"$f":"C778*(1+D778)","v":1},"EA",null,{"$f":"G778*E778","v":0},{"$f":"L$4","v":{"v":123.52,"d":"$124"}},{"$f":"E778*4.5","v":{"v":4.5,"d":"5"}},{"$f":"J778*I778","v":{"v":555.84,"d":"$556"}},{"$f":"K778+H778","v":{"v":555.84,"d":"$556"}}]
[2,"64\"x18\" FSD-1-2, Fire Smoke Damper, \"RUSKIN\" FSD60, 120 V, 1 PH, 60 HZ.",1,{"v":0,"d":"0%"},{"$f":"C779*(1+D779)","v":1},"EA",null,{"$f":"G779*E779","v":0},{"$f":"L$4","v":{"v":123.52,"d":"$124"}},{"$f":"E779*4.5","v":{"v":4.5,"d":"5"}},{"$f":"J779*I779","v":{"v":555.84,"d":"$556"}},{"$f":"K779+H779","v":{"v":555.84,"d":"$556"}}]
[3,"10\"x6\" FSD-1-3, Fire Smoke Damper, \"RUSKIN\" FSD60, 120 V, 1 PH, 60 HZ.",1,{"v":0,"d":"0%"},1,"EA",null,{"$f":"G780*E780","v":0},{"$f":"L$4","v":{"v":123.52,"d":"$124"}},{"$f":"E780*1","v":1},{"$f":"J780*I780","v":{"v":123.52,"d":"$124"}},{"$f":"K780+H780","v":{"v":123.52,"d":"$124"}}]
[4,"6\"x6\" FSD-1-4, Fire Smoke Damper, \"RUSKIN\" FSD60, 120 V, 1 PH, 60 HZ.",1,{"v":0,"d":"0%"},1,"EA",null,{"$f":"G781*E781","v":0},{"$f":"L$4","v":{"v":123.52,"d":"$124"}},{"$f":"E781*1","v":1},{"$f":"J781*I781","v":{"v":123.52,"d":"$124"}},{"$f":"K781+H781","v":{"v":123.52,"d":"$124"}}]
[5,"46\"x24\" FSD-1-5, Fire Smoke Damper, \"RUSKIN\" FSD60, 120 V, 1 PH, 60 HZ.",1,{"v":0,"d":"0%"},1,"EA",null,{"$f":"G782*E782","v":0},{"$f":"L$4","v":{"v":123.52,"d":"$124"}},{"$f":"E782*3.5","v":{"v":3.5,"d":"4"}},{"$f":"J782*I782","v":{"v":432.32,"d":"$432"}},{"$f":"K782+H782","v":{"v":432.32,"d":"$432"}}]
[6,"46\"x26\" FSD-1-6, Fire Smoke Damper, \"RUSKIN\" FSD60, 120 V, 1 PH, 60 HZ.",1,{"v":0,"d":"0%"},1,"EA",null,0,{"v":123.52,"d":"$124"},{"$f":"E783*3.5","v":{"v":3.5,"d":"4"}},{"v":432.32,"d":"$432"},{"v":432.32,"d":"$432"}]
[7,"12\"x10\" FSD-1-7, Fire Smoke Damper, \"RUSKIN\" FSD60, 120 V, 1 PH, 60 HZ.",1,{"v":0,"d":"0%"},1,"EA",null,0,{"v":123.52,"d":"$124"},{"$f":"E784*1.1","v":{"v":1.1,"d":"1"}},{"v":135.872,"d":"$136"},{"v":135.872,"d":"$136"}]
[8,"6\"x6\" FSD-1-8, Fire Smoke Damper, \"RUSKIN\" FSD60, 120 V, 1 PH, 60 HZ.",1,{"v":0,"d":"0%"},1,"EA",null,0,{"v":123.52,"d":"$124"},{"$f":"E785*1","v":1},{"v":123.52,"d":"$124"},{"v":123.52,"d":"$124"}]
[9,"6\"x8\" FSD-1-9, Fire Smoke Damper, \"RUSKIN\" FSD60, 120 V, 1 PH, 60 HZ.",1,{"v":0,"d":"0%"},1,"EA",null,0,{"v":123.52,"d":"$124"},1,{"v":123.52,"d":"$124"},{"v":123.52,"d":"$124"}]
[10,"46\"x26\" FSD-2-1, Fire Smoke Damper, \"RUSKIN\" FSD60, 120 V, 1 PH, 60 HZ.",1,{"v":0,"d":"0%"},1,"EA",null,{"$f":"G787*E787","v":0},{"$f":"L$4","v":{"v":123.52,"d":"$124"}},{"$f":"E787*3.5","v":{"v":3.5,"d":"4"}},{"$f":"J787*I787","v":{"v":432.32,"d":"$432"}},{"$f":"K787+H787","v":{"v":432.32,"d":"$432"}}]
[11,"46\"x26\" FSD-2-2, Fire Smoke Damper, \"RUSKIN\" FSD60, 120 V, 1 PH, 60 HZ.",1,{"v":0,"d":"0%"},1,"EA",null,0,{"v":123.52,"d":"$124"},{"v":3.5,"d":"4"},{"v":432.32,"d":"$432"},{"v":432.32,"d":"$432"}]
[12,"8\"x8\" FSD-2-3, Fire Smoke Damper, \"RUSKIN\" FSD60, 120 V, 1 PH, 60 HZ.",1,{"v":0,"d":"0%"},1,"EA",null,0,{"v":123.52,"d":"$124"},{"$f":"E789*1","v":1},{"v":123.52,"d":"$124"},{"v":123.52,"d":"$124"}]
[13,"52\"x26\" FSD-2-4, Fire Smoke Damper, \"RUSKIN\" FSD60, 120 V, 1 PH, 60 HZ.",1,{"v":0,"d":"0%"},1,"EA",null,0,{"v":123.52,"d":"$124"},{"$f":"E790*3.5","v":{"v":3.5,"d":"4"}},{"v":432.32,"d":"$432"},{"v":432.32,"d":"$432"}]
[14,"52\"x26\" FSD-2-5, Fire Smoke Damper, \"RUSKIN\" FSD60, 120 V, 1 PH, 60 HZ.",1,{"v":0,"d":"0%"},1,"EA",null,0,{"v":123.52,"d":"$124"},{"v":3.5,"d":"4"},{"v":432.32,"d":"$432"},{"v":432.32,"d":"$432"}]
[15,"12\"x10\" FSD-2-6, Fire Smoke Damper, \"RUSKIN\" FSD60, 120 V, 1 PH, 60 HZ.",1,{"v":0,"d":"0%"},1,"EA",null,{"$f":"G792*E792","v":0},{"$f":"L$4","v":{"v":123.52,"d":"$124"}},{"$f":"E792*1","v":1},{"$f":"J792*I792","v":{"v":123.52,"d":"$124"}},{"$f":"K792+H792","v":{"v":123.52,"d":"$124"}}]
[16,"10\"x10\" FSD-2-7, Fire Smoke Damper, \"RUSKIN\" FSD60, 120 V, 1 PH, 60 HZ.",1,{"v":0,"d":"0%"},1,"EA",null,0,{"v":123.52,"d":"$124"},{"$f":"E793*1","v":1},{"v":123.52,"d":"$124"},{"v":123.52,"d":"$124"}]
[17,"8\"x6\" FSD-2-8, Fire Smoke Damper, \"RUSKIN\" FSD60, 120 V, 1 PH, 60 HZ.",1,{"v":0,"d":"0%"},1,"EA",null,0,{"v":123.52,"d":"$124"},1,{"v":123.52,"d":"$124"},{"v":123.52,"d":"$124"}]
[18,"46\"x26\" FSD-3-1, Fire Smoke Damper, \"RUSKIN\" FSD60, 120 V, 1 PH, 60 HZ.",1,{"v":0,"d":"0%"},1,"EA",null,0,{"v":123.52,"d":"$124"},{"$f":"E795*3.5","v":{"v":3.5,"d":"4"}},{"v":432.32,"d":"$432"},{"v":432.32,"d":"$432"}]
[19,"46\"x26\" FSD-3-2, Fire Smoke Damper, \"RUSKIN\" FSD60, 120 V, 1 PH, 60 HZ.",1,{"v":0,"d":"0%"},1,"EA",null,0,{"v":123.52,"d":"$124"},{"v":3.5,"d":"4"},{"v":432.32,"d":"$432"},{"v":432.32,"d":"$432"}]
[20,"46\"x26\" FSD-3-3, Fire Smoke Damper, \"RUSKIN\" FSD60, 120 V, 1 PH, 60 HZ.",1,{"v":0,"d":"0%"},1,"EA",null,0,{"v":123.52,"d":"$124"},{"v":3.5,"d":"4"},{"v":432.32,"d":"$432"},{"v":432.32,"d":"$432"}]
[21,"46\"x26\" FSD-3-4, Fire Smoke Damper, \"RUSKIN\" FSD60, 120 V, 1 PH, 60 HZ.",1,{"v":0,"d":"0%"},1,"EA",null,0,{"v":123.52,"d":"$124"},{"v":3.5,"d":"4"},{"v":432.32,"d":"$432"},{"v":432.32,"d":"$432"}]
[22,"10\"x6\" FSD-3-5, Fire Smoke Damper, \"RUSKIN\" FSD60, 120 V, 1 PH, 60 HZ.",1,{"v":0,"d":"0%"},1,"EA",null,0,{"v":123.52,"d":"$124"},{"$f":"E799*1","v":1},{"v":123.52,"d":"$124"},{"v":123.52,"d":"$124"}]
[23,"10\"x8\" FSD-3-6, Fire Smoke Damper, \"RUSKIN\" FSD60, 120 V, 1 PH, 60 HZ.",1,{"v":0,"d":"0%"},1,"EA",null,0,{"v":123.52,"d":"$124"},1,{"v":123.52,"d":"$124"},{"v":123.52,"d":"$124"}]
[24,"46\"x24\" FSD-3-7, Fire Smoke Damper, \"RUSKIN\" FSD60, 120 V, 1 PH, 60 HZ.",1,{"v":0,"d":"0%"},1,"EA",null,{"$f":"G801*E801","v":0},{"$f":"L$4","v":{"v":123.52,"d":"$124"}},{"$f":"E801*3.5","v":{"v":3.5,"d":"4"}},{"$f":"J801*I801","v":{"v":432.32,"d":"$432"}},{"$f":"K801+H801","v":{"v":432.32,"d":"$432"}}]
[25,"46\"x26\" FSD-3-8, Fire Smoke Damper, \"RUSKIN\" FSD60, 120 V, 1 PH, 60 HZ.",1,{"v":0,"d":"0%"},1,"EA",null,0,{"v":123.52,"d":"$124"},{"v":3.5,"d":"4"},{"v":432.32,"d":"$432"},{"v":432.32,"d":"$432"}]
[26,"52\"x26\" FSD-3-9, Fire Smoke Damper, \"RUSKIN\" FSD60, 120 V, 1 PH, 60 HZ.",1,{"v":0,"d":"0%"},1,"EA",null,0,{"v":123.52,"d":"$124"},{"v":3.5,"d":"4"},{"v":432.32,"d":"$432"},{"v":432.32,"d":"$432"}]
[27,"52\"x26\" FSD-3-10, Fire Smoke Damper, \"RUSKIN\" FSD60, 120 V, 1 PH, 60 HZ.",1,{"v":0,"d":"0%"},1,"EA",null,0,{"v":123.52,"d":"$124"},{"v":3.5,"d":"4"},{"v":432.32,"d":"$432"},{"v":432.32,"d":"$432"}]
[28,"10\"x8\" FSD-3-11, Fire Smoke Damper, \"RUSKIN\" FSD60, 120 V, 1 PH, 60 HZ.",1,{"v":0,"d":"0%"},1,"EA",null,0,{"v":123.52,"d":"$124"},{"$f":"E805*1","v":1},{"v":123.52,"d":"$124"},{"v":123.52,"d":"$124"}]
[29,"22\"x10\" FSD-3-12, Fire Smoke Damper, \"RUSKIN\" FSD60, 120 V, 1 PH, 60 HZ.",1,{"v":0,"d":"0%"},1,"EA",null,0,{"v":123.52,"d":"$124"},{"$f":"E806*1.4","v":{"v":1.4,"d":"1"}},{"v":172.928,"d":"$173"},{"v":172.928,"d":"$173"}]
[30,"14\"x10\" FSD-3-13, Fire Smoke Damper, \"RUSKIN\" FSD60, 120 V, 1 PH, 60 HZ.",1,{"v":0,"d":"0%"},1,"EA",null,{"$f":"G807*E807","v":0},{"$f":"L$4","v":{"v":123.52,"d":"$124"}},{"$f":"E807*1.1","v":{"v":1.1,"d":"1"}},{"$f":"J807*I807","v":{"v":135.872,"d":"$136"}},{"$f":"K807+H807","v":{"v":135.872,"d":"$136"}}]
[31,"8\"x10\" FSD-3-14, Fire Smoke Damper, \"RUSKIN\" FSD60, 120 V, 1 PH, 60 HZ.",1,{"v":0,"d":"0%"},1,"EA",null,0,{"v":123.52,"d":"$124"},{"$f":"E808*1","v":1},{"v":123.52,"d":"$124"},{"v":123.52,"d":"$124"}]
[32,"28\"x28\" FSD-3-15, Fire Smoke Damper, \"RUSKIN\" FSD60, 120 V, 1 PH, 60 HZ.",1,{"v":0,"d":"0%"},1,"EA",null,{"$f":"G809*E809","v":0},{"$f":"L$4","v":{"v":123.52,"d":"$124"}},{"$f":"E809*2","v":2},{"$f":"J809*I809","v":{"v":247.04,"d":"$247"}},{"$f":"K809+H809","v":{"v":247.04,"d":"$247"}}]
[33,"36\"x26\" FSD-4-1, Fire Smoke Damper, \"RUSKIN\" FSD60, 120 V, 1 PH, 60 HZ.",1,{"v":0,"d":"0%"},1,"EA",null,{"$f":"G810*E810","v":0},{"$f":"L$4","v":{"v":123.52,"d":"$124"}},{"$f":"E810*2","v":2},{"$f":"J810*I810","v":{"v":247.04,"d":"$247"}},{"$f":"K810+H810","v":{"v":247.04,"d":"$247"}}]
[]
["FIRE DAMPERS"]
[1,"6\" Dia Fire Damper",1,{"v":0,"d":"0%"},{"$f":"C813*(1+D813)","v":1},"EA",null,{"$f":"G813*E813","v":0},{"$f":"L$4","v":{"v":123.52,"d":"$124"}},{"$f":"E813*1","v":1},{"$f":"J813*I813","v":{"v":123.52,"d":"$124"}},{"$f":"K813+H813","v":{"v":123.52,"d":"$124"}}]
[2,"6\"x6\" Fire Damper",3,{"v":0,"d":"0%"},3,"EA",null,{"$f":"G814*E814","v":0},{"$f":"L$4","v":{"v":123.52,"d":"$124"}},{"$f":"E814*1","v":3},{"$f":"J814*I814","v":{"v":370.56,"d":"$371"}},{"$f":"K814+H814","v":{"v":370.56,"d":"$371"}}]
[3,"8\"x6\" Fire Damper",1,{"v":0,"d":"0%"},1,"EA",null,0,{"v":123.52,"d":"$124"},1,{"v":123.52,"d":"$124"},{"v":123.52,"d":"$124"}]
[4,"10\"x8\" Fire Damper",1,{"v":0,"d":"0%"},1,"EA",null,0,{"v":123.52,"d":"$124"},1,{"v":123.52,"d":"$124"},{"v":123.52,"d":"$124"}]
[5,"10\"x10\" Fire Damper",1,{"v":0,"d":"0%"},1,"EA",null,0,{"v":123.52,"d":"$124"},1,{"v":123.52,"d":"$124"},{"v":123.52,"d":"$124"}]
[6,"12\"x12\" Fire Damper",1,{"v":0,"d":"0%"},1,"EA",null,0,{"v":123.52,"d":"$124"},{"$f":"E818*1.1","v":{"v":1.1,"d":"1"}},{"v":135.872,"d":"$136"},{"v":135.872,"d":"$136"}]
[7,"16\"x10\" Fire Damper",1,{"v":0,"d":"0%"},1,"EA",null,0,{"v":123.52,"d":"$124"},{"$f":"E819*1.1","v":{"v":1.1,"d":"1"}},{"v":135.872,"d":"$136"},{"v":135.872,"d":"$136"}]
[8,"18\"x10\" Fire Damper",1,{"v":0,"d":"0%"},1,"EA",null,{"$f":"G820*E820","v":0},{"$f":"L$4","v":{"v":123.52,"d":"$124"}},{"$f":"E820*1.3","v":{"v":1.3,"d":"1"}},{"$f":"J820*I820","v":{"v":160.576,"d":"$161"}},{"$f":"K820+H820","v":{"v":160.576,"d":"$161"}}]
[9,"18\"x14\" Fire Damper",1,{"v":0,"d":"0%"},1,"EA",null,{"$f":"G821*E821","v":0},{"$f":"L$4","v":{"v":123.52,"d":"$124"}},{"$f":"E821*1.3","v":{"v":1.3,"d":"1"}},{"$f":"J821*I821","v":{"v":160.576,"d":"$161"}},{"$f":"K821+H821","v":{"v":160.576,"d":"$161"}}]
[10,"20\"x10\" Fire Damper",1,{"v":0,"d":"0%"},1,"EA",null,0,{"v":123.52,"d":"$124"},{"$f":"E822*1.4","v":{"v":1.4,"d":"1"}},{"v":172.928,"d":"$173"},{"v":172.928,"d":"$173"}]
[11,"30\"x22\" Fire Damper",1,{"v":0,"d":"0%"},1,"EA",null,0,{"v":123.52,"d":"$124"},{"$f":"E823*2","v":2},{"v":247.04,"d":"$247"},{"v":247.04,"d":"$247"}]
[12,"46\"x20\" Fire Damper",2,{"v":0,"d":"0%"},2,"EA",null,0,{"v":123.52,"d":"$124"},{"$f":"E824*2.6","v":{"v":5.2,"d":"5"}},{"v":642.304,"d":"$642"},{"v":642.304,"d":"$642"}]
[13,"48\"x20\" Fire Damper",1,{"v":0,"d":"0%"},1,"EA",null,0,{"v":123.52,"d":"$124"},{"$f":"E825*3","v":3},{"v":370.56,"d":"$371"},{"v":370.56,"d":"$371"}]
[]
["VOLUME DAMPERS"]
[1,"4\" Dia Volume Damper",3,{"v":0,"d":"0%"},{"$f":"C828*(1+D828)","v":3},"EA",null,{"$f":"G828*E828","v":0},{"$f":"L$4","v":{"v":123.52,"d":"$124"}},{"$f":"E828*1","v":3},{"$f":"J828*I828","v":{"v":370.56,"d":"$371"}},{"$f":"K828+H828","v":{"v":370.56,"d":"$371"}}]
[2,"6\" Dia Volume Damper",58,{"v":0,"d":"0%"},58,"EA",null,{"$f":"G829*E829","v":0},{"$f":"L$4","v":{"v":123.52,"d":"$124"}},{"$f":"E829*1","v":58},{"$f":"J829*I829","v":{"v":7164.16,"d":"$7,164"}},{"$f":"K829+H829","v":{"v":7164.16,"d":"$7,164"}}]
[3,"6\"x6\" Volume Damper",26,{"v":0,"d":"0%"},26,"EA",null,0,{"v":123.52,"d":"$124"},26,{"v":3211.52,"d":"$3,212"},{"v":3211.52,"d":"$3,212"}]
[4,"6\"x8\" Volume Damper",1,{"v":0,"d":"0%"},1,"EA",null,0,{"v":123.52,"d":"$124"},1,{"v":123.52,"d":"$124"},{"v":123.52,"d":"$124"}]
[5,"8\" Dia Volume Damper",118,{"v":0,"d":"0%"},118,"EA",null,0,{"v":123.52,"d":"$124"},118,{"v":14575.359999999999,"d":"$14,575"},{"v":14575.359999999999,"d":"$14,575"}]
[6,"8\"x10\" Volume Damper",2,{"v":0,"d":"0%"},2,"EA",null,0,{"v":123.52,"d":"$124"},2,{"v":247.04,"d":"$247"},{"v":247.04,"d":"$247"}]
[7,"8\"x6\" Volume Damper",15,{"v":0,"d":"0%"},15,"EA",null,0,{"v":123.52,"d":"$124"},15,{"v":1852.8,"d":"$1,853"},{"v":1852.8,"d":"$1,853"}]
[8,"8\"x8\" Volume Damper",5,{"v":0,"d":"0%"},5,"EA",null,0,{"v":123.52,"d":"$124"},5,{"v":617.6,"d":"$618"},{"v":617.6,"d":"$618"}]
[9,"10\"x6\" Volume Damper",2,{"v":0,"d":"0%"},2,"EA",null,0,{"v":123.52,"d":"$124"},2,{"v":247.04,"d":"$247"},{"v":247.04,"d":"$247"}]
[10,"10\"x8\" Volume Damper",2,{"v":0,"d":"0%"},2,"EA",null,0,{"v":123.52,"d":"$124"},2,{"v":247.04,"d":"$247"},{"v":247.04,"d":"$247"}]
[11,"10\" Dia Volume Damper",282,{"v":0,"d":"0%"},282,"EA",null,0,{"v":123.52,"d":"$124"},282,{"v":34832.64,"d":"$34,833"},{"v":34832.64,"d":"$34,833"}]
[12,"10\"x12\" Volume Damper",2,{"v":0,"d":"0%"},2,"EA",null,0,{"v":123.52,"d":"$124"},2,{"v":247.04,"d":"$247"},{"v":247.04,"d":"$247"}]
[13,"12\" Dia Volume Damper",24,{"v":0,"d":"0%"},24,"EA",null,0,{"v":123.52,"d":"$124"},{"$f":"E840*1.1","v":{"v":26.400000000000002,"d":"26"}},{"v":3260.9280000000003,"d":"$3,261"},{"v":3260.9280000000003,"d":"$3,261"}]
[14,"12\"x6\" Volume Damper",1,{"v":0,"d":"0%"},1,"EA",null,{"$f":"G841*E841","v":0},{"$f":"L$4","v":{"v":123.52,"d":"$124"}},{"$f":"E841*1.1","v":{"v":1.1,"d":"1"}},{"$f":"J841*I841","v":{"v":135.872,"d":"$136"}},{"$f":"K841+H841","v":{"v":135.872,"d":"$136"}}]
[15,"12\"x8\" Volume Damper",2,{"v":0,"d":"0%"},2,"EA",null,0,{"v":123.52,"d":"$124"},{"v":2.2,"d":"2"},{"v":271.744,"d":"$272"},{"v":271.744,"d":"$272"}]
[16,"12\"x10\" Volume Damper",2,{"v":0,"d":"0%"},2,"EA",null,0,{"v":123.52,"d":"$124"},{"v":2.2,"d":"2"},{"v":271.744,"d":"$272"},{"v":271.744,"d":"$272"}]
[17,"12\"x12\" Volume Damper",2,{"v":0,"d":"0%"},2,"EA",null,0,{"v":123.52,"d":"$124"},{"v":2.2,"d":"2"},{"v":271.744,"d":"$272"},{"v":271.744,"d":"$272"}]
[18,"14\"x6\" Volume Damper",2,{"v":0,"d":"0%"},2,"EA",null,0,{"v":123.52,"d":"$124"},{"v":2.2,"d":"2"},{"v":271.744,"d":"$272"},{"v":271.744,"d":"$272"}]
[19,"14\"x8\" Volume Damper",1,{"v":0,"d":"0%"},1,"EA",null,0,{"v":123.52,"d":"$124"},{"v":1.1,"d":"1"},{"v":135.872,"d":"$136"},{"v":135.872,"d":"$136"}]
[20,"20\"x16\" Volume Damper",1,{"v":0,"d":"0%"},1,"EA",null,0,{"v":123.52,"d":"$124"},{"$f":"E847*1.4","v":{"v":1.4,"d":"1"}},{"v":172.928,"d":"$173"},{"v":172.928,"d":"$173"}]
[21,"38\"x10\" Volume Damper",1,{"v":0,"d":"0%"},1,"EA",null,{"$f":"G848*E848","v":0},{"$f":"L$4","v":{"v":123.52,"d":"$124"}},{"$f":"E848*2.6","v":{"v":2.6,"d":"3"}},{"$f":"J848*I848","v":{"v":321.152,"d":"$321"}},{"$f":"K848+H848","v":{"v":321.152,"d":"$321"}}]
[22,"42\"x22\" Volume Damper",1,{"v":0,"d":"0%"},1,"EA",null,{"$f":"G849*E849","v":0},{"$f":"L$4","v":{"v":123.52,"d":"$124"}},{"$f":"E849*2.6","v":{"v":2.6,"d":"3"}},{"$f":"J849*I849","v":{"v":321.152,"d":"$321"}},{"$f":"K849+H849","v":{"v":321.152,"d":"$321"}}]
[23,"46\"x26\" Volume Damper",1,{"v":0,"d":"0%"},1,"EA",null,{"$f":"G850*E850","v":0},{"$f":"L$4","v":{"v":123.52,"d":"$124"}},{"$f":"E850*2.6","v":{"v":2.6,"d":"3"}},{"$f":"J850*I850","v":{"v":321.152,"d":"$321"}},{"$f":"K850+H850","v":{"v":321.152,"d":"$321"}}]
[24,"48\"x22\" Volume Damper",1,{"v":0,"d":"0%"},1,"EA",null,0,{"v":123.52,"d":"$124"},{"$f":"E851*3","v":3},{"v":370.56,"d":"$371"},{"v":370.56,"d":"$371"}]
[25,"52\"x26\" Volume Damper",1,{"v":0,"d":"0%"},1,"EA",null,0,{"v":123.52,"d":"$124"},{"$f":"E852*3.5","v":{"v":3.5,"d":"4"}},{"v":432.32,"d":"$432"},{"v":432.32,"d":"$432"}]
[26,"54\"x22\" Volume Damper",1,{"v":0,"d":"0%"},1,"EA",null,0,{"v":123.52,"d":"$124"},{"v":3.5,"d":"4"},{"v":432.32,"d":"$432"},{"v":432.32,"d":"$432"}]
[27,"54\"x24\" Volume Damper",1,{"v":0,"d":"0%"},1,"EA",null,0,{"v":123.52,"d":"$124"},{"v":3.5,"d":"4"},{"v":432.32,"d":"$432"},{"v":432.32,"d":"$432"}]
[28,"60\"x24\" Volume Damper",1,{"v":0,"d":"0%"},1,"EA",null,0,{"v":123.52,"d":"$124"},{"$f":"E855*4","v":4},{"v":494.08,"d":"$494"},{"v":494.08,"d":"$494"}]
[29,"64\"x20\" Volume Damper",1,{"v":0,"d":"0%"},1,"EA",null,{"$f":"G856*E856","v":0},{"$f":"L$4","v":{"v":123.52,"d":"$124"}},{"$f":"E856*4","v":4},{"$f":"J856*I856","v":{"v":494.08,"d":"$494"}},{"$f":"K856+H856","v":{"v":494.08,"d":"$494"}}]
[30,"66\"x24\" Volume Damper",2,{"v":0,"d":"0%"},2,"EA",null,0,{"v":123.52,"d":"$124"},{"$f":"E857*4","v":8},{"v":988.16,"d":"$988"},{"v":988.16,"d":"$988"}]
[31,"72\"x16\" Volume Damper",2,{"v":0,"d":"0%"},2,"EA",null,0,{"v":123.52,"d":"$124"},{"$f":"E858*4.5","v":9},{"v":1111.68,"d":"$1,112"},{"v":1111.68,"d":"$1,112"}]
[32,"80\"x24\" Volume Damper",1,{"v":0,"d":"0%"},1,"EA",null,{"$f":"G859*E859","v":0},{"$f":"L$4","v":{"v":123.52,"d":"$124"}},{"$f":"E859*5","v":5},{"$f":"J859*I859","v":{"v":617.6,"d":"$618"}},{"$f":"K859+H859","v":{"v":617.6,"d":"$618"}}]
[33,"90\"x24\" Volume Damper",1,{"v":0,"d":"0%"},1,"EA",null,0,{"v":123.52,"d":"$124"},{"$f":"E860*6","v":6},{"v":741.12,"d":"$741"},{"v":741.12,"d":"$741"}]
[]
["MOTORIZED DAMPERS"]
[1,"14\"x10\" Motorized Damper",1,{"v":0,"d":"0%"},{"$f":"C863*(1+D863)","v":1},"EA",null,{"$f":"G863*E863","v":0},{"$f":"L$4","v":{"v":123.52,"d":"$124"}},{"$f":"E863*2.1","v":{"v":2.1,"d":"2"}},{"$f":"J863*I863","v":{"v":259.392,"d":"$259"}},{"$f":"K863+H863","v":{"v":259.392,"d":"$259"}}]
[2,"18\"x16\" Motorized Damper",2,{"v":0,"d":"0%"},2,"EA",null,{"$f":"G864*E864","v":0},{"$f":"L$4","v":{"v":123.52,"d":"$124"}},{"$f":"E864*2.3","v":{"v":4.6,"d":"5"}},{"$f":"J864*I864","v":{"v":568.1919999999999,"d":"$568"}},{"$f":"K864+H864","v":{"v":568.1919999999999,"d":"$568"}}]
[3,"20\"x16\" Motorized Damper",1,{"v":0,"d":"0%"},1,"EA",null,{"$f":"G865*E865","v":0},{"$f":"L$4","v":{"v":123.52,"d":"$124"}},{"$f":"E865*2.4","v":{"v":2.4,"d":"2"}},{"$f":"J865*I865","v":{"v":296.448,"d":"$296"}},{"$f":"K865+H865","v":{"v":296.448,"d":"$296"}}]
[4,"20\"x20\" Motorized Damper",1,{"v":0,"d":"0%"},1,"EA",null,{"$f":"G866*E866","v":0},{"$f":"L$4","v":{"v":123.52,"d":"$124"}},{"$f":"E866*2.4","v":{"v":2.4,"d":"2"}},{"$f":"J866*I866","v":{"v":296.448,"d":"$296"}},{"$f":"K866+H866","v":{"v":296.448,"d":"$296"}}]
[5,"48\"x26\" Motorized Damper",1,{"v":0,"d":"0%"},1,"EA",null,{"$f":"G867*E867","v":0},{"$f":"L$4","v":{"v":123.52,"d":"$124"}},{"$f":"E867*4.5","v":{"v":4.5,"d":"5"}},{"$f":"J867*I867","v":{"v":555.84,"d":"$556"}},{"$f":"K867+H867","v":{"v":555.84,"d":"$556"}}]
[6,"48\"x36\" Motorized Damper",1,{"v":0,"d":"0%"},1,"EA",null,0,{"v":123.52,"d":"$124"},{"$f":"E868*4.5","v":{"v":4.5,"d":"5"}},{"v":555.84,"d":"$556"},{"v":555.84,"d":"$556"}]
[7,"68\"x68\" Motorized Damper",1,{"v":0,"d":"0%"},1,"EA",null,0,{"v":123.52,"d":"$124"},{"$f":"E869*5.5","v":{"v":5.5,"d":"6"}},{"v":679.36,"d":"$679"},{"v":679.36,"d":"$679"}]
[]
["SMOKE DETECTOR"]
[1,"SD-1-1, Smoke Detector",1,{"v":0,"d":"0%"},{"$f":"C872*(1+D872)","v":1},"EA",null,{"$f":"G872*E872","v":0},{"$f":"L$4","v":{"v":123.52,"d":"$124"}},{"$f":"E872*0.5","v":{"v":0.5,"d":"1"}},{"$f":"J872*I872","v":{"v":61.76,"d":"$62"}},{"$f":"K872+H872","v":{"v":61.76,"d":"$62"}}]
[2,"SD-1-2, Smoke Detector",1,{"v":0,"d":"0%"},1,"EA",null,{"$f":"G873*E873","v":0},{"$f":"L$4","v":{"v":123.52,"d":"$124"}},{"$f":"E873*0.5","v":{"v":0.5,"d":"1"}},{"$f":"J873*I873","v":{"v":61.76,"d":"$62"}},{"$f":"K873+H873","v":{"v":61.76,"d":"$62"}}]
[3,"SD-3-1, Smoke Detector",1,{"v":0,"d":"0%"},{"$f":"C874*(1+D874)","v":1},"EA",null,0,{"v":123.52,"d":"$124"},{"v":0.5,"d":"1"},{"v":61.76,"d":"$62"},{"v":61.76,"d":"$62"}]
[4,"SD-3-2, Smoke Detector",1,{"v":0,"d":"0%"},1,"EA",null,0,{"v":123.52,"d":"$124"},{"v":0.5,"d":"1"},{"v":61.76,"d":"$62"},{"v":61.76,"d":"$62"}]
[5,"SD-3-3, Smoke Detector",1,{"v":0,"d":"0%"},1,"EA",null,0,{"v":123.52,"d":"$124"},{"v":0.5,"d":"1"},{"v":61.76,"d":"$62"},{"v":61.76,"d":"$62"}]
[6,"SD-3-4, Smoke Detector",1,{"v":0,"d":"0%"},1,"EA",null,0,{"v":123.52,"d":"$124"},{"v":0.5,"d":"1"},{"v":61.76,"d":"$62"},{"v":61.76,"d":"$62"}]
[7,"SD-3-5, Smoke Detector",1,{"v":0,"d":"0%"},1,"EA",null,0,{"v":123.52,"d":"$124"},{"v":0.5,"d":"1"},{"v":61.76,"d":"$62"},{"v":61.76,"d":"$62"}]
[8,"SD-3-6, Smoke Detector",1,{"v":0,"d":"0%"},1,"EA",null,0,{"v":123.52,"d":"$124"},{"v":0.5,"d":"1"},{"v":61.76,"d":"$62"},{"v":61.76,"d":"$62"}]
[9,"SD-3-7, Smoke Detector",1,{"v":0,"d":"0%"},{"$f":"C880*(1+D880)","v":1},"EA",null,0,{"v":123.52,"d":"$124"},{"v":0.5,"d":"1"},{"v":61.76,"d":"$62"},{"v":61.76,"d":"$62"}]
[10,"SD-3-8, Smoke Detector",1,{"v":0,"d":"0%"},1,"EA",null,0,{"v":123.52,"d":"$124"},{"v":0.5,"d":"1"},{"v":61.76,"d":"$62"},{"v":61.76,"d":"$62"}]
[11,"SD-3-9, Smoke Detector",1,{"v":0,"d":"0%"},1,"EA",null,0,{"v":123.52,"d":"$124"},{"v":0.5,"d":"1"},{"v":61.76,"d":"$62"},{"v":61.76,"d":"$62"}]
[12,"SD-3-10, Smoke Detector",1,{"v":0,"d":"0%"},1,"EA",null,0,{"v":123.52,"d":"$124"},{"v":0.5,"d":"1"},{"v":61.76,"d":"$62"},{"v":61.76,"d":"$62"}]
[13,"SD-3-11, Smoke Detector",1,{"v":0,"d":"0%"},1,"EA",null,0,{"v":123.52,"d":"$124"},{"v":0.5,"d":"1"},{"v":61.76,"d":"$62"},{"v":61.76,"d":"$62"}]
[14,"SD-3-12, Smoke Detector",1,{"v":0,"d":"0%"},1,"EA",null,0,{"v":123.52,"d":"$124"},{"v":0.5,"d":"1"},{"v":61.76,"d":"$62"},{"v":61.76,"d":"$62"}]
[15,"SD-4-1, Smoke Detector",1,{"v":0,"d":"0%"},1,"EA",null,0,{"v":123.52,"d":"$124"},{"v":0.5,"d":"1"},{"v":61.76,"d":"$62"},{"v":61.76,"d":"$62"}]
[16,"SD-4-2, Smoke Detector",1,{"v":0,"d":"0%"},1,"EA",null,0,{"v":123.52,"d":"$124"},{"v":0.5,"d":"1"},{"v":61.76,"d":"$62"},{"v":61.76,"d":"$62"}]
[17,"SD-4-3, Smoke Detector",1,{"v":0,"d":"0%"},1,"EA",null,0,{"v":123.52,"d":"$124"},{"v":0.5,"d":"1"},{"v":61.76,"d":"$62"},{"v":61.76,"d":"$62"}]
[18,"SD-4-4, Smoke Detector",1,{"v":0,"d":"0%"},1,"EA",null,0,{"v":123.52,"d":"$124"},{"v":0.5,"d":"1"},{"v":61.76,"d":"$62"},{"v":61.76,"d":"$62"}]
[]
["SENSORS"]
[1,"SP, Static Pressure Sensor",8,{"v":0,"d":"0%"},{"$f":"C892*(1+D892)","v":8},"EA",null,{"$f":"G892*E892","v":0},{"$f":"L$4","v":{"v":123.52,"d":"$124"}},{"$f":"E892*0.5","v":4},{"$f":"J892*I892","v":{"v":494.08,"d":"$494"}},{"$f":"K892+H892","v":{"v":494.08,"d":"$494"}}]
[2,"DP, Differential Pressure Sensor",7,{"v":0,"d":"0%"},7,"EA",null,0,{"v":123.52,"d":"$124"},{"v":3.5,"d":"4"},{"v":432.32,"d":"$432"},{"v":432.32,"d":"$432"}]
[3,"SD, Wall Mounted Smoke Detector",2,{"v":0,"d":"0%"},2,"EA",null,0,{"v":123.52,"d":"$124"},1,{"v":123.52,"d":"$124"},{"v":123.52,"d":"$124"}]
[4,"TS, Wall Mounted Thermostat / Temperature Sensor",{"$f":"16+161","v":177},{"v":0,"d":"0%"},177,"EA",null,0,{"v":123.52,"d":"$124"},{"v":88.5,"d":"89"},{"v":10931.52,"d":"$10,932"},{"v":10931.52,"d":"$10,932"}]
[5,"RS, Wall Mounted Refrigerant Leak Detector",4,{"v":0,"d":"0%"},4,"EA",null,0,{"v":123.52,"d":"$124"},2,{"v":247.04,"d":"$247"},{"v":247.04,"d":"$247"}]
[6,"SW, Wall Mounted Emergency Shut off Switch",9,{"v":0,"d":"0%"},9,"EA",null,0,{"v":123.52,"d":"$124"},{"$f":"E897*0.75","v":{"v":6.75,"d":"7"}},{"v":833.76,"d":"$834"},{"v":833.76,"d":"$834"}]
[7,"CG, Ceiling Mounted Combustible Gas Sensor",2,{"v":0,"d":"0%"},2,"EA",null,0,{"v":123.52,"d":"$124"},{"$f":"E898*1","v":2},{"v":247.04,"d":"$247"},{"v":247.04,"d":"$247"}]
[]
["THERMOMETER"]
[1,"Thermometer",16,{"v":0,"d":"0%"},{"$f":"C901*(1+D901)","v":16},"EA",null,{"$f":"G901*E901","v":0},{"$f":"L$4","v":{"v":123.52,"d":"$124"}},{"$f":"E901*0.5","v":8},{"$f":"J901*I901","v":{"v":988.16,"d":"$988"}},{"$f":"K901+H901","v":{"v":988.16,"d":"$988"}}]
[]
["2-WAY CONTROL VALVE"]
[1,"3/4\" Dia Two Way Control Valve",248,{"v":0,"d":"0%"},{"$f":"C904*(1+D904)","v":248},"EA",null,{"$f":"G904*E904","v":0},{"$f":"L$4","v":{"v":123.52,"d":"$124"}},{"$f":"E904*0.55","v":{"v":136.4,"d":"136"}},{"$f":"J904*I904","v":{"v":16848.128,"d":"$16,848"}},{"$f":"K904+H904","v":{"v":16848.128,"d":"$16,848"}}]
[]
["VALVES"]
[1,"8\" Dia Isolation Valve",2,{"v":0,"d":"0%"},2,"EA",null,{"$f":"G907*E907","v":0},{"$f":"L$4","v":{"v":123.52,"d":"$124"}},{"$f":"E907*3","v":6},{"$f":"J907*I907","v":{"v":741.12,"d":"$741"}},{"$f":"K907+H907","v":{"v":741.12,"d":"$741"}}]
[2,"10\" Dia Isolation Valve",2,{"v":0,"d":"0%"},{"$f":"C908*(1+D908)","v":2},"EA",null,{"$f":"G908*E908","v":0},{"$f":"L$4","v":{"v":123.52,"d":"$124"}},{"$f":"E908*3.5","v":7},{"$f":"J908*I908","v":{"v":864.64,"d":"$865"}},{"$f":"K908+H908","v":{"v":864.64,"d":"$865"}}]
[3,"1\" Dia Gate Valve",4,{"v":0,"d":"0%"},4,"EA",null,{"$f":"G909*E909","v":0},{"$f":"L$4","v":{"v":123.52,"d":"$124"}},{"$f":"E909*0.6","v":{"v":2.4,"d":"2"}},{"$f":"J909*I909","v":{"v":296.448,"d":"$296"}},{"$f":"K909+H909","v":{"v":296.448,"d":"$296"}}]
[4,"1-1/2\" Dia Gate Valve",14,{"v":0,"d":"0%"},14,"EA",null,{"$f":"G910*E910","v":0},{"v":123.52,"d":"$124"},{"$f":"E910*0.88","v":{"v":12.32,"d":"12"}},{"$f":"J910*I910","v":{"v":1521.7664,"d":"$1,522"}},{"$f":"K910+H910","v":{"v":1521.7664,"d":"$1,522"}}]
[5,"2\" Dia Gate Valve",4,{"v":0,"d":"0%"},4,"EA",null,0,{"v":123.52,"d":"$124"},{"$f":"E911*0.8","v":{"v":3.2,"d":"3"}},{"v":395.264,"d":"$395"},{"v":395.264,"d":"$395"}]
[6,"2-1/2\" Dia Gate Valve",10,{"v":0,"d":"0%"},10,"EA",null,0,{"v":123.52,"d":"$124"},{"$f":"E912*1","v":10},{"v":1235.2,"d":"$1,235"},{"v":1235.2,"d":"$1,235"}]
[7,"3\" Dia Gate Valve",2,{"v":0,"d":"0%"},{"$f":"C913*(1+D913)","v":2},"EA",null,0,{"v":123.52,"d":"$124"},{"$f":"E913*1.2","v":{"v":2.4,"d":"2"}},{"v":296.448,"d":"$296"},{"v":296.448,"d":"$296"}]
[8,"6\" Dia Gate Valve",10,{"v":0,"d":"0%"},10,"EA",null,{"$f":"G914*E914","v":0},{"v":123.52,"d":"$124"},{"$f":"E914*2.5","v":25},{"$f":"J914*I914","v":{"v":3088,"d":"$3,088"}},{"$f":"K914+H914","v":{"v":3088,"d":"$3,088"}}]
[9,"8\" Dia Gate Valve",19,{"v":0,"d":"0%"},19,"EA",null,{"$f":"G915*E915","v":0},{"$f":"L$4","v":{"v":123.52,"d":"$124"}},{"$f":"E915*3","v":57},{"$f":"J915*I915","v":{"v":7040.639999999999,"d":"$7,041"}},{"$f":"K915+H915","v":{"v":7040.639999999999,"d":"$7,041"}}]
[10,"10\" Dia Gate Valve",10,{"v":0,"d":"0%"},10,"EA",null,{"$f":"G916*E916","v":0},{"v":123.52,"d":"$124"},{"$f":"E916*3.5","v":35},{"$f":"J916*I916","v":{"v":4323.2,"d":"$4,323"}},{"$f":"K916+H916","v":{"v":4323.2,"d":"$4,323"}}]
[11,"2-1/2\" Dia Shutoff Valve",2,{"v":0,"d":"0%"},2,"EA",null,{"$f":"G917*E917","v":0},{"v":123.52,"d":"$124"},{"$f":"E917*1","v":2},{"$f":"J917*I917","v":{"v":247.04,"d":"$247"}},{"$f":"K917+H917","v":{"v":247.04,"d":"$247"}}]
[12,"3\" Dia Shutoff Valve",2,{"v":0,"d":"0%"},2,"EA",null,0,{"v":123.52,"d":"$124"},{"$f":"E918*1.2","v":{"v":2.4,"d":"2"}},{"v":296.448,"d":"$296"},{"v":296.448,"d":"$296"}]
[13,"4\" Dia Shutoff Valve",14,{"v":0,"d":"0%"},14,"EA",null,{"$f":"G919*E919","v":0},{"$f":"L$4","v":{"v":123.52,"d":"$124"}},{"$f":"E919*2","v":28},{"$f":"J919*I919","v":{"v":3458.56,"d":"$3,459"}},{"$f":"K919+H919","v":{"v":3458.56,"d":"$3,459"}}]
[14,"6\" Dia Shutoff Valve",4,{"v":0,"d":"0%"},4,"EA",null,0,{"v":123.52,"d":"$124"},{"$f":"E920*2.5","v":10},{"v":1235.2,"d":"$1,235"},{"v":1235.2,"d":"$1,235"}]
[15,"8\" Dia Shutoff Valve",1,{"v":0,"d":"0%"},1,"EA",null,0,{"v":123.52,"d":"$124"},{"$f":"E921*3","v":3},{"v":370.56,"d":"$371"},{"v":370.56,"d":"$371"}]
[16,"6\" Dia Check Valve",4,{"v":0,"d":"0%"},{"$f":"C922*(1+D922)","v":4},"EA",null,{"$f":"G922*E922","v":0},{"$f":"L$4","v":{"v":123.52,"d":"$124"}},{"$f":"E922*2.5","v":10},{"v":1235.2,"d":"$1,235"},{"v":1235.2,"d":"$1,235"}]
[17,"8\" Dia Check Valve",4,{"v":0,"d":"0%"},4,"EA",null,0,{"v":123.52,"d":"$124"},{"$f":"E923*3","v":12},{"v":1482.24,"d":"$1,482"},{"v":1482.24,"d":"$1,482"}]
[18,"10\" Dia Check Valve",2,{"v":0,"d":"0%"},2,"EA",null,0,{"v":123.52,"d":"$124"},{"$f":"E924*3.5","v":7},{"v":864.64,"d":"$865"},{"v":864.64,"d":"$865"}]
[19,"2-1/2 Dia Balancing Valve",4,{"v":0,"d":"0%"},4,"EA",null,{"$f":"G925*E925","v":0},{"$f":"L$4","v":{"v":123.52,"d":"$124"}},{"$f":"E925*1.54","v":{"v":6.16,"d":"6"}},{"$f":"J925*I925","v":{"v":760.8832,"d":"$761"}},{"$f":"K925+H925","v":{"v":760.8832,"d":"$761"}}]
[20,"3\" Dia Balancing Valve",2,{"v":0,"d":"0%"},2,"EA",null,0,{"v":123.52,"d":"$124"},{"$f":"E926*1.54","v":{"v":3.08,"d":"3"}},{"v":380.4416,"d":"$380"},{"v":380.4416,"d":"$380"}]
[21,"6\" Dia Balancing Valve",2,{"v":0,"d":"0%"},2,"EA",null,0,{"v":123.52,"d":"$124"},{"$f":"E927*2.75","v":{"v":5.5,"d":"6"}},{"v":679.36,"d":"$679"},{"v":679.36,"d":"$679"}]
[22,"8\" Dia Balancing Valve",6,{"v":0,"d":"0%"},6,"EA",null,0,{"v":123.52,"d":"$124"},{"$f":"E928*3.3","v":{"v":19.799999999999997,"d":"20"}},{"v":2445.6959999999995,"d":"$2,446"},{"v":2445.6959999999995,"d":"$2,446"}]
[23,"10\" Dia Balancing Valve",4,{"v":0,"d":"0%"},4,"EA",null,0,{"v":123.52,"d":"$124"},{"$f":"E929*3.85","v":{"v":15.4,"d":"15"}},{"v":1902.208,"d":"$1,902"},{"v":1902.208,"d":"$1,902"}]
[24,"8\" Dia Strainer With Drain Valve",4,{"v":0,"d":"0%"},{"$f":"C930*(1+D930)","v":4},"EA",null,0,{"v":123.52,"d":"$124"},{"$f":"E930*3","v":12},{"v":1482.24,"d":"$1,482"},{"v":1482.24,"d":"$1,482"}]
[25,"10\" Dia Strainer With Drain Valve",2,{"v":0,"d":"0%"},2,"EA",null,0,{"v":123.52,"d":"$124"},{"$f":"E931*3.5","v":7},{"v":864.64,"d":"$865"},{"v":864.64,"d":"$865"}]
[26,"3/4\" Dia Drain Valve With Cap",1,{"v":0,"d":"0%"},1,"EA",null,0,{"v":123.52,"d":"$124"},{"$f":"E932*0.44","v":{"v":0.44,"d":"0.4"}},{"v":54.3488,"d":"$54"},{"v":54.3488,"d":"$54"}]
[27,"1-1/2\" Dia Drain Valve With Hose End Cap",2,{"v":0,"d":"0%"},2,"EA",null,0,{"v":123.52,"d":"$124"},{"$f":"E933*0.7","v":{"v":1.4,"d":"1"}},{"v":172.928,"d":"$173"},{"v":172.928,"d":"$173"}]
[28,"1\" Dia Drain Valve With Cap",4,{"v":0,"d":"0%"},4,"EA",null,0,{"v":123.52,"d":"$124"},{"$f":"E934*0.6","v":{"v":2.4,"d":"2"}},{"v":296.448,"d":"$296"},{"v":296.448,"d":"$296"}]
[29,"1\" Dia Manual Blowdown Valve W/Cap",3,{"v":0,"d":"0%"},3,"EA",null,0,{"v":123.52,"d":"$124"},{"$f":"E935*0.6","v":{"v":1.7999999999999998,"d":"2"}},{"v":222.33599999999998,"d":"$222"},{"v":222.33599999999998,"d":"$222"}]
[]
["FLEXIBLE CONNECTOR"]
[1,"46\"x24\" Flexible Connector",1,{"v":0,"d":"0%"},{"$f":"C938*(1+D938)","v":1},"EA",{"v":54.64,"d":"$54.64"},{"$f":"G938*E938","v":{"v":54.64,"d":"$55"}},{"$f":"L$4","v":{"v":123.52,"d":"$124"}},{"$f":"E938*1","v":1},{"$f":"J938*I938","v":{"v":123.52,"d":"$124"}},{"$f":"K938+H938","v":{"v":178.16,"d":"$178"}}]
[2,"46\"x26\" Flexible Connector",4,{"v":0,"d":"0%"},4,"EA",{"v":54.64,"d":"$54.64"},{"v":218.56,"d":"$219"},{"v":123.52,"d":"$124"},4,{"v":494.08,"d":"$494"},{"v":712.64,"d":"$713"}]
[3,"48\"x26\" Flexible Connector",1,{"v":0,"d":"0%"},1,"EA",{"v":58.98,"d":"$58.98"},{"v":58.98,"d":"$59"},{"v":123.52,"d":"$124"},1,{"v":123.52,"d":"$124"},{"v":182.5,"d":"$183"}]
[4,"52\"x23\" Flexible Connector",1,{"v":0,"d":"0%"},1,"EA",{"v":74.64,"d":"$74.64"},{"v":74.64,"d":"$75"},{"v":123.52,"d":"$124"},{"$f":"E941*1.2","v":{"v":1.2,"d":"1"}},{"v":148.224,"d":"$148"},{"v":222.86399999999998,"d":"$223"}]
[5,"52\"x26\" Flexible Connector",1,{"v":0,"d":"0%"},1,"EA",{"v":75.78,"d":"$75.78"},{"v":75.78,"d":"$76"},{"v":123.52,"d":"$124"},{"$f":"E942*1.2","v":{"v":1.2,"d":"1"}},{"v":148.224,"d":"$148"},{"v":224.004,"d":"$224"}]
[6,"54\"x20\" Flexible Connector",1,{"v":0,"d":"0%"},1,"EA",{"v":82.34,"d":"$82.34"},{"v":82.34,"d":"$82"},{"v":123.52,"d":"$124"},{"$f":"E943*1.2","v":{"v":1.2,"d":"1"}},{"v":148.224,"d":"$148"},{"v":230.564,"d":"$231"}]
[7,"54\"x24\" Flexible Connector",1,{"v":0,"d":"0%"},1,"EA",{"v":85.62,"d":"$85.62"},{"v":85.62,"d":"$86"},{"v":123.52,"d":"$124"},1,{"v":123.52,"d":"$124"},{"v":209.14,"d":"$209"}]
[]
["FLEXIBLE CONNECTION"]
[1,"16\"x16\" Flexible Connection",1,{"v":0,"d":"0%"},{"$f":"C947*(1+D947)","v":1},"EA",{"v":21.32,"d":"$21.32"},{"$f":"G947*E947","v":{"v":21.32,"d":"$21"}},{"$f":"L$4","v":{"v":123.52,"d":"$124"}},{"$f":"E947*0.5","v":{"v":0.5,"d":"1"}},{"$f":"J947*I947","v":{"v":61.76,"d":"$62"}},{"$f":"K947+H947","v":{"v":83.08,"d":"$83"}}]
[2,"18\"x10\" Flexible Connection",1,{"v":0,"d":"0%"},1,"EA",{"v":26.65,"d":"$26.65"},{"v":26.65,"d":"$27"},{"v":123.52,"d":"$124"},{"$f":"E948*0.6","v":{"v":0.6,"d":"1"}},{"v":74.112,"d":"$74"},{"v":100.762,"d":"$101"}]
[3,"18\"x12\" Flexible Connection",2,{"v":0,"d":"0%"},2,"EA",{"v":26.78,"d":"$26.78"},{"v":53.56,"d":"$54"},{"v":123.52,"d":"$124"},{"$f":"E949*0.6","v":{"v":1.2,"d":"1"}},{"v":148.224,"d":"$148"},{"v":201.784,"d":"$202"}]
[4,"42\"x7\" Flexible Connection",2,{"v":0,"d":"0%"},2,"EA",{"v":56.67,"d":"$56.67"},{"v":113.34,"d":"$113"},{"v":123.52,"d":"$124"},{"$f":"E950*1","v":2},{"v":247.04,"d":"$247"},{"v":360.38,"d":"$360"}]
[5,"44\"x10\" Flexible Connection",1,{"v":0,"d":"0%"},1,"EA",{"v":58.82,"d":"$58.82"},{"v":58.82,"d":"$59"},{"v":123.52,"d":"$124"},1,{"v":123.52,"d":"$124"},{"v":182.34,"d":"$182"}]
[]
["BIRDS SCREEN"]
[1,"1/2\"x1/2\" Bird Screen",6,{"v":0,"d":"0%"},{"$f":"C954*(1+D954)","v":6},"EA",{"v":49.98,"d":"$49.98"},{"$f":"G954*E954","v":{"v":299.88,"d":"$300"}},{"$f":"L$4","v":{"v":123.52,"d":"$124"}},{"$f":"E954*0.5","v":3},{"$f":"J954*I954","v":{"v":370.56,"d":"$371"}},{"$f":"K954+H954","v":{"v":670.44,"d":"$670"}}]
[]
["WALL OPENING TERMINATE"]
[1,"Wall Opening Terminate, 30\"x30\" Neck Size, 18\"x18\" W/ WMS, 3000 CFM",1,{"v":0,"d":"0%"},{"$f":"C957*(1+D957)","v":1},"EA",{"v":84.78,"d":"$84.78"},{"$f":"G957*E957","v":{"v":84.78,"d":"$85"}},{"$f":"L$4","v":{"v":123.52,"d":"$124"}},{"$f":"E957*0.75","v":{"v":0.75,"d":"1"}},{"$f":"J957*I957","v":{"v":92.64,"d":"$93"}},{"$f":"K957+H957","v":{"v":177.42000000000002,"d":"$177"}}]
[2,"Wall Opening Terminate, 40\"x40\" Neck Size, 30\"x30\" W/ WMS, 10600 CFM",1,{"v":0,"d":"0%"},1,"EA",{"v":134.48,"d":"$134.48"},{"v":134.48,"d":"$134"},{"v":123.52,"d":"$124"},{"$f":"E958*1","v":1},{"v":123.52,"d":"$124"},{"v":258,"d":"$258"}]
[]
["HOT WATER SUPPLY PIPE"]
["Schedule 40, Grade B steel pipe; Class 125, cast-iron fittings, and threaded joints"]
[1,"3/4\" Dia Hot Water Supply Pipe",4883,{"v":0.1,"d":"10%"},{"$f":"C962*(1+D962)","v":{"v":5371.3,"d":"5371"}},"LFT",{"v":2.6158,"d":"$2.62"},{"$f":"G962*E962","v":{"v":14050.246540000002,"d":"$14,050"}},{"$f":"L$4","v":{"v":123.52,"d":"$124"}},{"$f":"E962*0.05","v":{"v":268.565,"d":"269"}},{"$f":"J962*I962","v":{"v":33173.148799999995,"d":"$33,173"}},{"$f":"K962+H962","v":{"v":47223.395339999995,"d":"$47,223"}}]
[2,"1\" Dia Hot Water Supply Pipe",579,{"v":0.1,"d":"10%"},{"v":636.9000000000001,"d":"637"},"LFT",{"v":2.9622,"d":"$2.96"},{"v":1886.6251800000005,"d":"$1,887"},{"v":123.52,"d":"$124"},{"$f":"E963*0.06","v":{"v":38.214000000000006,"d":"38"}},{"v":4720.19328,"d":"$4,720"},{"v":6606.81846,"d":"$6,607"}]
[3,"1-1/4\" Dia Hot Water Supply Pipe",804,{"v":0.1,"d":"10%"},{"v":884.4000000000001,"d":"884"},"LFT",{"v":4.0184,"d":"$4.02"},{"v":3553.87296,"d":"$3,554"},{"v":123.52,"d":"$124"},{"$f":"E964*0.07","v":{"v":61.908000000000015,"d":"62"}},{"v":7646.876160000002,"d":"$7,647"},{"v":11200.749120000002,"d":"$11,201"}]
[4,"1-1/2\" Dia Hot Water Supply Pipe",654,{"v":0.1,"d":"10%"},{"v":719.4000000000001,"d":"719"},"LFT",{"v":4.813,"d":"$4.81"},{"v":3462.4722,"d":"$3,462"},{"v":123.52,"d":"$124"},{"$f":"E965*0.08","v":{"v":57.55200000000001,"d":"58"}},{"v":7108.82304,"d":"$7,109"},{"v":10571.29524,"d":"$10,571"}]
[5,"2\" Dia Hot Water Supply Pipe",1200,{"v":0.1,"d":"10%"},1320,"LFT",{"v":7.4372,"d":"$7.44"},{"v":9817.104,"d":"$9,817"},{"v":123.52,"d":"$124"},{"$f":"E966*0.08","v":{"v":105.60000000000001,"d":"106"}},{"v":13043.712000000001,"d":"$13,044"},{"v":22860.816,"d":"$22,861"}]
["Schedule 40 steel pipe, wrought-steel fittings and wrought-cast or forged-steel flanges and flange fittings, and welded and flanged joints"]
[6,"2-1/2\" Dia Hot Water Supply Pipe",174,{"v":0.1,"d":"10%"},{"v":191.4,"d":"191"},"LFT",{"v":12.6724,"d":"$12.67"},{"$f":"G968*E968","v":{"v":2425.49736,"d":"$2,425"}},{"$f":"L$4","v":{"v":123.52,"d":"$124"}},{"$f":"E968*0.18","v":{"v":34.452,"d":"34"}},{"$f":"J968*I968","v":{"v":4255.511039999999,"d":"$4,256"}},{"$f":"K968+H968","v":{"v":6681.008399999999,"d":"$6,681"}}]
[7,"3\" Dia Hot Water Supply Pipe",36,{"v":0.1,"d":"10%"},{"v":39.6,"d":"40"},"LFT",{"v":16.3576,"d":"$16.36"},{"v":647.7609600000001,"d":"$648"},{"v":123.52,"d":"$124"},{"$f":"E969*0.18","v":{"v":7.128,"d":"7"}},{"v":880.45056,"d":"$880"},{"v":1528.21152,"d":"$1,528"}]
[8,"4\" Dia Hot Water Supply Pipe",299,{"v":0.1,"d":"10%"},{"v":328.90000000000003,"d":"329"},"LFT",{"v":23.8434,"d":"$23.84"},{"v":7842.094260000001,"d":"$7,842"},{"v":123.52,"d":"$124"},{"$f":"E970*0.2","v":{"v":65.78000000000002,"d":"66"}},{"v":8125.145600000002,"d":"$8,125"},{"v":15967.239860000001,"d":"$15,967"}]
[9,"6\" Dia Hot Water Supply Pipe",323,{"v":0.1,"d":"10%"},{"v":355.3,"d":"355"},"LFT",{"v":35.42,"d":"$35.42"},{"v":12584.726,"d":"$12,585"},{"v":123.52,"d":"$124"},{"$f":"E971*0.3","v":{"v":106.59,"d":"107"}},{"v":13165.9968,"d":"$13,166"},{"v":25750.722800000003,"d":"$25,751"}]
[10,"8\" Dia Hot Water Supply Pipe",{"v":88.49,"d":"88"},{"v":0.1,"d":"10%"},{"v":97.339,"d":"97"},"LFT",{"v":41.56,"d":"$41.56"},{"v":4045.40884,"d":"$4,045"},{"v":123.52,"d":"$124"},{"$f":"E972*0.3","v":{"v":29.2017,"d":"29"}},{"v":3606.9939839999997,"d":"$3,607"},{"v":7652.402824,"d":"$7,652"}]
[]
["HOT WATER SUPPLY PIPE INSULATION"]
["1-1/2\" Thick, Mineral-Fiber, Preformed Pipe Insulation, Type I."]
[1,"3/4\" Dia Hot Water Supply Pipe",4883,{"v":0.1,"d":"10%"},{"$f":"C976*(1+D976)","v":{"v":5371.3,"d":"5371"}},"LFT",{"v":0.35880000000000006,"d":"$0.36"},{"$f":"G976*E976","v":{"v":1927.2224400000005,"d":"$1,927"}},{"$f":"L$3","v":{"v":117.68,"d":"$118"}},{"$f":"E976*0.02","v":{"v":107.426,"d":"107"}},{"$f":"J976*I976","v":{"v":12641.89168,"d":"$12,642"}},{"$f":"K976+H976","v":{"v":14569.114120000002,"d":"$14,569"}}]
[2,"1\" Dia Hot Water Supply Pipe",579,{"v":0.1,"d":"10%"},{"v":636.9000000000001,"d":"637"},"LFT",{"v":0.39390000000000003,"d":"$0.39"},{"v":250.87491000000006,"d":"$251"},{"$f":"L$3","v":{"v":117.68,"d":"$118"}},{"$f":"E977*0.04","v":{"v":25.476000000000003,"d":"25"}},{"$f":"J977*I977","v":{"v":2998.0156800000004,"d":"$2,998"}},{"$f":"K977+H977","v":{"v":3248.8905900000004,"d":"$3,249"}}]
[3,"1-1/4\" Dia Hot Water Supply Pipe",804,{"v":0.1,"d":"10%"},{"v":884.4000000000001,"d":"884"},"LFT",{"v":0.4212,"d":"$0.42"},{"v":372.50928000000005,"d":"$373"},{"v":117.68,"d":"$118"},{"v":35.376000000000005,"d":"35"},{"$f":"J978*I978","v":{"v":4163.047680000001,"d":"$4,163"}},{"$f":"K978+H978","v":{"v":4535.556960000001,"d":"$4,536"}}]
["2\" Thick, Mineral-Fiber, Preformed Pipe Insulation, Type I."]
[4,"1-1/2\" Dia Hot Water Supply Pipe",654,{"v":0.1,"d":"10%"},{"v":719.4000000000001,"d":"719"},"LFT",{"v":0.45239999999999997,"d":"$0.45"},{"$f":"G980*E980","v":{"v":325.45656,"d":"$325"}},{"$f":"L$3","v":{"v":117.68,"d":"$118"}},{"$f":"E980*0.04","v":{"v":28.776000000000003,"d":"29"}},{"$f":"J980*I980","v":{"v":3386.3596800000005,"d":"$3,386"}},{"$f":"K980+H980","v":{"v":3711.8162400000006,"d":"$3,712"}}]
[5,"2\" Dia Hot Water Supply Pipe",1200,{"v":0.1,"d":"10%"},1320,"LFT",{"v":0.636,"d":"$0.64"},{"v":839.52,"d":"$840"},{"v":117.68,"d":"$118"},{"$f":"E981*0.04","v":{"v":52.800000000000004,"d":"53"}},{"v":6213.504000000001,"d":"$6,214"},{"v":7053.024000000001,"d":"$7,053"}]
[6,"2-1/2\" Dia Hot Water Supply Pipe",174,{"v":0.1,"d":"10%"},{"v":191.4,"d":"191"},"LFT",{"v":0.786,"d":"$0.79"},{"v":150.4404,"d":"$150"},{"v":117.68,"d":"$118"},{"$f":"E982*0.05","v":{"v":9.57,"d":"10"}},{"v":1126.1976000000002,"d":"$1,126"},{"v":1276.6380000000001,"d":"$1,277"}]
[7,"3\" Dia Hot Water Supply Pipe",36,{"v":0.1,"d":"10%"},{"v":39.6,"d":"40"},"LFT",{"v":0.834,"d":"$0.83"},{"v":33.0264,"d":"$33"},{"v":117.68,"d":"$118"},{"$f":"E983*0.05","v":{"v":1.9800000000000002,"d":"2"}},{"v":233.00640000000004,"d":"$233"},{"v":266.03280000000007,"d":"$266"}]
[8,"4\" Dia Hot Water Supply Pipe",299,{"v":0.1,"d":"10%"},{"v":328.90000000000003,"d":"329"},"LFT",{"v":1.035,"d":"$1.04"},{"v":340.4115,"d":"$340"},{"v":117.68,"d":"$118"},{"$f":"E984*0.06","v":{"v":19.734,"d":"20"}},{"v":2322.29712,"d":"$2,322"},{"v":2662.7086200000003,"d":"$2,663"}]
[9,"6\" Dia Hot Water Supply Pipe",323,{"v":0.1,"d":"10%"},{"v":355.3,"d":"355"},"LFT",{"v":1.392,"d":"$1.39"},{"v":494.57759999999996,"d":"$495"},{"v":117.68,"d":"$118"},{"$f":"E985*0.06","v":{"v":21.318,"d":"21"}},{"v":2508.7022400000005,"d":"$2,509"},{"v":3003.2798400000006,"d":"$3,003"}]
[10,"8\" Dia Hot Water Supply Pipe",{"v":88.49,"d":"88"},{"v":0.1,"d":"10%"},{"v":97.339,"d":"97"},"LFT",{"v":1.572,"d":"$1.57"},{"v":153.016908,"d":"$153"},{"v":117.68,"d":"$118"},{"$f":"E986*0.07","v":{"v":6.8137300000000005,"d":"7"}},{"v":801.8397464000001,"d":"$802"},{"v":954.8566544,"d":"$955"}]
[]
["HOT WATER SUPPLY PIPE FITTING"]
["ELBOW"]
[1,"3/4\" Dia Hot Water Supply Pipe 90 Deg Elbow",499,{"v":0,"d":"0%"},{"$f":"C990*(1+D990)","v":499},"EA",{"v":4.14,"d":"$4.14"},{"$f":"G990*E990","v":{"v":2065.8599999999997,"d":"$2,066"}},{"$f":"L$4","v":{"v":123.52,"d":"$124"}},{"$f":"E990*0.55","v":{"v":274.45000000000005,"d":"274"}},{"$f":"J990*I990","v":{"v":33900.064000000006,"d":"$33,900"}},{"$f":"K990+H990","v":{"v":35965.924000000006,"d":"$35,966"}}]
[2,"1\" Dia Hot Water Supply Pipe 90 Deg Elbow",27,{"v":0,"d":"0%"},{"$f":"C991*(1+D991)","v":27},"EA",{"v":4.91,"d":"$4.91"},{"v":132.57,"d":"$133"},{"v":123.52,"d":"$124"},{"$f":"E991*0.6","v":{"v":16.2,"d":"16"}},{"v":2001.024,"d":"$2,001"},{"v":2133.594,"d":"$2,134"}]
[3,"1-1/4\" Dia Hot Water Supply Pipe 90 Deg Elbow",33,{"v":0,"d":"0%"},{"$f":"C992*(1+D992)","v":33},"EA",{"v":6.96,"d":"$6.96"},{"v":229.68,"d":"$230"},{"v":123.52,"d":"$124"},{"$f":"E992*0.7","v":{"v":23.099999999999998,"d":"23"}},{"v":2853.3119999999994,"d":"$2,853"},{"v":3082.9919999999993,"d":"$3,083"}]
[4,"1-1/2\" Dia Hot Water Supply Pipe 90 Deg Elbow",39,{"v":0,"d":"0%"},{"$f":"C993*(1+D993)","v":39},"EA",{"v":9.63,"d":"$9.63"},{"v":375.57000000000005,"d":"$376"},{"v":123.52,"d":"$124"},{"$f":"E993*0.75","v":{"v":29.25,"d":"29"}},{"v":3612.96,"d":"$3,613"},{"v":3988.53,"d":"$3,989"}]
[5,"2\" Dia Hot Water Supply Pipe 90 Deg Elbow",63,{"v":0,"d":"0%"},{"$f":"C994*(1+D994)","v":63},"EA",{"v":15.04,"d":"$15.04"},{"v":947.52,"d":"$948"},{"v":123.52,"d":"$124"},{"$f":"E994*0.8","v":{"v":50.400000000000006,"d":"50"}},{"v":6225.408,"d":"$6,225"},{"v":7172.928,"d":"$7,173"}]
[6,"2-1/2\" Dia Hot Water Supply Pipe 90 Deg Elbow",12,{"v":0,"d":"0%"},{"$f":"C995*(1+D995)","v":12},"EA",{"v":36.04,"d":"$36.04"},{"v":432.48,"d":"$432"},{"v":123.52,"d":"$124"},{"$f":"E995*1.8","v":{"v":21.6,"d":"22"}},{"v":2668.032,"d":"$2,668"},{"v":3100.512,"d":"$3,101"}]
[7,"3\" Dia Hot Water Supply Pipe 90 Deg Elbow",4,{"v":0,"d":"0%"},{"$f":"C996*(1+D996)","v":4},"EA",{"v":59.03,"d":"$59.03"},{"v":236.12,"d":"$236"},{"v":123.52,"d":"$124"},{"$f":"E996*1.9","v":{"v":7.6,"d":"8"}},{"v":938.752,"d":"$939"},{"v":1174.8719999999998,"d":"$1,175"}]
[8,"4\" Dia Hot Water Supply Pipe 90 Deg Elbow",21,{"v":0,"d":"0%"},{"$f":"C997*(1+D997)","v":21},"EA",{"v":109.43,"d":"$109.43"},{"v":2298.03,"d":"$2,298"},{"v":123.52,"d":"$124"},{"$f":"E997*2","v":42},{"v":5187.84,"d":"$5,188"},{"v":7485.870000000001,"d":"$7,486"}]
[9,"6\" Dia Hot Water Supply Pipe 90 Deg Elbow",26,{"v":0,"d":"0%"},{"$f":"C998*(1+D998)","v":26},"EA",{"v":325.45,"d":"$325.45"},{"v":8461.699999999999,"d":"$8,462"},{"v":123.52,"d":"$124"},{"$f":"E998*3","v":78},{"v":9634.56,"d":"$9,635"},{"v":18096.26,"d":"$18,096"}]
[10,"8\" Dia Hot Water Supply Pipe 90 Deg Elbow",6,{"v":0,"d":"0%"},{"$f":"C999*(1+D999)","v":6},"EA",{"v":759.66,"d":"$759.66"},{"v":4557.96,"d":"$4,558"},{"v":123.52,"d":"$124"},{"$f":"E999*3.9","v":{"v":23.4,"d":"23"}},{"v":2890.368,"d":"$2,890"},{"v":7448.3279999999995,"d":"$7,448"}]
[11,"3/4\" Dia Hot Water Supply Pipe 45 Deg Elbow",5,{"v":0,"d":"0%"},{"$f":"C1000*(1+D1000)","v":5},"EA",{"v":6.12,"d":"$6.12"},{"v":30.6,"d":"$31"},{"v":123.52,"d":"$124"},{"$f":"E1000*0.55","v":{"v":2.75,"d":"3"}},{"v":339.68,"d":"$340"},{"v":370.28000000000003,"d":"$370"}]
[12,"1-1/2\" Dia Hot Water Supply Pipe 45 Deg Elbow",1,{"v":0,"d":"0%"},{"$f":"C1001*(1+D1001)","v":1},"EA",{"v":15.99,"d":"$15.99"},{"v":15.99,"d":"$16"},{"v":123.52,"d":"$124"},{"$f":"E1001*0.75","v":{"v":0.75,"d":"1"}},{"v":92.64,"d":"$93"},{"v":108.63,"d":"$109"}]
[13,"2\" Dia Hot Water Supply Pipe 45 Deg Elbow",5,{"v":0,"d":"0%"},{"$f":"C1002*(1+D1002)","v":5},"EA",{"v":18.44,"d":"$18.44"},{"v":92.2,"d":"$92"},{"v":123.52,"d":"$124"},{"$f":"E1002*0.8","v":4},{"v":494.08,"d":"$494"},{"v":586.28,"d":"$586"}]
[]
["TEE"]
[1,"3/4\" Dia Hot Water Supply Pipe Tee",112,{"v":0,"d":"0%"},{"$f":"C1005*(1+D1005)","v":112},"EA",{"v":7.22,"d":"$7.22"},{"$f":"G1005*E1005","v":{"v":808.64,"d":"$809"}},{"$f":"L$4","v":{"v":123.52,"d":"$124"}},{"$f":"E1005*0.8","v":{"v":89.60000000000001,"d":"90"}},{"$f":"J1005*I1005","v":{"v":11067.392,"d":"$11,067"}},{"$f":"K1005+H1005","v":{"v":11876.032,"d":"$11,876"}}]
[2,"1\" Dia Hot Water Supply Pipe Tee",1,{"v":0,"d":"0%"},{"$f":"C1006*(1+D1006)","v":1},"EA",{"v":6.43,"d":"$6.43"},{"v":6.43,"d":"$6"},{"v":123.52,"d":"$124"},{"$f":"E1006*0.9","v":{"v":0.9,"d":"1"}},{"v":111.16799999999999,"d":"$111"},{"v":117.59799999999998,"d":"$118"}]
[3,"1-1/2\" Dia Hot Water Supply Pipe Tee",1,{"v":0,"d":"0%"},{"$f":"C1007*(1+D1007)","v":1},"EA",{"v":15.25,"d":"$15.25"},{"v":15.25,"d":"$15"},{"v":123.52,"d":"$124"},{"$f":"E1007*1.15","v":{"v":1.15,"d":"1"}},{"v":142.04799999999997,"d":"$142"},{"v":157.29799999999997,"d":"$157"}]
[4,"2\" Dia Hot Water Supply Pipe Tee",2,{"v":0,"d":"0%"},{"$f":"C1008*(1+D1008)","v":2},"EA",{"v":21.23,"d":"$21.23"},{"v":42.46,"d":"$42"},{"v":123.52,"d":"$124"},{"$f":"E1008*1.2","v":{"v":2.4,"d":"2"}},{"v":296.448,"d":"$296"},{"v":338.90799999999996,"d":"$339"}]
[5,"4\" Dia Hot Water Supply Pipe Tee",1,{"v":0,"d":"0%"},{"$f":"C1009*(1+D1009)","v":1},"EA",{"v":165.11,"d":"$165.11"},{"v":165.11,"d":"$165"},{"v":123.52,"d":"$124"},{"$f":"E1009*3","v":3},{"v":370.56,"d":"$371"},{"v":535.6700000000001,"d":"$536"}]
[6,"1\" / 3/4\" Dia Hot Water Supply Pipe Tee",28,{"v":0,"d":"0%"},{"$f":"C1010*(1+D1010)","v":28},"EA",{"v":8.7,"d":"$8.70"},{"v":243.59999999999997,"d":"$244"},{"v":123.52,"d":"$124"},{"$f":"E1010*0.97","v":{"v":27.16,"d":"27"}},{"v":3354.8032,"d":"$3,355"},{"v":3598.4031999999997,"d":"$3,598"}]
[7,"1-1/4\" / 3/4\" Dia Hot Water Supply Pipe Tee",45,{"v":0,"d":"0%"},{"$f":"C1011*(1+D1011)","v":45},"EA",{"v":12.58,"d":"$12.58"},{"v":566.1,"d":"$566"},{"v":123.52,"d":"$124"},{"$f":"E1011*1.02","v":{"v":45.9,"d":"46"}},{"v":5669.567999999999,"d":"$5,670"},{"v":6235.668,"d":"$6,236"}]
[8,"1-1/2\" / 3/4\" Dia Hot Water Supply Pipe Tee",34,{"v":0,"d":"0%"},{"$f":"C1012*(1+D1012)","v":34},"EA",{"v":16.33,"d":"$16.33"},{"v":555.2199999999999,"d":"$555"},{"v":123.52,"d":"$124"},{"$f":"E1012*1.06","v":{"v":36.04,"d":"36"}},{"v":4451.6608,"d":"$4,452"},{"v":5006.8808,"d":"$5,007"}]
[9,"2\" / 3/4\" Dia Hot Water Supply Pipe Tee",39,{"v":0,"d":"0%"},{"$f":"C1013*(1+D1013)","v":39},"EA",{"v":21.43,"d":"$21.43"},{"v":835.77,"d":"$836"},{"v":123.52,"d":"$124"},{"$f":"E1013*1.1","v":{"v":42.900000000000006,"d":"43"}},{"v":5299.008000000001,"d":"$5,299"},{"v":6134.778,"d":"$6,135"}]
[10,"2\" / 1\" Dia Hot Water Supply Pipe Tee",1,{"v":0,"d":"0%"},{"$f":"C1014*(1+D1014)","v":1},"EA",{"v":21.43,"d":"$21.43"},{"v":21.43,"d":"$21"},{"v":123.52,"d":"$124"},{"$f":"E1014*1.16","v":{"v":1.16,"d":"1"}},{"v":143.2832,"d":"$143"},{"v":164.7132,"d":"$165"}]
[11,"2-1/2\" / 3/4\" Dia Hot Water Supply Pipe Tee",1,{"v":0,"d":"0%"},{"$f":"C1015*(1+D1015)","v":1},"EA",{"v":61.33,"d":"$61.33"},{"v":61.33,"d":"$61"},{"v":123.52,"d":"$124"},{"$f":"E1015*2.16","v":{"v":2.16,"d":"2"}},{"v":266.8032,"d":"$267"},{"v":328.1332,"d":"$328"}]
[12,"2-1/2\" / 2\" Dia Hot Water Supply Pipe Tee",4,{"v":0,"d":"0%"},{"$f":"C1016*(1+D1016)","v":4},"EA",{"v":62.55,"d":"$62.55"},{"v":250.2,"d":"$250"},{"v":123.52,"d":"$124"},{"$f":"E1016*2.2","v":{"v":8.8,"d":"9"}},{"v":1086.976,"d":"$1,087"},{"v":1337.1760000000002,"d":"$1,337"}]
[13,"3\" / 3/4\" Dia Hot Water Supply Pipe Tee",1,{"v":0,"d":"0%"},{"$f":"C1017*(1+D1017)","v":1},"EA",{"v":88.57,"d":"$88.57"},{"v":88.57,"d":"$89"},{"v":123.52,"d":"$124"},{"$f":"E1017*2.26","v":{"v":2.26,"d":"2"}},{"v":279.1552,"d":"$279"},{"v":367.7252,"d":"$368"}]
[14,"3\" / 1-1/2\" Dia Hot Water Supply Pipe Tee",1,{"v":0,"d":"0%"},{"$f":"C1018*(1+D1018)","v":1},"EA",{"v":108.99,"d":"$108.99"},{"v":108.99,"d":"$109"},{"v":123.52,"d":"$124"},{"$f":"E1018*2.3","v":{"v":2.3,"d":"2"}},{"v":284.09599999999995,"d":"$284"},{"v":393.08599999999996,"d":"$393"}]
[15,"4\" / 1-1/2\" Dia Hot Water Supply Pipe Tee",1,{"v":0,"d":"0%"},{"$f":"C1019*(1+D1019)","v":1},"EA",{"v":217.61,"d":"$217.61"},{"v":217.61,"d":"$218"},{"v":123.52,"d":"$124"},{"$f":"E1019*2.4","v":{"v":2.4,"d":"2"}},{"v":296.448,"d":"$296"},{"v":514.058,"d":"$514"}]
[16,"4\" / 2-1/2\" Dia Hot Water Supply Pipe Tee",1,{"v":0,"d":"0%"},{"$f":"C1020*(1+D1020)","v":1},"EA",{"v":200.53,"d":"$200.53"},{"v":200.53,"d":"$201"},{"v":123.52,"d":"$124"},{"$f":"E1020*2.95","v":{"v":2.95,"d":"3"}},{"v":364.384,"d":"$364"},{"v":564.914,"d":"$565"}]
[17,"6\" / 3/4\" Dia Hot Water Supply Pipe Tee",1,{"v":0,"d":"0%"},{"$f":"C1021*(1+D1021)","v":1},"EA",{"v":415.55,"d":"$415.55"},{"v":415.55,"d":"$416"},{"v":123.52,"d":"$124"},{"$f":"E1021*3.95","v":{"v":3.95,"d":"4"}},{"v":487.904,"d":"$488"},{"v":903.454,"d":"$903"}]
[18,"6\" / 1\" Dia Hot Water Supply Pipe Tee",1,{"v":0,"d":"0%"},{"$f":"C1022*(1+D1022)","v":1},"EA",{"v":570.68,"d":"$570.68"},{"v":570.68,"d":"$571"},{"v":123.52,"d":"$124"},{"$f":"E1022*4","v":4},{"v":494.08,"d":"$494"},{"v":1064.76,"d":"$1,065"}]
[19,"6\" / 1-1/2\" Dia Hot Water Supply Pipe Tee",1,{"v":0,"d":"0%"},{"$f":"C1023*(1+D1023)","v":1},"EA",{"v":588.42,"d":"$588.42"},{"v":588.42,"d":"$588"},{"v":123.52,"d":"$124"},{"$f":"E1023*4","v":4},{"v":494.08,"d":"$494"},{"v":1082.5,"d":"$1,083"}]
[20,"6\" / 2\" Dia Hot Water Supply Pipe Tee",3,{"v":0,"d":"0%"},{"$f":"C1024*(1+D1024)","v":3},"EA",{"v":605.47,"d":"$605.47"},{"v":1816.41,"d":"$1,816"},{"v":123.52,"d":"$124"},{"$f":"E1024*4","v":12},{"v":1482.24,"d":"$1,482"},{"v":3298.65,"d":"$3,299"}]
[21,"6\" / 2-1/2\" Dia Hot Water Supply Pipe Tee",1,{"v":0,"d":"0%"},{"$f":"C1025*(1+D1025)","v":1},"EA",{"v":630.97,"d":"$630.97"},{"v":630.97,"d":"$631"},{"v":123.52,"d":"$124"},{"$f":"E1025*4","v":4},{"v":494.08,"d":"$494"},{"v":1125.05,"d":"$1,125"}]
[22,"6\" / 4\" Dia Hot Water Supply Pipe Tee",1,{"v":0,"d":"0%"},{"$f":"C1026*(1+D1026)","v":1},"EA",{"v":680.95,"d":"$680.95"},{"v":680.95,"d":"$681"},{"v":123.52,"d":"$124"},{"$f":"E1026*4.5","v":{"v":4.5,"d":"5"}},{"v":555.84,"d":"$556"},{"v":1236.79,"d":"$1,237"}]
[]
["REDUCER"]
[1,"1\" / 3/4\" Dia Hot Water Supply Pipe Reducer",10,{"v":0,"d":"0%"},{"$f":"C1029*(1+D1029)","v":10},"EA",{"v":7.53,"d":"$7.53"},{"$f":"G1029*E1029","v":{"v":75.3,"d":"$75"}},{"$f":"L$4","v":{"v":123.52,"d":"$124"}},{"$f":"E1029*2","v":20},{"$f":"J1029*I1029","v":{"v":2470.4,"d":"$2,470"}},{"$f":"K1029+H1029","v":{"v":2545.7000000000003,"d":"$2,546"}}]
[2,"1-1/4\" / 3/4\" Dia Hot Water Supply Pipe Reducer",1,{"v":0,"d":"0%"},{"$f":"C1030*(1+D1030)","v":1},"EA",{"v":14.57,"d":"$14.57"},{"v":14.57,"d":"$15"},{"v":123.52,"d":"$124"},{"$f":"E1030*0.66","v":{"v":0.66,"d":"1"}},{"v":81.5232,"d":"$82"},{"v":96.0932,"d":"$96"}]
[3,"1-1/4\" / 1\" Dia Hot Water Supply Pipe Reducer",10,{"v":0,"d":"0%"},{"$f":"C1031*(1+D1031)","v":10},"EA",{"v":19.52,"d":"$19.52"},{"v":195.2,"d":"$195"},{"v":123.52,"d":"$124"},{"$f":"E1031*0.66","v":{"v":6.6000000000000005,"d":"7"}},{"v":815.2320000000001,"d":"$815"},{"v":1010.432,"d":"$1,010"}]
[4,"1-1/2\" / 1-1/4\" Dia Hot Water Supply Pipe Reducer",12,{"v":0,"d":"0%"},{"$f":"C1032*(1+D1032)","v":12},"EA",{"v":27.62,"d":"$27.62"},{"v":331.44,"d":"$331"},{"v":123.52,"d":"$124"},{"$f":"E1032*0.74","v":{"v":8.879999999999999,"d":"9"}},{"v":1096.8575999999998,"d":"$1,097"},{"v":1428.2975999999999,"d":"$1,428"}]
[5,"2\" / 1-1/2\" Dia Hot Water Supply Pipe Reducer",12,{"v":0,"d":"0%"},{"$f":"C1033*(1+D1033)","v":12},"EA",{"v":36.12,"d":"$36.12"},{"v":433.43999999999994,"d":"$433"},{"v":123.52,"d":"$124"},{"$f":"E1033*0.78","v":{"v":9.36,"d":"9"}},{"v":1156.1471999999999,"d":"$1,156"},{"v":1589.5872,"d":"$1,590"}]
[6,"2-1/2\" / 2\" Dia Hot Water Supply Pipe Reducer",5,{"v":0,"d":"0%"},{"$f":"C1034*(1+D1034)","v":5},"EA",{"v":51.33,"d":"$51.33"},{"v":256.65,"d":"$257"},{"v":123.52,"d":"$124"},{"$f":"E1034*1.3","v":{"v":6.5,"d":"7"}},{"v":802.88,"d":"$803"},{"v":1059.53,"d":"$1,060"}]
[7,"3\" / 2\" Dia Hot Water Supply Pipe Reducer",1,{"v":0,"d":"0%"},{"$f":"C1035*(1+D1035)","v":1},"EA",{"v":62.91,"d":"$62.91"},{"v":62.91,"d":"$63"},{"v":123.52,"d":"$124"},{"$f":"E1035*1.35","v":{"v":1.35,"d":"1"}},{"v":166.752,"d":"$167"},{"v":229.662,"d":"$230"}]
[8,"3\" / 2-1/2\" Dia Hot Water Supply Pipe Reducer",1,{"v":0,"d":"0%"},{"$f":"C1036*(1+D1036)","v":1},"EA",{"v":73.58,"d":"$73.58"},{"v":73.58,"d":"$74"},{"v":123.52,"d":"$124"},{"$f":"E1036*1.85","v":{"v":1.85,"d":"2"}},{"v":228.512,"d":"$229"},{"v":302.092,"d":"$302"}]
[9,"4\" / 2-1/2\" Dia Hot Water Supply Pipe Reducer",1,{"v":0,"d":"0%"},{"$f":"C1037*(1+D1037)","v":1},"EA",{"v":174.8,"d":"$174.80"},{"v":174.8,"d":"$175"},{"v":123.52,"d":"$124"},{"$f":"E1037*1.9","v":{"v":1.9,"d":"2"}},{"v":234.688,"d":"$235"},{"v":409.488,"d":"$409"}]
[10,"4\" / 3\" Dia Hot Water Supply Pipe Reducer",1,{"v":0,"d":"0%"},{"$f":"C1038*(1+D1038)","v":1},"EA",{"v":174.8,"d":"$174.80"},{"v":174.8,"d":"$175"},{"v":123.52,"d":"$124"},{"$f":"E1038*1.95","v":{"v":1.95,"d":"2"}},{"v":240.86399999999998,"d":"$241"},{"v":415.664,"d":"$416"}]
[11,"6\" / 4\" Dia Hot Water Supply Pipe Reducer",1,{"v":0,"d":"0%"},{"$f":"C1039*(1+D1039)","v":1},"EA",{"v":316.84,"d":"$316.84"},{"v":316.84,"d":"$317"},{"v":123.52,"d":"$124"},{"$f":"E1039*2.5","v":{"v":2.5,"d":"3"}},{"v":308.8,"d":"$309"},{"v":625.64,"d":"$626"}]
[]
["HOT WATER RETURN PIPE"]
["Schedule 40, Grade B steel pipe; Class 125, cast-iron fittings, and threaded joints"]
[1,"3/4\" Dia Hot Water Return Pipe",4468,{"v":0.1,"d":"10%"},{"$f":"C1043*(1+D1043)","v":{"v":4914.8,"d":"4915"}},"LFT",{"v":2.6158,"d":"$2.62"},{"$f":"G1043*E1043","v":{"v":12856.13384,"d":"$12,856"}},{"$f":"L$4","v":{"v":123.52,"d":"$124"}},{"$f":"E1043*0.05","v":{"v":245.74,"d":"246"}},{"$f":"J1043*I1043","v":{"v":30353.8048,"d":"$30,354"}},{"$f":"K1043+H1043","v":{"v":43209.93864,"d":"$43,210"}}]
[2,"1\" Dia Hot Water Return Pipe",387,{"v":0.1,"d":"10%"},{"v":425.70000000000005,"d":"426"},"LFT",{"v":2.9622,"d":"$2.96"},{"v":1261.0085400000003,"d":"$1,261"},{"v":123.52,"d":"$124"},{"$f":"E1044*0.06","v":{"v":25.542,"d":"26"}},{"v":3154.9478400000003,"d":"$3,155"},{"v":4415.9563800000005,"d":"$4,416"}]
[3,"1-1/4\" Dia Hot Water Return Pipe",830,{"v":0.1,"d":"10%"},{"v":913.0000000000001,"d":"913"},"LFT",{"v":4.0184,"d":"$4.02"},{"v":3668.7992000000004,"d":"$3,669"},{"v":123.52,"d":"$124"},{"$f":"E1045*0.07","v":{"v":63.91000000000001,"d":"64"}},{"v":7894.163200000001,"d":"$7,894"},{"v":11562.9624,"d":"$11,563"}]
[4,"1-1/2\" Dia Hot Water Return Pipe",890,{"v":0.1,"d":"10%"},{"v":979.0000000000001,"d":"979"},"LFT",{"v":4.813,"d":"$4.81"},{"v":4711.927000000001,"d":"$4,712"},{"v":123.52,"d":"$124"},{"$f":"E1046*0.08","v":{"v":78.32000000000001,"d":"78"}},{"v":9674.0864,"d":"$9,674"},{"v":14386.0134,"d":"$14,386"}]
[5,"2\" Dia Hot Water Return Pipe",939,{"v":0.1,"d":"10%"},{"v":1032.9,"d":"1033"},"LFT",{"v":7.4372,"d":"$7.44"},{"v":7681.88388,"d":"$7,682"},{"v":123.52,"d":"$124"},{"$f":"E1047*0.08","v":{"v":82.632,"d":"83"}},{"v":10206.70464,"d":"$10,207"},{"v":17888.58852,"d":"$17,889"}]
["Schedule 40 steel pipe, wrought-steel fittings and wrought-cast or forged-steel flanges and flange fittings, and welded and flanged joints"]
[6,"2-1/2\" Dia Hot Water Return Pipe",236,{"v":0.1,"d":"10%"},{"v":259.6,"d":"260"},"LFT",{"v":12.6724,"d":"$12.67"},{"$f":"G1049*E1049","v":{"v":3289.75504,"d":"$3,290"}},{"$f":"L$4","v":{"v":123.52,"d":"$124"}},{"$f":"E1049*0.18","v":{"v":46.728,"d":"47"}},{"$f":"J1049*I1049","v":{"v":5771.84256,"d":"$5,772"}},{"$f":"K1049+H1049","v":{"v":9061.597600000001,"d":"$9,062"}}]
[7,"3\" Dia Hot Water Return Pipe",254,{"v":0.1,"d":"10%"},{"v":279.40000000000003,"d":"279"},"LFT",{"v":16.3576,"d":"$16.36"},{"v":4570.313440000001,"d":"$4,570"},{"v":123.52,"d":"$124"},{"$f":"E1050*0.18","v":{"v":50.292,"d":"50"}},{"v":6212.06784,"d":"$6,212"},{"v":10782.381280000001,"d":"$10,782"}]
[8,"4\" Dia Hot Water Return Pipe",264,{"v":0.1,"d":"10%"},{"v":290.40000000000003,"d":"290"},"LFT",{"v":23.8434,"d":"$23.84"},{"v":6924.1233600000005,"d":"$6,924"},{"v":123.52,"d":"$124"},{"$f":"E1051*0.2","v":{"v":58.08000000000001,"d":"58"}},{"v":7174.041600000001,"d":"$7,174"},{"v":14098.164960000002,"d":"$14,098"}]
[9,"6\" Dia Hot Water Return Pipe",377,{"v":0.1,"d":"10%"},{"v":414.70000000000005,"d":"415"},"LFT",{"v":35.42,"d":"$35.42"},{"v":14688.674000000003,"d":"$14,689"},{"v":123.52,"d":"$124"},{"$f":"E1052*0.3","v":{"v":124.41000000000001,"d":"124"}},{"v":15367.1232,"d":"$15,367"},{"v":30055.7972,"d":"$30,056"}]
[]
["HOT WATER RETURN PIPE INSULATION"]
["1-1/2\" Thick, Mineral-Fiber, Preformed Pipe Insulation, Type I."]
[1,"3/4\" Dia Hot Water Return Pipe",4468,{"v":0.1,"d":"10%"},{"$f":"C1056*(1+D1056)","v":{"v":4914.8,"d":"4915"}},"LFT",{"v":0.35880000000000006,"d":"$0.36"},{"$f":"G1056*E1056","v":{"v":1763.4302400000004,"d":"$1,763"}},{"$f":"L$3","v":{"v":117.68,"d":"$118"}},{"$f":"E1056*0.02","v":{"v":98.296,"d":"98"}},{"$f":"J1056*I1056","v":{"v":11567.473280000002,"d":"$11,567"}},{"$f":"K1056+H1056","v":{"v":13330.903520000002,"d":"$13,331"}}]
[2,"1\" Dia Hot Water Return Pipe",387,{"v":0.1,"d":"10%"},{"v":425.70000000000005,"d":"426"},"LFT",{"v":0.39390000000000003,"d":"$0.39"},{"v":167.68323000000004,"d":"$168"},{"v":117.68,"d":"$118"},{"$f":"E1057*0.04","v":{"v":17.028000000000002,"d":"17"}},{"$f":"J1057*I1057","v":{"v":2003.8550400000004,"d":"$2,004"}},{"$f":"K1057+H1057","v":{"v":2171.5382700000005,"d":"$2,172"}}]
[3,"1-1/4\" Dia Hot Water Return Pipe",830,{"v":0.1,"d":"10%"},{"v":913.0000000000001,"d":"913"},"LFT",{"v":0.4212,"d":"$0.42"},{"v":384.5556000000001,"d":"$385"},{"v":117.68,"d":"$118"},{"v":36.52,"d":"37"},{"$f":"J1058*I1058","v":{"v":4297.673600000001,"d":"$4,298"}},{"$f":"K1058+H1058","v":{"v":4682.229200000001,"d":"$4,682"}}]
["2\" Thick, Mineral-Fiber, Preformed Pipe Insulation, Type I."]
[4,"1-1/2\" Dia Hot Water Return Pipe",890,{"v":0.1,"d":"10%"},{"v":979.0000000000001,"d":"979"},"LFT",{"v":0.45239999999999997,"d":"$0.45"},{"$f":"G1060*E1060","v":{"v":442.8996,"d":"$443"}},{"$f":"L$3","v":{"v":117.68,"d":"$118"}},{"$f":"E1060*0.04","v":{"v":39.160000000000004,"d":"39"}},{"$f":"J1060*I1060","v":{"v":4608.348800000001,"d":"$4,608"}},{"$f":"K1060+H1060","v":{"v":5051.2484,"d":"$5,051"}}]
[5,"2\" Dia Hot Water Return Pipe",939,{"v":0.1,"d":"10%"},{"v":1032.9,"d":"1033"},"LFT",{"v":0.636,"d":"$0.64"},{"v":656.9244000000001,"d":"$657"},{"v":117.68,"d":"$118"},{"$f":"E1061*0.04","v":{"v":41.316,"d":"41"}},{"v":4862.06688,"d":"$4,862"},{"v":5518.99128,"d":"$5,519"}]
[6,"2-1/2\" Dia Hot Water Return Pipe",236,{"v":0.1,"d":"10%"},{"v":259.6,"d":"260"},"LFT",{"v":0.786,"d":"$0.79"},{"v":204.04560000000004,"d":"$204"},{"v":117.68,"d":"$118"},{"$f":"E1062*0.05","v":{"v":12.980000000000002,"d":"13"}},{"v":1527.4864000000005,"d":"$1,527"},{"v":1731.5320000000006,"d":"$1,732"}]
[7,"3\" Dia Hot Water Return Pipe",254,{"v":0.1,"d":"10%"},{"v":279.40000000000003,"d":"279"},"LFT",{"v":0.834,"d":"$0.83"},{"$f":"G1063*E1063","v":{"v":233.01960000000003,"d":"$233"}},{"v":117.68,"d":"$118"},{"$f":"E1063*0.05","v":{"v":13.970000000000002,"d":"14"}},{"$f":"J1063*I1063","v":{"v":1643.9896000000003,"d":"$1,644"}},{"$f":"K1063+H1063","v":{"v":1877.0092000000004,"d":"$1,877"}}]
[8,"4\" Dia Hot Water Return Pipe",264,{"v":0.1,"d":"10%"},{"v":290.40000000000003,"d":"290"},"LFT",{"v":1.035,"d":"$1.04"},{"v":300.564,"d":"$301"},{"v":117.68,"d":"$118"},{"$f":"E1064*0.06","v":{"v":17.424000000000003,"d":"17"}},{"v":2050.4563200000007,"d":"$2,050"},{"v":2351.0203200000005,"d":"$2,351"}]
[9,"6\" Dia Hot Water Return Pipe",377,{"v":0.1,"d":"10%"},{"v":414.70000000000005,"d":"415"},"LFT",{"v":1.392,"d":"$1.39"},{"v":577.2624000000001,"d":"$577"},{"v":117.68,"d":"$118"},{"$f":"E1065*0.06","v":{"v":24.882,"d":"25"}},{"v":2928.11376,"d":"$2,928"},{"v":3505.3761600000003,"d":"$3,505"}]
[]
["HOT WATER PIPE FITTING"]
["ELBOW"]
[1,"3/4\" Dia Hot Water Return Pipe 90 Deg Elbow",495,{"v":0,"d":"0%"},{"$f":"C1069*(1+D1069)","v":495},"EA",{"v":4.14,"d":"$4.14"},{"$f":"G1069*E1069","v":{"v":2049.2999999999997,"d":"$2,049"}},{"$f":"L$4","v":{"v":123.52,"d":"$124"}},{"$f":"E1069*0.55","v":{"v":272.25,"d":"272"}},{"$f":"J1069*I1069","v":{"v":33628.32,"d":"$33,628"}},{"$f":"K1069+H1069","v":{"v":35677.62,"d":"$35,678"}}]
[2,"1\" Dia Hot Water Return Pipe 90 Deg Elbow",21,{"v":0,"d":"0%"},{"$f":"C1070*(1+D1070)","v":21},"EA",{"v":4.91,"d":"$4.91"},{"v":103.11,"d":"$103"},{"v":123.52,"d":"$124"},{"$f":"E1070*0.6","v":{"v":12.6,"d":"13"}},{"v":1556.3519999999999,"d":"$1,556"},{"v":1659.4619999999998,"d":"$1,659"}]
[3,"1-1/4\" Dia Hot Water Return Pipe 90 Deg Elbow",33,{"v":0,"d":"0%"},{"$f":"C1071*(1+D1071)","v":33},"EA",{"v":6.96,"d":"$6.96"},{"v":229.68,"d":"$230"},{"v":123.52,"d":"$124"},{"$f":"E1071*0.7","v":{"v":23.099999999999998,"d":"23"}},{"v":2853.3119999999994,"d":"$2,853"},{"v":3082.9919999999993,"d":"$3,083"}]
[4,"1-1/2\" Dia Hot Water Return Pipe 90 Deg Elbow",41,{"v":0,"d":"0%"},{"$f":"C1072*(1+D1072)","v":41},"EA",{"v":9.63,"d":"$9.63"},{"v":394.83000000000004,"d":"$395"},{"v":123.52,"d":"$124"},{"$f":"E1072*0.75","v":{"v":30.75,"d":"31"}},{"v":3798.24,"d":"$3,798"},{"v":4193.07,"d":"$4,193"}]
[5,"2\" Dia Hot Water Return Pipe 90 Deg Elbow",62,{"v":0,"d":"0%"},{"$f":"C1073*(1+D1073)","v":62},"EA",{"v":15.04,"d":"$15.04"},{"v":932.4799999999999,"d":"$932"},{"v":123.52,"d":"$124"},{"$f":"E1073*0.8","v":{"v":49.6,"d":"50"}},{"v":6126.592,"d":"$6,127"},{"v":7059.071999999999,"d":"$7,059"}]
[6,"2-1/2\" Dia Hot Water Return Pipe 90 Deg Elbow",13,{"v":0,"d":"0%"},{"$f":"C1074*(1+D1074)","v":13},"EA",{"v":36.04,"d":"$36.04"},{"v":468.52,"d":"$469"},{"v":123.52,"d":"$124"},{"$f":"E1074*1.8","v":{"v":23.400000000000002,"d":"23"}},{"v":2890.3680000000004,"d":"$2,890"},{"v":3358.8880000000004,"d":"$3,359"}]
[7,"3\" Dia Hot Water Return Pipe 90 Deg Elbow",14,{"v":0,"d":"0%"},{"$f":"C1075*(1+D1075)","v":14},"EA",{"v":59.03,"d":"$59.03"},{"v":826.4200000000001,"d":"$826"},{"v":123.52,"d":"$124"},{"$f":"E1075*1.9","v":{"v":26.599999999999998,"d":"27"}},{"v":3285.6319999999996,"d":"$3,286"},{"v":4112.052,"d":"$4,112"}]
[8,"4\" Dia Hot Water Return Pipe 90 Deg Elbow",20,{"v":0,"d":"0%"},{"$f":"C1076*(1+D1076)","v":20},"EA",{"v":109.43,"d":"$109.43"},{"v":2188.6000000000004,"d":"$2,189"},{"v":123.52,"d":"$124"},{"$f":"E1076*2","v":40},{"v":4940.8,"d":"$4,941"},{"v":7129.400000000001,"d":"$7,129"}]
[9,"6\" Dia Hot Water Return Pipe 90 Deg Elbow",33,{"v":0,"d":"0%"},{"$f":"C1077*(1+D1077)","v":33},"EA",{"v":325.45,"d":"$325.45"},{"v":10739.85,"d":"$10,740"},{"v":123.52,"d":"$124"},{"$f":"E1077*3","v":99},{"v":12228.48,"d":"$12,228"},{"v":22968.33,"d":"$22,968"}]
[10,"3/4\" Dia Hot Water Return Pipe 45 Deg Elbow",4,{"v":0,"d":"0%"},{"$f":"C1078*(1+D1078)","v":4},"EA",{"v":6.12,"d":"$6.12"},{"v":24.48,"d":"$24"},{"v":123.52,"d":"$124"},{"$f":"E1078*0.55","v":{"v":2.2,"d":"2"}},{"v":271.744,"d":"$272"},{"v":296.22400000000005,"d":"$296"}]
[11,"1-1/2\" Dia Hot Water Return Pipe 45 Deg Elbow",1,{"v":0,"d":"0%"},{"$f":"C1079*(1+D1079)","v":1},"EA",{"v":15.99,"d":"$15.99"},{"v":15.99,"d":"$16"},{"v":123.52,"d":"$124"},{"$f":"E1079*0.75","v":{"v":0.75,"d":"1"}},{"v":92.64,"d":"$93"},{"v":108.63,"d":"$109"}]
[12,"3\" Dia Hot Water Return Pipe 45 Deg Elbow",2,{"v":0,"d":"0%"},{"$f":"C1080*(1+D1080)","v":2},"EA",{"v":75.94,"d":"$75.94"},{"v":151.88,"d":"$152"},{"v":123.52,"d":"$124"},{"$f":"E1080*1.9","v":{"v":3.8,"d":"4"}},{"v":469.376,"d":"$469"},{"v":621.256,"d":"$621"}]
[]
["TEE"]
[1,"3/4\" Dia Hot Water Return Pipe Tee",65,{"v":0,"d":"0%"},{"$f":"C1083*(1+D1083)","v":65},"EA",{"v":7.22,"d":"$7.22"},{"$f":"G1083*E1083","v":{"v":469.3,"d":"$469"}},{"$f":"L$4","v":{"v":123.52,"d":"$124"}},{"$f":"E1083*0.8","v":52},{"$f":"J1083*I1083","v":{"v":6423.04,"d":"$6,423"}},{"$f":"K1083+H1083","v":{"v":6892.34,"d":"$6,892"}}]
[2,"1\" Dia Hot Water Return Pipe Tee",2,{"v":0,"d":"0%"},{"$f":"C1084*(1+D1084)","v":2},"EA",{"v":6.43,"d":"$6.43"},{"v":12.86,"d":"$13"},{"v":123.52,"d":"$124"},{"$f":"E1084*0.9","v":{"v":1.8,"d":"2"}},{"v":222.33599999999998,"d":"$222"},{"v":235.19599999999997,"d":"$235"}]
[3,"1-1/2\" Dia Hot Water Return Pipe Tee",1,{"v":0,"d":"0%"},{"$f":"C1085*(1+D1085)","v":1},"EA",{"v":15.25,"d":"$15.25"},{"v":15.25,"d":"$15"},{"v":123.52,"d":"$124"},{"$f":"E1085*1.15","v":{"v":1.15,"d":"1"}},{"v":142.04799999999997,"d":"$142"},{"v":157.29799999999997,"d":"$157"}]
[4,"4\" Dia Hot Water Return Pipe Tee",1,{"v":0,"d":"0%"},{"$f":"C1086*(1+D1086)","v":1},"EA",{"v":165.11,"d":"$165.11"},{"v":165.11,"d":"$165"},{"v":123.52,"d":"$124"},{"$f":"E1086*3","v":3},{"v":370.56,"d":"$371"},{"v":535.6700000000001,"d":"$536"}]
[5,"1\" / 3/4\" Dia Hot Water Return Pipe Tee",13,{"v":0,"d":"0%"},{"$f":"C1087*(1+D1087)","v":13},"EA",{"v":8.7,"d":"$8.70"},{"v":113.1,"d":"$113"},{"v":123.52,"d":"$124"},{"$f":"E1087*0.97","v":{"v":12.61,"d":"13"}},{"v":1557.5872,"d":"$1,558"},{"v":1670.6871999999998,"d":"$1,671"}]
[6,"1-1/4\" / 3/4\" Dia Hot Water Return Pipe Tee",40,{"v":0,"d":"0%"},{"$f":"C1088*(1+D1088)","v":40},"EA",{"v":12.58,"d":"$12.58"},{"v":503.2,"d":"$503"},{"v":123.52,"d":"$124"},{"$f":"E1088*1.02","v":{"v":40.8,"d":"41"}},{"v":5039.615999999999,"d":"$5,040"},{"v":5542.815999999999,"d":"$5,543"}]
[7,"1-1/2\" / 3/4\" Dia Hot Water Return Pipe Tee",38,{"v":0,"d":"0%"},{"$f":"C1089*(1+D1089)","v":38},"EA",{"v":16.33,"d":"$16.33"},{"v":620.54,"d":"$621"},{"v":123.52,"d":"$124"},{"$f":"E1089*1.06","v":{"v":40.28,"d":"40"}},{"v":4975.3856,"d":"$4,975"},{"v":5595.9256,"d":"$5,596"}]
[8,"2\" / 3/4\" Dia Hot Water Return Pipe Tee",42,{"v":0,"d":"0%"},{"$f":"C1090*(1+D1090)","v":42},"EA",{"v":21.43,"d":"$21.43"},{"v":900.06,"d":"$900"},{"v":123.52,"d":"$124"},{"$f":"E1090*1.1","v":{"v":46.2,"d":"46"}},{"v":5706.624,"d":"$5,707"},{"v":6606.683999999999,"d":"$6,607"}]
[9,"2-1/2\" / 1-1/4\" Dia Hot Water Return Pipe Tee",1,{"v":0,"d":"0%"},{"$f":"C1091*(1+D1091)","v":1},"EA",{"v":62.55,"d":"$62.55"},{"v":62.55,"d":"$63"},{"v":123.52,"d":"$124"},{"$f":"E1091*2.18","v":{"v":2.18,"d":"2"}},{"v":269.2736,"d":"$269"},{"v":331.8236,"d":"$332"}]
[10,"2-1/2\" / 2\" Dia Hot Water Return Pipe Tee",4,{"v":0,"d":"0%"},{"$f":"C1092*(1+D1092)","v":4},"EA",{"v":62.55,"d":"$62.55"},{"$f":"G1092*E1092","v":{"v":250.2,"d":"$250"}},{"$f":"L$4","v":{"v":123.52,"d":"$124"}},{"$f":"E1092*2.2","v":{"v":8.8,"d":"9"}},{"$f":"J1092*I1092","v":{"v":1086.976,"d":"$1,087"}},{"$f":"K1092+H1092","v":{"v":1337.1760000000002,"d":"$1,337"}}]
[11,"3\" / 3/4\" Dia Hot Water Return Pipe Tee",6,{"v":0,"d":"0%"},{"$f":"C1093*(1+D1093)","v":6},"EA",{"v":88.57,"d":"$88.57"},{"v":531.42,"d":"$531"},{"v":123.52,"d":"$124"},{"$f":"E1093*2.26","v":{"v":13.559999999999999,"d":"14"}},{"v":1674.9311999999998,"d":"$1,675"},{"v":2206.3511999999996,"d":"$2,206"}]
[12,"3\" / 1-1/2\" Dia Hot Water Return Pipe Tee",1,{"v":0,"d":"0%"},{"$f":"C1094*(1+D1094)","v":1},"EA",{"v":108.99,"d":"$108.99"},{"v":108.99,"d":"$109"},{"v":123.52,"d":"$124"},{"$f":"E1094*2.3","v":{"v":2.3,"d":"2"}},{"v":284.09599999999995,"d":"$284"},{"v":393.08599999999996,"d":"$393"}]
[13,"3\" / 2\" Dia Hot Water Return Pipe Tee",2,{"v":0,"d":"0%"},{"$f":"C1095*(1+D1095)","v":2},"EA",{"v":93.74,"d":"$93.74"},{"v":187.48,"d":"$187"},{"v":123.52,"d":"$124"},{"$f":"E1095*2.8","v":{"v":5.6,"d":"6"}},{"v":691.712,"d":"$692"},{"v":879.192,"d":"$879"}]
[14,"4\" / 1-1/2\" Dia Hot Water Return Pipe Tee",1,{"v":0,"d":"0%"},{"$f":"C1096*(1+D1096)","v":1},"EA",{"v":217.61,"d":"$217.61"},{"v":217.61,"d":"$218"},{"v":123.52,"d":"$124"},{"$f":"E1096*2.4","v":{"v":2.4,"d":"2"}},{"v":296.448,"d":"$296"},{"v":514.058,"d":"$514"}]
[15,"4\" / 2-1/2\" Dia Hot Water Return Pipe Tee",1,{"v":0,"d":"0%"},{"$f":"C1097*(1+D1097)","v":1},"EA",{"v":200.53,"d":"$200.53"},{"v":200.53,"d":"$201"},{"v":123.52,"d":"$124"},{"$f":"E1097*2.95","v":{"v":2.95,"d":"3"}},{"v":364.384,"d":"$364"},{"v":564.914,"d":"$565"}]
[16,"6\" / 3/4\" Dia Hot Water Return Pipe Tee",1,{"v":0,"d":"0%"},{"$f":"C1098*(1+D1098)","v":1},"EA",{"v":415.55,"d":"$415.55"},{"v":415.55,"d":"$416"},{"v":123.52,"d":"$124"},{"$f":"E1098*3.95","v":{"v":3.95,"d":"4"}},{"v":487.904,"d":"$488"},{"v":903.454,"d":"$903"}]
[17,"6\" / 1\" Dia Hot Water Return Pipe Tee",1,{"v":0,"d":"0%"},{"$f":"C1099*(1+D1099)","v":1},"EA",{"v":570.68,"d":"$570.68"},{"v":570.68,"d":"$571"},{"v":123.52,"d":"$124"},{"$f":"E1099*4","v":4},{"v":494.08,"d":"$494"},{"v":1064.76,"d":"$1,065"}]
[18,"6\" / 1-1/2\" Dia Hot Water Return Pipe Tee",1,{"v":0,"d":"0%"},{"$f":"C1100*(1+D1100)","v":1},"EA",{"v":588.42,"d":"$588.42"},{"v":588.42,"d":"$588"},{"v":123.52,"d":"$124"},{"$f":"E1100*4","v":4},{"v":494.08,"d":"$494"},{"v":1082.5,"d":"$1,083"}]
[19,"6\" / 2\" Dia Hot Water Return Pipe Tee",1,{"v":0,"d":"0%"},{"$f":"C1101*(1+D1101)","v":1},"EA",{"v":605.47,"d":"$605.47"},{"v":605.47,"d":"$605"},{"v":123.52,"d":"$124"},{"$f":"E1101*4","v":4},{"v":494.08,"d":"$494"},{"v":1099.55,"d":"$1,100"}]
[20,"6\" / 2-1/2\" Dia Hot Water Return Pipe Tee",1,{"v":0,"d":"0%"},{"$f":"C1102*(1+D1102)","v":1},"EA",{"v":814.59,"d":"$814.59"},{"v":814.59,"d":"$815"},{"v":123.52,"d":"$124"},{"$f":"E1102*4","v":4},{"v":494.08,"d":"$494"},{"v":1308.67,"d":"$1,309"}]
[21,"6\" / 3\" Dia Hot Water Return Pipe Tee",1,{"v":0,"d":"0%"},{"$f":"C1103*(1+D1103)","v":1},"EA",{"v":630.97,"d":"$630.97"},{"v":630.97,"d":"$631"},{"v":123.52,"d":"$124"},{"$f":"E1103*4","v":4},{"v":494.08,"d":"$494"},{"v":1125.05,"d":"$1,125"}]
[22,"6\" / 4\" Dia Hot Water Return Pipe Tee",1,{"v":0,"d":"0%"},{"$f":"C1104*(1+D1104)","v":1},"EA",{"v":680.95,"d":"$680.95"},{"v":680.95,"d":"$681"},{"v":123.52,"d":"$124"},{"$f":"E1104*4.5","v":{"v":4.5,"d":"5"}},{"v":555.84,"d":"$556"},{"v":1236.79,"d":"$1,237"}]
[]
["REDUCER"]
[1,"1\" / 3/4\" Dia Hot Water Return Pipe Reducer",9,{"v":0,"d":"0%"},{"$f":"C1107*(1+D1107)","v":9},"EA",{"v":7.53,"d":"$7.53"},{"$f":"G1107*E1107","v":{"v":67.77,"d":"$68"}},{"$f":"L$4","v":{"v":123.52,"d":"$124"}},{"$f":"E1107*2","v":18},{"$f":"J1107*I1107","v":{"v":2223.36,"d":"$2,223"}},{"$f":"K1107+H1107","v":{"v":2291.13,"d":"$2,291"}}]
[2,"1-1/4\" / 3/4\" Dia Hot Water Return Pipe Reducer",4,{"v":0,"d":"0%"},4,"EA",{"v":14.57,"d":"$14.57"},{"v":58.28,"d":"$58"},{"v":123.52,"d":"$124"},{"$f":"E1108*0.66","v":{"v":2.64,"d":"3"}},{"v":326.0928,"d":"$326"},{"v":384.3728,"d":"$384"}]
[3,"1-1/4\" / 1\" Dia Hot Water Return Pipe Reducer",6,{"v":0,"d":"0%"},6,"EA",{"v":19.52,"d":"$19.52"},{"v":117.12,"d":"$117"},{"v":123.52,"d":"$124"},{"$f":"E1109*0.66","v":{"v":3.96,"d":"4"}},{"v":489.13919999999996,"d":"$489"},{"v":606.2592,"d":"$606"}]
[4,"1-1/2\" / 3/4\" Dia Hot Water Return Pipe Reducer",1,{"v":0,"d":"0%"},1,"EA",{"v":22.59,"d":"$22.59"},{"v":22.59,"d":"$23"},{"v":123.52,"d":"$124"},{"$f":"E1110*0.74","v":{"v":0.74,"d":"1"}},{"v":91.4048,"d":"$91"},{"v":113.9948,"d":"$114"}]
[5,"1-1/2\" / 1\" Dia Hot Water Return Pipe Reducer",1,{"v":0,"d":"0%"},1,"EA",{"v":27.62,"d":"$27.62"},{"$f":"G1111*E1111","v":{"v":27.62,"d":"$28"}},{"$f":"L$4","v":{"v":123.52,"d":"$124"}},{"$f":"E1111*0.68","v":{"v":0.68,"d":"1"}},{"$f":"J1111*I1111","v":{"v":83.9936,"d":"$84"}},{"$f":"K1111+H1111","v":{"v":111.6136,"d":"$112"}}]
[6,"1-1/2\" / 1-1/4\" Dia Hot Water Return Pipe Reducer",10,{"v":0,"d":"0%"},10,"EA",{"v":27.62,"d":"$27.62"},{"v":276.2,"d":"$276"},{"v":123.52,"d":"$124"},{"$f":"E1112*0.74","v":{"v":7.4,"d":"7"}},{"v":914.048,"d":"$914"},{"v":1190.248,"d":"$1,190"}]
[7,"2\" / 1-1/2\" Dia Hot Water Return Pipe Reducer",10,{"v":0,"d":"0%"},10,"EA",{"v":36.12,"d":"$36.12"},{"v":361.2,"d":"$361"},{"v":123.52,"d":"$124"},{"$f":"E1113*0.78","v":{"v":7.800000000000001,"d":"8"}},{"v":963.456,"d":"$963"},{"v":1324.656,"d":"$1,325"}]
[8,"2-1/2\" / 2\" Dia Hot Water Return Pipe Reducer",3,{"v":0,"d":"0%"},3,"EA",{"v":51.33,"d":"$51.33"},{"v":153.99,"d":"$154"},{"v":123.52,"d":"$124"},{"$f":"E1114*1.3","v":{"v":3.9000000000000004,"d":"4"}},{"v":481.728,"d":"$482"},{"v":635.7180000000001,"d":"$636"}]
[9,"3\" / 3/4\" Dia Hot Water Return Pipe Reducer",2,{"v":0,"d":"0%"},2,"EA",{"v":94.58,"d":"$94.58"},{"v":189.16,"d":"$189"},{"v":123.52,"d":"$124"},{"$f":"E1115*1.35","v":{"v":2.7,"d":"3"}},{"v":333.504,"d":"$334"},{"v":522.664,"d":"$523"}]
[10,"3\" / 2\" Dia Hot Water Return Pipe Reducer",2,{"v":0,"d":"0%"},2,"EA",{"v":62.91,"d":"$62.91"},{"v":125.82,"d":"$126"},{"v":123.52,"d":"$124"},{"$f":"E1116*1.35","v":{"v":2.7,"d":"3"}},{"v":333.504,"d":"$334"},{"v":459.324,"d":"$459"}]
[11,"3\" / 2-1/2\" Dia Hot Water Return Pipe Reducer",1,{"v":0,"d":"0%"},1,"EA",{"v":57.69,"d":"$57.69"},{"v":57.69,"d":"$58"},{"v":123.52,"d":"$124"},{"$f":"E1117*1.35","v":{"v":1.35,"d":"1"}},{"v":166.752,"d":"$167"},{"v":224.442,"d":"$224"}]
[12,"4\" / 2-1/2\" Dia Hot Water Return Pipe Reducer",1,{"v":0,"d":"0%"},1,"EA",{"v":174.8,"d":"$174.80"},{"v":174.8,"d":"$175"},{"v":123.52,"d":"$124"},{"$f":"E1118*1.9","v":{"v":1.9,"d":"2"}},{"v":234.688,"d":"$235"},{"v":409.488,"d":"$409"}]
[13,"4\" / 3\" Dia Hot Water Return Pipe Reducer",1,{"v":0,"d":"0%"},1,"EA",{"v":174.8,"d":"$174.80"},{"v":174.8,"d":"$175"},{"v":123.52,"d":"$124"},{"$f":"E1119*1.95","v":{"v":1.95,"d":"2"}},{"v":240.86399999999998,"d":"$241"},{"v":415.664,"d":"$416"}]
[14,"6\" / 4\" Dia Hot Water Return Pipe Reducer",1,{"v":0,"d":"0%"},1,"EA",{"v":316.84,"d":"$316.84"},{"v":316.84,"d":"$317"},{"v":123.52,"d":"$124"},{"$f":"E1120*2.5","v":{"v":2.5,"d":"3"}},{"v":308.8,"d":"$309"},{"v":625.64,"d":"$626"}]
[]
["CHILLED WATER SUPPLY PIPE"]
["Schedule 40 steel pipe, wrought-steel fittings and wrought-cast or forged-steel flanges and flange fittings, and welded and flanged joints"]
[1,"4\" Dia Chilled Water Supply Pipe",252,{"v":0.1,"d":"10%"},{"$f":"C1124*(1+D1124)","v":{"v":277.20000000000005,"d":"277"}},"LFT",{"v":23.8434,"d":"$23.84"},{"$f":"G1124*E1124","v":{"v":6609.390480000001,"d":"$6,609"}},{"$f":"L$4","v":{"v":123.52,"d":"$124"}},{"$f":"E1124*0.2","v":{"v":55.44000000000001,"d":"55"}},{"$f":"J1124*I1124","v":{"v":6847.948800000001,"d":"$6,848"}},{"$f":"K1124+H1124","v":{"v":13457.339280000002,"d":"$13,457"}}]
[2,"6\" Dia Chilled Water Supply Pipe",162,{"v":0.1,"d":"10%"},{"v":178.20000000000002,"d":"178"},"LFT",{"v":35.42,"d":"$35.42"},{"v":6311.844000000001,"d":"$6,312"},{"v":123.52,"d":"$124"},{"$f":"E1125*0.3","v":{"v":53.46,"d":"53"}},{"v":6603.3792,"d":"$6,603"},{"v":12915.2232,"d":"$12,915"}]
[3,"8\" Dia Chilled Water Supply Pipe",239,{"v":0.1,"d":"10%"},{"v":262.90000000000003,"d":"263"},"LFT",{"v":41.56,"d":"$41.56"},{"v":10926.124000000002,"d":"$10,926"},{"v":123.52,"d":"$124"},{"$f":"E1126*0.3","v":{"v":78.87,"d":"79"}},{"v":9742.0224,"d":"$9,742"},{"v":20668.1464,"d":"$20,668"}]
[]
["CHILLED WATER SUPPLY PIPE INSULATION"]
["1\" Thick, Mineral-Fiber, Preformed Pipe Insulation, Type I."]
[1,"4\" Dia Chilled Water Supply Pipe",252,{"v":0.1,"d":"10%"},{"$f":"C1130*(1+D1130)","v":{"v":277.20000000000005,"d":"277"}},"LFT",{"v":1.035,"d":"$1.04"},{"$f":"G1130*E1130","v":{"v":286.90200000000004,"d":"$287"}},{"$f":"L$3","v":{"v":117.68,"d":"$118"}},{"$f":"E1130*0.06","v":{"v":16.632,"d":"17"}},{"$f":"J1130*I1130","v":{"v":1957.2537600000003,"d":"$1,957"}},{"$f":"K1130+H1130","v":{"v":2244.1557600000006,"d":"$2,244"}}]
[2,"6\" Dia Chilled Water Supply Pipe",162,{"v":0.1,"d":"10%"},{"v":178.20000000000002,"d":"178"},"LFT",{"v":1.392,"d":"$1.39"},{"v":248.05440000000002,"d":"$248"},{"v":117.68,"d":"$118"},{"$f":"E1131*0.06","v":{"v":10.692,"d":"11"}},{"v":1258.23456,"d":"$1,258"},{"v":1506.28896,"d":"$1,506"}]
["1-1/2\" Thick, Mineral-Fiber, Preformed Pipe Insulation, Type I."]
[3,"8\" Dia Chilled Water Supply Pipe",239,{"v":0.1,"d":"10%"},{"v":262.90000000000003,"d":"263"},"LFT",{"v":1.572,"d":"$1.57"},{"$f":"G1133*E1133","v":{"v":413.27880000000005,"d":"$413"}},{"$f":"L$3","v":{"v":117.68,"d":"$118"}},{"$f":"E1133*0.07","v":{"v":18.403000000000006,"d":"18"}},{"$f":"J1133*I1133","v":{"v":2165.6650400000008,"d":"$2,166"}},{"$f":"K1133+H1133","v":{"v":2578.943840000001,"d":"$2,579"}}]
[]
["CHILLED WATER SUPPLY PIPE FITTING"]
["ELBOW"]
[1,"4\" Dia Chilled Water Supply Pipe 90 Deg Elbow",21,{"v":0,"d":"0%"},{"$f":"C1137*(1+D1137)","v":21},"EA",{"v":109.43,"d":"$109.43"},{"$f":"G1137*E1137","v":{"v":2298.03,"d":"$2,298"}},{"$f":"L$4","v":{"v":123.52,"d":"$124"}},{"$f":"E1137*2","v":42},{"$f":"J1137*I1137","v":{"v":5187.84,"d":"$5,188"}},{"$f":"K1137+H1137","v":{"v":7485.870000000001,"d":"$7,486"}}]
[2,"6\" Dia Chilled Water Supply Pipe 90 Deg Elbow",6,{"v":0,"d":"0%"},6,"EA",{"v":325.45,"d":"$325.45"},{"v":1952.6999999999998,"d":"$1,953"},{"v":123.52,"d":"$124"},{"$f":"E1138*3","v":18},{"v":2223.36,"d":"$2,223"},{"v":4176.0599999999995,"d":"$4,176"}]
[3,"8\" Dia Chilled Water Supply Pipe 90 Deg Elbow",7,{"v":0,"d":"0%"},7,"EA",{"v":759.66,"d":"$759.66"},{"v":5317.62,"d":"$5,318"},{"v":123.52,"d":"$124"},{"$f":"E1139*3.9","v":{"v":27.3,"d":"27"}},{"v":3372.096,"d":"$3,372"},{"v":8689.716,"d":"$8,690"}]
[4,"4\" Dia Chilled Water Supply Pipe 45 Deg Elbow",1,{"v":0,"d":"0%"},1,"EA",{"v":353.5,"d":"$353.50"},{"v":353.5,"d":"$354"},{"v":123.52,"d":"$124"},{"$f":"E1140*2","v":2},{"v":247.04,"d":"$247"},{"v":600.54,"d":"$601"}]
[]
["TEE"]
[1,"8\" Dia Chilled Water Supply Pipe Tee",1,{"v":0,"d":"0%"},{"$f":"C1143*(1+D1143)","v":1},"EA",{"v":2705.93,"d":"$2,705.93"},{"$f":"G1143*E1143","v":{"v":2705.93,"d":"$2,706"}},{"$f":"L$4","v":{"v":123.52,"d":"$124"}},{"$f":"E1143*5.85","v":{"v":5.85,"d":"6"}},{"$f":"J1143*I1143","v":{"v":722.592,"d":"$723"}},{"$f":"K1143+H1143","v":{"v":3428.522,"d":"$3,429"}}]
[2,"6\" / 4\" Dia Chilled Water Supply Pipe Tee",2,{"v":0,"d":"0%"},2,"EA",{"v":680.95,"d":"$680.95"},{"v":1361.9,"d":"$1,362"},{"v":123.52,"d":"$124"},{"$f":"E1144*4.5","v":9},{"v":1111.68,"d":"$1,112"},{"v":2473.58,"d":"$2,474"}]
[3,"8\" / 4\" Dia Chilled Water Supply Pipe Tee",2,{"v":0,"d":"0%"},2,"EA",{"v":1259.79,"d":"$1,259.79"},{"v":2519.58,"d":"$2,520"},{"v":123.52,"d":"$124"},9,{"v":1111.68,"d":"$1,112"},{"v":3631.26,"d":"$3,631"}]
[]
["REDUCER"]
[1,"6\" / 4\" Dia Chilled Water Supply Pipe Reducer",1,{"v":0,"d":"0%"},{"$f":"C1148*(1+D1148)","v":1},"EA",{"v":316.84,"d":"$316.84"},{"$f":"G1148*E1148","v":{"v":316.84,"d":"$317"}},{"$f":"L$4","v":{"v":123.52,"d":"$124"}},{"$f":"E1148*2.5","v":{"v":2.5,"d":"3"}},{"$f":"J1148*I1148","v":{"v":308.8,"d":"$309"}},{"$f":"K1148+H1148","v":{"v":625.64,"d":"$626"}}]
[2,"8\" / 4\" Dia Chilled Water Supply Pipe Reducer",1,{"v":0,"d":"0%"},1,"EA",{"v":658.88,"d":"$658.88"},{"$f":"G1149*E1149","v":{"v":658.88,"d":"$659"}},{"$f":"L$4","v":{"v":123.52,"d":"$124"}},{"$f":"E1149*2.5","v":{"v":2.5,"d":"3"}},{"$f":"J1149*I1149","v":{"v":308.8,"d":"$309"}},{"$f":"K1149+H1149","v":{"v":967.6800000000001,"d":"$968"}}]
[3,"8\" / 6\" Dia Chilled Water Supply Pipe Reducer",1,{"v":0,"d":"0%"},1,"EA",{"v":754.96,"d":"$754.96"},{"v":754.96,"d":"$755"},{"v":123.52,"d":"$124"},{"v":2.5,"d":"3"},{"v":308.8,"d":"$309"},{"v":1063.76,"d":"$1,064"}]
[]
["CHILLED WATER RETURN PIPE"]
["Schedule 40 steel pipe, wrought-steel fittings and wrought-cast or forged-steel flanges and flange fittings, and welded and flanged joints"]
[1,"4\" Dia Chilled Water Return Pipe",262,{"v":0.1,"d":"10%"},{"$f":"C1154*(1+D1154)","v":{"v":288.20000000000005,"d":"288"}},"LFT",{"v":23.8434,"d":"$23.84"},{"$f":"G1154*E1154","v":{"v":6871.667880000001,"d":"$6,872"}},{"$f":"L$4","v":{"v":123.52,"d":"$124"}},{"$f":"E1154*0.2","v":{"v":57.640000000000015,"d":"58"}},{"$f":"J1154*I1154","v":{"v":7119.692800000002,"d":"$7,120"}},{"$f":"K1154+H1154","v":{"v":13991.360680000002,"d":"$13,991"}}]
[2,"6\" Dia Chilled Water Return Pipe",172,{"v":0.1,"d":"10%"},{"v":189.20000000000002,"d":"189"},"LFT",{"v":35.42,"d":"$35.42"},{"v":6701.464000000001,"d":"$6,701"},{"v":123.52,"d":"$124"},{"$f":"E1155*0.3","v":{"v":56.760000000000005,"d":"57"}},{"v":7010.9952,"d":"$7,011"},{"v":13712.459200000001,"d":"$13,712"}]
[3,"8\" Dia Chilled Water Return Pipe",257,{"v":0.1,"d":"10%"},{"v":282.70000000000005,"d":"283"},"LFT",{"v":41.56,"d":"$41.56"},{"v":11749.012000000002,"d":"$11,749"},{"v":123.52,"d":"$124"},{"$f":"E1156*0.3","v":{"v":84.81000000000002,"d":"85"}},{"v":10475.731200000002,"d":"$10,476"},{"v":22224.743200000004,"d":"$22,225"}]
[]
["CHILLED WATER RETURN PIPE INSULATION"]
["1\" Thick, Mineral-Fiber, Preformed Pipe Insulation, Type I."]
[1,"4\" Dia Chilled Water Return Pipe",262,{"v":0.1,"d":"10%"},{"$f":"C1160*(1+D1160)","v":{"v":288.20000000000005,"d":"288"}},"LFT",{"v":1.035,"d":"$1.04"},{"$f":"G1160*E1160","v":{"v":298.28700000000003,"d":"$298"}},{"$f":"L$3","v":{"v":117.68,"d":"$118"}},{"$f":"E1160*0.06","v":{"v":17.292,"d":"17"}},{"$f":"J1160*I1160","v":{"v":2034.9225600000002,"d":"$2,035"}},{"$f":"K1160+H1160","v":{"v":2333.2095600000002,"d":"$2,333"}}]
[2,"6\" Dia Chilled Water Return Pipe",172,{"v":0.1,"d":"10%"},{"v":189.20000000000002,"d":"189"},"LFT",{"v":1.392,"d":"$1.39"},{"v":263.3664,"d":"$263"},{"v":117.68,"d":"$118"},{"$f":"E1161*0.06","v":{"v":11.352,"d":"11"}},{"v":1335.90336,"d":"$1,336"},{"v":1599.2697600000001,"d":"$1,599"}]
["1-1/2\" Thick, Mineral-Fiber, Preformed Pipe Insulation, Type I."]
[3,"8\" Dia Chilled Water Return Pipe",257,{"v":0.1,"d":"10%"},{"v":282.70000000000005,"d":"283"},"LFT",{"v":1.572,"d":"$1.57"},{"$f":"G1163*E1163","v":{"v":444.40440000000007,"d":"$444"}},{"$f":"L$3","v":{"v":117.68,"d":"$118"}},{"$f":"E1163*0.07","v":{"v":19.789000000000005,"d":"20"}},{"$f":"J1163*I1163","v":{"v":2328.7695200000007,"d":"$2,329"}},{"$f":"K1163+H1163","v":{"v":2773.1739200000006,"d":"$2,773"}}]
[]
["CHILLED WATER RETURN PIPE FITTING"]
["ELBOW"]
[1,"4\" Dia Chilled Water Return Pipe 90 Deg Elbow",21,{"v":0,"d":"0%"},{"$f":"C1167*(1+D1167)","v":21},"EA",{"v":109.43,"d":"$109.43"},{"$f":"G1167*E1167","v":{"v":2298.03,"d":"$2,298"}},{"$f":"L$4","v":{"v":123.52,"d":"$124"}},{"$f":"E1167*2","v":42},{"$f":"J1167*I1167","v":{"v":5187.84,"d":"$5,188"}},{"$f":"K1167+H1167","v":{"v":7485.870000000001,"d":"$7,486"}}]
[2,"6\" Dia Chilled Water Return Pipe 90 Deg Elbow",6,{"v":0,"d":"0%"},6,"EA",{"v":325.45,"d":"$325.45"},{"v":1952.6999999999998,"d":"$1,953"},{"v":123.52,"d":"$124"},{"$f":"E1168*3","v":18},{"v":2223.36,"d":"$2,223"},{"v":4176.0599999999995,"d":"$4,176"}]
[3,"8\" Dia Chilled Water Return Pipe 90 Deg Elbow",6,{"v":0,"d":"0%"},6,"EA",{"v":759.66,"d":"$759.66"},{"v":4557.96,"d":"$4,558"},{"v":123.52,"d":"$124"},{"$f":"E1169*3.9","v":{"v":23.4,"d":"23"}},{"v":2890.368,"d":"$2,890"},{"v":7448.3279999999995,"d":"$7,448"}]
[]
["TEE"]
[1,"8\" Dia Chilled Water Return Pipe Tee",1,{"v":0,"d":"0%"},{"$f":"C1172*(1+D1172)","v":1},"EA",{"v":2705.93,"d":"$2,705.93"},{"$f":"G1172*E1172","v":{"v":2705.93,"d":"$2,706"}},{"$f":"L$4","v":{"v":123.52,"d":"$124"}},{"$f":"E1172*5.85","v":{"v":5.85,"d":"6"}},{"$f":"J1172*I1172","v":{"v":722.592,"d":"$723"}},{"$f":"K1172+H1172","v":{"v":3428.522,"d":"$3,429"}}]
[2,"6\" / 4\" Dia Chilled Water Return Pipe Tee",4,{"v":0,"d":"0%"},4,"EA",{"v":680.95,"d":"$680.95"},{"v":2723.8,"d":"$2,724"},{"v":123.52,"d":"$124"},{"$f":"E1173*4.5","v":18},{"v":2223.36,"d":"$2,223"},{"v":4947.16,"d":"$4,947"}]
[3,"8\" / 4\" Dia Chilled Water Return Pipe Tee",2,{"v":0,"d":"0%"},2,"EA",{"v":1259.79,"d":"$1,259.79"},{"v":2519.58,"d":"$2,520"},{"v":123.52,"d":"$124"},9,{"v":1111.68,"d":"$1,112"},{"v":3631.26,"d":"$3,631"}]
[]
["REDUCER"]
[1,"8\" / 4\" Dia Chilled Water Return Pipe Reducer",1,{"v":0,"d":"0%"},{"$f":"C1177*(1+D1177)","v":1},"EA",{"v":658.88,"d":"$658.88"},{"$f":"G1177*E1177","v":{"v":658.88,"d":"$659"}},{"$f":"L$4","v":{"v":123.52,"d":"$124"}},{"$f":"E1177*2.5","v":{"v":2.5,"d":"3"}},{"$f":"J1177*I1177","v":{"v":308.8,"d":"$309"}},{"$f":"K1177+H1177","v":{"v":967.6800000000001,"d":"$968"}}]
[2,"8\" / 6\" Dia Chilled Water Return Pipe Reducer",1,{"v":0,"d":"0%"},1,"EA",{"v":754.96,"d":"$754.96"},{"v":754.96,"d":"$755"},{"v":123.52,"d":"$124"},{"v":2.5,"d":"3"},{"v":308.8,"d":"$309"},{"v":1063.76,"d":"$1,064"}]
[]
["CONDENSER WATER SUPPLY PIPE"]
["Schedule 40, Grade B steel pipe; Class 125, cast-iron fittings, cast-iron flanges and flange fittings; and threaded joints."]
[1,"10\" Dia Condenser Water Supply Pipe",{"v":64.49,"d":"64"},{"v":0.1,"d":"10%"},{"$f":"C1182*(1+D1182)","v":{"v":70.93900000000001,"d":"71"}},"LFT",{"v":58.89,"d":"$58.89"},{"$f":"G1182*E1182","v":{"v":4177.597710000001,"d":"$4,178"}},{"$f":"L$4","v":{"v":123.52,"d":"$124"}},{"$f":"E1182*0.3","v":{"v":21.2817,"d":"21"}},{"$f":"J1182*I1182","v":{"v":2628.715584,"d":"$2,629"}},{"$f":"K1182+H1182","v":{"v":6806.313294000001,"d":"$6,806"}}]
[]
["CONDENSER WATER SUPPLY PIPE INSULATION"]
["1-1/2\" Thick, Mineral-Fiber, Preformed Pipe Insulation, Type I."]
[1,"10\" Dia Condenser Water Supply Pipe",{"v":64.49,"d":"64"},{"v":0.1,"d":"10%"},{"$f":"C1186*(1+D1186)","v":{"v":70.93900000000001,"d":"71"}},"LFT",{"v":2.034,"d":"$2.03"},{"$f":"G1186*E1186","v":{"v":144.289926,"d":"$144"}},{"$f":"L$3","v":{"v":117.68,"d":"$118"}},{"$f":"E1186*0.08","v":{"v":5.675120000000001,"d":"6"}},{"$f":"J1186*I1186","v":{"v":667.8481216000001,"d":"$668"}},{"$f":"K1186+H1186","v":{"v":812.1380476000002,"d":"$812"}}]
[]
["CONDENSER WATER SUPPLY PIPE FITTING"]
["ELBOW"]
[1,"10\" Dia Condenser Water Supply Pipe 90 Deg Elbow",5,{"v":0,"d":"0%"},{"$f":"C1190*(1+D1190)","v":5},"EA",{"v":1108.79,"d":"$1,108.79"},{"$f":"G1190*E1190","v":{"v":5543.95,"d":"$5,544"}},{"$f":"L$4","v":{"v":123.52,"d":"$124"}},{"$f":"E1190*3.9","v":{"v":19.5,"d":"20"}},{"$f":"J1190*I1190","v":{"v":2408.64,"d":"$2,409"}},{"$f":"K1190+H1190","v":{"v":7952.59,"d":"$7,953"}}]
[2,"10\" Dia Condenser Water Supply Pipe 45 Deg Elbow",1,{"v":0,"d":"0%"},1,"EA",{"v":1045.85,"d":"$1,045.85"},{"$f":"G1191*E1191","v":{"v":1045.85,"d":"$1,046"}},{"$f":"L$4","v":{"v":123.52,"d":"$124"}},{"$f":"E1191*3.9","v":{"v":3.9,"d":"4"}},{"$f":"J1191*I1191","v":{"v":481.72799999999995,"d":"$482"}},{"$f":"K1191+H1191","v":{"v":1527.578,"d":"$1,528"}}]
[]
["CONDENSER WATER RETURN PIPE"]
["Schedule 40, Grade B steel pipe; Class 125, cast-iron fittings, cast-iron flanges and flange fittings; and threaded joints."]
[1,"10\" Dia Condenser Water Return Pipe",{"v":55.9,"d":"56"},{"v":0.1,"d":"10%"},{"$f":"C1195*(1+D1195)","v":{"v":61.49,"d":"61"}},"LFT",{"v":58.89,"d":"$58.89"},{"$f":"G1195*E1195","v":{"v":3621.1461,"d":"$3,621"}},{"$f":"L$4","v":{"v":123.52,"d":"$124"}},{"$f":"E1195*0.3","v":{"v":18.447,"d":"18"}},{"$f":"J1195*I1195","v":{"v":2278.5734399999997,"d":"$2,279"}},{"$f":"K1195+H1195","v":{"v":5899.71954,"d":"$5,900"}}]
[]
["CONDENSER WATER RETURN PIPE INSULATION"]
["1-1/2\" Thick, Mineral-Fiber, Preformed Pipe Insulation, Type I."]
[1,"10\" Dia Condenser Water Return Pipe",{"v":55.9,"d":"56"},{"v":0.1,"d":"10%"},{"$f":"C1199*(1+D1199)","v":{"v":61.49,"d":"61"}},"LFT",{"v":2.034,"d":"$2.03"},{"$f":"G1199*E1199","v":{"v":125.07065999999999,"d":"$125"}},{"$f":"L$3","v":{"v":117.68,"d":"$118"}},{"$f":"E1199*0.08","v":{"v":4.9192,"d":"5"}},{"$f":"J1199*I1199","v":{"v":578.8914560000001,"d":"$579"}},{"$f":"K1199+H1199","v":{"v":703.962116,"d":"$704"}}]
[]
["CONDENSER WATER RETURN PIPE FITTING"]
["ELBOW"]
[1,"10\" Dia Condenser Water Return Pipe 90 Deg Elbow",6,{"v":0,"d":"0%"},{"$f":"C1203*(1+D1203)","v":6},"EA",{"v":1108.79,"d":"$1,108.79"},{"$f":"G1203*E1203","v":{"v":6652.74,"d":"$6,653"}},{"$f":"L$4","v":{"v":123.52,"d":"$124"}},{"$f":"E1203*3.9","v":{"v":23.4,"d":"23"}},{"$f":"J1203*I1203","v":{"v":2890.368,"d":"$2,890"}},{"$f":"K1203+H1203","v":{"v":9543.108,"d":"$9,543"}}]
[2,"10\" Dia Condenser Water Return Pipe 45 Deg Elbow",1,{"v":0,"d":"0%"},1,"EA",{"v":1045.85,"d":"$1,045.85"},{"v":1045.85,"d":"$1,046"},{"v":123.52,"d":"$124"},{"$f":"E1204*3.9","v":{"v":3.9,"d":"4"}},{"v":481.72799999999995,"d":"$482"},{"v":1527.578,"d":"$1,528"}]
[]
["COMBUSTION AIR INTAKE PIPE"]
["Sch 40, Steel Pipe (Assumed)"]
[1,"6\" Dia Combustion Air Intake Pipe",{"v":9.79,"d":"10"},{"v":0.1,"d":"10%"},{"$f":"C1208*(1+D1208)","v":{"v":10.769,"d":"11"}},"LFT",{"v":35.42,"d":"$35.42"},{"$f":"G1208*E1208","v":{"v":381.43798000000004,"d":"$381"}},{"$f":"L$4","v":{"v":123.52,"d":"$124"}},{"$f":"E1208*0.3","v":{"v":3.2307,"d":"3"}},{"$f":"J1208*I1208","v":{"v":399.056064,"d":"$399"}},{"$f":"K1208+H1208","v":{"v":780.494044,"d":"$780"}}]
[2,"8\" Dia Combustion Air Intake Pipe",{"v":36.88,"d":"37"},{"v":0.1,"d":"10%"},{"v":40.568000000000005,"d":"41"},"LFT",{"v":41.56,"d":"$41.56"},{"v":1686.0060800000003,"d":"$1,686"},{"v":123.52,"d":"$124"},{"$f":"E1209*0.3","v":{"v":12.1704,"d":"12"}},{"v":1503.287808,"d":"$1,503"},{"v":3189.293888,"d":"$3,189"}]
[]
["COMBUSTION AIR INTAKE PIPE FITTING"]
["ELBOW"]
[1,"6\" Dia Combustion Air Intake Pipe 90 Deg Elbow",2,{"v":0,"d":"0%"},{"$f":"C1213*(1+D1213)","v":2},"EA",{"v":325.45,"d":"$325.45"},{"$f":"G1213*E1213","v":{"v":650.9,"d":"$651"}},{"$f":"L$4","v":{"v":123.52,"d":"$124"}},{"$f":"E1213*3","v":6},{"$f":"J1213*I1213","v":{"v":741.12,"d":"$741"}},{"$f":"K1213+H1213","v":{"v":1392.02,"d":"$1,392"}}]
[2,"8\" Dia Combustion Air Intake Pipe 90 Deg Elbow",4,{"v":0,"d":"0%"},4,"EA",{"v":759.66,"d":"$759.66"},{"v":3038.64,"d":"$3,039"},{"v":123.52,"d":"$124"},{"$f":"E1214*3.9","v":{"v":15.6,"d":"16"}},{"v":1926.9119999999998,"d":"$1,927"},{"v":4965.552,"d":"$4,966"}]
[]
["REFRIGERANT PIPE"]
["Type ACR, Drawn-Temper Tubing And Wrought-Copper Fittings With Brazed Joints."]
[1,"3/8\" Dia Liquid Pipe",{"v":1527.87,"d":"1528"},{"v":0.1,"d":"10%"},{"$f":"C1218*(1+D1218)","v":{"v":1680.657,"d":"1681"}},"LFT",{"v":1.1506,"d":"$1.15"},{"$f":"G1218*E1218","v":{"v":1933.7639442,"d":"$1,934"}},{"$f":"L$4","v":{"v":123.52,"d":"$124"}},{"$f":"E1218*0.04","v":{"v":67.22628,"d":"67"}},{"$f":"J1218*I1218","v":{"v":8303.790105600001,"d":"$8,304"}},{"$f":"K1218+H1218","v":{"v":10237.554049800001,"d":"$10,238"}}]
[2,"3/8\" Dia Hot Gas Pipe",{"v":24.07,"d":"24"},{"v":0.1,"d":"10%"},{"v":26.477000000000004,"d":"26"},"LFT",{"v":1.1506,"d":"$1.15"},{"$f":"G1219*E1219","v":{"v":30.464436200000005,"d":"$30"}},{"$f":"L$4","v":{"v":123.52,"d":"$124"}},{"v":1.0590800000000002,"d":"1"},{"$f":"J1219*I1219","v":{"v":130.81756160000003,"d":"$131"}},{"$f":"K1219+H1219","v":{"v":161.28199780000003,"d":"$161"}}]
[3,"1/2\" Dia Liquid Pipe",184,{"v":0.1,"d":"10%"},{"v":202.4,"d":"202"},"LFT",{"v":1.457,"d":"$1.46"},{"v":294.89680000000004,"d":"$295"},{"v":123.52,"d":"$124"},{"v":8.096,"d":"8"},{"v":1000.01792,"d":"$1,000"},{"v":1294.91472,"d":"$1,295"}]
[4,"1/2\" Dia Hot Gas Pipe",{"v":14.5,"d":"15"},{"v":0.1,"d":"10%"},{"v":15.950000000000001,"d":"16"},"LFT",{"v":1.457,"d":"$1.46"},{"v":23.239150000000002,"d":"$23"},{"v":123.52,"d":"$124"},{"v":0.638,"d":"1"},{"v":78.80575999999999,"d":"$79"},{"v":102.04490999999999,"d":"$102"}]
[5,"5/8\" Dia Liquid Pipe",177,{"v":0.1,"d":"10%"},{"v":194.70000000000002,"d":"195"},"LFT",{"v":1.3,"d":"$1.30"},{"v":253.11000000000004,"d":"$253"},{"v":123.52,"d":"$124"},{"v":7.788000000000001,"d":"8"},{"v":961.9737600000001,"d":"$962"},{"v":1215.0837600000002,"d":"$1,215"}]
[6,"5/8\" Dia Hot Gas Pipe",{"v":1587.4099999999999,"d":"1587"},{"v":0.1,"d":"10%"},{"v":1746.151,"d":"1746"},"LFT",{"v":1.3,"d":"$1.30"},{"v":2269.9963000000002,"d":"$2,270"},{"v":123.52,"d":"$124"},{"v":69.84604,"d":"70"},{"v":8627.3828608,"d":"$8,627"},{"v":10897.379160800001,"d":"$10,897"}]
[7,"1-3/8\" Dia Liquid Pipe",{"v":13.96,"d":"14"},{"v":0.1,"d":"10%"},{"v":15.356000000000002,"d":"15"},"LFT",{"v":5.15,"d":"$5.15"},{"v":79.08340000000001,"d":"$79"},{"v":123.52,"d":"$124"},{"$f":"E1224*0.05","v":{"v":0.7678000000000001,"d":"1"}},{"v":94.83865600000001,"d":"$95"},{"v":173.92205600000003,"d":"$174"}]
[8,"1-1/8\" Dia Liquid Pipe",{"v":13.63,"d":"14"},{"v":0.1,"d":"10%"},{"v":14.993000000000002,"d":"15"},"LFT",{"v":5.12,"d":"$5.12"},{"v":76.76416000000002,"d":"$77"},{"v":123.52,"d":"$124"},{"v":0.7496500000000001,"d":"1"},{"v":92.59676800000001,"d":"$93"},{"v":169.36092800000003,"d":"$169"}]
[9,"1-1/8\" Dia Hot Gas Line Pipe",245,{"v":0.1,"d":"10%"},{"v":269.5,"d":"270"},"LFT",{"v":5.12,"d":"$5.12"},{"v":1379.84,"d":"$1,380"},{"v":123.52,"d":"$124"},{"v":13.475000000000001,"d":"13"},{"v":1664.432,"d":"$1,664"},{"v":3044.272,"d":"$3,044"}]
[10,"1-3/8\" Dia Hot Gas Pipe",214,{"v":0.1,"d":"10%"},{"v":235.4,"d":"235"},"LFT",{"v":5.15,"d":"$5.15"},{"$f":"G1227*E1227","v":{"v":1212.3100000000002,"d":"$1,212"}},{"$f":"L$4","v":{"v":123.52,"d":"$124"}},{"$f":"E1227*0.05","v":{"v":11.770000000000001,"d":"12"}},{"$f":"J1227*I1227","v":{"v":1453.8304,"d":"$1,454"}},{"$f":"K1227+H1227","v":{"v":2666.1404,"d":"$2,666"}}]
[11,"3\" Dia Refrigerant Relief Pipe",{"v":18.76,"d":"19"},{"v":0.1,"d":"10%"},{"v":20.636000000000003,"d":"21"},"LFT",{"v":18.9535,"d":"$18.95"},{"v":391.124426,"d":"$391"},{"v":123.52,"d":"$124"},{"$f":"E1228*0.15","v":{"v":3.0954,"d":"3"}},{"v":382.343808,"d":"$382"},{"v":773.468234,"d":"$773"}]
[]
["REFRIGERANT PIPE INSULATION"]
["1\" Thick, Mineral-Fiber, Preformed Pipe Insulation, Type I."]
[1,"3/8\" Dia Liquid Pipe",{"v":1527.87,"d":"1528"},{"v":0.1,"d":"10%"},{"$f":"C1232*(1+D1232)","v":{"v":1680.657,"d":"1681"}},"LFT",{"v":0.2574,"d":"$0.26"},{"$f":"G1232*E1232","v":{"v":432.6011118,"d":"$433"}},{"$f":"L$3","v":{"v":117.68,"d":"$118"}},{"$f":"E1232*0.02","v":{"v":33.61314,"d":"34"}},{"$f":"J1232*I1232","v":{"v":3955.5943152000004,"d":"$3,956"}},{"$f":"K1232+H1232","v":{"v":4388.195427000001,"d":"$4,388"}}]
[2,"3/8\" Dia Hot Gas Pipe",{"v":24.07,"d":"24"},{"v":0.1,"d":"10%"},{"v":26.477000000000004,"d":"26"},"LFT",{"v":0.2574,"d":"$0.26"},{"v":6.815179800000002,"d":"$7"},{"v":117.68,"d":"$118"},{"v":0.5295400000000001,"d":"1"},{"v":62.31626720000002,"d":"$62"},{"v":69.13144700000002,"d":"$69"}]
[3,"1/2\" Dia Liquid Pipe",184,{"v":0.1,"d":"10%"},{"v":202.4,"d":"202"},"LFT",{"v":0.28275,"d":"$0.28"},{"v":57.2286,"d":"$57"},{"v":117.68,"d":"$118"},{"v":4.048,"d":"4"},{"v":476.36864,"d":"$476"},{"v":533.59724,"d":"$534"}]
[4,"1/2\" Dia Hot Gas Pipe",{"v":14.5,"d":"15"},{"v":0.1,"d":"10%"},{"v":15.950000000000001,"d":"16"},"LFT",{"v":0.28275,"d":"$0.28"},{"v":4.5098625000000006,"d":"$5"},{"v":117.68,"d":"$118"},{"v":0.319,"d":"0"},{"v":37.53992,"d":"$38"},{"v":42.049782500000006,"d":"$42"}]
[5,"5/8\" Dia Liquid Pipe",177,{"v":0.1,"d":"10%"},{"v":194.70000000000002,"d":"195"},"LFT",{"v":0.35880000000000006,"d":"$0.36"},{"v":69.85836000000002,"d":"$70"},{"v":117.68,"d":"$118"},{"v":3.8940000000000006,"d":"4"},{"v":458.24592000000007,"d":"$458"},{"v":528.1042800000001,"d":"$528"}]
[6,"5/8\" Dia Hot Gas Pipe",{"v":1587.4099999999999,"d":"1587"},{"v":0.1,"d":"10%"},{"v":1746.151,"d":"1746"},"LFT",{"v":0.35880000000000006,"d":"$0.36"},{"v":626.5189788000001,"d":"$627"},{"v":117.68,"d":"$118"},{"v":34.92302,"d":"35"},{"v":4109.7409936,"d":"$4,110"},{"v":4736.2599724,"d":"$4,736"}]
[7,"1-3/8\" Dia Liquid Pipe",{"v":13.96,"d":"14"},{"v":0.1,"d":"10%"},{"v":15.356000000000002,"d":"15"},"LFT",{"v":0.4212,"d":"$0.42"},{"v":6.467947200000001,"d":"$6"},{"v":117.68,"d":"$118"},{"$f":"E1238*0.04","v":{"v":0.6142400000000001,"d":"1"}},{"v":72.28376320000002,"d":"$72"},{"v":78.75171040000002,"d":"$79"}]
[8,"1-1/8\" Dia Liquid Pipe",{"v":13.63,"d":"14"},{"v":0.1,"d":"10%"},{"v":14.993000000000002,"d":"15"},"LFT",{"v":0.4212,"d":"$0.42"},{"v":6.315051600000001,"d":"$6"},{"v":117.68,"d":"$118"},{"v":0.5997200000000001,"d":"1"},{"v":70.57504960000001,"d":"$71"},{"v":76.89010120000002,"d":"$77"}]
[9,"1-1/8\" Dia Hot Gas Line Pipe",245,{"v":0.1,"d":"10%"},{"v":269.5,"d":"270"},"LFT",{"v":0.4212,"d":"$0.42"},{"v":113.5134,"d":"$114"},{"v":117.68,"d":"$118"},{"v":10.78,"d":"11"},{"v":1268.5904,"d":"$1,269"},{"v":1382.1038,"d":"$1,382"}]
[10,"1-3/8\" Dia Hot Gas Pipe",214,{"v":0.1,"d":"10%"},{"v":235.4,"d":"235"},"LFT",{"v":0.4212,"d":"$0.42"},{"v":99.15048,"d":"$99"},{"v":117.68,"d":"$118"},{"v":9.416,"d":"9"},{"v":1108.0748800000001,"d":"$1,108"},{"v":1207.2253600000001,"d":"$1,207"}]
[11,"3\" Dia Refrigerant Relief Pipe",{"v":18.76,"d":"19"},{"v":0.1,"d":"10%"},{"v":20.636000000000003,"d":"21"},"LFT",{"v":0.834,"d":"$0.83"},{"v":17.210424000000003,"d":"$17"},{"v":117.68,"d":"$118"},{"$f":"E1242*0.05","v":{"v":1.0318000000000003,"d":"1"}},{"$f":"J1242*I1242","v":{"v":121.42222400000004,"d":"$121"}},{"$f":"K1242+H1242","v":{"v":138.63264800000005,"d":"$139"}}]
[]
["REFRIGERANT PIPE FITTING"]
["ELBOW"]
[1,"1/2\" Dia Liquid Pipe 90 Deg Elbow",16,{"v":0,"d":"0%"},{"$f":"C1246*(1+D1246)","v":16},"EA",{"v":0.71,"d":"$0.71"},{"$f":"G1246*E1246","v":{"v":11.36,"d":"$11"}},{"$f":"L$4","v":{"v":123.52,"d":"$124"}},{"$f":"E1246*0.4","v":{"v":6.4,"d":"6"}},{"$f":"J1246*I1246","v":{"v":790.528,"d":"$791"}},{"$f":"K1246+H1246","v":{"v":801.888,"d":"$802"}}]
[2,"1/2\" Dia Hot Gas Pipe 90 Deg Elbow",1,{"v":0,"d":"0%"},1,"EA",{"v":0.71,"d":"$0.71"},{"$f":"G1247*E1247","v":{"v":0.71,"d":"$1"}},{"v":123.52,"d":"$124"},{"$f":"E1247*0.4","v":{"v":0.4,"d":"0"}},{"$f":"J1247*I1247","v":{"v":49.408,"d":"$49"}},{"$f":"K1247+H1247","v":{"v":50.118,"d":"$50"}}]
[3,"3/8\" Dia Liquid Pipe 90 Deg Elbow",111,{"v":0,"d":"0%"},111,"EA",{"v":2.08,"d":"$2.08"},{"$f":"G1248*E1248","v":{"v":230.88,"d":"$231"}},{"v":123.52,"d":"$124"},{"$f":"E1248*0.4","v":{"v":44.400000000000006,"d":"44"}},{"$f":"J1248*I1248","v":{"v":5484.2880000000005,"d":"$5,484"}},{"$f":"K1248+H1248","v":{"v":5715.168000000001,"d":"$5,715"}}]
[4,"3/8\" Dia Hot Gas Pipe 90 Deg Elbow",2,{"v":0,"d":"0%"},2,"EA",{"v":2.08,"d":"$2.08"},{"v":4.16,"d":"$4"},{"v":123.52,"d":"$124"},{"$f":"E1249*0.4","v":{"v":0.8,"d":"1"}},{"v":98.816,"d":"$99"},{"v":102.976,"d":"$103"}]
[5,"5/8\" Dia Liquid Pipe 90 Deg Elbow",13,{"v":0,"d":"0%"},13,"EA",{"v":3.17,"d":"$3.17"},{"v":41.21,"d":"$41"},{"v":123.52,"d":"$124"},{"$f":"E1250*0.4","v":{"v":5.2,"d":"5"}},{"v":642.304,"d":"$642"},{"v":683.514,"d":"$684"}]
[6,"5/8\" Dia Hot Gas Pipe 90 Deg Elbow",117,{"v":0,"d":"0%"},117,"EA",{"v":3.17,"d":"$3.17"},{"v":370.89,"d":"$371"},{"v":123.52,"d":"$124"},{"v":46.800000000000004,"d":"47"},{"v":5780.736000000001,"d":"$5,781"},{"v":6151.626000000001,"d":"$6,152"}]
[7,"1-1/8\" Dia Hot Gas Pipe 90 Deg Elbow",26,{"v":0,"d":"0%"},26,"EA",{"v":9.39,"d":"$9.39"},{"v":244.14000000000001,"d":"$244"},{"v":123.52,"d":"$124"},{"$f":"E1252*0.7","v":{"v":18.2,"d":"18"}},{"v":2248.064,"d":"$2,248"},{"v":2492.2039999999997,"d":"$2,492"}]
[8,"1-3/8\" Dia Hot Gas Pipe 90 Elbow",13,{"v":0,"d":"0%"},13,"EA",{"v":10.24,"d":"$10.24"},{"v":133.12,"d":"$133"},{"v":123.52,"d":"$124"},{"$f":"E1253*0.8","v":{"v":10.4,"d":"10"}},{"v":1284.608,"d":"$1,285"},{"v":1417.728,"d":"$1,418"}]
[9,"1-3/8\" Dia Liquid Pipe 90 Deg Elbow",1,{"v":0,"d":"0%"},1,"EA",{"v":10.24,"d":"$10.24"},{"v":10.24,"d":"$10"},{"v":123.52,"d":"$124"},{"$f":"E1254*0.8","v":{"v":0.8,"d":"1"}},{"v":98.816,"d":"$99"},{"v":109.056,"d":"$109"}]
[10,"1-1/8\" Dia Liquid Pipe 90 Deg Elbow",2,{"v":0,"d":"0%"},2,"EA",{"v":9.39,"d":"$9.39"},{"$f":"G1255*E1255","v":{"v":18.78,"d":"$19"}},{"$f":"L$4","v":{"v":123.52,"d":"$124"}},{"$f":"E1255*0.7","v":{"v":1.4,"d":"1"}},{"$f":"J1255*I1255","v":{"v":172.928,"d":"$173"}},{"$f":"K1255+H1255","v":{"v":191.708,"d":"$192"}}]
[]
["TEE"]
[1,"3/8\" Dia Liquid Pipe Tee",4,{"v":0,"d":"0%"},{"$f":"C1258*(1+D1258)","v":4},"EA",{"v":3.44,"d":"$3.44"},{"$f":"G1258*E1258","v":{"v":13.76,"d":"$14"}},{"$f":"L$4","v":{"v":123.52,"d":"$124"}},{"$f":"E1258*0.6","v":{"v":2.4,"d":"2"}},{"$f":"J1258*I1258","v":{"v":296.448,"d":"$296"}},{"$f":"K1258+H1258","v":{"v":310.20799999999997,"d":"$310"}}]
[2,"5/8\" Dia Hot Gas Pipe Tee",8,{"v":0,"d":"0%"},8,"EA",{"v":5.17,"d":"$5.17"},{"v":41.36,"d":"$41"},{"v":123.52,"d":"$124"},{"$f":"E1259*0.6","v":{"v":4.8,"d":"5"}},{"v":592.896,"d":"$593"},{"v":634.256,"d":"$634"}]
[3,"1-3/8\" Dia Hot Gas Pipe Tee",1,{"v":0,"d":"0%"},1,"EA",{"v":1.87,"d":"$1.87"},{"$f":"G1260*E1260","v":{"v":1.87,"d":"$2"}},{"v":123.52,"d":"$124"},{"$f":"E1260*0.91","v":{"v":0.91,"d":"1"}},{"$f":"J1260*I1260","v":{"v":112.4032,"d":"$112"}},{"$f":"K1260+H1260","v":{"v":114.2732,"d":"$114"}}]
[4,"1-1/8\" Dia Hot Gas Pipe Tee",1,{"v":0,"d":"0%"},1,"EA",{"v":1.87,"d":"$1.87"},{"$f":"G1261*E1261","v":{"v":1.87,"d":"$2"}},{"v":123.52,"d":"$124"},{"$f":"E1261*0.91","v":{"v":0.91,"d":"1"}},{"$f":"J1261*I1261","v":{"v":112.4032,"d":"$112"}},{"$f":"K1261+H1261","v":{"v":114.2732,"d":"$114"}}]
[5,"5/8\" / 1/2\" Dia Liquid Line Pipe Tee",2,{"v":0,"d":"0%"},2,"EA",{"v":11.54,"d":"$11.54"},{"$f":"G1262*E1262","v":{"v":23.08,"d":"$23"}},{"v":123.52,"d":"$124"},{"$f":"E1262*0.78","v":{"v":1.56,"d":"2"}},{"$f":"J1262*I1262","v":{"v":192.6912,"d":"$193"}},{"$f":"K1262+H1262","v":{"v":215.77120000000002,"d":"$216"}}]
[6,"1-3/8\" / 1/2\" Dia Liquid Line Pipe Tee",1,{"v":0,"d":"0%"},1,"EA",{"v":12.88,"d":"$12.88"},{"v":12.88,"d":"$13"},{"v":123.52,"d":"$124"},{"$f":"E1263*0.91","v":{"v":0.91,"d":"1"}},{"v":112.4032,"d":"$112"},{"v":125.2832,"d":"$125"}]
[7,"1-1/8\" / 3/8\" Dia Hot Gas Pipe Tee",1,{"v":0,"d":"0%"},1,"EA",{"v":12.88,"d":"$12.88"},{"v":12.88,"d":"$13"},{"v":123.52,"d":"$124"},{"$f":"E1264*0.91","v":{"v":0.91,"d":"1"}},{"v":112.4032,"d":"$112"},{"v":125.2832,"d":"$125"}]
[]
["CONDENSATE DRAIN PIPE"]
["Condensate-Drain Piping: Type L, drawn-temper copper tubing, wrought-copper fittings, and soldered joints"]
[1,"3/4\" Dia Condensate Drain Pipe",737,{"v":0.1,"d":"10%"},{"$f":"C1268*(1+D1268)","v":{"v":810.7,"d":"811"}},"LFT",{"v":2.3724,"d":"$2.37"},{"$f":"G1268*E1268","v":{"v":1923.30468,"d":"$1,923"}},{"$f":"L$4","v":{"v":123.52,"d":"$124"}},{"$f":"E1268*0.04","v":{"v":32.428000000000004,"d":"32"}},{"$f":"J1268*I1268","v":{"v":4005.5065600000003,"d":"$4,006"}},{"$f":"K1268+H1268","v":{"v":5928.81124,"d":"$5,929"}}]
[2,"1\" Dia Condensate Drain Pipe",{"v":25.259999999999998,"d":"25"},{"v":0.1,"d":"10%"},{"v":27.786,"d":"28"},"LFT",{"v":3.3567,"d":"$3.36"},{"$f":"G1269*E1269","v":{"v":93.2692662,"d":"$93"}},{"$f":"L$4","v":{"v":123.52,"d":"$124"}},{"$f":"E1269*0.05","v":{"v":1.3893000000000002,"d":"1"}},{"$f":"J1269*I1269","v":{"v":171.60633600000003,"d":"$172"}},{"$f":"K1269+H1269","v":{"v":264.8756022,"d":"$265"}}]
[]
["CONDENSATE DRAIN PIPE INSULATION"]
["1-1/2\" Thick, Mineral-Fiber, Preformed Pipe Insulation, Type I."]
[1,"3/4\" Dia Condensate Drain Pipe",737,{"v":0.1,"d":"10%"},{"$f":"C1273*(1+D1273)","v":{"v":810.7,"d":"811"}},"LFT",{"v":0.35880000000000006,"d":"$0.36"},{"$f":"G1273*E1273","v":{"v":290.87916000000007,"d":"$291"}},{"$f":"L$3","v":{"v":117.68,"d":"$118"}},{"$f":"E1273*0.02","v":{"v":16.214000000000002,"d":"16"}},{"$f":"J1273*I1273","v":{"v":1908.0635200000004,"d":"$1,908"}},{"$f":"K1273+H1273","v":{"v":2198.9426800000006,"d":"$2,199"}}]
[2,"1\" Dia Condensate Drain Pipe",{"v":25.259999999999998,"d":"25"},{"v":0.1,"d":"10%"},{"v":27.786,"d":"28"},"LFT",{"v":0.39390000000000003,"d":"$0.39"},{"v":10.944905400000001,"d":"$11"},{"v":117.68,"d":"$118"},{"$f":"E1274*0.04","v":{"v":1.11144,"d":"1"}},{"$f":"J1274*I1274","v":{"v":130.7942592,"d":"$131"}},{"$f":"K1274+H1274","v":{"v":141.7391646,"d":"$142"}}]
[]
["CONDENSATE DRAIN PIPE FITTING"]
["ELBOW"]
[1,"3/4\" Dia Condensate Drain Pipe 90 Deg Elbow",50,{"v":0,"d":"0%"},{"$f":"C1278*(1+D1278)","v":50},"EA",{"v":1.57,"d":"$1.57"},{"$f":"G1278*E1278","v":{"v":78.5,"d":"$79"}},{"$f":"L$4","v":{"v":123.52,"d":"$124"}},{"$f":"E1278*0.42","v":21},{"$f":"J1278*I1278","v":{"v":2593.92,"d":"$2,594"}},{"$f":"K1278+H1278","v":{"v":2672.42,"d":"$2,672"}}]
[2,"1\" Dia Condensate Drain Pipe 90 Deg Elbow",3,{"v":0,"d":"0%"},3,"EA",{"v":4.06,"d":"$4.06"},{"v":12.18,"d":"$12"},{"v":123.52,"d":"$124"},{"$f":"E1279*0.5","v":{"v":1.5,"d":"2"}},{"v":185.28,"d":"$185"},{"v":197.46,"d":"$197"}]
[3,"3/4\" Dia Condensate Drain Pipe 45 Deg Elbow",2,{"v":0,"d":"0%"},2,"EA",{"v":2.18,"d":"$2.18"},{"v":4.36,"d":"$4"},{"v":123.52,"d":"$124"},{"$f":"E1280*0.42","v":{"v":0.84,"d":"1"}},{"v":103.7568,"d":"$104"},{"v":108.1168,"d":"$108"}]
[]
["TEE"]
[1,"3/4\" Dia Condensate Drain Pipe Tee",7,{"v":0,"d":"0%"},{"$f":"C1283*(1+D1283)","v":7},"EA",{"v":2.88,"d":"$2.88"},{"$f":"G1283*E1283","v":{"v":20.16,"d":"$20"}},{"$f":"L$4","v":{"v":123.52,"d":"$124"}},{"$f":"E1283*0.63","v":{"v":4.41,"d":"4"}},{"$f":"J1283*I1283","v":{"v":544.7232,"d":"$545"}},{"$f":"K1283+H1283","v":{"v":564.8832,"d":"$565"}}]
[2,"1\" / 3/4\" Dia Condensate Drain Pipe Tee",2,{"v":0,"d":"0%"},2,"EA",{"v":11.09,"d":"$11.09"},{"v":22.18,"d":"$22"},{"v":123.52,"d":"$124"},{"$f":"E1284*0.81","v":{"v":1.62,"d":"2"}},{"v":200.10240000000002,"d":"$200"},{"v":222.28240000000002,"d":"$222"}]
[]
["REDUCER"]
[1,"1\" / 3/4\" Dia Condensate Drain Pipe Reducer",3,{"v":0,"d":"0%"},{"$f":"C1287*(1+D1287)","v":3},"EA",{"v":3.59,"d":"$3.59"},{"$f":"G1287*E1287","v":{"v":10.77,"d":"$11"}},{"$f":"L$4","v":{"v":123.52,"d":"$124"}},{"$f":"E1287*0.5","v":{"v":1.5,"d":"2"}},{"$f":"J1287*I1287","v":{"v":185.28,"d":"$185"}},{"$f":"K1287+H1287","v":{"v":196.05,"d":"$196"}}]
[]
["PIPE FLANGE"]
[1,"4\" Dia Flange",8,{"v":0,"d":"0%"},{"$f":"C1290*(1+D1290)","v":8},"EA",{"v":56.42,"d":"$56.42"},{"$f":"G1290*E1290","v":{"v":451.36,"d":"$451"}},{"$f":"L$4","v":{"v":123.52,"d":"$124"}},{"$f":"E1290*2.56","v":{"v":20.48,"d":"20"}},{"$f":"J1290*I1290","v":{"v":2529.6896,"d":"$2,530"}},{"$f":"K1290+H1290","v":{"v":2981.0496000000003,"d":"$2,981"}}]
[2,"6\" Dia Flange",5,{"v":0,"d":"0%"},{"$f":"C1291*(1+D1291)","v":5},"EA",{"v":124.42,"d":"$124.42"},{"$f":"G1291*E1291","v":{"v":622.1,"d":"$622"}},{"$f":"L$4","v":{"v":123.52,"d":"$124"}},{"$f":"E1291*3.84","v":{"v":19.2,"d":"19"}},{"$f":"J1291*I1291","v":{"v":2371.584,"d":"$2,372"}},{"$f":"K1291+H1291","v":{"v":2993.6839999999997,"d":"$2,994"}}]
[3,"8\" Dia Flange",6,{"v":0,"d":"0%"},{"$f":"C1292*(1+D1292)","v":6},"EA",{"v":234.95,"d":"$234.95"},{"v":1409.6999999999998,"d":"$1,410"},{"v":123.52,"d":"$124"},{"$f":"E1292*5.12","v":{"v":30.72,"d":"31"}},{"v":3794.5343999999996,"d":"$3,795"},{"v":5204.234399999999,"d":"$5,204"}]
[4,"10\" Dia Flange",6,{"v":0,"d":"0%"},{"$f":"C1293*(1+D1293)","v":6},"EA",{"v":467.65,"d":"$467.65"},{"v":2805.8999999999996,"d":"$2,806"},{"v":123.52,"d":"$124"},{"$f":"E1293*6.4","v":{"v":38.400000000000006,"d":"38"}},{"v":4743.168000000001,"d":"$4,743"},{"v":7549.068,"d":"$7,549"}]
[]
["DUCT LINER"]
[1,"1\" Thick, Acoustical Duct Liner",899,{"v":0,"d":"0%"},{"$f":"C1296*(1+D1296)","v":899},"SF",null,{"$f":"G1296*E1296","v":0},{"$f":"L$2","v":{"v":125.72,"d":"$126"}},{"$f":"E1296*0.04","v":{"v":35.96,"d":"36"}},{"$f":"J1296*I1296","v":{"v":4520.8912,"d":"$4,521"}},{"$f":"K1296+H1296","v":{"v":4520.8912,"d":"$4,521"}}]
[]
["DUCT INSULATION"]
[1,"1-1/2\" Thick, Mineral-Fiber Blanket, 1.5-lb/cu. ft. Nominal Density, Factory-Applied Jacket, Value Of R-5, Manufacturer Knauf Insulation.",{"$f":"53860+800","v":54660},{"v":0,"d":"0%"},{"$f":"C1299*(1+D1299)","v":54660},"SF",null,{"$f":"G1299*E1299","v":0},{"$f":"L$3","v":{"v":117.68,"d":"$118"}},{"$f":"E1299*0.02","v":{"v":1093.2,"d":"1093"}},{"$f":"J1299*I1299","v":{"v":128647.77600000001,"d":"$128,648"}},{"$f":"K1299+H1299","v":{"v":128647.77600000001,"d":"$128,648"}}]
[2,"2\" Thick, Mineral-Fiber Blanket, 3-lb/cu. ft. Nominal Density, Factory-Applied Jacket, Value Of R-5, Manufacturer Knauf Insulation.",918,{"v":0,"d":"0%"},{"$f":"C1300*(1+D1300)","v":918},"SF",null,{"$f":"G1300*E1300","v":0},{"$f":"L$3","v":{"v":117.68,"d":"$118"}},{"v":18.36,"d":"18"},{"$f":"J1300*I1300","v":{"v":2160.6048,"d":"$2,161"}},{"$f":"K1300+H1300","v":{"v":2160.6048,"d":"$2,161"}}]
[]
["DUCT WEIGHT"]
[1,"Galvanized Steel Duct Fabrication",70246,{"v":0,"d":"0%"},{"$f":"C1303*(1+D1303)","v":70246},"LB",null,{"$f":"G1303*E1303","v":0},{"$f":"L$2","v":{"v":125.72,"d":"$126"}},{"$f":"E1303*0.04","v":{"v":2809.84,"d":"2810"}},{"$f":"J1303*I1303","v":{"v":353253.0848,"d":"$353,253"}},{"$f":"K1303+H1303","v":{"v":353253.0848,"d":"$353,253"}}]
[1,"Galvanized Steel Duct Erection",70246,{"v":0,"d":"0%"},{"$f":"C1304*(1+D1304)","v":70246},"LB",null,{"$f":"G1304*E1304","v":0},{"$f":"L$2","v":{"v":125.72,"d":"$126"}},{"$f":"E1304*0.02","v":{"v":1404.92,"d":"1405"}},{"$f":"J1304*I1304","v":{"v":176626.5424,"d":"$176,627"}},{"$f":"K1304+H1304","v":{"v":176626.5424,"d":"$176,627"}}]
[]
["PIPE SUPPORT"]
[1,"3/8\" Dia Adjustable Clevis Hanger",33,{"v":0,"d":"0%"},{"$f":"C1307*(1+D1307)","v":33},"EA",{"v":3.32,"d":"$3.32"},{"$f":"G1307*E1307","v":{"v":109.55999999999999,"d":"$110"}},{"$f":"L$4","v":{"v":123.52,"d":"$124"}},{"$f":"E1307*0.25","v":{"v":8.25,"d":"8"}},{"$f":"J1307*I1307","v":{"v":1019.04,"d":"$1,019"}},{"$f":"K1307+H1307","v":{"v":1128.6,"d":"$1,129"}}]
[2,"1/2\" Dia Adjustable Clevis Hanger",33,{"v":0,"d":"0%"},{"$f":"C1308*(1+D1308)","v":33},"EA",{"v":3.32,"d":"$3.32"},{"v":109.55999999999999,"d":"$110"},{"v":123.52,"d":"$124"},{"$f":"E1308*0.25","v":{"v":8.25,"d":"8"}},{"v":1019.04,"d":"$1,019"},{"v":1128.6,"d":"$1,129"}]
[3,"5/8\" Dia Adjustable Clevis Hanger",294,{"v":0,"d":"0%"},294,"EA",{"v":1.44,"d":"$1.44"},{"v":423.35999999999996,"d":"$423"},{"v":123.52,"d":"$124"},{"v":73.5,"d":"74"},{"v":9078.72,"d":"$9,079"},{"v":9502.08,"d":"$9,502"}]
[4,"3/4\" Dia Adjustable Clevis Hanger",1681,{"v":0,"d":"0%"},1681,"EA",{"v":1.44,"d":"$1.44"},{"v":2420.64,"d":"$2,421"},{"v":123.52,"d":"$124"},{"v":420.25,"d":"420"},{"v":51909.28,"d":"$51,909"},{"v":54329.92,"d":"$54,330"}]
[5,"1\" Dia Adjustable Clevis Hanger",165,{"v":0,"d":"0%"},165,"EA",{"v":1.47,"d":"$1.47"},{"v":242.54999999999998,"d":"$243"},{"v":123.52,"d":"$124"},{"v":41.25,"d":"41"},{"v":5095.2,"d":"$5,095"},{"v":5337.75,"d":"$5,338"}]
[6,"1-1/8\" Dia Adjustable Clevis Hanger",43,{"v":0,"d":"0%"},43,"EA",{"v":1.6,"d":"$1.60"},{"v":68.8,"d":"$69"},{"v":123.52,"d":"$124"},{"v":10.75,"d":"11"},{"v":1327.84,"d":"$1,328"},{"v":1396.6399999999999,"d":"$1,397"}]
[7,"1-1/4\" Dia Adjustable Clevis Hanger",272,{"v":0,"d":"0%"},272,"EA",{"v":1.6,"d":"$1.60"},{"$f":"G1313*E1313","v":{"v":435.20000000000005,"d":"$435"}},{"$f":"L$4","v":{"v":123.52,"d":"$124"}},68,{"$f":"J1313*I1313","v":{"v":8399.36,"d":"$8,399"}},{"$f":"K1313+H1313","v":{"v":8834.560000000001,"d":"$8,835"}}]
[8,"1-3/8\" Dia Adjustable Clevis Hanger",338,{"v":0,"d":"0%"},338,"EA",{"v":1.6,"d":"$1.60"},{"v":540.8000000000001,"d":"$541"},{"v":123.52,"d":"$124"},{"v":84.5,"d":"85"},{"v":10437.44,"d":"$10,437"},{"v":10978.24,"d":"$10,978"}]
[9,"1-1/2\" Dia Adjustable Clevis Hanger",257,{"v":0,"d":"0%"},257,"EA",{"v":1.63,"d":"$1.63"},{"v":418.90999999999997,"d":"$419"},{"v":123.52,"d":"$124"},{"v":64.25,"d":"64"},{"v":7936.16,"d":"$7,936"},{"v":8355.07,"d":"$8,355"}]
[10,"2\" Dia Adjustable Clevis Hanger",214,{"v":0,"d":"0%"},214,"EA",{"v":1.99,"d":"$1.99"},{"v":425.86,"d":"$426"},{"v":123.52,"d":"$124"},{"v":53.5,"d":"54"},{"v":6608.32,"d":"$6,608"},{"v":7034.179999999999,"d":"$7,034"}]
[11,"2-1/2\" Dia Adjustable Clevis Hanger",41,{"v":0,"d":"0%"},41,"EA",{"v":3.06,"d":"$3.06"},{"v":125.46000000000001,"d":"$125"},{"v":123.52,"d":"$124"},{"$f":"E1317*0.3","v":{"v":12.299999999999999,"d":"12"}},{"v":1519.2959999999998,"d":"$1,519"},{"v":1644.7559999999999,"d":"$1,645"}]
[12,"3\" Dia Adjustable Clevis Hanger",31,{"v":0,"d":"0%"},31,"EA",{"v":3.67,"d":"$3.67"},{"v":113.77,"d":"$114"},{"v":123.52,"d":"$124"},{"$f":"E1318*0.3","v":{"v":9.299999999999999,"d":"9"}},{"v":1148.7359999999999,"d":"$1,149"},{"v":1262.5059999999999,"d":"$1,263"}]
[13,"4\" Dia Adjustable Clevis Hanger",107,{"v":0,"d":"0%"},107,"EA",{"v":4.62,"d":"$4.62"},{"v":494.34000000000003,"d":"$494"},{"v":123.52,"d":"$124"},{"$f":"E1319*0.35","v":{"v":37.449999999999996,"d":"37"}},{"v":4625.824,"d":"$4,626"},{"v":5120.164,"d":"$5,120"}]
[14,"6\" Dia Adjustable Clevis Hanger",104,{"v":0,"d":"0%"},104,"EA",{"v":8.19,"d":"$8.19"},{"v":851.76,"d":"$852"},{"v":123.52,"d":"$124"},{"$f":"E1320*0.4","v":{"v":41.6,"d":"42"}},{"v":5138.432,"d":"$5,138"},{"v":5990.192,"d":"$5,990"}]
[15,"8\" Dia Adjustable Clevis Hanger",62,{"v":0,"d":"0%"},62,"EA",{"v":12.68,"d":"$12.68"},{"v":786.16,"d":"$786"},{"v":123.52,"d":"$124"},{"$f":"E1321*0.5","v":31},{"v":3829.12,"d":"$3,829"},{"v":4615.28,"d":"$4,615"}]
[16,"10\" Dia Adjustable Clevis Hanger",12,{"v":0,"d":"0%"},12,"EA",{"v":23.88,"d":"$23.88"},{"v":286.56,"d":"$287"},{"v":123.52,"d":"$124"},{"$f":"E1322*0.5","v":6},{"v":741.12,"d":"$741"},{"v":1027.68,"d":"$1,028"}]
[17,"3/8\" Dia Threaded Rod W/ Double Lock Nut (1 foot length)",3402,{"v":0,"d":"0%"},{"$f":"C1323*(1+D1323)","v":3402},"LFT",{"v":0.272,"d":"$0.27"},{"v":925.344,"d":"$925"},{"v":123.52,"d":"$124"},{"$f":"E1323*0.02","v":{"v":68.04,"d":"68"}},{"v":8404.3008,"d":"$8,404"},{"v":9329.644800000002,"d":"$9,330"}]
[18,"1/2\" Dia Threaded Rod W/ Double Lock Nut (1 foot length)",107,{"v":0,"d":"0%"},107,"LFT",{"v":0.42,"d":"$0.42"},{"v":44.94,"d":"$45"},{"v":123.52,"d":"$124"},{"$f":"E1324*0.02","v":{"v":2.14,"d":"2"}},{"v":264.3328,"d":"$264"},{"v":309.2728,"d":"$309"}]
[19,"5/8\" Dia Threaded Rod W/ Double Lock Nut (1 foot length)",178,{"v":0,"d":"0%"},178,"LFT",{"v":0.528,"d":"$0.53"},{"v":93.98400000000001,"d":"$94"},{"v":123.52,"d":"$124"},{"$f":"E1325*0.02","v":{"v":3.56,"d":"4"}},{"v":439.7312,"d":"$440"},{"v":533.7152,"d":"$534"}]
[]
["DUCT SUPPORT"]
[1,"3/8\" Dia Full Threaded Rod W/Double Locknut",2620,{"v":0,"d":"0%"},{"$f":"C1328*(1+D1328)","v":2620},"LFT",{"v":0.272,"d":"$0.27"},{"$f":"G1328*E1328","v":{"v":712.6400000000001,"d":"$713"}},{"$f":"L$4","v":{"v":123.52,"d":"$124"}},{"$f":"E1328*0.02","v":{"v":52.4,"d":"52"}},{"$f":"J1328*I1328","v":{"v":6472.447999999999,"d":"$6,472"}},{"$f":"K1328+H1328","v":{"v":7185.088,"d":"$7,185"}}]
[2,"1\" x 22 Ga. Strap",1310,{"v":0,"d":"0%"},{"$f":"C1329*(1+D1329)","v":1310},"EA",{"v":3.24,"d":"$3.24"},{"v":4244.400000000001,"d":"$4,244"},{"v":123.52,"d":"$124"},{"$f":"E1329*0.2","v":262},{"v":32362.239999999998,"d":"$32,362"},{"v":36606.64,"d":"$36,607"}]
[]
["ALLOWANCES / QUOTES (PLEASE ADD YOUR NUMBERS)"]
[1,"Mobilizations & Demobilization",1,{"v":0,"d":"0%"},{"$f":"C1332*(1+D1332)","v":1},"LS",null,{"$f":"G1332*E1332","v":0},{"$f":"L$4","v":{"v":123.52,"d":"$124"}},null,{"$f":"J1332*I1332","v":0},{"$f":"K1332+H1332","v":0}]
[2,"Air Balancing of  HVAC Systems",1,{"v":0,"d":"0%"},1,"LS",null,{"$f":"G1333*E1333","v":0},{"$f":"L$4","v":{"v":123.52,"d":"$124"}},null,{"$f":"J1333*I1333","v":0},{"$f":"K1333+H1333","v":0}]
[3,"Testing & Commissining of HVAC Systems",1,{"v":0,"d":"0%"},1,"LS",null,0,{"v":123.52,"d":"$124"},null,0,0]
[4,"Crane / Rigging Services",1,{"v":0,"d":"0%"},1,"LS",null,{"$f":"G1335*E1335","v":0},{"$f":"L$4","v":{"v":123.52,"d":"$124"}},null,{"$f":"J1335*I1335","v":0},{"$f":"K1335+H1335","v":0}]
[5,"As - Built Documents",1,{"v":0,"d":"0%"},1,"LS",null,0,{"v":123.52,"d":"$124"},null,0,0]
[6,"Permits & Fees",1,{"v":0,"d":"0%"},1,"LS",null,0,{"v":123.52,"d":"$124"},null,0,0]
[]
["TOTAL MATERIAL COST  ",{"$nulls":9},{"$f":"SUM(H9:H1337)","v":{"v":373259.9571077002,"d":"$373,260"}}]
["TOTAL LABOR COST  ",{"$nulls":9},{"$f":"SUM(K9:K1337)","v":{"v":2184536.6296120062,"d":"$2,184,537"}}]
["TOTAL HOURS  ",{"$nulls":9},{"$f":"SUM(J9:J1337)","v":{"v":17699.404000000006,"d":"$17,699"}}]
["TOTAL COST  ",{"$nulls":9},{"$f":"K1339+K1340","v":{"v":2557796.5867197067,"d":"$2,557,797"}}]
["OVERHEADS & PROFIT  ",{"$nulls":8},{"v":0.25,"d":"25%"},{"$f":"K1342*J1343","v":{"v":639449.1466799267,"d":"$639,449"}}]
["TOTAL BID  ",{"$nulls":9},{"$f":"K1343+K1342","v":{"v":3197245.7333996333,"d":"$3,197,246"}}]
["SCOPE OF ESTIMATE:"]
["I","SUPPLY & INSTALLATION"]
[1,"Supply & Return Air Duct W/ Fittings"]
[2,"Outside Air Duct W/ Fittings"]
[3,"Transfer Air Duct W/ Fittings"]
[4,"Exhaust Air Duct W/ Fittings"]
[5,"Flexible Duct"]
[6,"Air Devices"]
[7,"Outdoor Air Handling Unit"]
[8,"Chiller"]
[9,"Gas Fired Hot Water Boiler"]
[10,"Cooling Tower"]
[11,"Pump"]
[12,"Air Separator"]
[13,"Make-Up Air Unit"]
[14,"Expansion Tank"]
[15,"Glycol Make-up Package W/ Piping Detail"]
[16,"Condensate Treatment Tank"]
[17,"Chemical Pod Feeder W/ Piping Detail"]
[18,"Buffer Tank"]
[19,"Expansion Loop"]
[20,"Exhaust Fan"]
[21,"Computer Room Air Conditioning Unit"]
[22,"Computer Room Remote Condensing Unit"]
[23,"Split System Air Conditioning Unit"]
[24,"Split System Condensing Unit"]
[25,"Split System Heat Pump Unit"]
[26,"Split System Heat Pump Condensing Unit"]
[27,"Variable Air Volume Unit W/ Piping Detail"]
[28,"Blower Coil Air Handler W/ Piping Detail"]
[29,"Fan Coil Unit W/ Piping Detail"]
[30,"Convector"]
[31,"Baseboard"]
[32,"Control Valve"]
[33,"Hot Water Unit Heater W/ Piping Detail"]
[34,"Louvers"]
[35,"Dampers"]
[36,"Smoke Detector"]
[37,"Sensor"]
[38,"Thermometer"]
[39,"Flexible Connector"]
[40,"Flexible Connection"]
[41,"Birds Screen"]
[42,"Wall Opening Terminate"]
[43,"2-Way Control Valve"]
[44,"Valve"]
[45,"Hot Water Supply And Return Pipe W/ Fittings"]
[46,"Chilled Water Supply And Return Pipe W/ Fittings"]
[47,"Condenser Water Supply And Return Pipe W/ Fittings"]
[48,"Combustion Air Intake Pipe W/ Fittings"]
[49,"Refrigerant Pipe W/ Fittings"]
[50,"Condensate Drain Pipe W/ Fittings"]
[51,"Duct Liner"]
[52,"Duct Insulation"]
[53,"Duct Weight"]
[54,"Pipe / Duct Support"]
[55,"Allowances"]
[56,"Bid Alternate"]

{"sheet":"Add Alternate","index":3,"n_rows":24,"n_cols":12,"rows_kept":24,"merged":[[1,2,2,2],[3,9,3,10],[5,0,5,1],[6,0,6,1],[16,0,16,9],[16,10,16,11],[17,0,17,9],[17,10,17,11],[18,0,18,9],[18,10,18,11],[19,0,19,8],[19,10,19,11],[20,0,20,9],[20,10,20,11],[21,0,21,11],[22,1,22,11],[23,1,23,11],[24,1,24,11]]}
[null,null,"PROJECT:"]
[null,null,"ADDRESS:"]
[{"$nulls":6}," "]
[null,null,"REV:",{"$nulls":6},"LABOR RATE",null,{"v":123.52,"d":"$123.52"}]
["SR.\nNO.","DESCRIPTION","QUANTITY","WASTAGE","QTY WITH\nWASTAGE","UNIT","UNIT \nCOST","MATERIAL \nCOST","LABOR \nRATE","LABOR HOURS","LABOR\n COST","TOTAL\nCOST"]
["HVAC ESTIMATE"]
["BIPOLAR IONIZATION UNIT"]
[1,"BI-1, Bipolar Ionization, \"ATMOSAIR SOLUTIONS\" COMMS1.MBS, 14400 Supply Duct Air Flow CFM, 0.6 Watts, 3 AMPS, 120 V, 1 PH, 60 HZ.\n1. BMS Control Interconnectivity Module Shall Be Mounted Externally On Duct In The Near Proximity Of Bipolar Ionization Unit.",1,{"v":0,"d":"0%"},{"$f":"C8*(1+D8)","v":1},"EA",null,{"$f":"G8*E8","v":0},{"$f":"L$4","v":{"v":123.52,"d":"$124"}},{"$f":"E8*6","v":6},{"$f":"J8*I8","v":{"v":741.12,"d":"$741"}},{"$f":"K8+H8","v":{"v":741.12,"d":"$741"}}]
[2,"BI-2, Bipolar Ionization, \"ATMOSAIR SOLUTIONS\" COMMS1.MBS, 16800 Supply Duct Air Flow CFM, 0.6 Watts, 3 AMPS, 120 V, 1 PH, 60 HZ.\n1. BMS Control Interconnectivity Module Shall Be Mounted Externally On Duct In The Near Proximity Of Bipolar Ionization Unit.",1,{"v":0,"d":"0%"},1,"EA",null,{"$f":"G9*E9","v":0},{"$f":"L$4","v":{"v":123.52,"d":"$124"}},{"$f":"E9*6","v":6},{"$f":"J9*I9","v":{"v":741.12,"d":"$741"}},{"$f":"K9+H9","v":{"v":741.12,"d":"$741"}}]
[3,"BI-3, Bipolar Ionization, \"ATMOSAIR SOLUTIONS\" COMMS1.MBS, 17800 Supply Duct Air Flow CFM, 0.6 Watts, 3 AMPS, 120 V, 1 PH, 60 HZ.\n1. BMS Control Interconnectivity Module Shall Be Mounted Externally On Duct In The Near Proximity Of Bipolar Ionization Unit.",1,{"v":0,"d":"0%"},1,"EA",null,0,{"v":123.52,"d":"$124"},6,{"v":741.12,"d":"$741"},{"v":741.12,"d":"$741"}]
[4,"BI-4, Bipolar Ionization, \"ATMOSAIR SOLUTIONS\" COMMS1.MBS, 22100 Supply Duct Air Flow CFM, 0.6 Watts, 3 AMPS, 120 V, 1 PH, 60 HZ.\n1. BMS Control Interconnectivity Module Shall Be Mounted Externally On Duct In The Near Proximity Of Bipolar Ionization Unit.",1,{"v":0,"d":"0%"},1,"EA",null,0,{"v":123.52,"d":"$124"},6,{"v":741.12,"d":"$741"},{"v":741.12,"d":"$741"}]
[5,"BI-5, Bipolar Ionization, \"ATMOSAIR SOLUTIONS\" COMMS1.MBS, 9800 Supply Duct Air Flow CFM, 0.6 Watts, 3 AMPS, 120 V, 1 PH, 60 HZ.\n1. BMS Control Interconnectivity Module Shall Be Mounted Externally On Duct In The Near Proximity Of Bipolar Ionization Unit.",1,{"v":0,"d":"0%"},1,"EA",null,0,{"v":123.52,"d":"$124"},6,{"v":741.12,"d":"$741"},{"v":741.12,"d":"$741"}]
[6,"BI-6, Bipolar Ionization, \"ATMOSAIR SOLUTIONS\" COMMS1.MBS, 10200 Supply Duct Air Flow CFM, 0.6 Watts, 3 AMPS, 120 V, 1 PH, 60 HZ.\n1. BMS Control Interconnectivity Module Shall Be Mounted Externally On Duct In The Near Proximity Of Bipolar Ionization Unit.",1,{"v":0,"d":"0%"},1,"EA",null,0,{"v":123.52,"d":"$124"},6,{"v":741.12,"d":"$741"},{"v":741.12,"d":"$741"}]
[7,"BI-7, Bipolar Ionization, \"ATMOSAIR SOLUTIONS\" COMMS1.MBS, 8270 Supply Duct Air Flow CFM, 0.6 Watts, 3 AMPS, 120 V, 1 PH, 60 HZ.\n1. BMS Control Interconnectivity Module Shall Be Mounted Externally On Duct In The Near Proximity Of Bipolar Ionization Unit.",1,{"v":0,"d":"0%"},1,"EA",null,0,{"v":123.52,"d":"$124"},6,{"v":741.12,"d":"$741"},{"v":741.12,"d":"$741"}]
[8,"BI-8, Bipolar Ionization, \"ATMOSAIR SOLUTIONS\" COMMS1.MBS, 12700 Supply Duct Air Flow CFM, 0.6 Watts, 3 AMPS, 120 V, 1 PH, 60 HZ.\n1. BMS Control Interconnectivity Module Shall Be Mounted Externally On Duct In The Near Proximity Of Bipolar Ionization Unit.",1,{"v":0,"d":"0%"},1,"EA",null,0,{"v":123.52,"d":"$124"},{"$f":"E15*6","v":6},{"v":741.12,"d":"$741"},{"v":741.12,"d":"$741"}]
[]
["TOTAL MATERIAL COST  ",{"$nulls":9},{"$f":"SUM(H8:H15)","v":0}]
["TOTAL LABOR COST  ",{"$nulls":9},{"$f":"SUM(K8:K15)","v":{"v":5928.96,"d":"$5,929"}}]
["TOTAL COST  ",{"$nulls":9},{"$f":"K17+K18","v":{"v":5928.96,"d":"$5,929"}}]
["OVERHEADS & PROFIT  ",{"$nulls":8},{"v":0.25,"d":"25%"},{"$f":"K19*J20","v":{"v":1482.24,"d":"$1,482"}}]
["TOTAL BID  ",{"$nulls":9},{"$f":"K20+K19","v":{"v":7411.2,"d":"$7,411"}}]
["SCOPE OF ESTIMATE:"]
["I","SUPPLY & INSTALLATION"]
[1,"Bi-Polar Ionization Units"]

{"sheet":"Duct Takeoff","index":4,"n_rows":739,"n_cols":6,"rows_kept":739,"merged":[[1,2,2,2],[5,0,5,1],[6,0,6,1],[7,0,7,1],[8,0,8,1],[185,0,185,1],[186,0,186,1],[312,0,312,1],[540,0,540,1],[685,0,685,1],[735,0,735,1]]}
[null,null,"PROJECT:"]
[null,null,"ADDRESS:"]
[]
[null,null,"REV:"]
["SR.\nNO.","DESCRIPTION","QUANTITY","WASTAGE","QTY WITH\nWASTAGE","UNIT"]
["HVAC ESTIMATE"]
["NEW WORK"]
["SHEET METAL DUCT"]
["Galvanized Steel Duct"]
[1,"4\" Dia Supply Air Duct",89,{"v":0.1,"d":"10%"},{"$f":"C10*(1+D10)","v":{"v":97.9,"d":"98"}},"LFT"]
[2,"6\" Dia Supply Air Duct",599,{"v":0.1,"d":"10%"},{"v":658.9000000000001,"d":"659"},"LFT"]
[3,"6\"x6\" Supply Air Duct",{"v":80.24,"d":"80"},{"v":0.1,"d":"10%"},{"v":88.264,"d":"88"},"LFT"]
[4,"6\"x8\" Supply Air Duct",33,{"v":0.1,"d":"10%"},{"$f":"C13*(1+D13)","v":{"v":36.300000000000004,"d":"36"}},"LFT"]
[5,"6\"x10\" Supply Air Duct",37,{"v":0.1,"d":"10%"},{"v":40.7,"d":"41"},"LFT"]
[6,"6\"x12\" Supply Air Duct",18,{"v":0.1,"d":"10%"},{"v":19.8,"d":"20"},"LFT"]
[7,"8\" Dia Supply Air Duct",1034,{"v":0.1,"d":"10%"},{"$f":"C16*(1+D16)","v":{"v":1137.4,"d":"1137"}},"LFT"]
[8,"8\"x6\" Supply Air Duct",112,{"v":0.1,"d":"10%"},{"$f":"C17*(1+D17)","v":{"v":123.20000000000002,"d":"123"}},"LFT"]
[9,"8\"x8\" Supply Air Duct",193,{"v":0.1,"d":"10%"},{"$f":"C18*(1+D18)","v":{"v":212.3,"d":"212"}},"LFT"]
[10,"8\"x10\" Supply Air Duct",288,{"v":0.1,"d":"10%"},{"v":316.8,"d":"317"},"LFT"]
[11,"8\"x12\" Supply Air Duct",{"v":12.59,"d":"13"},{"v":0.1,"d":"10%"},{"$f":"C20*(1+D20)","v":{"v":13.849,"d":"14"}},"LFT"]
[12,"10\" Dia Supply Air Duct",2204,{"v":0.1,"d":"10%"},{"v":2424.4,"d":"2424"},"LFT"]
[13,"10\"x6\" Supply Air Duct",{"v":90.19,"d":"90"},{"v":0.1,"d":"10%"},{"$f":"C22*(1+D22)","v":{"v":99.209,"d":"99"}},"LFT"]
[14,"10\"x8\" Supply Air Duct",159,{"v":0.1,"d":"10%"},{"v":174.9,"d":"175"},"LFT"]
[15,"10\"x10\" Supply Air Duct",245,{"v":0.1,"d":"10%"},{"v":269.5,"d":"270"},"LFT"]
[16,"10\"x12\" Supply Air Duct",518,{"v":0.1,"d":"10%"},{"v":569.8000000000001,"d":"570"},"LFT"]
[17,"100\"x40\" Supply Air Duct",{"v":7.26,"d":"7"},{"v":0.1,"d":"10%"},{"v":7.986000000000001,"d":"8"},"LFT"]
[18,"12\" Dia Supply Air Duct",466,{"v":0.1,"d":"10%"},{"v":512.6,"d":"513"},"LFT"]
[19,"12\"x6\" Supply Air Duct",21,{"v":0.1,"d":"10%"},{"v":23.1,"d":"23"},"LFT"]
[20,"12\"x8\" Supply Air Duct",148,{"v":0.1,"d":"10%"},{"v":162.8,"d":"163"},"LFT"]
[21,"12\"x10\" Supply Air Duct",395,{"v":0.1,"d":"10%"},{"v":434.50000000000006,"d":"435"},"LFT"]
[22,"12\"x12\" Supply Air Duct",409,{"v":0.1,"d":"10%"},{"v":449.90000000000003,"d":"450"},"LFT"]
[23,"12\"x14\" Supply Air Duct",50,{"v":0.1,"d":"10%"},{"v":55.00000000000001,"d":"55"},"LFT"]
[24,"14\" Dia Supply Air Duct",36,{"v":0.1,"d":"10%"},{"v":39.6,"d":"40"},"LFT"]
[25,"14\"x6\" Supply Air Duct",{"v":14.69,"d":"15"},{"v":0.1,"d":"10%"},{"v":16.159000000000002,"d":"16"},"LFT"]
[26,"14\"x8\" Supply Air Duct",80,{"v":0.1,"d":"10%"},88,"LFT"]
[27,"14\"x10\" Supply Air Duct",{"v":41.68,"d":"42"},{"v":0.1,"d":"10%"},{"v":45.848000000000006,"d":"46"},"LFT"]
[28,"14\"x12\" Supply Air Duct",579,{"v":0.1,"d":"10%"},{"v":636.9000000000001,"d":"637"},"LFT"]
[29,"14\"x14\" Supply Air Duct",370,{"v":0.1,"d":"10%"},{"v":407.00000000000006,"d":"407"},"LFT"]
[30,"16\" Dia Supply Air Duct",{"v":1.55,"d":"2"},{"v":0.1,"d":"10%"},{"v":1.7050000000000003,"d":"2"},"LFT"]
[31,"16\"x10\" Supply Air Duct",43,{"v":0.1,"d":"10%"},{"v":47.300000000000004,"d":"47"},"LFT"]
[32,"16\"x12\" Supply Air Duct",145,{"v":0.1,"d":"10%"},{"v":159.5,"d":"160"},"LFT"]
[33,"16\"x14\" Supply Air Duct",354,{"v":0.1,"d":"10%"},{"v":389.40000000000003,"d":"389"},"LFT"]
[34,"16\"x15\" Supply Air Duct",{"v":3.48,"d":"3"},{"v":0.1,"d":"10%"},{"v":3.8280000000000003,"d":"4"},"LFT"]
[35,"16\"x16\" Supply Air Duct",80,{"v":0.1,"d":"10%"},88,"LFT"]
[36,"18\"x10\" Supply Air Duct",42,{"v":0.1,"d":"10%"},{"v":46.2,"d":"46"},"LFT"]
[37,"18\"x12\" Supply Air Duct",103,{"v":0.1,"d":"10%"},{"v":113.30000000000001,"d":"113"},"LFT"]
[38,"18\"x14\" Supply Air Duct",69,{"v":0.1,"d":"10%"},{"v":75.9,"d":"76"},"LFT"]
[39,"18\"x16\" Supply Air Duct",26,{"v":0.1,"d":"10%"},{"v":28.6,"d":"29"},"LFT"]
[40,"18\"x22\" Supply Air Duct",{"v":6.41,"d":"6"},{"v":0.1,"d":"10%"},{"v":7.051000000000001,"d":"7"},"LFT"]
[41,"18\"x28\" Supply Air Duct",{"v":10.78,"d":"11"},{"v":0.1,"d":"10%"},{"v":11.858,"d":"12"},"LFT"]
[42,"20\"x10\" Supply Air Duct",30,{"v":0.1,"d":"10%"},33,"LFT"]
[43,"20\"x12\" Supply Air DUct",{"v":37.72,"d":"38"},{"v":0.1,"d":"10%"},{"v":41.492000000000004,"d":"41"},"LFT"]
[44,"20\"x14\" Supply Air Duct",72,{"v":0.1,"d":"10%"},{"v":79.2,"d":"79"},"LFT"]
[45,"20\"x16\" Supply Air DUct",{"v":19.83,"d":"20"},{"v":0.1,"d":"10%"},{"v":21.813,"d":"22"},"LFT"]
[46,"22\"x10\" Supply Air Duct",{"v":6.27,"d":"6"},{"v":0.1,"d":"10%"},{"v":6.897,"d":"7"},"LFT"]
[47,"22\"x12\" Supply Air Duct",{"v":15.81,"d":"16"},{"v":0.1,"d":"10%"},{"v":17.391000000000002,"d":"17"},"LFT"]
[48,"22\"x14\" Supply Air Duct",{"v":17.5,"d":"18"},{"v":0.1,"d":"10%"},{"v":19.25,"d":"19"},"LFT"]
[49,"22\"x18\" Supply Air Duct",{"v":27.92,"d":"28"},{"v":0.1,"d":"10%"},{"v":30.712000000000003,"d":"31"},"LFT"]
[50,"24\"x12\" Supply Air Duct",66,{"v":0.1,"d":"10%"},{"v":72.60000000000001,"d":"73"},"LFT"]
[51,"24\"x16\" Supply Air Duct",{"v":19.97,"d":"20"},{"v":0.1,"d":"10%"},{"v":21.967,"d":"22"},"LFT"]
[52,"24\"x18\" Supply Air Duct",{"v":35.55,"d":"36"},{"v":0.1,"d":"10%"},{"v":39.105,"d":"39"},"LFT"]
[53,"24\"X22\" Supply Air Duct",{"v":12.73,"d":"13"},{"v":0.1,"d":"10%"},{"v":14.003000000000002,"d":"14"},"LFT"]
[54,"28\"x12\" Supply Air Duct",{"v":14.69,"d":"15"},{"v":0.1,"d":"10%"},{"v":16.159000000000002,"d":"16"},"LFT"]
[55,"28\"x16\" Supply Air Duct",{"v":5.84,"d":"6"},{"v":0.1,"d":"10%"},{"v":6.424,"d":"6"},"LFT"]
[56,"28\"x18\" Supply Air Duct",{"v":36.4,"d":"36"},{"v":0.1,"d":"10%"},{"v":40.04,"d":"40"},"LFT"]
[57,"28\"x20\" Supply Air Duct",{"v":42.31,"d":"42"},{"v":0.1,"d":"10%"},{"v":46.541000000000004,"d":"47"},"LFT"]
[58,"30\"x12\" Supply Air Duct",{"v":29.65,"d":"30"},{"v":0.1,"d":"10%"},{"v":32.615,"d":"33"},"LFT"]
[59,"30\"x16\" Supply Air Duct",{"v":14.95,"d":"15"},{"v":0.1,"d":"10%"},{"v":16.445,"d":"16"},"LFT"]
[60,"32\"x16\" Supply Air Duct",32,{"v":0.1,"d":"10%"},{"v":35.2,"d":"35"},"LFT"]
[61,"34\"x14\" Supply Air Duct",{"v":28.02,"d":"28"},{"v":0.1,"d":"10%"},{"v":30.822000000000003,"d":"31"},"LFT"]
[62,"34\"x18\" Supply Air Duct",{"v":24.84,"d":"25"},{"v":0.1,"d":"10%"},{"v":27.324,"d":"27"},"LFT"]
[63,"36\"x14\" Supply Air Duct",{"v":20.55,"d":"21"},{"v":0.1,"d":"10%"},{"v":22.605000000000004,"d":"23"},"LFT"]
[64,"36\"x16\" Supply Air Duct",{"v":33.87,"d":"34"},{"v":0.1,"d":"10%"},{"v":37.257,"d":"37"},"LFT"]
[65,"38\"x10\" Supply Air Duct",{"v":42.13,"d":"42"},{"v":0.1,"d":"10%"},{"v":46.343,"d":"46"},"LFT"]
[66,"38\"x12\" Supply Air Duct",{"v":20.31,"d":"20"},{"v":0.1,"d":"10%"},{"v":22.341,"d":"22"},"LFT"]
[67,"38\"x18\" Supply Air Duct",62,{"v":0.1,"d":"10%"},{"v":68.2,"d":"68"},"LFT"]
[68,"38\"x20\" Supply Air Duct",{"v":15.42,"d":"15"},{"v":0.1,"d":"10%"},{"v":16.962,"d":"17"},"LFT"]
[69,"38\"x22\" Supply Air Duct",{"v":7.39,"d":"7"},{"v":0.1,"d":"10%"},{"v":8.129,"d":"8"},"LFT"]
[70,"40\"x12\" Supply Air Duct",{"v":24.14,"d":"24"},{"v":0.1,"d":"10%"},{"v":26.554000000000002,"d":"27"},"LFT"]
[71,"40\"x18\" Supply Air Duct",{"v":12.99,"d":"13"},{"v":0.1,"d":"10%"},{"v":14.289000000000001,"d":"14"},"LFT"]
[72,"40\"x20\" Supply Air Duct",{"v":18.83,"d":"19"},{"v":0.1,"d":"10%"},{"v":20.713,"d":"21"},"LFT"]
[73,"40\"x26\" Supply Air Duct",{"v":10.02,"d":"10"},{"v":0.1,"d":"10%"},{"v":11.022,"d":"11"},"LFT"]
[74,"42\"x7\" Supply Air Duct",{"v":6.83,"d":"7"},{"v":0.1,"d":"10%"},{"v":7.513000000000001,"d":"8"},"LFT"]
[75,"44\"x14\" Supply Air Duct",{"v":22.81,"d":"23"},{"v":0.1,"d":"10%"},{"v":25.091,"d":"25"},"LFT"]
[76,"44\"x18\" Supply Air Duct",{"v":10.07,"d":"10"},{"v":0.1,"d":"10%"},{"v":11.077000000000002,"d":"11"},"LFT"]
[77,"46\"x16\" Supply Air Duct",{"v":24.18,"d":"24"},{"v":0.1,"d":"10%"},{"$f":"C86*(1+D86)","v":{"v":26.598000000000003,"d":"27"}},"LFT"]
[78,"46\"x24\" Supply Air Duct",{"v":62.14,"d":"62"},{"v":0.1,"d":"10%"},{"v":68.354,"d":"68"},"LFT"]
[79,"46\"x26\" Supply Air Duct",{"v":68.33,"d":"68"},{"v":0.1,"d":"10%"},{"v":75.16300000000001,"d":"75"},"LFT"]
[80,"48\"x18\" Supply Air Duct",{"v":18.42,"d":"18"},{"v":0.1,"d":"10%"},{"v":20.262000000000004,"d":"20"},"LFT"]
[81,"48\"x20\" Supply Air Duct",53,{"v":0.1,"d":"10%"},{"v":58.300000000000004,"d":"58"},"LFT"]
[82,"48\"x22\" Supply Air Duct",{"v":4.5,"d":"5"},{"v":0.1,"d":"10%"},{"v":4.95,"d":"5"},"LFT"]
[83,"48\"x26\" Supply Air Duct",{"v":9.89,"d":"10"},{"v":0.1,"d":"10%"},{"v":10.879000000000001,"d":"11"},"LFT"]
[84,"50\"x14\" Supply Air Duct",{"v":36.67,"d":"37"},{"v":0.1,"d":"10%"},{"v":40.337,"d":"40"},"LFT"]
[85,"50\"x16\" Supply Air Duct",{"v":12.57,"d":"13"},{"v":0.1,"d":"10%"},{"v":13.827000000000002,"d":"14"},"LFT"]
[86,"50\"x18\" Supply Air Duct",{"v":27.28,"d":"27"},{"v":0.1,"d":"10%"},{"v":30.008000000000003,"d":"30"},"LFT"]
[87,"50\"x24\" Supply Air Duct",{"v":21.37,"d":"21"},{"v":0.1,"d":"10%"},{"v":23.507,"d":"24"},"LFT"]
[88,"52\"x20\" Supply Air Duct",32,{"v":0.1,"d":"10%"},{"v":35.2,"d":"35"},"LFT"]
[89,"52\"x26\" Supply Air Duct",46,{"v":0.1,"d":"10%"},{"v":50.6,"d":"51"},"LFT"]
[90,"54\"x18\" Supply Air Duct",{"v":27.52,"d":"28"},{"v":0.1,"d":"10%"},{"v":30.272000000000002,"d":"30"},"LFT"]
[91,"54\"x20\" Supply Air Duct",{"v":29.62,"d":"30"},{"v":0.1,"d":"10%"},{"v":32.582,"d":"33"},"LFT"]
[92,"54\"x22\" Supply Air Duct",49,{"v":0.1,"d":"10%"},{"v":53.900000000000006,"d":"54"},"LFT"]
[93,"54\"x24\" Supply Air Duct",{"v":25.85,"d":"26"},{"v":0.1,"d":"10%"},{"v":28.435000000000002,"d":"28"},"LFT"]
[94,"56\"x14\" Supply Air Duct",{"v":32.17,"d":"32"},{"v":0.1,"d":"10%"},{"v":35.38700000000001,"d":"35"},"LFT"]
[95,"56\"x16\" Supply Air Duct",{"v":12.56,"d":"13"},{"v":0.1,"d":"10%"},{"v":13.816000000000003,"d":"14"},"LFT"]
[96,"56\"x18\" Supply Air Duct",80,{"v":0.1,"d":"10%"},88,"LFT"]
[97,"56\"x20\" Supply Air Duct",{"v":31.41,"d":"31"},{"v":0.1,"d":"10%"},{"v":34.551,"d":"35"},"LFT"]
[98,"56\"x22\" Supply Air Duct",{"v":1.99,"d":"2"},{"v":0.1,"d":"10%"},{"v":2.189,"d":"2"},"LFT"]
[99,"60\"x18\" Supply Air Duct",{"v":46.32,"d":"46"},{"v":0.1,"d":"10%"},{"v":50.952000000000005,"d":"51"},"LFT"]
[100,"60\"x20\" Supply Air Duct",{"v":18.47,"d":"18"},{"v":0.1,"d":"10%"},{"v":20.317,"d":"20"},"LFT"]
[101,"60\"x22\" Supply Air Duct",{"v":20.15,"d":"20"},{"v":0.1,"d":"10%"},{"v":22.165,"d":"22"},"LFT"]
[102,"64\"x18\" Supply Air Duct",{"v":19.04,"d":"19"},{"v":0.1,"d":"10%"},{"v":20.944,"d":"21"},"LFT"]
[103,"70\"x18\" Supply Air Duct",{"v":23.8,"d":"24"},{"v":0.1,"d":"10%"},{"v":26.180000000000003,"d":"26"},"LFT"]
[104,"10\"x6\" Return Air Duct",68,{"v":0.1,"d":"10%"},{"$f":"C113*(1+D113)","v":{"v":74.80000000000001,"d":"75"}},"LFT"]
[105,"100\"x50\" Return Air Duct",{"v":6.7,"d":"7"},{"v":0.1,"d":"10%"},{"v":7.370000000000001,"d":"7"},"LFT"]
[106,"12\"x10\" Return Air Duct",{"v":14.88,"d":"15"},{"v":0.1,"d":"10%"},{"v":16.368000000000002,"d":"16"},"LFT"]
[107,"12\"x8\" Return Air Duct",{"v":31.11,"d":"31"},{"v":0.1,"d":"10%"},{"v":34.221000000000004,"d":"34"},"LFT"]
[108,"16\"x12\" Return Air Duct",{"v":17.15,"d":"17"},{"v":0.1,"d":"10%"},{"v":18.865,"d":"19"},"LFT"]
[109,"16\"x16\" Return Air Duct",{"v":4.36,"d":"4"},{"v":0.1,"d":"10%"},{"v":4.796000000000001,"d":"5"},"LFT"]
[110,"18\"x10\" Return Air Duct",{"v":7.78,"d":"8"},{"v":0.1,"d":"10%"},{"v":8.558000000000002,"d":"9"},"LFT"]
[111,"18\"x12\" Return Air Duct",{"v":2.95,"d":"3"},{"v":0.1,"d":"10%"},{"v":3.2450000000000006,"d":"3"},"LFT"]
[112,"26\"x28\" Return Air Duct",{"v":4.55,"d":"5"},{"v":0.1,"d":"10%"},{"v":5.005,"d":"5"},"LFT"]
[113,"42\"x22\" Return Air Duct",{"v":2.44,"d":"2"},{"v":0.1,"d":"10%"},{"v":2.684,"d":"3"},"LFT"]
[114,"44\"x10\" Return Air Duct",{"v":4.24,"d":"4"},{"v":0.1,"d":"10%"},{"v":4.664000000000001,"d":"5"},"LFT"]
[115,"46\"x18\" Return Air Duct",{"v":22.43,"d":"22"},{"v":0.1,"d":"10%"},{"v":24.673000000000002,"d":"25"},"LFT"]
[116,"46\"x20\" Return Air Duct",{"v":53.63,"d":"54"},{"v":0.1,"d":"10%"},{"v":58.99300000000001,"d":"59"},"LFT"]
[117,"46\"x26\" Return Air Duct",214,{"v":0.1,"d":"10%"},{"v":235.4,"d":"235"},"LFT"]
[118,"48\"x22\" Return Air Duct",{"v":28.56,"d":"29"},{"v":0.1,"d":"10%"},{"v":31.416,"d":"31"},"LFT"]
[119,"52\"x23\" Return Air Duct",{"v":5.22,"d":"5"},{"v":0.1,"d":"10%"},{"v":5.742,"d":"6"},"LFT"]
[120,"52\"x26\" Return Air Duct",86,{"v":0.1,"d":"10%"},{"v":94.60000000000001,"d":"95"},"LFT"]
[121,"54\"x24\" Return Air Duct",{"v":8.64,"d":"9"},{"v":0.1,"d":"10%"},{"v":9.504000000000001,"d":"10"},"LFT"]
[122,"6\"x6\" Return Air Duct",122,{"v":0.1,"d":"10%"},{"v":134.20000000000002,"d":"134"},"LFT"]
[123,"60\"x24\" Return Air Duct",11,{"v":0.1,"d":"10%"},{"v":12.100000000000001,"d":"12"},"LFT"]
[124,"64\"x18\" Return Air Duct",{"v":24.46,"d":"24"},{"v":0.1,"d":"10%"},{"v":26.906000000000002,"d":"27"},"LFT"]
[125,"64\"x20\" Return Air Duct",{"v":1.16,"d":"1"},{"v":0.1,"d":"10%"},{"v":1.276,"d":"1"},"LFT"]
[126,"72\"x16\" Return Air Duct",{"v":6.9,"d":"7"},{"v":0.1,"d":"10%"},{"v":7.590000000000001,"d":"8"},"LFT"]
[127,"78\"x34\" Return Air Duct",{"v":7.46,"d":"7"},{"v":0.1,"d":"10%"},{"v":8.206000000000001,"d":"8"},"LFT"]
[128,"8\"x6\" Return Air Duct",{"v":11.26,"d":"11"},{"v":0.1,"d":"10%"},{"v":12.386000000000001,"d":"12"},"LFT"]
[129,"8\"x8\" Return Air Duct",104,{"v":0.1,"d":"10%"},{"v":114.4,"d":"114"},"LFT"]
[130,"80\"x24\" Return Air Duct",{"v":4.48,"d":"4"},{"v":0.1,"d":"10%"},{"v":4.928000000000001,"d":"5"},"LFT"]
[131,"80\"x40\" Return Air Duct",{"v":10.81,"d":"11"},{"v":0.1,"d":"10%"},{"v":11.891000000000002,"d":"12"},"LFT"]
[132,"80\"x48\" Return Air Duct",{"v":7.39,"d":"7"},{"v":0.1,"d":"10%"},{"v":8.129,"d":"8"},"LFT"]
[133,"90\"x24\" Return Air Duct",{"v":7.69,"d":"8"},{"v":0.1,"d":"10%"},{"v":8.459000000000001,"d":"8"},"LFT"]
[134,"10\"x10\" Outside Air Duct",{"v":56.5,"d":"57"},{"v":0.1,"d":"10%"},{"$f":"C143*(1+D143)","v":{"v":62.150000000000006,"d":"62"}},"LFT"]
[135,"10\"x6\" Outside Air Duct",{"v":10.22,"d":"10"},{"v":0.1,"d":"10%"},{"v":11.242,"d":"11"},"LFT"]
[136,"12\"x12\" Outside Air Duct",{"v":15.31,"d":"15"},{"v":0.1,"d":"10%"},{"v":16.841,"d":"17"},"LFT"]
[137,"14\"x14\" Outside Air Duct",{"v":16.34,"d":"16"},{"v":0.1,"d":"10%"},{"v":17.974,"d":"18"},"LFT"]
[138,"18\"x12\" Outside Air Duct",{"v":3.26,"d":"3"},{"v":0.1,"d":"10%"},{"v":3.586,"d":"4"},"LFT"]
[139,"18\"x18\" Outside Air Duct",{"v":26.21,"d":"26"},{"v":0.1,"d":"10%"},{"v":28.831000000000003,"d":"29"},"LFT"]
[140,"30\"x22\" Outside Air Duct",{"v":12.78,"d":"13"},{"v":0.1,"d":"10%"},{"v":14.058,"d":"14"},"LFT"]
[141,"48\"x26\" Outside Air Duct",{"v":2.41,"d":"2"},{"v":0.1,"d":"10%"},{"v":2.6510000000000002,"d":"3"},"LFT"]
[142,"8\"x8\" Outside Air Duct",{"v":96.16,"d":"96"},{"v":0.1,"d":"10%"},{"v":105.77600000000001,"d":"106"},"LFT"]
[143,"10\"x10\" Transfer Air Duct",{"v":24.5,"d":"25"},{"v":0.1,"d":"10%"},{"$f":"C152*(1+D152)","v":{"v":26.950000000000003,"d":"27"}},"LFT"]
[144,"12\"x12\" Transfer Air Duct",{"v":35.45,"d":"35"},{"v":0.1,"d":"10%"},{"v":38.995000000000005,"d":"39"},"LFT"]
[145,"12\"x8\" Transfer Air Duct",{"v":1.51,"d":"2"},{"v":0.1,"d":"10%"},{"v":1.6610000000000003,"d":"2"},"LFT"]
[146,"14\"x10\" Transfer Air Duct",{"v":1.46,"d":"1"},{"v":0.1,"d":"10%"},{"v":1.606,"d":"2"},"LFT"]
[147,"16\"x16\" Transfer Air Duct",{"v":69.23,"d":"69"},{"v":0.1,"d":"10%"},{"v":76.153,"d":"76"},"LFT"]
[148,"18\"x18\" Transfer Air Duct",{"v":9.62,"d":"10"},{"v":0.1,"d":"10%"},{"v":10.582,"d":"11"},"LFT"]
[149,"20\"x16\" Transfer Air Duct",{"v":3.55,"d":"4"},{"v":0.1,"d":"10%"},{"v":3.9050000000000002,"d":"4"},"LFT"]
[150,"20\"x20\" Transfer Air Duct",{"v":17.03,"d":"17"},{"v":0.1,"d":"10%"},{"v":18.733000000000004,"d":"19"},"LFT"]
[151,"50\"x12\" Transfer Air Duct",{"v":2.73,"d":"3"},{"v":0.1,"d":"10%"},{"v":3.003,"d":"3"},"LFT"]
[152,"6\"x6\" Transfer Air Duct",{"v":3.64,"d":"4"},{"v":0.1,"d":"10%"},{"v":4.0040000000000004,"d":"4"},"LFT"]
[153,"8\"x8\" Transfer Air Duct",{"v":24.41,"d":"24"},{"v":0.1,"d":"10%"},{"$f":"C162*(1+D162)","v":{"v":26.851000000000003,"d":"27"}},"LFT"]
[154,"10\"x10\" Exhaust Air Duct",{"v":38.76,"d":"39"},{"v":0.1,"d":"10%"},{"$f":"C163*(1+D163)","v":{"v":42.636,"d":"43"}},"LFT"]
[155,"10\"x12\" Exhaust Air Duct",{"v":12.11,"d":"12"},{"v":0.1,"d":"10%"},{"v":13.321,"d":"13"},"LFT"]
[156,"10\"x6\" Exhaust Air Duct",{"v":5.83,"d":"6"},{"v":0.1,"d":"10%"},{"v":6.413,"d":"6"},"LFT"]
[157,"10\"x8\" Exhaust Air Duct",133,{"v":0.1,"d":"10%"},{"v":146.3,"d":"146"},"LFT"]
[158,"12\"x10\" Exhaust Air Duct",{"v":10.5,"d":"11"},{"v":0.1,"d":"10%"},{"v":11.55,"d":"12"},"LFT"]
[159,"12\"x12\" Exhaust Air Duct",{"v":10.17,"d":"10"},{"v":0.1,"d":"10%"},{"v":11.187000000000001,"d":"11"},"LFT"]
[160,"12\"x20\" Exhaust Air Duct",{"v":1.59,"d":"2"},{"v":0.1,"d":"10%"},{"v":1.7490000000000003,"d":"2"},"LFT"]
[161,"12\"x8\" Exhaust Air Duct",49,{"v":0.1,"d":"10%"},{"v":53.900000000000006,"d":"54"},"LFT"]
[162,"14\"x10\" Exhaust Air Duct",{"v":53.83,"d":"54"},{"v":0.1,"d":"10%"},{"v":59.213,"d":"59"},"LFT"]
[163,"14\"x14\" Exhaust Air Duct",{"v":10.65,"d":"11"},{"v":0.1,"d":"10%"},{"v":11.715000000000002,"d":"12"},"LFT"]
[164,"16\"x10\" Exhaust Air Duct",{"v":21.55,"d":"22"},{"v":0.1,"d":"10%"},{"v":23.705000000000002,"d":"24"},"LFT"]
[165,"16\"x16\" Exhaust Air Duct",{"v":8.47,"d":"8"},{"v":0.1,"d":"10%"},{"v":9.317000000000002,"d":"9"},"LFT"]
[166,"18\"x16\" Exhaust Air Duct",{"v":6.74,"d":"7"},{"v":0.1,"d":"10%"},{"v":7.414000000000001,"d":"7"},"LFT"]
[167,"20\"x10\" Exhaust Air Duct",{"v":15.08,"d":"15"},{"v":0.1,"d":"10%"},{"v":16.588,"d":"17"},"LFT"]
[168,"22\"x10\" Exhaust Air Duct",{"v":42.35,"d":"42"},{"v":0.1,"d":"10%"},{"v":46.58500000000001,"d":"47"},"LFT"]
[169,"36\"x16\" Exhaust Air Duct",{"v":5.96,"d":"6"},{"v":0.1,"d":"10%"},{"v":6.556,"d":"7"},"LFT"]
[170,"6\"x6\" Exhaust Air Duct",208,{"v":0.1,"d":"10%"},{"v":228.8,"d":"229"},"LFT"]
[171,"6\"x8\" Exhaust Air Duct",{"v":30.92,"d":"31"},{"v":0.1,"d":"10%"},{"v":34.01200000000001,"d":"34"},"LFT"]
[172,"8\"x10\" Exhaust Air Duct",{"v":9.59,"d":"10"},{"v":0.1,"d":"10%"},{"v":10.549000000000001,"d":"11"},"LFT"]
[173,"8\"x18\" Exhaust Air Duct",{"v":10.67,"d":"11"},{"v":0.1,"d":"10%"},{"v":11.737,"d":"12"},"LFT"]
[174,"8\"x6\" Exhaust Air Duct",{"v":12.16,"d":"12"},{"v":0.1,"d":"10%"},{"v":13.376000000000001,"d":"13"},"LFT"]
[175,"8\"x8\" Exhaust Air Duct",132,{"v":0.1,"d":"10%"},{"v":145.20000000000002,"d":"145"},"LFT"]
[]
["DUCT FITTING"]
["ELBOW"]
[1,"10\" Dia Supply Air Duct 45 Deg Elbow",2,{"v":0,"d":"0%"},{"$f":"C188*(1+D188)","v":2},"EA"]
[2,"10\" Dia Supply Air Duct 90 Deg Elbow",104,{"v":0,"d":"0%"},104,"EA"]
[3,"10\"x10\" Supply Air Duct 90 Deg Elbow W/ Turning Vane",6,{"v":0,"d":"0%"},6,"EA"]
[4,"10\"x12\" Supply Air Duct 90 Deg Elbow W/ Turning Vane",8,{"v":0,"d":"0%"},8,"EA"]
[5,"10\"x6\" Supply Air Duct 90 Deg Elbow W/ Turning Vane",9,{"v":0,"d":"0%"},9,"EA"]
[6,"10\"x8\" Supply Air Duct 90 Deg Elbow W/ Turning Vane",9,{"v":0,"d":"0%"},9,"EA"]
[7,"12\" Dia Supply Air Duct 90 Deg Elbow",10,{"v":0,"d":"0%"},{"$f":"C194*(1+D194)","v":10},"EA"]
[8,"12\"x10\" Supply Air Duct 90 Deg Elbow W/ Turning Vane",8,{"v":0,"d":"0%"},8,"EA"]
[9,"12\"x12\" Supply Air Duct 90 Deg Elbow W/ Turning Vane",16,{"v":0,"d":"0%"},{"$f":"C196*(1+D196)","v":16},"EA"]
[10,"12\"x14\" Supply Air Duct 90 Deg Elbow W/ Turning Vane",1,{"v":0,"d":"0%"},1,"EA"]
[11,"12\"x6\" Supply Air Duct 90 Deg Elbow W/ Turning Vane",1,{"v":0,"d":"0%"},1,"EA"]
[12,"12\"x8\" Supply Air Duct 90 Deg Elbow W/ Turning Vane",4,{"v":0,"d":"0%"},4,"EA"]
[13,"14\"x10\" Supply Air Duct 90 Deg Elbow W/ Turning Vane",1,{"v":0,"d":"0%"},1,"EA"]
[14,"14\"x12\" Supply Air Duct 90 Deg Elbow W/ Turning Vane",17,{"v":0,"d":"0%"},17,"EA"]
[15,"14\"x14\" Supply Air Duct 90 Deg Elbow W/ Turning Vane",19,{"v":0,"d":"0%"},19,"EA"]
[16,"14\"x6\" Supply Air Duct 90 Deg Elbow W/ Turning Vane",1,{"v":0,"d":"0%"},1,"EA"]
[17,"14\"x8\" Supply Air Duct 90 Deg Elbow W/ Turning Vane",2,{"v":0,"d":"0%"},2,"EA"]
[18,"14\"x8\" Supply Air Duct 90 Deg Elbow W/ Turning Vanes",2,{"v":0,"d":"0%"},2,"EA"]
[19,"16\"x10\" Supply Air Duct 90 Deg Elbow W/ Turning Vane",2,{"v":0,"d":"0%"},2,"EA"]
[20,"16\"x12\" Supply Air Duct 90 Deg Elbow W/ Turning Vane",5,{"v":0,"d":"0%"},5,"EA"]
[21,"16\"x14\" Supply Air Duct 90 Deg Elbow W/ Turning Vane",17,{"v":0,"d":"0%"},17,"EA"]
[22,"16\"x16\" Supply Air Duct 90 Deg Elbow W/ Turning Vane",6,{"v":0,"d":"0%"},6,"EA"]
[23,"18\"x10\" Supply Air Duct 90 Deg Elbow",1,{"v":0,"d":"0%"},1,"EA"]
[24,"18\"x10\" Supply Air Duct 90 Deg Elbow W/ Turning Vane",3,{"v":0,"d":"0%"},3,"EA"]
[25,"18\"x12\" Supply Air Duct 90 Deg Elbow W/ Turning Vane",4,{"v":0,"d":"0%"},4,"EA"]
[26,"18\"x14\" Supply Air Duct 90 Deg Elbow W/ Turning Vane",3,{"v":0,"d":"0%"},3,"EA"]
[27,"18\"x16\" Supply Air Duct 90 Deg Elbow W/ Turning Vane",1,{"v":0,"d":"0%"},1,"EA"]
[28,"18\"x22\" Supply Air Duct 90 Deg Elbow W/ Turning Vane",1,{"v":0,"d":"0%"},1,"EA"]
[29,"18\"x28\" Supply Air Duct 90 Deg Elbow W/ Turning Vane",1,{"v":0,"d":"0%"},1,"EA"]
[30,"20\"x10\" Supply Air Duct 90 Deg Elbow W/ Turning Vane",1,{"v":0,"d":"0%"},1,"EA"]
[31,"20\"x14\" Supply Air Duct 90 Deg Elbow",1,{"v":0,"d":"0%"},1,"EA"]
[32,"20\"x14\" Supply Air Duct 90 Deg Elbow W/ Turning Vane",2,{"v":0,"d":"0%"},2,"EA"]
[33,"20\"x16\" Supply Air Duct 90 Deg Elbow W/ Turning Vane",1,{"v":0,"d":"0%"},1,"EA"]
[34,"22\"x12\" Supply Air Duct 90 Deg Elbow W/ Turning Vane",1,{"v":0,"d":"0%"},1,"EA"]
[35,"22\"x14\" Supply Air Duct 90 Deg Elbow W/ Turning Vane",1,{"v":0,"d":"0%"},1,"EA"]
[36,"24\"x12\" Supply Air Duct 90 Deg Elbow W/ Turning Vane",2,{"v":0,"d":"0%"},2,"EA"]
[37,"24\"x14\" Supply Air Duct 90 Deg Elbow W/ Turning Vane",1,{"v":0,"d":"0%"},1,"EA"]
[38,"24\"x16\" Supply Air Duct 90 Deg Elbow W/ Turning Vane",1,{"v":0,"d":"0%"},1,"EA"]
[39,"24\"X22\" Supply Air Duct 90 Deg Elbow W/ Turning Vane",1,{"v":0,"d":"0%"},1,"EA"]
[40,"28\"x18\" Supply Air Duct 90 Deg Elbow",1,{"v":0,"d":"0%"},1,"EA"]
[41,"30\"x12\" Supply Air Duct 90 Deg Elbow W/ Turning Vane",1,{"v":0,"d":"0%"},1,"EA"]
[42,"36\"x14\" Supply Air Duct 90 Deg Elbow W/ Turning Vane",1,{"v":0,"d":"0%"},1,"EA"]
[43,"38\"x10\" Supply Air Duct 90 Deg Elbow W/ Turning Vane",1,{"v":0,"d":"0%"},1,"EA"]
[44,"38\"x18\" Supply Air Duct 90 Deg Elbow W/ Turning Vane",2,{"v":0,"d":"0%"},2,"EA"]
[45,"38\"x22\" Supply Air Duct 90 Deg Elbow W/ Turning Vane",1,{"v":0,"d":"0%"},1,"EA"]
[46,"4\" Dia Supply Air Duct 90 Deg Elbow",4,{"v":0,"d":"0%"},4,"EA"]
[47,"40\"x16\" Supply Air Duct 90 Deg Elbow W/ Turning Vane",1,{"v":0,"d":"0%"},1,"EA"]
[48,"40\"x20\" Supply Air Duct 90 Deg Elbow W/ Turning Vane",1,{"v":0,"d":"0%"},1,"EA"]
[49,"40\"x26\" Supply Air Duct 90 Deg Elbow",1,{"v":0,"d":"0%"},1,"EA"]
[50,"46\"x24\" Supply Air Duct 90 Deg Elbow",3,{"v":0,"d":"0%"},3,"EA"]
[51,"46\"x24\" Supply Air Duct 90 Deg Elbow W/ Turning Vane",2,{"v":0,"d":"0%"},2,"EA"]
[52,"46\"x26\" Supply Air Duct 90 Deg Elbow",2,{"v":0,"d":"0%"},2,"EA"]
[53,"46\"x26\" Supply Air Duct 90 Deg Elbow W/ Turning Vane",3,{"v":0,"d":"0%"},3,"EA"]
[54,"48\"x26\" Supply Air Duct 90 Deg Elbow",1,{"v":0,"d":"0%"},1,"EA"]
[55,"50\"x24\" Supply Air Duct 90 Deg Elbow W/ Turning Vane",2,{"v":0,"d":"0%"},2,"EA"]
[56,"52\"x20\" Supply Air Duct 90 Deg Elbow W/ Turning Vane",2,{"v":0,"d":"0%"},2,"EA"]
[57,"52\"x26\" Supply Air Duct 90 Deg Elbow",1,{"v":0,"d":"0%"},1,"EA"]
[58,"52\"x26\" Supply Air Duct 90 Deg Elbow W/ Turning Vane",2,{"v":0,"d":"0%"},2,"EA"]
[59,"54\"x20\" Supply Air Duct 90 Deg Elbow W/ Turning Vane",3,{"v":0,"d":"0%"},3,"EA"]
[60,"54\"x22\" Supply Air Duct 90 Deg Elbow W/ Turning Vane",1,{"v":0,"d":"0%"},1,"EA"]
[61,"54\"x24\" Supply Air Duct 90 Deg Elbow W/ Turning Vane",2,{"v":0,"d":"0%"},2,"EA"]
[62,"56\"x18\" Supply Air Duct 90 Deg Elbow",2,{"v":0,"d":"0%"},2,"EA"]
[63,"56\"x20\" Supply Air Duct 90 Deg Elbow W/ Turning Vane",2,{"v":0,"d":"0%"},2,"EA"]
[64,"6\" Dia Supply Air Duct 90 Deg Elbow",31,{"v":0,"d":"0%"},31,"EA"]
[65,"6\"x10\" Supply Air Duct 90 Deg Elbow W/ Turning Vane",1,{"v":0,"d":"0%"},1,"EA"]
[66,"6\"x12\" Supply Air Duct 45 Deg Elbow W/ Turning Vane",1,{"v":0,"d":"0%"},1,"EA"]
[67,"6\"x6\" Supply Air Duct 90 Deg Elbow W/ Turning Vane",3,{"v":0,"d":"0%"},3,"EA"]
[68,"6\"x8\" Supply Air Duct 90 Deg Elbow W/ Turning Vane",3,{"v":0,"d":"0%"},3,"EA"]
[69,"60\"x18\" Supply Air Duct 90 Deg Elbow W/ Turning Vane",1,{"v":0,"d":"0%"},1,"EA"]
[70,"60\"x20\" Supply Air Duct 90 Deg Elbow W/ Turning Vane",1,{"v":0,"d":"0%"},1,"EA"]
[71,"60\"x22\" Supply Air Duct 90 Deg Elbow W/ Turning Vane",2,{"v":0,"d":"0%"},2,"EA"]
[72,"64\"x18\" Supply Air Duct 90 Deg Elbow",1,{"v":0,"d":"0%"},1,"EA"]
[73,"70\"x18\" Supply Air Duct 90 Deg Elbow W/ Turning Vane",1,{"v":0,"d":"0%"},{"$f":"C260*(1+D260)","v":1},"EA"]
[74,"8\" Dia Supply Air Duct 45 Deg Elbow",4,{"v":0,"d":"0%"},4,"EA"]
[75,"8\" Dia Supply Air Duct 90 Deg Elbow",50,{"v":0,"d":"0%"},50,"EA"]
[76,"8\"x10\" Supply Air Duct 90 Deg Elbow W/ Turning Vane",12,{"v":0,"d":"0%"},12,"EA"]
[77,"8\"x12\" Supply Air Duct 90 Deg Elbow W/ Turning Vane",1,{"v":0,"d":"0%"},1,"EA"]
[78,"8\"x6\" Supply Air Duct 90 Deg Elbow W/ Turning Vane",3,{"v":0,"d":"0%"},3,"EA"]
[79,"8\"x8\" Supply Air Duct 90 Deg Elbow W/ Turning Vane",1,{"v":0,"d":"0%"},1,"EA"]
[80,"10\"x6\" Return Air Duct 90 Deg Elbow",1,{"v":0,"d":"0%"},1,"EA"]
[81,"18\"x10\" Return Air Duct 90 Dge Elbow",2,{"v":0,"d":"0%"},2,"EA"]
[82,"46\"x18\" Return Air Duct 45 Deg Elbow W/ Turning Vane",2,{"v":0,"d":"0%"},2,"EA"]
[83,"46\"x20\" Return Air Duct 45 Deg Elbow W/ Turning Vane",2,{"v":0,"d":"0%"},2,"EA"]
[84,"46\"x20\" Return Air Duct 90 Deg Elbow W/ Turning Vane",1,{"v":0,"d":"0%"},1,"EA"]
[85,"46\"x26\" Return Air Duct 90 Deg Elbow",3,{"v":0,"d":"0%"},3,"EA"]
[86,"46\"x26\" Return Air Duct 90 Deg Elbow W/ Turning Vane",11,{"v":0,"d":"0%"},11,"EA"]
[87,"48\"x22\" Return Air Duct 90 Deg Elbow W/ Turning Vane",2,{"v":0,"d":"0%"},2,"EA"]
[88,"52\"x23\" Return Air Duct 90 Deg Elbow",1,{"v":0,"d":"0%"},1,"EA"]
[89,"52\"x26\" Return Air Duct 90 Deg Elbow W/ Turning Vane",6,{"v":0,"d":"0%"},6,"EA"]
[90,"6\"x6\" Return Air Duct 90 Deg Elbow W/ Turning Vane",10,{"v":0,"d":"0%"},10,"EA"]
[91,"64\"x18\" Return Air Duct 90 Deg Elbow",1,{"v":0,"d":"0%"},1,"EA"]
[92,"8\"x8\" Return Air Duct 90 Deg Elbow W/ Turning Vane",3,{"v":0,"d":"0%"},3,"EA"]
[93,"10\"x10\" Outside Air Duct 90 Deg Elbow W/ Turning Vanes",6,{"v":0,"d":"0%"},6,"EA"]
[94,"12\"x12\" Outside Air Duct 90 Deg Elbow W/ Turning Vanes",2,{"v":0,"d":"0%"},2,"EA"]
[95,"14\"x14\" Outside Air Duct 90 Deg Elbow W/ Turning Vanes",2,{"v":0,"d":"0%"},2,"EA"]
[96,"18\"x18\" Outside Air Duct 90 Deg Elbow W/ Turning Vanes",2,{"v":0,"d":"0%"},2,"EA"]
[97,"30\"x22\" Outside Air Duct 90 Deg Elbow W/ Turning Vane",1,{"v":0,"d":"0%"},1,"EA"]
[98,"8\"x10\" Outside Air Duct 90 Deg Elbow W/ Turning Vanes",3,{"v":0,"d":"0%"},3,"EA"]
[99,"8\"x8\" Outside Air Duct 90 Deg Elbow W/ Turning Vanes",7,{"v":0,"d":"0%"},7,"EA"]
[100,"10\"x10\" Transfer Air Duct 90 Deg Elbow W/ Turning Vane",5,{"v":0,"d":"0%"},5,"EA"]
[101,"12\"x12\" Transfer Air Duct 90 Deg Elbow W/ Turning Vane",6,{"v":0,"d":"0%"},6,"EA"]
[102,"16\"x16\" Transfer Air Duct 90 Deg Elbow W/ Turning Vane",10,{"v":0,"d":"0%"},10,"EA"]
[103,"18\"x18\" Transfer Air Duct 90 Deg Elbow W/ Turning Vane",1,{"v":0,"d":"0%"},1,"EA"]
[104,"20\"x20\" Transfer Air Duct 90 Deg Elbow W/ Turning Vane",4,{"v":0,"d":"0%"},4,"EA"]
[105,"6\"x6\" Transfer Air Duct 90 Deg Elbow W/ Turning Vane",1,{"v":0,"d":"0%"},1,"EA"]
[106,"8\"x8\" Transfer Air Duct 90 Deg Elbow",9,{"v":0,"d":"0%"},9,"EA"]
[107,"8\"x8\" Transfer Air Duct 90 Deg Elbow W/ Turning Vane",2,{"v":0,"d":"0%"},2,"EA"]
[108,"10\"x10\" Exhaust Air Duct 90 Deg Elbow W/ Turning Vane",4,{"v":0,"d":"0%"},4,"EA"]
[109,"10\"x12\" Exhaust Air Duct 90 Deg Elbow",1,{"v":0,"d":"0%"},1,"EA"]
[110,"10\"x8\" Exhaust Air Duct 90 Deg Elbow W/ Turning Vane",8,{"v":0,"d":"0%"},8,"EA"]
[111,"12\"x20\" Exhaust Air Duct 90 Deg Elbow",1,{"v":0,"d":"0%"},1,"EA"]
[112,"12\"x8\" Exhaust Air Duct 45 Deg Elbow W/ Turning Vane",2,{"v":0,"d":"0%"},2,"EA"]
[113,"12\"x8\" Exhaust Air Duct 90 Deg Elbow W/ Turning Vane",2,{"v":0,"d":"0%"},2,"EA"]
[114,"14\"x10\" Exhaust Air Duct 90 Deg Elbow W/ Turning Vane",3,{"v":0,"d":"0%"},3,"EA"]
[115,"14\"x14\" Exhaust Air Duct 90 Deg Elbow W/ Turning Vane",2,{"v":0,"d":"0%"},2,"EA"]
[116,"16\"x10\" Exhaust Air Duct 90 Deg Elbow",1,{"v":0,"d":"0%"},1,"EA"]
[117,"16\"x16\" Exhaust Air Duct 90 Deg Elbow",1,{"v":0,"d":"0%"},1,"EA"]
[118,"18\"x16\" Exhaust Air Duct 90 Deg Elbow",2,{"v":0,"d":"0%"},2,"EA"]
[119,"6\"x6\" Exhaust Air Duct 90 Deg Elbow W/ Turning Vane",19,{"v":0,"d":"0%"},19,"EA"]
[120,"6\"x8\" Exhaust Air Duct 90 Deg Elbow W/ Turning Vane",2,{"v":0,"d":"0%"},2,"EA"]
[121,"8\"x10\" Exhaust Air Duct 90 Deg Elbow W/ Turning Vane",3,{"v":0,"d":"0%"},3,"EA"]
[122,"8\"x18\" Exhaust Air Duct 90 Deg Elbow W/ Turning Vane",1,{"v":0,"d":"0%"},1,"EA"]
[123,"8\"x6\" Exhaust Air Duct 90 Deg Elbow W/ Turning Vane",2,{"v":0,"d":"0%"},2,"EA"]
[124,"8\"x8\" Exhaust Air Duct 90 Deg Elbow W/ Turning Vane",9,{"v":0,"d":"0%"},9,"EA"]
[]
["TAKE-OFF"]
[1,"10\" / 6\" Dia Supply Air Duct Take off",1,{"v":0,"d":"0%"},{"$f":"C314*(1+D314)","v":1},"EA"]
[2,"10\" Dia / 8\"x6\" Supply Air Duct Take off",1,{"v":0,"d":"0%"},1,"EA"]
[3,"10\"x10\" / 12\"X8\" Supply Air Duct Take off",1,{"v":0,"d":"0%"},1,"EA"]
[4,"10\"x10\" / 6\"x8\" Supply Air Duct Take off",2,{"v":0,"d":"0%"},2,"EA"]
[5,"10\"x10\" / 8\" Dia Supply Air Duct Take off",17,{"v":0,"d":"0%"},17,"EA"]
[6,"10\"x12\" / 10\" Dia Supply Air Duct Take off",55,{"v":0,"d":"0%"},55,"EA"]
[7,"10\"x12\" / 10\" Supply Air Duct Take off",1,{"v":0,"d":"0%"},1,"EA"]
[8,"10\"x12\" / 6\" Dia Supply Air Duct Take off",3,{"v":0,"d":"0%"},3,"EA"]
[9,"10\"x12\" / 8\" Dia Supply Air Duct Take off",6,{"v":0,"d":"0%"},6,"EA"]
[10,"10\"x12\" / 8\"x10\" Supply Air Duct Take off",2,{"v":0,"d":"0%"},2,"EA"]
[11,"10\"x6\" / 6\" Dia Supply Air Duct Take off",1,{"v":0,"d":"0%"},1,"EA"]
[12,"10\"x6\" / 6\"x10\" Supply Air Duct Take off",1,{"v":0,"d":"0%"},{"$f":"C325*(1+D325)","v":1},"EA"]
[13,"10\"x6\" / 8\" Dia Supply Air Duct Take off",1,{"v":0,"d":"0%"},1,"EA"]
[14,"10\"x8\" / 6\" Dia Supply Air Duct Take off",2,{"v":0,"d":"0%"},2,"EA"]
[15,"10\"x8\" / 8\" Dia Supply Air Duct Take off",3,{"v":0,"d":"0%"},3,"EA"]
[16,"10\"x8\" / 8\"x6\" Supply Air Duct Take off",2,{"v":0,"d":"0%"},2,"EA"]
[17,"12\" / 10\" Dia Supply Air Duct Take off",1,{"v":0,"d":"0%"},1,"EA"]
[18,"12\"x10\" / 10\" Dia Supply Air Duct Take off",12,{"v":0,"d":"0%"},12,"EA"]
[19,"12\"x10\" / 10\"x6\" Supply Air Duct Take off",1,{"v":0,"d":"0%"},1,"EA"]
[20,"12\"x10\" / 6\" Dia Supply Air Duct Take off",1,{"v":0,"d":"0%"},1,"EA"]
[21,"12\"x10\" / 8\" Dia Supply Air Duct Take off",9,{"v":0,"d":"0%"},9,"EA"]
[22,"12\"x10\" / 8\"x12\" Supply Air Duct Take off",1,{"v":0,"d":"0%"},1,"EA"]
[23,"12\"x10\" / 8\"x6\" Supply Air Duct Take off",3,{"v":0,"d":"0%"},3,"EA"]
[24,"12\"x12\" / 10\" Dia Supply Air Duct Take off",23,{"v":0,"d":"0%"},23,"EA"]
[25,"12\"x12\" / 10\"x10\" Supply Air Duct Take off",2,{"v":0,"d":"0%"},2,"EA"]
[26,"12\"x12\" / 12\" Dia Supply Air Duct Take off",1,{"v":0,"d":"0%"},1,"EA"]
[27,"12\"x12\" / 6\" Dia Supply Air Duct Take off",2,{"v":0,"d":"0%"},2,"EA"]
[28,"12\"x12\" / 8\" Dia Supply Air Duct Take off",7,{"v":0,"d":"0%"},7,"EA"]
[29,"12\"x12\" / 8\"x10\" Supply Air Duct Take off",4,{"v":0,"d":"0%"},4,"EA"]
[30,"12\"x12\" / 8\"x6\" Supply Air Duct Take off",2,{"v":0,"d":"0%"},2,"EA"]
[31,"12\"x14\" / 12\" Dia Supply Air Duct Take off",6,{"v":0,"d":"0%"},6,"EA"]
[32,"12\"x6\" / 10\" Dia Supply Air Duct Take off",1,{"v":0,"d":"0%"},1,"EA"]
[33,"12\"x6\" / 8\"x6\" Supply Air Duct Take off",1,{"v":0,"d":"0%"},1,"EA"]
[34,"12\"x8\" / 6\" Dia Supply Air Duct Take off",2,{"v":0,"d":"0%"},2,"EA"]
[35,"12\"x8\" / 8\" Dia Supply Air Duct Take off",1,{"v":0,"d":"0%"},1,"EA"]
[36,"12\"x8\" / 8\"x6\" Supply Air Duct Take off",2,{"v":0,"d":"0%"},2,"EA"]
[37,"14\"x12\" / 10\" Dia Supply Air Duct Take off",28,{"v":0,"d":"0%"},28,"EA"]
[38,"14\"x12\" / 10\"x12\" Supply Air Duct TAke off",1,{"v":0,"d":"0%"},1,"EA"]
[39,"14\"x12\" / 12\"x10\" Supply Air Duct Take off",1,{"v":0,"d":"0%"},1,"EA"]
[40,"14\"x12\" / 12\"x8\" Supply Air Duct Take off",1,{"v":0,"d":"0%"},1,"EA"]
[41,"14\"x12\" / 14\"x8\" Supply Air Duct Take off",1,{"v":0,"d":"0%"},1,"EA"]
[42,"14\"x12\" / 6\"x6\" Supply Air Duct Take off",1,{"v":0,"d":"0%"},1,"EA"]
[43,"14\"x12\" / 8\" Dia Supply Air Duct Take off",6,{"v":0,"d":"0%"},6,"EA"]
[44,"14\"x14\" / 10\" Dia Supply Air Duct Take off",18,{"v":0,"d":"0%"},18,"EA"]
[45,"14\"x14\" / 10\" Supply Air Duct Take off",1,{"v":0,"d":"0%"},1,"EA"]
[46,"14\"x14\" / 10\"x12\" Supply Air Duct Take off",1,{"v":0,"d":"0%"},1,"EA"]
[47,"14\"x14\" / 12\" Dia Supply Air Duct Take off",6,{"v":0,"d":"0%"},6,"EA"]
[48,"14\"x14\" / 12\"x10\" Supply Air Duct Take off",1,{"v":0,"d":"0%"},1,"EA"]
[49,"14\"x14\" / 12\"x12\" Supply Air Duct Take off",2,{"v":0,"d":"0%"},2,"EA"]
[50,"14\"x14\" / 6\" Dia Supply Air Duct Take off",1,{"v":0,"d":"0%"},1,"EA"]
[51,"14\"x14\" / 6\"x10\" Supply Air Duct Take off",1,{"v":0,"d":"0%"},1,"EA"]
[52,"14\"x14\" / 8\" Dia Supply Air Duct Take off",4,{"v":0,"d":"0%"},4,"EA"]
[53,"14\"x14\" / 8\"x10\" Supply Air Duct Take off",1,{"v":0,"d":"0%"},1,"EA"]
[54,"14\"x6\" / 10\" Dia Supply Air Duct Take off",1,{"v":0,"d":"0%"},1,"EA"]
[55,"14\"x8\" / 4\" Dia Supply Air Duct Take off",1,{"v":0,"d":"0%"},1,"EA"]
[56,"16\"x10\" / 8\"x6\" Supply Air Duct Take off",1,{"v":0,"d":"0%"},1,"EA"]
[57,"16\"x12\" / 10\" Dia Supply Air Duct Take off",14,{"v":0,"d":"0%"},14,"EA"]
[58,"16\"x12\" / 10\"x12\" Supply Air Duct Take off",2,{"v":0,"d":"0%"},2,"EA"]
[59,"16\"x12\" / 12\" Dia Supply Air Duct Take off",1,{"v":0,"d":"0%"},1,"EA"]
[60,"16\"x12\" / 12\"x10\" Supply Air Duct Take off",1,{"v":0,"d":"0%"},1,"EA"]
[61,"16\"x12\" / 12\"x6\" Supply Air Duct Take off",1,{"v":0,"d":"0%"},1,"EA"]
[62,"16\"x12\" / 8\" Dia Supply Air Duct Take off",2,{"v":0,"d":"0%"},2,"EA"]
[63,"16\"x14\" / 10\" Dia Supply Air Duct Take off",19,{"v":0,"d":"0%"},19,"EA"]
[64,"16\"x14\" / 10\"x12\"  Supply Air Duct Take off",1,{"v":0,"d":"0%"},1,"EA"]
[65,"16\"x14\" / 10\"x12\" Supply Air Duct Take off",1,{"v":0,"d":"0%"},1,"EA"]
[66,"16\"x14\" / 12\" Dia Supply Air Duct Take off",1,{"v":0,"d":"0%"},1,"EA"]
[67,"16\"x14\" / 14\"x6\" Supply Air Duct Take off",1,{"v":0,"d":"0%"},1,"EA"]
[68,"16\"x14\" / 6\" Dia Supply Air Duct Take off",1,{"v":0,"d":"0%"},1,"EA"]
[69,"16\"x14\" / 6\"x10\" Supply Air Duct Take off",1,{"v":0,"d":"0%"},1,"EA"]
[70,"16\"x14\" / 6\"x12\" Supply Air Duct Take off",1,{"v":0,"d":"0%"},1,"EA"]
[71,"16\"x14\" / 6\"x6\" Supply Air Duct Take off",2,{"v":0,"d":"0%"},2,"EA"]
[72,"16\"x16\" / 10\" Dia Supply Air Duct Take off",4,{"v":0,"d":"0%"},4,"EA"]
[73,"16\"x16\" / 10\"x12\" Supply Air Duct Take off",1,{"v":0,"d":"0%"},1,"EA"]
[74,"16\"x16\" / 14\"x14\" Supply Air Duct Take off",1,{"v":0,"d":"0%"},1,"EA"]
[75,"16\"x16\" / 16\" Dia Supply Air Duct Take off",3,{"v":0,"d":"0%"},3,"EA"]
[76,"18\"x10\" / 8\"x6\" Supply Air Duct Take off",3,{"v":0,"d":"0%"},{"$f":"C389*(1+D389)","v":3},"EA"]
[77,"18\"x12\" / 10\" Dia Supply Air Duct Take off",3,{"v":0,"d":"0%"},3,"EA"]
[78,"18\"x12\" / 10\"x12\" Supply Air Duct Take off",1,{"v":0,"d":"0%"},1,"EA"]
[79,"18\"x12\" / 12\" Dia Supply Air Duct Take off",1,{"v":0,"d":"0%"},1,"EA"]
[80,"18\"x12\" / 12\"x8\" Supply Air Duct Take off",1,{"v":0,"d":"0%"},1,"EA"]
[81,"18\"x14\" / 10\" Dia Supply Air Duct Take off",5,{"v":0,"d":"0%"},5,"EA"]
[82,"18\"x14\" / 10\"x12\" Supply Air Duct Take off",1,{"v":0,"d":"0%"},1,"EA"]
[83,"18\"x14\" / 12\"x12\" Supply Air Duct Take off",2,{"v":0,"d":"0%"},2,"EA"]
[84,"18\"x16\" / 10\"x12\" Supply Air Duct Take off",1,{"v":0,"d":"0%"},1,"EA"]
[85,"18\"x28\" / 16\"x16\" Supply Air Duct Take off",3,{"v":0,"d":"0%"},3,"EA"]
[86,"20\"x10\" / 10\"x8\" Supply Air Duct Take off",1,{"v":0,"d":"0%"},1,"EA"]
[87,"20\"x12\" / 12\"x10\" Supply Air Duct Take off",1,{"v":0,"d":"0%"},1,"EA"]
[88,"20\"x14\" / 10\" Dia Supply Air Duct Take off",1,{"v":0,"d":"0%"},1,"EA"]
[89,"20\"x14\" / 10\"x12\" Supply Air Duct Take off",1,{"v":0,"d":"0%"},1,"EA"]
[90,"20\"x14\" / 12\" Dia Supply Air Duct Take off",1,{"v":0,"d":"0%"},1,"EA"]
[91,"20\"x14\" / 12\"x12\" Supply Air Duct Take off",1,{"v":0,"d":"0%"},1,"EA"]
[92,"20\"x14\" / 6\" Dia Supply Air Duct Take off",1,{"v":0,"d":"0%"},1,"EA"]
[93,"20\"x16\" / 12\"x10\" Supply Air Duct Take off",1,{"v":0,"d":"0%"},1,"EA"]
[94,"22\"x12\" / 18\"x10\" Supply Air Duct Take off",1,{"v":0,"d":"0%"},1,"EA"]
[95,"22\"x14\" / 14\"x12\" Supply Air Duct Take off",1,{"v":0,"d":"0%"},1,"EA"]
[96,"22\"x18\" / 14\"x12\" Supply Air Duct Take off",1,{"v":0,"d":"0%"},1,"EA"]
[97,"22\"x18\" / 14\"x8\" Supply Air Duct Take off",1,{"v":0,"d":"0%"},1,"EA"]
[98,"24\"x16\" / 12\"x12\" Supply Air Duct Take off",2,{"v":0,"d":"0%"},2,"EA"]
[99,"24\"x18\" / 14\"x12\" Supply Air Duct Take off",2,{"v":0,"d":"0%"},2,"EA"]
[100,"24\"x18\" / 14\"x14\" Supply Air Duct Take off",1,{"v":0,"d":"0%"},1,"EA"]
[101,"24\"x22\" / 16\" Dia Supply Air Duct Take off",3,{"v":0,"d":"0%"},3,"EA"]
[102,"24\"X22\" / 24\"x22\" Supply Air Duct Take off",1,{"v":0,"d":"0%"},1,"EA"]
[103,"28\"x12\" / 14\"x10\" Supply Air Duct Take off",3,{"v":0,"d":"0%"},3,"EA"]
[104,"28\"x16\" / 14\"x12\" Supply Air Duct Take off",2,{"v":0,"d":"0%"},2,"EA"]
[105,"28\"x16\" / 16\"x14\" Supply Air Duct Take off",1,{"v":0,"d":"0%"},1,"EA"]
[106,"28\"x18\" / 10\"x8\" Supply Air Duct Take off",1,{"v":0,"d":"0%"},1,"EA"]
[107,"28\"x18\" / 12\" Dia Supply Air Duct Take off",1,{"v":0,"d":"0%"},1,"EA"]
[108,"28\"x20\" / 16\"x14\" Supply Air Duct Take off",1,{"v":0,"d":"0%"},1,"EA"]
[109,"28\"x20\" / 8\"x8\" Supply Air Duct Take off",2,{"v":0,"d":"0%"},2,"EA"]
[110,"30\"x12\" / 20\"x10\" Supply Air Duct Take off",1,{"v":0,"d":"0%"},1,"EA"]
[111,"30\"x16\" / 12\"x10\" Supply Air Duct Take off",2,{"v":0,"d":"0%"},2,"EA"]
[112,"30\"x16\" / 14\"x12\" Supply Air Duct Take off",1,{"v":0,"d":"0%"},1,"EA"]
[113,"32\"x16\" / 12\"x10\" Supply Air Duct Take off",2,{"v":0,"d":"0%"},2,"EA"]
[114,"34\"x14\" / 12\"x10\" Supply Air Duct Take off",1,{"v":0,"d":"0%"},1,"EA"]
[115,"34\"x14\" / 12\"x12\" Supply Air Duct Take off",2,{"v":0,"d":"0%"},2,"EA"]
[116,"34\"x14\" / 16\"x12\" Supply Air Duct Take off",1,{"v":0,"d":"0%"},1,"EA"]
[117,"34\"x18\" / 10\"x10\" Supply Air Duct Take off",1,{"v":0,"d":"0%"},1,"EA"]
[118,"34\"x18\" / 12\"x10\" Supply Air Duct Take off",1,{"v":0,"d":"0%"},1,"EA"]
[119,"34\"x18\" / 12\"x12\" Supply Air Duct Take off",1,{"v":0,"d":"0%"},1,"EA"]
[120,"34\"x18\" / 18\"x16\" Supply Air Duct Take off",1,{"v":0,"d":"0%"},1,"EA"]
[121,"36\"x14\" / 12\"x12\" Supply Air Duct Take off",1,{"v":0,"d":"0%"},1,"EA"]
[122,"36\"x14\" / 12\"x8\" Supply Air Duct Take off",1,{"v":0,"d":"0%"},1,"EA"]
[123,"36\"x14\" / 14\"x12\" Supply Air Duct Take off",3,{"v":0,"d":"0%"},3,"EA"]
[124,"36\"x16\" / 10\"x8\" Supply Air Duct Take off",1,{"v":0,"d":"0%"},1,"EA"]
[125,"36\"x16\" / 8\"x8\" Supply Air Duct Take off",1,{"v":0,"d":"0%"},1,"EA"]
[126,"38\"x12\" / 12\"x12\" Supply Air Duct Take off",1,{"v":0,"d":"0%"},1,"EA"]
[127,"38\"x12\" / 16\"x10\" Supply Air Duct Take off",2,{"v":0,"d":"0%"},2,"EA"]
[128,"38\"x18\" / 14\"x14\" Supply Air Duct Take off",1,{"v":0,"d":"0%"},1,"EA"]
[129,"38\"x18\" / 16\"x14\" Supply Air Duct Take off",1,{"v":0,"d":"0%"},1,"EA"]
[130,"38\"x20\" / 10\"x8\" Supply Air Duct Take off",1,{"v":0,"d":"0%"},1,"EA"]
[131,"38\"x20\" / 12\"x10\" Supply Air Duct Take off",1,{"v":0,"d":"0%"},1,"EA"]
[132,"40\"x12\" / 10\"x10\" Supply Air Duct Take off",1,{"v":0,"d":"0%"},1,"EA"]
[133,"40\"x12\" / 12\"x8\" Supply Air Duct Take off",1,{"v":0,"d":"0%"},1,"EA"]
[134,"40\"x16\" / 12\" Dia Supply Air Duct Take off",1,{"v":0,"d":"0%"},1,"EA"]
[135,"40\"x18\" / 14\"x14\" Supply Air Duct Take off",1,{"v":0,"d":"0%"},1,"EA"]
[136,"40\"x18\" / 16\"x12\" Supply Air Duct Take off",1,{"v":0,"d":"0%"},1,"EA"]
[137,"42\"x7\" / 16\" Dia Supply Air Duct Take off",2,{"v":0,"d":"0%"},2,"EA"]
[138,"44\"x14\" / 10\"x10\" Supply Air Duct Take off",1,{"v":0,"d":"0%"},1,"EA"]
[139,"44\"x14\" / 12\"x12\" Supply Air Duct Take off",1,{"v":0,"d":"0%"},1,"EA"]
[140,"44\"x14\" / 14\"x12\" Supply Air Duct Take off",2,{"v":0,"d":"0%"},{"$f":"C453*(1+D453)","v":2},"EA"]
[141,"44\"x14\" / 16\"x12\" Supply Air Duct Take off",1,{"v":0,"d":"0%"},1,"EA"]
[142,"44\"x18\" / 10\"x10\" Supply Air Duct Take off",1,{"v":0,"d":"0%"},1,"EA"]
[143,"44\"x18\" / 14\"x12\" Supply Air Duct Take off",2,{"v":0,"d":"0%"},2,"EA"]
[144,"44\"x18\" / 16\"x12\" Supply Air Duct Take off",1,{"v":0,"d":"0%"},1,"EA"]
[145,"48\"x18\" / 14\"x12\" Supply Air Duct Take off",1,{"v":0,"d":"0%"},1,"EA"]
[146,"48\"x18\" / 16\"x14\" Supply Air Duct Take off",1,{"v":0,"d":"0%"},1,"EA"]
[147,"48\"x20\" / 10\"x8\" Supply Air Duct Take off",1,{"v":0,"d":"0%"},1,"EA"]
[148,"48\"x20\" / 12\" Dia Supply Air Duct Take off",1,{"v":0,"d":"0%"},1,"EA"]
[149,"48\"x20\" / 12\"x12\" Supply Air Duct Take off",1,{"v":0,"d":"0%"},1,"EA"]
[150,"48\"x20\" / 14\"x12\" Supply Air Duct Take off",2,{"v":0,"d":"0%"},2,"EA"]
[151,"48\"x20\" / 14\"x14\" Supply Air Duct Take off",4,{"v":0,"d":"0%"},4,"EA"]
[152,"48\"x20\" / 38\"x10\" Supply Air Duct Take off",1,{"v":0,"d":"0%"},1,"EA"]
[153,"50\"x14\" / 10\" Dia Supply Air Duct Take off",1,{"v":0,"d":"0%"},1,"EA"]
[154,"50\"x14\" / 12\"x12\" Supply Air Duct Take off",1,{"v":0,"d":"0%"},1,"EA"]
[155,"50\"x16\" / 12\"x12\" Supply Air Duct Take off",1,{"v":0,"d":"0%"},1,"EA"]
[156,"50\"x16\" / 16\"x14\" Supply Air Duct Take off",1,{"v":0,"d":"0%"},1,"EA"]
[157,"50\"x16\" / 18\"x12\" Supply Air Duct Take off",1,{"v":0,"d":"0%"},1,"EA"]
[158,"50\"x18\" / 14\"x14\" Supply Air Duct Take off",1,{"v":0,"d":"0%"},1,"EA"]
[159,"50\"x18\" / 8\"x8\" Supply Air Duct Take off",2,{"v":0,"d":"0%"},2,"EA"]
[160,"52\"x26\" / 70\"x18\" Supply Air Duct Take off",1,{"v":0,"d":"0%"},1,"EA"]
[161,"54\"x18\" / 12\"x12\" Supply Air Duct Take off",1,{"v":0,"d":"0%"},1,"EA"]
[162,"54\"x18\" / 14\"x12\" Supply Air Duct Take off",1,{"v":0,"d":"0%"},1,"EA"]
[163,"54\"x22\" / 10\"x8\" Supply Air Duct Take off",1,{"v":0,"d":"0%"},1,"EA"]
[164,"54\"x22\" / 12\"x12\" Supply Air Duct Take off",1,{"v":0,"d":"0%"},1,"EA"]
[165,"54\"x22\" / 14\"x14\" Supply Air Duct Take off",1,{"v":0,"d":"0%"},1,"EA"]
[166,"54\"x22\" / 18\"x14\" Supply Air Duct Take off",1,{"v":0,"d":"0%"},1,"EA"]
[167,"54\"x24\" / 10\"x6\" Supply Air Duct Take off",1,{"v":0,"d":"0%"},1,"EA"]
[168,"54\"x24\" / 56\"x20\" Supply Air Duct Take off",1,{"v":0,"d":"0%"},1,"EA"]
[169,"56\"x14\" / 20\"x12\" Supply Air Duct Take off",2,{"v":0,"d":"0%"},2,"EA"]
[170,"56\"x14\" / 8\"x8\" Supply Air Duct Take off",2,{"v":0,"d":"0%"},2,"EA"]
[171,"56\"x16\" / 10\"x10\" Supply Air Duct Take off",1,{"v":0,"d":"0%"},1,"EA"]
[172,"56\"x16\" / 10\"x8\" Supply Air Duct Take off",2,{"v":0,"d":"0%"},2,"EA"]
[173,"56\"x18\" / 10\"x10\" Supply Air Duct Take off",4,{"v":0,"d":"0%"},4,"EA"]
[174,"56\"x18\" / 18\"x12\" Supply Air Duct Take off",1,{"v":0,"d":"0%"},1,"EA"]
[175,"56\"x18\" / 20\"x10\" Supply Air Duct Take off",1,{"v":0,"d":"0%"},1,"EA"]
[176,"56\"x18\" / 24\"x12\" Supply Air Duct Take off",1,{"v":0,"d":"0%"},1,"EA"]
[177,"56\"x20\" / 10\"x10\" Supply Air Duct Take off",1,{"v":0,"d":"0%"},1,"EA"]
[178,"56\"x20\" / 16\"x16\" Supply Air Duct Take off",1,{"v":0,"d":"0%"},1,"EA"]
[179,"6\"x10\" / 8\" Dia Supply Air Duct Take off",2,{"v":0,"d":"0%"},2,"EA"]
[180,"6\"x6\" / 6\" Dia Supply Air Duct Take off",1,{"v":0,"d":"0%"},1,"EA"]
[181,"6\"x6\" / 6\"x6\" Supply Air Duct Take off",1,{"v":0,"d":"0%"},1,"EA"]
[182,"6\"x8\" / 6\" Dia Supply Air Duct Take off",5,{"v":0,"d":"0%"},5,"EA"]
[183,"60\"x18\" / 16\"x10\" Supply Air Duct Take off",1,{"v":0,"d":"0%"},1,"EA"]
[184,"60\"x18\" / 16\"x16\" Supply Air Duct Take off",1,{"v":0,"d":"0%"},1,"EA"]
[185,"60\"x18\" / 18\"x16\" Supply Air Duct Take off",1,{"v":0,"d":"0%"},1,"EA"]
[186,"60\"x18\" / 40\"x16\" Supply Air Duct Take off",1,{"v":0,"d":"0%"},1,"EA"]
[187,"60\"x18\" / 8\"x8\" Supply Air Duct Take off",1,{"v":0,"d":"0%"},1,"EA"]
[188,"60\"x20\" / 10\"x8\" Supply Air Duct Take off",1,{"v":0,"d":"0%"},1,"EA"]
[189,"60\"x20\" / 14\"x12\" Supply Air Duct Take off",1,{"v":0,"d":"0%"},1,"EA"]
[190,"60\"x20\" / 28\"x18\" Supply Air Duct Take off",1,{"v":0,"d":"0%"},1,"EA"]
[191,"8\" / 6\" Dia Supply Air Duct Take off",3,{"v":0,"d":"0%"},3,"EA"]
[192,"8\" Dia / 6\"x6\" Supply Air Duct Take off",1,{"v":0,"d":"0%"},1,"EA"]
[193,"8\"x10\" / 10\" Dia Supply Air Duct Take off",1,{"v":0,"d":"0%"},1,"EA"]
[194,"8\"x10\" / 6\" Dia Supply Air Duct Take off",2,{"v":0,"d":"0%"},2,"EA"]
[195,"8\"x10\" / 8\" Dia Supply Air Duct Take off",22,{"v":0,"d":"0%"},22,"EA"]
[196,"8\"x10\" / 8\"x8\" Supply Air Duct Take off",1,{"v":0,"d":"0%"},1,"EA"]
[197,"8\"x12\" / 10\" Dia Supply Air Duct Take off",1,{"v":0,"d":"0%"},1,"EA"]
[198,"8\"x8\" / 6\" Dia Supply Air Duct Take off",5,{"v":0,"d":"0%"},5,"EA"]
[199,"8\"x8\" / 8\" Dia Supply Air Duct Take off",1,{"v":0,"d":"0%"},1,"EA"]
[200,"10\"x6\" / 8\"x8\" Return Air Duct Take off",1,{"v":0,"d":"0%"},{"$f":"C513*(1+D513)","v":1},"EA"]
[201,"12\"x10\" / 10\"x6\" Return Air Duct Take off",1,{"v":0,"d":"0%"},1,"EA"]
[202,"16\"x16\" / 4\" Dia Return Air Duct Take off",1,{"v":0,"d":"0%"},1,"EA"]
[203,"18\"x10\" / 16\"x16\" Return Air Duct Take off",1,{"v":0,"d":"0%"},1,"EA"]
[204,"18\"x12\" / 16\"x16\" Return Air Duct Take off",2,{"v":0,"d":"0%"},2,"EA"]
[205,"44\"x10\" / 16\"x16\" Return Air Duct Take off",1,{"v":0,"d":"0%"},1,"EA"]
[206,"44\"x10\" / 4\" Dia Return Air Duct Take off",1,{"v":0,"d":"0%"},1,"EA"]
[207,"46\"x18\" / 42\"x22\" Return Air Duct Take off",1,{"v":0,"d":"0%"},1,"EA"]
[208,"46\"x20\" / 46\"x18\" Return Air Duct Take off",1,{"v":0,"d":"0%"},1,"EA"]
[209,"52\"x26\" / 60\"x24\" Return Air Duct Take off",1,{"v":0,"d":"0%"},1,"EA"]
[210,"52\"x26\" / 90\"x24\" Return Air Duct Take off",1,{"v":0,"d":"0%"},1,"EA"]
[211,"54\"x24\" / 64\"x20\" Return Air Duct Take off",1,{"v":0,"d":"0%"},1,"EA"]
[212,"64\"x18\" / 72\"x16\" Return Air Duct Take off",2,{"v":0,"d":"0%"},2,"EA"]
[213,"8\"x6\" / 6\"x6\" Return Air Duct Take off",1,{"v":0,"d":"0%"},1,"EA"]
[214,"8\"x8\" / 6\"x6\" Return Air Duct Take off",2,{"v":0,"d":"0%"},2,"EA"]
[215,"20\"x20\" / 16\" Dia Transfer Air Duct Transfer Airke off",1,{"v":0,"d":"0%"},{"$f":"C528*(1+D528)","v":1},"EA"]
[216,"10\"x10\" / 8\"x8\" Exhaust Air Duct Take off",2,{"v":0,"d":"0%"},2,"EA"]
[217,"12\"x10\" / 6\"x6\" Exhaust Air Duct Take off",1,{"v":0,"d":"0%"},1,"EA"]
[218,"12\"x10\" / 8\"x6\" Exhaust Air Duct Take off",1,{"v":0,"d":"0%"},1,"EA"]
[219,"12\"x20\" / 10\"x8\" Exhaust Air Duct Take off",1,{"v":0,"d":"0%"},1,"EA"]
[220,"12\"x8\" / 10\"x6\" Exhaust Air Duct Take off",1,{"v":0,"d":"0%"},1,"EA"]
[221,"12\"x8\" / 6\"x6\" Exhaust Air Duct Take off",1,{"v":0,"d":"0%"},1,"EA"]
[222,"16\"x10\" / 6\"x6\" Exhaust Air Duct Take off",1,{"v":0,"d":"0%"},1,"EA"]
[223,"20\"x10\" / 8\"x18\" Exhaust Air Duct Take off",1,{"v":0,"d":"0%"},1,"EA"]
[224,"36\"x16\" / 18\"x16\" Exhaust Air Duct Take off",2,{"v":0,"d":"0%"},2,"EA"]
[225,"8\"x6\" / 6\"x6\" Exhaust Air Duct Take off",1,{"v":0,"d":"0%"},1,"EA"]
[226,"8\"x8\" / 6\"x6\" Exhaust Air Duct Take off",6,{"v":0,"d":"0%"},6,"EA"]
[]
["REDUCER"]
[1,"10\" / 8\" Dia Supply Air Duct Reducer",1,{"v":0,"d":"0%"},{"$f":"C542*(1+D542)","v":1},"EA"]
[2,"10\"x10\" / 10\"x8\" Supply Air Duct Reducer",1,{"v":0,"d":"0%"},1,"EA"]
[3,"10\"x10\" / 6\"x6\" Supply Air Duct Reducer",1,{"v":0,"d":"0%"},1,"EA"]
[4,"10\"x10\" / 6\"X8\" Supply Air Duct Reducer",1,{"v":0,"d":"0%"},1,"EA"]
[5,"10\"x10\" / 8\"x10\" Supply Air Duct Reducer",1,{"v":0,"d":"0%"},1,"EA"]
[6,"10\"x10\" / 8\"x8\" Supply Air Duct Reducer",1,{"v":0,"d":"0%"},1,"EA"]
[7,"10\"x12\" / 8\"x10\" Supply Air Duct Reducer",2,{"v":0,"d":"0%"},2,"EA"]
[8,"10\"x12\" / 8\"x12\" Supply Air Duct Reducer",1,{"v":0,"d":"0%"},1,"EA"]
[9,"10\"x8\" / 8\"x8\" Supply Air Duct Reducer",1,{"v":0,"d":"0%"},1,"EA"]
[10,"12\" / 10\" Dia Supply Air Duct Reducer",1,{"v":0,"d":"0%"},1,"EA"]
[11,"12\"x10\" / 10\"x10\" Supply Air Duct Reducer",3,{"v":0,"d":"0%"},3,"EA"]
[12,"12\"x10\" / 10\"x8\" Supply Air Duct Reducer",1,{"v":0,"d":"0%"},1,"EA"]
[13,"12\"x10\" / 6\"x8\" Supply Air Duct Reducer",1,{"v":0,"d":"0%"},1,"EA"]
[14,"12\"x10\" / 8\" Dia Supply Air Duct Reducer",1,{"v":0,"d":"0%"},1,"EA"]
[15,"12\"x10\" / 8\"x10\" Supply Air Duct Reducer",2,{"v":0,"d":"0%"},2,"EA"]
[16,"12\"x12\" / 10\"x10\" Supply Air Duct Reducer",2,{"v":0,"d":"0%"},2,"EA"]
[17,"12\"x12\" / 10\"x12\" Supply Air Duct Reducer",5,{"v":0,"d":"0%"},5,"EA"]
[18,"12\"x12\" / 10x12\" Supply Air Duct Reducer",1,{"v":0,"d":"0%"},1,"EA"]
[19,"12\"x12\" / 12\"x10\" Supply Air Duct Reducer",1,{"v":0,"d":"0%"},1,"EA"]
[20,"12\"x12\" / 8\"x10\" Supply Air Duct Reducer",2,{"v":0,"d":"0%"},2,"EA"]
[21,"12\"x12\" / 8\"x6\" Supply Air Duct Reducer",1,{"v":0,"d":"0%"},1,"EA"]
[22,"12\"x6\" / 6\"x12\" Supply Air Duct Reducer",1,{"v":0,"d":"0%"},1,"EA"]
[23,"12\"x8\" / 10\"x6\" Supply Air Duct Reducer",1,{"v":0,"d":"0%"},1,"EA"]
[24,"12\"x8\" / 12\"x6\" Supply Air Duct Reducer",1,{"v":0,"d":"0%"},1,"EA"]
[25,"12\"x8\" / 8\"x8\" Supply Air Duct Reducer",1,{"v":0,"d":"0%"},1,"EA"]
[26,"14\"x12\" / 10\"x10\" Supply Air Duct Reducer",1,{"v":0,"d":"0%"},1,"EA"]
[27,"14\"x12\" / 10\"x12\" Supply Air Duct Reducer",5,{"v":0,"d":"0%"},5,"EA"]
[28,"14\"x12\" / 10x12\" Supply Air Duct Reducer",1,{"v":0,"d":"0%"},1,"EA"]
[29,"14\"x12\" / 12\"x10\" Supply Air Duct Reducer",1,{"v":0,"d":"0%"},1,"EA"]
[30,"14\"x12\" / 12\"x12\" Supply Air Duct Reducer",2,{"v":0,"d":"0%"},2,"EA"]
[31,"14\"x12\" / 12\"x8\" Supply Air Duct Reducer",1,{"v":0,"d":"0%"},1,"EA"]
[32,"14\"x12\" / 8\"x10\" Supply Air Duct Reducer",1,{"v":0,"d":"0%"},1,"EA"]
[33,"14\"x12\" / 8\"x8\" Supply Air Duct Reducer",1,{"v":0,"d":"0%"},1,"EA"]
[34,"14\"x14\" / 10\"x12\" Supply Air Duct Reducer",2,{"v":0,"d":"0%"},2,"EA"]
[35,"14\"x14\" / 12\"x10\" Supply Air Duct Reducer",1,{"v":0,"d":"0%"},1,"EA"]
[36,"14\"x14\" / 12\"x12\" Supply Air Duct Reducer",6,{"v":0,"d":"0%"},6,"EA"]
[37,"14\"x14\" / 12\"x14\" Supply Air Duct Reducer",2,{"v":0,"d":"0%"},2,"EA"]
[38,"14\"x14\" / 14\"x12\" Supply Air Duct Reducer",4,{"v":0,"d":"0%"},4,"EA"]
[39,"16\"x10\" / 12\"x10\" Supply Air Duct Reducer",1,{"v":0,"d":"0%"},1,"EA"]
[40,"16\"x12\" / 10\"x12\" Supply Air Duct Reducer",2,{"v":0,"d":"0%"},2,"EA"]
[41,"16\"x12\" / 12\"x10\" Supply Air Duct Reducer",1,{"v":0,"d":"0%"},1,"EA"]
[42,"16\"x14\" / 10\"x12\" Supply Air Duct Reducer",5,{"v":0,"d":"0%"},5,"EA"]
[43,"16\"x14\" / 12\"x10\" Supply Air Duct Reducer",1,{"v":0,"d":"0%"},1,"EA"]
[44,"16\"x14\" / 12\"x14\" Supply Air Duct Reducer",1,{"v":0,"d":"0%"},1,"EA"]
[45,"16\"x14\" / 12x12\" Supply Air Duct Reducer",1,{"v":0,"d":"0%"},1,"EA"]
[46,"16\"x14\" / 14\"x12\" Supply Air Duct Reducer",3,{"v":0,"d":"0%"},3,"EA"]
[47,"16\"x14\" / 14\"x14\" Supply Air Duct Reducer",1,{"v":0,"d":"0%"},1,"EA"]
[48,"16\"x16\" / 10\"x12\" Supply Air Duct Reducer",1,{"v":0,"d":"0%"},1,"EA"]
[49,"16\"x16\" / 12\"x8\" Supply Air Duct Reducer",1,{"v":0,"d":"0%"},1,"EA"]
[50,"16\"x16\" / 14\"x14\" Supply Air Duct Reducer",2,{"v":0,"d":"0%"},2,"EA"]
[51,"18\"x10\" / 12\"x10\" Supply Air Duct Reducer",1,{"v":0,"d":"0%"},1,"EA"]
[52,"18\"x10\" / 16\"x10\" Supply Air Duct Reducer",1,{"v":0,"d":"0%"},1,"EA"]
[53,"18\"x12\" / 12\"x12\" Supply Air Duct Reducer",1,{"v":0,"d":"0%"},1,"EA"]
[54,"18\"x12\" / 12\"x8\" Supply Air Duct Reducer",1,{"v":0,"d":"0%"},1,"EA"]
[55,"18\"x12\" / 14\"x12\" Supply Air Duct Reducer",1,{"v":0,"d":"0%"},1,"EA"]
[56,"18\"x14\" / 12\"x12\" Supply Air Duct Reducer",1,{"v":0,"d":"0%"},1,"EA"]
[57,"18\"x14\" / 14\"x12\" Supply Air Duct Reducer",1,{"v":0,"d":"0%"},1,"EA"]
[58,"18\"x14\" / 14\"x14\" Supply Air Duct Reducer",1,{"v":0,"d":"0%"},1,"EA"]
[59,"18\"x14\" / 18\"x12\" Supply Air Duct Reducer",1,{"v":0,"d":"0%"},1,"EA"]
[60,"18\"x16\" / 16\"x12\" Supply Air Duct Reducer",1,{"v":0,"d":"0%"},1,"EA"]
[61,"20\"x10\" / 16\"x12\" Supply Air Duct Reducer",1,{"v":0,"d":"0%"},1,"EA"]
[62,"20\"x12\" / 16\"x12\" Supply Air Duct Reducer",1,{"v":0,"d":"0%"},1,"EA"]
[63,"20\"x14\" / 14\"x12\" Supply Air Duct Reducer",1,{"v":0,"d":"0%"},1,"EA"]
[64,"20\"x14\" / 16\"x12\" Supply Air Duct Reducer",2,{"v":0,"d":"0%"},2,"EA"]
[65,"20\"x14\" / 16\"x14\" Supply Air Duct Reducer",1,{"v":0,"d":"0%"},{"$f":"C606*(1+D606)","v":1},"EA"]
[66,"20\"x16\" / 20\"x12\" Supply Air Duct Reducer",1,{"v":0,"d":"0%"},1,"EA"]
[67,"22\"x12\" / 16\"x10\" Supply Air Duct Reducer",1,{"v":0,"d":"0%"},1,"EA"]
[68,"22\"x14\" / 14\"x14\" Supply Air Duct Reducer",1,{"v":0,"d":"0%"},1,"EA"]
[69,"22\"x18\" / 16\"x14\" Supply Air Duct Reducer",1,{"v":0,"d":"0%"},1,"EA"]
[70,"24\"x12\" / 12\"x10\" Supply Air Duct Reducer",1,{"v":0,"d":"0%"},1,"EA"]
[71,"24\"x16\" / 16\"x14\" Supply Air Duct Reducer",1,{"v":0,"d":"0%"},1,"EA"]
[72,"24\"x24\" / 24\"x12\" Supply Air Duct Reducer",1,{"v":0,"d":"0%"},1,"EA"]
[73,"28\"x18\" / 22\"x18\" Supply Air Duct Reducer",1,{"v":0,"d":"0%"},1,"EA"]
[74,"28\"x20\" / 18\"x22\" Supply Air Duct Reducer",1,{"v":0,"d":"0%"},1,"EA"]
[75,"28\"x20\" / 24\"x18\" Supply Air Duct Reducer",1,{"v":0,"d":"0%"},1,"EA"]
[76,"30\"x12\" / 18\"x12\" Supply Air Duct Reducer",1,{"v":0,"d":"0%"},1,"EA"]
[77,"32\"x16\" / 24\"x16\" Supply Air Duct Reducer",1,{"v":0,"d":"0%"},1,"EA"]
[78,"34\"x18\" / 28\"x16\" Supply Air Duct Reducer",1,{"v":0,"d":"0%"},1,"EA"]
[79,"34\"x18\" / 30\"x16\" Supply Air Duct Reducer",1,{"v":0,"d":"0%"},1,"EA"]
[80,"36\"x16\" / 36\"x14\" Supply Air Duct Reducer",1,{"v":0,"d":"0%"},1,"EA"]
[81,"38\"x10\" / 30\"x12\" Supply Air Duct Reducer",1,{"v":0,"d":"0%"},1,"EA"]
[82,"38\"x20\" / 34\"x18\" Supply Air Duct Reducer",1,{"v":0,"d":"0%"},1,"EA"]
[83,"40\"x12\" / 28\"x12\" Supply Air Duct Reducer",1,{"v":0,"d":"0%"},1,"EA"]
[84,"40\"x12\" / 38\"x18\" Supply Air Duct Reducer",1,{"v":0,"d":"0%"},1,"EA"]
[85,"40\"x18\" / 34\"x14\" Supply Air Duct Reducer",1,{"v":0,"d":"0%"},1,"EA"]
[86,"40\"x20\" / 38\"x18\" Supply Air Duct Reducer",1,{"v":0,"d":"0%"},1,"EA"]
[87,"48\"x18\" / 34\"x18\" Supply Air Duct Reducer",1,{"v":0,"d":"0%"},1,"EA"]
[88,"48\"x20\" / 38\"x20\" Supply Air Duct Reducer",1,{"v":0,"d":"0%"},1,"EA"]
[89,"50\"x14\" / 44\"x14\" Supply Air Duct Reducer",1,{"v":0,"d":"0%"},1,"EA"]
[90,"50\"x16\" / 36\"x16\" Supply Air Duct Reducer",1,{"v":0,"d":"0%"},1,"EA"]
[91,"50\"x16\" / 50\"x14\" Supply Air Duct Reducer",1,{"v":0,"d":"0%"},1,"EA"]
[92,"50\"x18\" / 40\"x18\" Supply Air Duct Reducer",1,{"v":0,"d":"0%"},1,"EA"]
[93,"50\"x24\" / 48\"x20\" Supply Air Duct Reducer",1,{"v":0,"d":"0%"},1,"EA"]
[94,"52\"x20\" / 40\"x26\" Supply Air Duct Reducer",1,{"v":0,"d":"0%"},1,"EA"]
[95,"52\"x26\" / 50\"x18\" Supply Air Duct Reducer",1,{"v":0,"d":"0%"},1,"EA"]
[96,"54\"x18\" / 44\"x18\" Supply Air Duct Reducer",1,{"v":0,"d":"0%"},1,"EA"]
[97,"54\"x22\" / 38\"x22\" Supply Air Duct Reducer",1,{"v":0,"d":"0%"},1,"EA"]
[98,"54\"x22\" / 40\"x20\" Supply Air Duct Reducer",1,{"v":0,"d":"0%"},1,"EA"]
[99,"54\"x22\" / 48\"x20\" Supply Air Duct Reducer",1,{"v":0,"d":"0%"},1,"EA"]
[100,"54\"x24\" / 48\"x18\" Supply Air Duct Reducer",1,{"v":0,"d":"0%"},1,"EA"]
[101,"56\"x14\" / 38\"x12\" Supply Air Duct Reducer",1,{"v":0,"d":"0%"},1,"EA"]
[102,"56\"x16\" / 50\"x16\" Supply Air Duct Reducer",1,{"v":0,"d":"0%"},1,"EA"]
[103,"56\"x18\" / 50\"x16\" Supply Air Duct Reducer",1,{"v":0,"d":"0%"},1,"EA"]
[104,"56\"x18\" / 54\"x18\" Supply Air Duct Reducer",1,{"v":0,"d":"0%"},1,"EA"]
[105,"56\"x22\" / 46\"x24\" Supply Air Duct Reducer",1,{"v":0,"d":"0%"},1,"EA"]
[106,"56\"x22\" / 56\"x44\" Supply Air Duct Reducer",1,{"v":0,"d":"0%"},1,"EA"]
[107,"60\"x18\" / 46\"x26\" Supply Air Duct Reducer",1,{"v":0,"d":"0%"},1,"EA"]
[108,"60\"x18\" / 50\"x18\" Supply Air Duct Reducer",1,{"v":0,"d":"0%"},1,"EA"]
[109,"60\"x18\" / 56\"x14\" Supply Air Duct Reducer",1,{"v":0,"d":"0%"},1,"EA"]
[110,"60\"x20\" / 56\"x16\" Supply Air Duct Reducer",1,{"v":0,"d":"0%"},1,"EA"]
[111,"60\"x22\" / 48\"x26\" Supply Air Duct Reducer",1,{"v":0,"d":"0%"},1,"EA"]
[112,"60\"x22\" / 52\"x26\" Supply Air Duct Reducer",1,{"v":0,"d":"0%"},1,"EA"]
[113,"64\"x18\" / 60\"x20\" Supply Air Duct Reducer",1,{"v":0,"d":"0%"},1,"EA"]
[114,"8\" / 6\" Dia Supply Air Duct Reducer",2,{"v":0,"d":"0%"},2,"EA"]
[115,"8\"x10\" / 6\"x6\" Supply Air Duct Reducer",1,{"v":0,"d":"0%"},1,"EA"]
[116,"8\"x8\" / 6\"x8\" Supply Air Duct Reducer",1,{"v":0,"d":"0%"},1,"EA"]
[117,"10\"x6\" / 8\"x8\" Return Air Duct Reducer",2,{"v":0,"d":"0%"},{"$f":"C658*(1+D658)","v":2},"EA"]
[118,"12\"x10\" / 10\"x6\" Return Air Duct Reducer",1,{"v":0,"d":"0%"},1,"EA"]
[119,"120\"x40\" / 90\"x24\" Return Air Duct Reducer",1,{"v":0,"d":"0%"},1,"EA"]
[120,"46\"x26\" / 46\"x20\" Return Air Duct Reducer",1,{"v":0,"d":"0%"},1,"EA"]
[121,"52\"x26\" / 52\"x23\" Return Air Duct Reducer",1,{"v":0,"d":"0%"},1,"EA"]
[122,"54\"x24\" / 46\"x20\" Return Air Duct Reducer",1,{"v":0,"d":"0%"},1,"EA"]
[123,"72\"x28\" / 72\"x16\" Return Air Duct Reducer",1,{"v":0,"d":"0%"},1,"EA"]
[124,"76\"x26\" / 72\"x16\" Return Air Duct Reducer",2,{"v":0,"d":"0%"},2,"EA"]
[125,"8\"x6\" / 6\"x6\" Return Air Duct Reducer",1,{"v":0,"d":"0%"},1,"EA"]
[126,"8\"x8\" / 8\"x6\" Return Air Duct Reducer",1,{"v":0,"d":"0%"},1,"EA"]
[127,"80\"x34\" / 60\"x24\" Return Air Duct Reducer",1,{"v":0,"d":"0%"},1,"EA"]
[128,"10\"x10\" / 8\"x8\" Exhaust Air Duct Reducer",2,{"v":0,"d":"0%"},{"$f":"C669*(1+D669)","v":2},"EA"]
[129,"10\"x6\" / 8\"x8\" Exhaust Air Duct Reducer",1,{"v":0,"d":"0%"},1,"EA"]
[130,"10\"x8\" / 10\"x6\" Exhaust Air Duct Reducer",1,{"v":0,"d":"0%"},1,"EA"]
[131,"12\"x10\" / 10\"x10\" Exhaust Air Duct Reducer",1,{"v":0,"d":"0%"},1,"EA"]
[132,"12\"x12\" / 10\"x8\" Exhaust Air Duct Reducer",1,{"v":0,"d":"0%"},1,"EA"]
[133,"12\"x8\" / 10\"x10\" Exhaust Air Duct Reducer",1,{"v":0,"d":"0%"},1,"EA"]
[134,"12\"x8\" / 8\"x10\" Exhaust Air Duct Reducer",1,{"v":0,"d":"0%"},1,"EA"]
[135,"12\"x8\" / 8\"x8\" Exhaust Air Duct Reducer",1,{"v":0,"d":"0%"},1,"EA"]
[136,"14\"x10\" / 14\"x6\" Exhaust Air Duct Reducer",1,{"v":0,"d":"0%"},1,"EA"]
[137,"16\"x10\" / 14\"x10\" Exhaust Air Duct Reducer",1,{"v":0,"d":"0%"},1,"EA"]
[138,"16\"x10\" / 14\"x14\" Exhaust Air Duct Reducer",1,{"v":0,"d":"0%"},1,"EA"]
[139,"20\"x10\" / 14\"x10\" Exhaust Air Duct Reducer",1,{"v":0,"d":"0%"},1,"EA"]
[140,"22\"x10\" / 12\"x20\" Exhaust Air Duct Reducer",1,{"v":0,"d":"0%"},1,"EA"]
[141,"22\"x10\" / 16\"x16\" Exhaust Air Duct Reducer",1,{"v":0,"d":"0%"},1,"EA"]
[142,"8\"x6\" / 6\"x6\" Exhaust Air Duct Reducer",1,{"v":0,"d":"0%"},1,"EA"]
[143,"8\"x8\" / 6\"x6\" Exhaust Air Duct Reducer",6,{"v":0,"d":"0%"},6,"EA"]
[]
["TRANSITION"]
[1,"10\"x10\" / 10\" Dia Supply Air Duct Transition",4,{"v":0,"d":"0%"},{"$f":"C687*(1+D687)","v":4},"EA"]
[2,"10\"x10\" / 8\" Dia Supply Air Duct Transition",14,{"v":0,"d":"0%"},14,"EA"]
[3,"10\"x12\" / 10\" Dia Supply Air Duct Transition",35,{"v":0,"d":"0%"},35,"EA"]
[4,"10\"x12\" / 6\" Dia Supply Air Duct Transition",1,{"v":0,"d":"0%"},1,"EA"]
[5,"10\"x12\" / 8\" Dia Supply Air Duct Transition",2,{"v":0,"d":"0%"},2,"EA"]
[6,"10\"x6\" / 8\" Dia Supply Air Duct Transition",2,{"v":0,"d":"0%"},2,"EA"]
[7,"10\"x8\" / 6\" Dia Supply Air Duct Transition",1,{"v":0,"d":"0%"},1,"EA"]
[8,"10\"x8\" / 8\" Dia Supply Air Duct Transition",6,{"v":0,"d":"0%"},6,"EA"]
[9,"12\"x10\" / 10\" Dia Supply Air Duct Transition",13,{"v":0,"d":"0%"},13,"EA"]
[10,"12\"x10\" / 12\" Dia Supply Air Duct Transition",2,{"v":0,"d":"0%"},2,"EA"]
[11,"12\"x10\" / 12\"x8\" Supply Air Duct Transition",2,{"v":0,"d":"0%"},2,"EA"]
[12,"12\"x10\" / 8\" Dia Supply Air Duct Transition",1,{"v":0,"d":"0%"},1,"EA"]
[13,"12\"x12\" / 10\" Dia Supply Air Duct Transition",13,{"v":0,"d":"0%"},13,"EA"]
[14,"12\"x12\" / 12\" Dia Supply Air Duct Transition",5,{"v":0,"d":"0%"},5,"EA"]
[15,"12\"x12\" / 8\" Dia Supply Air Duct Transition",2,{"v":0,"d":"0%"},2,"EA"]
[16,"12\"x14\" / 12\" Dia Supply Air Duct Transition",4,{"v":0,"d":"0%"},4,"EA"]
[17,"12\"x6\" / 10\" Dia Supply Air Duct Transition",1,{"v":0,"d":"0%"},1,"EA"]
[18,"12\"x8\" / 10\" Dia Supply Air Duct Transition",2,{"v":0,"d":"0%"},2,"EA"]
[19,"12\"x8\" / 12\" Dia Supply Air Duct Transition",1,{"v":0,"d":"0%"},1,"EA"]
[20,"12\"x8\" / 8\" Dia Supply Air Duct Transition",3,{"v":0,"d":"0%"},3,"EA"]
[21,"14\"x10\" / 10\" Dia Supply Air Duct Transition",3,{"v":0,"d":"0%"},3,"EA"]
[22,"14\"x12\" / 10\" Dia Supply Air Duct Transition",10,{"v":0,"d":"0%"},10,"EA"]
[23,"14\"x12\" / 12\" Dia Supply Air Duct Transition",13,{"v":0,"d":"0%"},13,"EA"]
[24,"14\"x14\" / 10\" Dia Supply Air Duct Transition",2,{"v":0,"d":"0%"},2,"EA"]
[25,"14\"x14\" / 12\" Dia Supply Air Duct Transition",7,{"v":0,"d":"0%"},7,"EA"]
[26,"14\"x8\" / 10\" Dia Supply Air Duct Transition",1,{"v":0,"d":"0%"},1,"EA"]
[27,"14\"x8\" / 8\" Dia Supply Air Duct Transition",1,{"v":0,"d":"0%"},1,"EA"]
[28,"16\"x12\" / 12\" Dia Supply Air Duct Transition",4,{"v":0,"d":"0%"},4,"EA"]
[29,"16\"x14\" / 10\" Dia Supply Air Duct Transition",1,{"v":0,"d":"0%"},1,"EA"]
[30,"16\"x14\" / 12\" Dia Supply Air Duct Transition",6,{"v":0,"d":"0%"},6,"EA"]
[31,"16\"x16\" / 10\" Dia Supply Air Duct Transition",1,{"v":0,"d":"0%"},1,"EA"]
[32,"16\"x16\" / 14\" Dia Supply Air Duct Transition",1,{"v":0,"d":"0%"},1,"EA"]
[33,"16\"x8\" / 10\" Dia Supply Air Duct Transition",1,{"v":0,"d":"0%"},1,"EA"]
[34,"18\"x12\" / 12\" Dia Supply Air Duct Transition",2,{"v":0,"d":"0%"},2,"EA"]
[35,"18\"x14\" / 12\" Dia Supply Air Duct Transition",1,{"v":0,"d":"0%"},1,"EA"]
[36,"18\"x16\" / 10\" Dia Supply Air Duct Transition",1,{"v":0,"d":"0%"},1,"EA"]
[37,"18\"x16\" / 14\" Dia Supply Air Duct Transition",1,{"v":0,"d":"0%"},1,"EA"]
[38,"20\"x10\" / 12\" Dia Supply Air Duct Transition",2,{"v":0,"d":"0%"},2,"EA"]
[39,"6\"x10\" / 6\" Dia Supply Air Duct Transition",2,{"v":0,"d":"0%"},2,"EA"]
[40,"6\"x6\" / 6\" Dia Supply Air Duct Transition",1,{"v":0,"d":"0%"},1,"EA"]
[41,"6\"x8\" / 6\" Dia Supply Air Duct Transition",5,{"v":0,"d":"0%"},5,"EA"]
[42,"8\"x10\" / 6\" Dia Supply Air Duct Transition",3,{"v":0,"d":"0%"},3,"EA"]
[43,"8\"x10\" / 8\" Dia Supply Air Duct Transition",16,{"v":0,"d":"0%"},16,"EA"]
[44,"8\"x12\" / 6\" Dia Supply Air Duct Transition",1,{"v":0,"d":"0%"},1,"EA"]
[45,"8\"x6\" / 6\" Dia Supply Air Duct Transition",2,{"v":0,"d":"0%"},2,"EA"]
[46,"8\"x6\" / 8\" Dia Supply Air Duct Transition",2,{"v":0,"d":"0%"},2,"EA"]
[47,"8\"x8\" / 6\" Dia Supply Air Duct Transition",3,{"v":0,"d":"0%"},3,"EA"]
[48,"8\"x8\" / 8\" Dia Supply Air Duct Transition",3,{"v":0,"d":"0%"},3,"EA"]
[]
["DUCT COUPLER"]
[1,"4\" Dia Duct Coupler",15,{"v":0,"d":"0%"},{"$f":"C737*(1+D737)","v":15},"EA"]
[2,"6\" Dia Duct Coupler",9,{"v":0,"d":"0%"},{"$f":"C738*(1+D738)","v":9},"EA"]
[3,"8\" Dia Duct Coupler",6,{"v":0,"d":"0%"},6,"EA"]